{"text_format":"3","workbook":"xlsx","n_sheets":8,"sheets":["Instructions","2700K","3000K","Search Results","Search Results Summary","Refine Results","Refine Results Summary","Refine Util"],"not_rendered":{"charts":4,"macros":1,"external_links":1,"defined_names":5},"unopened":[{"sheet":"2700K","index":1,"reason":"not_a_worksheet"},{"sheet":"3000K","index":2,"reason":"not_a_worksheet"}],"read":"whole","date_system":"1900"}

{"sheet":"Instructions","index":0,"n_rows":16,"n_cols":3,"rows_kept":16,"merged":[[1,1,1,3],[3,1,3,3],[6,1,7,3],[9,1,10,3],[12,1,13,3],[15,1,16,3]]}
[]
[null,"LED LightingFacts Search Results Tool"]
[null,null,"rev. 1.10"]
[null,"Click here to view the LED LightingFacts Product Search page in your browser"]
[null,null,"Tab Description & Instructions"]
[null,"Search Results"]
[null,"The complete list of results generated from the LED LightinfFacts Product Search page, based on the search criteria described on the Search Results Summary tab. The full results can be quickly filtered using the filter arrows at the top of the columns. For a detailed search, use the Refine Results & Refine Results Summary tab."]
[]
[null,"Search Results Summary"]
[null,"Lists the criteria selected on the LED LightingFacts Product Search page used to generate this results file.\n\nLists the results total, as 'Total Product Count'.\n\nLists the date this results file was generated, as \"Downloaded On\".\n\nThe metrics section also contains a metrics summary of the results, including the minimum, maximum, average, and a count of how many results list each metric."]
[]
[null,"Refine Results"]
[null,"A tool to search for a subset of the results from the Search Results tab. \n\nThe box with a dark gray background (in the top-left freeze pane, at A4) has two macro buttons that operate the tool. The \"Filter Results\" button will populate the results section (starting at D6) with any product that meets the criteria specified in the criteria section (below the macro buttons, A11). The \"Clear\" button will reset the criteria section and clear the results section.\n\nThe criteria section has two types of criteria, Name criteria and Metrics criteria. In the Name criteria cells, you can specify a Manufacturer name, a Brand Name, a Model Number, or a combination of the three. The search will look for products with names that start with or match the criteria text. In the Metrics criteria, specify a min and max range for any combination of the searchable metrics. \n\nKeep in mind that both types of criteria are used together. "]
[]
[null,"Refine Results Summary"]
[null,"Similar to the Search Results Summary tab, the Refine Results Summary tab summarizes the Refine Results tab, Listing the specified criteria and the metrics summary. When the \"Clear\" button is clicked on the Refine Results tab, the summary information will be cleared as well."]

{"sheet":"Search Results","index":3,"n_rows":15179,"n_cols":64,"rows_kept":1125,"cut":true,"merged":[[0,0,0,1],[1,0,1,2],[2,0,2,2],[3,3,3,7],[3,8,3,12],[3,13,3,17],[3,26,3,28],[3,39,3,42],[3,43,3,44],[3,55,3,57],[3,58,3,61]],"bounds":{"rows_first":500,"rows_last":125,"rows_between":500,"halvings":2}}
["LED LightingFacts Products - Search Results"]
["The full results list from your product search on the LED LightingFacts Product Search page."]
["MACROS MUST BE ENABLED FOR VARIOUS FUNCTIONS AND THE 'Refine Results' TAB TO WORK.\nIf you are experiencing trouble or are unsure with your macro settings, click here to bring up a help page in your browser. "]
[null,{"$f":"\"Total Product Count: \"&COUNTA('Search Results'!C6:C100001)","v":"Total Product Count: 15174"},null,"Listed Metrics","Listed Metrics","Listed Metrics","Listed Metrics","Listed Metrics","Tested Metrics","Tested Metrics","Tested Metrics","Tested Metrics","Tested Metrics","Verification-Tested Metrics","Verification-Tested Metrics","Verification-Tested Metrics","Verification-Tested Metrics","Verification-Tested Metrics",{"$nulls":8},"NGL Competition","NGL Competition","NGL Competition",{"$nulls":10},"Zonal Lumen Distribution","Zonal Lumen Distribution","Zonal Lumen Distribution","Zonal Lumen Distribution","Spacing Criteria","Spacing Criteria",{"$nulls":10},"Dimming Information","Dimming Information","Dimming Information","Lumen Maintenance Claims","Lumen Maintenance Claims","Lumen Maintenance Claims","Lumen Maintenance Claims"]
["Manufacturer","Brand","Model Number","Light Output","Watts","Efficacy","CRI","CCT","Light OutputT","WattsT","EfficacyT","CRIT","CCTT","Light OutputVT","WattsVT","EfficacyVT","CRIVT","CCTVT","Availability","Product Type","Product Category","Size","Use Locations","Mounting Bases","Subcategories","Product Information URL","Entry ID","Competition","Winner","EnergyStar Qualified","Gateway Demonstration Program","DesignLights Consortium Qualified","LM-79","Specification Sheet","TM-30","Rf","Rg","Beam Angle"," Center Beam Candlepower","0-60","60-90","90-120","120-180","0-180","90-270","Power Factor","Input Voltage","Duv","R9","THD","Power Type","Backlight","Uplight","Glare","Warranty Information Url","Dimming Information Url","Minimum","Maximum","Is Lumen Maintenance Claimed?","Hours","Percent","Temperature","Date Approved","Date Archived"]
["3-Lighting Optoelectronics Co., Ltd.","3-lighting","E103CD160N034",1085,22.6,48,-23,1471,1085,22.6,48,-23,1471,{"$nulls":5},"Not yet commercially available","Luminaire","Area/Roadway","","Outdoor","Arm/Pole","","N/A","N/A","N/A",null,false,false,false,"N/A","N/A","N/A",{"$nulls":10},1,120,3.47E-3,-386,null,"AC",{"$nulls":3},"N/A","N/A",null,null,false,0,null,null,"2014-03-18"]
["RAB Lighting Inc","RAB","TBLED3T48AYRG/D10/7PRS",3478,47.5,73.22,70,2086,3478,47.5,73.2,70,2086,{"$nulls":5},"Yes - Standard Stocked Product or In-Stores","Luminaire","Area/Roadway","","Outdoor","Arm/Pole","Other","N/A","N/A","N/A",null,false,false,false,"N/A","N/A","N/A",{"$nulls":3},877,67.63,32.38,0,0,null,null,0.954,277,null,null,8.7,"AC",{"$nulls":3},"N/A","N/A",null,null,false,0,null,null,"2016-11-30"]
["RAB Lighting Inc","RAB","TBLED3T32AYRG/D10/7PRS",2399,31.8,75.44,70,2086,3478,47.5,73.2,70,2086,{"$nulls":5},"Yes - Standard Stocked Product or In-Stores","Luminaire","Area/Roadway","","Outdoor","Arm/Pole","Other","N/A","N/A","N/A",null,false,false,false,"N/A","N/A","N/A",{"$nulls":10},0.989,120,null,null,10.9,"AC",{"$nulls":3},"N/A","N/A",null,null,false,0,null,null,"2016-11-30"]
["RAB Lighting Inc","RAB","TBLED3T64AYRG/D10/7PRS",4714,67,70.36,70,2086,3478,47.5,73.2,70,2086,{"$nulls":5},"Yes - Standard Stocked Product or In-Stores","Luminaire","Area/Roadway","","Outdoor","Arm/Pole","Other","N/A","N/A","N/A",null,false,false,false,"N/A","N/A","N/A",{"$nulls":10},0.996,120,null,null,7.1,"AC",{"$nulls":3},"N/A","N/A",null,null,false,0,null,null,"2016-11-30"]
["RAB Lighting Inc","RAB","TBLED3T95AYRG/D10/7PRS",7022,93,75.51,70,2086,3478,47.5,73.2,70,2086,{"$nulls":5},"Yes - Standard Stocked Product or In-Stores","Luminaire","Area/Roadway","","Outdoor","Arm/Pole","Other","N/A","N/A","N/A",null,false,false,false,"N/A","N/A","N/A",{"$nulls":10},0.997,120,null,null,6,"AC",{"$nulls":3},"N/A","N/A",null,null,false,0,null,null,"2016-11-30"]
["RAB Lighting Inc","RAB","TBLED2T48AYRG/D10/7PRS",3447,47.6,72.42,70,2087,3447,47.6,72.4,70,2087,{"$nulls":5},"Yes - Standard Stocked Product or In-Stores","Luminaire","Area/Roadway","","Outdoor","Arm/Pole","Other","N/A","N/A","N/A",null,false,false,false,"N/A","N/A","N/A",{"$nulls":3},686,66.57,33.44,0,0,null,null,0.954,277,null,null,8.7,"AC",{"$nulls":3},"N/A","N/A",null,null,false,0,null,null,"2016-11-30"]
["RAB Lighting Inc","RAB","TBLED2T32AYRG/D10/7PRS",2380,31.6,75.32,70,2086,3447,47.6,72.4,70,2087,{"$nulls":5},"Yes - Standard Stocked Product or In-Stores","Luminaire","Area/Roadway","","Outdoor","Arm/Pole","Other","N/A","N/A","N/A",null,false,false,false,"N/A","N/A","N/A",{"$nulls":10},0.989,120,null,null,10.9,"AC",{"$nulls":3},"N/A","N/A",null,null,false,0,null,null,"2016-11-30"]
["RAB Lighting Inc","RAB","TBLED2T64AYRG/D10/7PRS",4676,66.7,70.1,70,2086,3447,47.6,72.4,70,2087,{"$nulls":5},"Yes - Standard Stocked Product or In-Stores","Luminaire","Area/Roadway","","Outdoor","Arm/Pole","Other","N/A","N/A","N/A",null,false,false,false,"N/A","N/A","N/A",{"$nulls":10},0.996,120,null,null,7.1,"AC",{"$nulls":3},"N/A","N/A",null,null,false,0,null,null,"2016-11-30"]
["RAB Lighting Inc","RAB","TBLED2T95AYRG/D10/7PRS",6965,92.4,75.38,70,2086,3447,47.6,72.4,70,2087,{"$nulls":5},"Yes - Standard Stocked Product or In-Stores","Luminaire","Area/Roadway","","Outdoor","Arm/Pole","Other","N/A","N/A","N/A",null,false,false,false,"N/A","N/A","N/A",{"$nulls":10},0.997,120,null,null,6.8,"AC",{"$nulls":3},"N/A","N/A",null,null,false,0,null,null,"2016-11-30"]
["RAB Lighting Inc","RAB","TBLED4T48AYRG/D10/7PRS",3265,47.5,68.74,70,2093,3265,47.5,68.7,70,2093,{"$nulls":5},"Yes - Standard Stocked Product or In-Stores","Luminaire","Area/Roadway","","Outdoor","Arm/Pole","Other","N/A","N/A","N/A",null,false,false,false,"N/A","N/A","N/A",{"$nulls":3},452,52.07,47.94,0,0,null,null,0.954,277,null,null,8.7,"AC",{"$nulls":3},"N/A","N/A",null,null,false,0,null,null,"2016-11-30"]
["RAB Lighting Inc","RAB","TBLED4T32AYRG/D10/7PRS",2287,31.7,72.15,70,2086,3265,47.5,68.7,70,2093,{"$nulls":5},"Yes - Standard Stocked Product or In-Stores","Luminaire","Area/Roadway","","Outdoor","Arm/Pole","Other","N/A","N/A","N/A",null,false,false,false,"N/A","N/A","N/A",{"$nulls":10},0.989,120,null,null,10.9,"AC",{"$nulls":3},"N/A","N/A",null,null,false,0,null,null,"2016-11-30"]
["RAB Lighting Inc","RAB","TBLED4T64AYRG/D10/7PRS",4494,67,67.07,70,2086,3265,47.5,68.7,70,2093,{"$nulls":5},"Yes - Standard Stocked Product or In-Stores","Luminaire","Area/Roadway","","Outdoor","Arm/Pole","Other","N/A","N/A","N/A",null,false,false,false,"N/A","N/A","N/A",{"$nulls":10},0.996,120,null,null,7.1,"AC",{"$nulls":3},"N/A","N/A",null,null,false,0,null,null,"2016-11-30"]
["RAB Lighting Inc","RAB","TBLED4T95AYRG/D10/7PRS",6694,92.9,72.06,70,2086,3265,47.5,68.7,70,2093,{"$nulls":5},"Yes - Standard Stocked Product or In-Stores","Luminaire","Area/Roadway","","Outdoor","Arm/Pole","Other","N/A","N/A","N/A",null,false,false,false,"N/A","N/A","N/A",{"$nulls":10},0.997,120,null,null,6.1,"AC",{"$nulls":3},"N/A","N/A",null,null,false,0,null,null,"2016-11-30"]
["Ledreit Manufacturing Co., Ltd","Ledreit","SBL-100W-S-2700K",13395,103.44,129.5,83.8,2700,13395,103.44,129.5,83.8,2627,{"$nulls":5},"Yes - Standard Stocked Product or In-Stores","Luminaire","Area/Roadway","","Outdoor","Other","Other","N/A","N/A","N/A",null,false,false,false,"N/A","N/A","N/A",{"$nulls":11},120,{"$nulls":3},"AC",{"$nulls":3},"N/A","N/A",null,null,false,0,null,null,"2018-01-08"]
["Ledreit Manufacturing Co., Ltd","Ledreit","SBL-150W-S-2700K",19264,153.74,125.3,83.5,2700,19264,153.74,125.3,83.5,2632,{"$nulls":5},"Yes - Standard Stocked Product or In-Stores","Luminaire","Area/Roadway","","Outdoor","Other","Other","N/A","N/A","N/A",null,false,false,false,"N/A","N/A","N/A",{"$nulls":11},120,{"$nulls":3},"AC",{"$nulls":3},"N/A","N/A",null,null,false,0,null,null,"2018-01-08"]
["Ledreit Manufacturing Co., Ltd","Ledreit","SBL-300W-S-2700K",38848.9,308.5,125.93,83.5,2700,38848.9,308.5,125.93,83.5,2639,{"$nulls":5},"Yes - Standard Stocked Product or In-Stores","Luminaire","Area/Roadway","","Outdoor","Other","Other","N/A","N/A","N/A",null,false,false,false,"N/A","N/A","N/A",{"$nulls":11},120,{"$nulls":3},"AC",{"$nulls":3},"N/A","N/A",null,null,false,0,null,null,"2018-01-09"]
["Cree, Inc","Cree RSW Series","RSWS-A-HT-2ME-5L-27K8-UL",5000,53,94.34,80,2700,5187,52.6,98.6,82,2640,{"$nulls":5},"Yes - Made to Order Product","Luminaire","Area/Roadway","","Outdoor","Arm/Pole - Post top","Other","N/A","N/A","N/A",null,false,false,false,"N/A","N/A","N/A",{"$nulls":3},858.9,63.48,36.53,0,0,null,null,0.993,120,0.0006,6.2,3.7,"AC",{"$nulls":3},"N/A","N/A",null,null,false,0,null,null,"2017-05-08"]
["Shenzhen Roccoda Technology Co. Ltd.","ROCCODA","RFSL-F4(2700K)",19405.119,164.7,117.82,82.7,2700,19405.119,164.7,117.821,82.7,2640,{"$nulls":5},"Yes - Standard Stocked Product or In-Stores","Luminaire","Area/Roadway","","Outdoor","Surface","Other","N/A","N/A","N/A",null,false,false,false,"N/A","N/A","N/A",{"$nulls":11},120,{"$nulls":3},"AC",{"$nulls":3},"N/A","N/A",null,null,false,0,null,null,"2016-12-05"]
["Shenzhen Lanhe Lighting Co.,ltd"," HLE","WP-L28-16W-T(2700K) ",1663.9,15.73,105.78,86.9,2640,1663.9,15.73,105.78,86.9,2640,{"$nulls":5},"Yes - Standard Stocked Product or In-Stores","Luminaire","Area/Roadway","","Outdoor","Surface - Wall","Other","N/A","N/A","N/A",null,false,false,false,"N/A","N/A","N/A",{"$nulls":11},120,{"$nulls":3},"AC",{"$nulls":3},"N/A","N/A",null,null,false,0,null,null,"2016-11-03"]
["Ledreit Manufacturing Co., Ltd","Ledreit","WP-60W-S-2700K",6739.4,59.8,112.7,83.8,2700,6739.4,59.8,112.7,83.8,2648,{"$nulls":5},"Yes - Standard Stocked Product or In-Stores","Luminaire","Area/Roadway","","Outdoor","Wall","Other","N/A","N/A","N/A",null,false,false,false,"N/A","N/A","N/A",{"$nulls":11},120,{"$nulls":3},"AC",{"$nulls":3},"N/A","N/A",null,null,false,0,null,null,"2018-02-06"]
["Cree, Inc","Cree RSW Small Series","RSWS-A-HT-2ME-3L-27K8-UL-GY-N-Q1",1633,15,108.87,80,2700,1637,14.9,109.9,83,2656,{"$nulls":5},"Yes - Made to Order Product","Luminaire","Area/Roadway","","Outdoor","Arm/Pole - Post top","Other","N/A","N/A","N/A",null,false,false,false,"N/A","N/A","N/A",{"$nulls":3},264.8,63.75,36.26,0,0,null,null,0.987,120,0.0003,13.7,5.87,"AC",{"$nulls":3},"N/A","N/A",null,null,false,0,null,null,"2017-05-08"]
["Shenzhen Lanhe Lighting Co.,ltd","HLE","WP-MINI300-60W-G(2700K)",6205,57.37,108.16,82.1,2657,6205,57.37,108.16,82.1,2657,{"$nulls":5},"Yes - Standard Stocked Product or In-Stores","Luminaire","Area/Roadway","","Outdoor","Wall","Other","N/A","N/A","N/A",null,false,false,false,"N/A","N/A","N/A",{"$nulls":11},120,{"$nulls":3},"AC",{"$nulls":3},"N/A","N/A",null,null,false,0,null,null,"2017-06-26"]
["Shenzhen Lanhe Lighting Co.,ltd","HLE","WP-L28-28W-T(2700K)",2787.3,26.34,105.82,82.8,2658,2787.3,26.34,105.82,82.8,2658,{"$nulls":5},"Yes - Standard Stocked Product or In-Stores","Luminaire","Area/Roadway","","Outdoor","Wall","Other","N/A","N/A","N/A",null,false,false,false,"N/A","N/A","N/A",{"$nulls":11},120,{"$nulls":3},"AC",{"$nulls":3},"N/A","N/A",null,null,false,0,null,null,"2016-11-03"]
["Cree, Inc","Cree XSPR HO Series","BXSPR-HO-HT-3ME-60W-27K-UL",6346,62,102.35,70,2700,6346,59.14,107.3,70,2671,{"$nulls":5},"Yes - Made to Order Product","Luminaire","Area/Roadway","","Outdoor","Arm/Pole - Post top","Other","N/A","N/A","N/A",null,false,false,false,"N/A","N/A","N/A",{"$nulls":3},1427.3,58.76,41.25,0,0,1.2,1.4,0.997,120,-0.0031,null,5.54,"AC",4,0,2,"N/A","N/A",null,null,false,0,null,null,"2017-12-20"]
["Shenzhen Huadian Lighting Co.,LTD","Huadian","HD-AL01-300WD-2700K",35359,306.7,115.29,83.4,2700,35359,306.7,115.29,83.4,2679,{"$nulls":5},"Yes - Standard Stocked Product or In-Stores","Luminaire","Area/Roadway","","Outdoor","Surface - Other","Other","N/A","N/A","N/A",null,false,false,false,"N/A","N/A","N/A",{"$nulls":11},120,{"$nulls":3},"AC",{"$nulls":3},"N/A","N/A",null,null,false,0,null,null,"2017-07-14"]
["Solais Lighting, Inc.","EnergyLite","AL273W527-xxxxxx",2682,26.15,102.56,83,2682,2682,26.15,102.6,83,2682,{"$nulls":5},"Yes - Made to Order Product","Luminaire","Area/Roadway","","Outdoor","Arm/Pole","Other","N/A","N/A","N/A",null,false,false,false,"N/A","N/A","N/A",{"$nulls":10},0.984,120,0.0007,10.1,15.2,"AC",2,1,1,"N/A","N/A",null,null,false,0,null,null,"2017-07-27"]
["Solais Lighting, Inc.","EnergyLite","AL273W327-xxxxxx",2682,26.15,102.56,83,2682,2682,26.15,102.6,83,2682,{"$nulls":5},"Yes - Made to Order Product","Luminaire","Area/Roadway","","Outdoor","Arm/Pole","Other","N/A","N/A","N/A",null,false,false,false,"N/A","N/A","N/A",{"$nulls":10},0.984,120,0.0007,10.1,15.2,"AC",2,1,1,"N/A","N/A",null,null,false,0,null,null,"2017-07-27"]
["Shenzhen Huadian Lighting Co.,LTD","Huadian","HD-AL01-150WD-2700K",18251.18,156.75,116.43,83.6,2700,18251.186,156.75,116.435,83.6,2682,{"$nulls":5},"Yes - Standard Stocked Product or In-Stores","Luminaire","Area/Roadway","","Outdoor","Surface - Other","Other","N/A","N/A","N/A",null,false,false,false,"N/A","N/A","N/A",{"$nulls":11},120,{"$nulls":3},"AC",{"$nulls":3},"N/A","N/A",null,null,false,0,null,null,"2017-07-13"]
["Antec Lighting Inc","AOK","AOK-55WiE-NV-319-PH-2770-T303-P",6506.6,54.98,118.34,73,2685,6506.6,54.98,118.34,73,2685,{"$nulls":5},"Yes - Standard Stocked Product or In-Stores","Luminaire","Area/Roadway","","Outdoor","Other","Other","N/A","N/A","N/A",null,false,false,false,"N/A","N/A","N/A",{"$nulls":11},120,{"$nulls":3},"AC",{"$nulls":3},"N/A","N/A",null,null,false,0,null,null,"2018-03-05"]
["Shenzhen Lanhe Lighting Co.,ltd","HLE","SS-G70-10W 2700K",837,9.39,89.13,82,2685,837,9.39,89.13,82,2685,{"$nulls":5},"Yes - Standard Stocked Product or In-Stores","Luminaire","Area/Roadway","","Outdoor","Wall","Other","N/A","N/A","N/A",null,false,false,false,"N/A","N/A","N/A",{"$nulls":11},120,{"$nulls":3},"AC",{"$nulls":3},"N/A","N/A",null,null,false,0,null,null,"2016-07-12"]
["Shenzhen Lanhe Lighting Co.,ltd","HLE","SDN-BA-18-M22W-80 2700K",2318,22.69,102.18,84,2688,2318,22.69,102.18,84,2688,{"$nulls":5},"Yes - Standard Stocked Product or In-Stores","Luminaire","Area/Roadway","","Outdoor","Wall","","N/A","N/A","N/A",null,false,false,false,"N/A","N/A","N/A",{"$nulls":11},120,{"$nulls":3},"AC",{"$nulls":3},"N/A","N/A",null,null,false,0,null,null,"2016-04-07"]
["Shenzhen Lanhe Lighting Co.,ltd","HLE","SDN-BA-18-M35W-80 2700K",3404,34.31,99.2,84,2689,3404,34.31,99.2,84,2689,{"$nulls":5},"Yes - Standard Stocked Product or In-Stores","Luminaire","Area/Roadway","","Outdoor","Wall","Other","N/A","N/A","N/A",null,false,false,false,"N/A","N/A","N/A",{"$nulls":11},120,{"$nulls":3},"AC",{"$nulls":3},"N/A","N/A",null,null,false,0,null,null,"2016-07-13"]
["Shenzhen Lanhe Lighting Co.,ltd","HLE","SDN-JD-17B-M40W(2700K)",3658.1,35.16,104.04,85.3,2691,3658.1,35.16,104.04,85.3,2691,{"$nulls":5},"Yes - Standard Stocked Product or In-Stores","Luminaire","Area/Roadway","","Outdoor","Arm/Pole - Wall","Other","N/A","N/A","N/A",null,false,false,false,"N/A","N/A","N/A",{"$nulls":11},120,{"$nulls":3},"AC",{"$nulls":3},"N/A","N/A",null,null,false,0,null,null,"2017-12-26"]
["Shenzhen Huadian Lighting Co.,LTD","Huadian","HD-AL01-100WD-2700K",12115.14,103.77,116.75,83.8,2700,12115.148,103.77,116.75,83.8,2691,{"$nulls":5},"Yes - Standard Stocked Product or In-Stores","Luminaire","Area/Roadway","","Outdoor","Surface - Other","Other","N/A","N/A","N/A",null,false,false,false,"N/A","N/A","N/A",{"$nulls":11},120,{"$nulls":3},"AC",{"$nulls":3},"N/A","N/A",null,null,false,0,null,null,"2017-07-18"]
["Shenzhen Lanhe Lighting Co.,ltd","HLE","SDN-JD-17B-M50W(2700K)",4781.5,43.44,110.07,84.7,2693,4781.5,43.44,110.07,84.7,2693,{"$nulls":5},"Yes - Standard Stocked Product or In-Stores","Luminaire","Area/Roadway","","Outdoor","Arm/Pole - Wall","Other","N/A","N/A","N/A",null,false,false,false,"N/A","N/A","N/A",{"$nulls":11},120,{"$nulls":3},"AC",{"$nulls":3},"N/A","N/A",null,null,false,0,null,null,"2017-12-26"]
["Cree, Inc","Cree XSPR HO Series","BXSPR-HO-HT-3ME-80W-27K-UL",7882,76,103.71,70,2700,7882,76,103.71,70,2693,{"$nulls":5},"Yes - Made to Order Product","Luminaire","Area/Roadway","","Outdoor","Arm/Pole - Post top","Other","N/A","N/A","N/A",null,false,false,false,"N/A","N/A","N/A",{"$nulls":3},1547.5,71.41,28.6,0,0,1.2,1.4,0.998,120,-0.0024,null,4.78,"AC",3,0,2,"N/A","N/A",null,null,false,0,null,null,"2017-12-20"]
["Shenzhen Lanhe Lighting Co.,ltd","HLE","WP-L360-40W(2700K)",4398.1,38.21,115.1,85.1,2694,4398.1,38.21,115.1,85.1,2694,{"$nulls":5},"Yes - Standard Stocked Product or In-Stores","Luminaire","Area/Roadway","","Outdoor","Wall","Other","N/A","N/A","N/A",null,false,false,false,"N/A","N/A","N/A",{"$nulls":11},120,{"$nulls":3},"AC",{"$nulls":3},"N/A","N/A",null,null,false,0,null,null,"2017-12-18"]
["Shenzhen Huadian Lighting Co.,LTD","Huadian","HD-AL01-200WD-2700K",22490.16,207.89,108.18,83,2700,22490.164,207.89,108.183,83,2694,{"$nulls":5},"Yes - Standard Stocked Product or In-Stores","Luminaire","Area/Roadway","","Outdoor","Surface - Other","Other","N/A","N/A","N/A",null,false,false,false,"N/A","N/A","N/A",{"$nulls":11},120,{"$nulls":3},"AC",{"$nulls":3},"N/A","N/A",null,null,false,0,null,null,"2017-07-13"]
["CEA ELECTRIC CO.,LTD","CEA/EAEC","LWP5-100(2700K)",10424,99.46,104.81,80,2694,10424,99.46,104.81,80,2694,{"$nulls":5},"Yes - Standard Stocked Product or In-Stores","Luminaire","Area/Roadway","","Outdoor","Wall","Other","N/A","N/A","N/A",null,false,false,false,"N/A","N/A","N/A",{"$nulls":11},120,{"$nulls":3},"AC",{"$nulls":3},"N/A","N/A",null,null,false,0,null,null,"2016-10-21"]
["Shenzhen Lanhe Lighting Co.,ltd","HLE","SDN-JD-17B-M30W(2700K)",2983.7,27.74,107.56,85.5,2697,2983.7,27.74,107.56,85.5,2697,{"$nulls":5},"Yes - Standard Stocked Product or In-Stores","Luminaire","Area/Roadway","","Outdoor","Arm/Pole - Wall","Other","N/A","N/A","N/A",null,false,false,false,"N/A","N/A","N/A",{"$nulls":11},120,{"$nulls":3},"AC",{"$nulls":3},"N/A","N/A",null,null,false,0,null,null,"2017-12-26"]
["Shenzhen Lanhe Lighting Co.,ltd","HLE","SS-G70-20W 2700K",1680,18.66,90.05,82,2699,1680,18.66,90.05,82,2699,{"$nulls":5},"Yes - Standard Stocked Product or In-Stores","Luminaire","Area/Roadway","","Outdoor","Wall","","N/A","N/A","N/A",null,false,false,false,"N/A","N/A","N/A",{"$nulls":11},120,{"$nulls":3},"AC",{"$nulls":3},"N/A","N/A",null,null,false,0,null,null,"2016-04-07"]
["Antec Lighting Inc","AOK","AOK-35WiE-NV-319-PH-2770-T303-P",4684.6,37.7,124.26,73.4,2701,4684.6,37.7,124.26,73.4,2701,{"$nulls":5},"Yes - Standard Stocked Product or In-Stores","Luminaire","Area/Roadway","","Outdoor","Other","Other","N/A","N/A","N/A",null,false,false,false,"N/A","N/A","N/A",{"$nulls":11},120,{"$nulls":3},"AC",{"$nulls":3},"N/A","N/A",null,null,false,0,null,null,"2018-03-05"]
["Antec Lighting Inc","AOK","AOK-26WiE-NV-319-PH-2770-T303-P",3483.2,26.56,131.14,73.6,2701,3483.2,26.56,131.14,73.6,2701,{"$nulls":5},"Yes - Standard Stocked Product or In-Stores","Luminaire","Area/Roadway","","Outdoor","Other","Other","N/A","N/A","N/A",null,false,false,false,"N/A","N/A","N/A",{"$nulls":11},120,{"$nulls":3},"AC",{"$nulls":3},"N/A","N/A",null,null,false,0,null,null,"2018-03-05"]
["KONKA GREEN LIGHTING CO.,LTD","Konka","KK-WP-WL015-A1US",1560,15.4,101.3,83,2701,1560,15.4,101.28,83,2701,{"$nulls":5},"Yes - Standard Stocked Product or In-Stores","Luminaire","Area/Roadway","","Outdoor","Wall","Other","N/A","N/A","N/A",null,false,false,false,"N/A","N/A","N/A",{"$nulls":11},120,{"$nulls":3},"AC",{"$nulls":3},"N/A","N/A",null,null,false,0,null,null,"2016-10-06"]
["Acuity Brands Lighting","American Electric Lighting","ATBS A MVOLT R3 27K",1924,18.05,106.59,80,2700,1924,18.05,106.59,83.1,2702,{"$nulls":5},"Yes - Made to Order Product","Luminaire","Area/Roadway","","Outdoor","Arm/Pole","Other","N/A","N/A","N/A",null,false,false,false,"N/A","N/A","N/A",{"$nulls":11},120,{"$nulls":3},"AC",{"$nulls":3},"N/A","N/A",null,null,false,0,null,null,"2017-12-06"]
["Shenzhen Lanhe Lighting Co.,ltd","HLE","SDN-JD-17A-M30W(2700K)",3003.8,28.06,107.05,85.6,2703,3003.8,28.06,107.05,85.6,2703,{"$nulls":5},"Yes - Standard Stocked Product or In-Stores","Luminaire","Area/Roadway","","Outdoor","Arm/Pole - Wall","Other","N/A","N/A","N/A",null,false,false,false,"N/A","N/A","N/A",{"$nulls":11},120,{"$nulls":3},"AC",{"$nulls":3},"N/A","N/A",null,null,false,0,null,null,"2017-12-22"]
["Shenzhen Lanhe Lighting Co.,ltd","HLE","SDN-JD-17A-M20W(2700K)",1909.4,18.9,101.03,85.6,2704,1909.4,18.9,101.03,85.6,2704,{"$nulls":5},"Yes - Standard Stocked Product or In-Stores","Luminaire","Area/Roadway","","Outdoor","Arm/Pole - Wall","Other","N/A","N/A","N/A",null,false,false,false,"N/A","N/A","N/A",{"$nulls":11},120,{"$nulls":3},"AC",{"$nulls":3},"N/A","N/A",null,null,false,0,null,null,"2017-12-22"]
["Shenzhen Lanhe Lighting Co.,ltd","HLE","SDN-JD-17B-M20W(2700K)",1969.7,19.1,103.13,85.5,2705,1969.7,19.1,103.13,85.5,2705,{"$nulls":5},"Yes - Standard Stocked Product or In-Stores","Luminaire","Area/Roadway","","Outdoor","Arm/Pole - Wall","Other","N/A","N/A","N/A",null,false,false,false,"N/A","N/A","N/A",{"$nulls":11},120,{"$nulls":3},"AC",{"$nulls":3},"N/A","N/A",null,null,false,0,null,null,"2017-12-22"]
["Shenzhen Lanhe Lighting Co.,ltd"," HLE","SDN-JD-17A-M40W(2700K)",3659.8,34.92,104.81,84.6,2705,3659.8,34.92,104.81,84.6,2705,{"$nulls":5},"Yes - Standard Stocked Product or In-Stores","Luminaire","Area/Roadway","","Outdoor","Arm/Pole - Wall","Other","N/A","N/A","N/A",null,false,false,false,"N/A","N/A","N/A",{"$nulls":11},120,{"$nulls":3},"AC",{"$nulls":3},"N/A","N/A",null,null,false,0,null,null,"2017-12-22"]
["Antec Lighting Inc","AOK","AOK-115WiE-NV-319-PH-2770-T303-P",15296,117.9,129.74,72.7,2706,15296,117.9,129.74,72.7,2706,{"$nulls":5},"Yes - Standard Stocked Product or In-Stores","Luminaire","Area/Roadway","","Outdoor","Other","Other","N/A","N/A","N/A",null,false,false,false,"N/A","N/A","N/A",{"$nulls":11},120,{"$nulls":3},"AC",{"$nulls":3},"N/A","N/A",null,null,false,0,null,null,"2018-03-07"]
["Antec Lighting Inc","AOK","AOK-82WiE-NV-319-PH-2770-T303-P",10256,79.7,128.68,73.6,2708,10256,79.7,128.68,73.6,2708,{"$nulls":5},"Yes - Standard Stocked Product or In-Stores","Luminaire","Area/Roadway","","Outdoor","Other","Other","N/A","N/A","N/A",null,false,false,false,"N/A","N/A","N/A",{"$nulls":11},120,{"$nulls":3},"AC",{"$nulls":3},"N/A","N/A",null,null,false,0,null,null,"2018-03-05"]
["Antec Lighting Inc","AOK","AOK-200WiE-NV-319-PH-2770-T303-P",24711,200.6,123.19,72.9,2709,24711,200.6,123.19,72.9,2709,{"$nulls":5},"Yes - Standard Stocked Product or In-Stores","Luminaire","Area/Roadway","","Outdoor","Other","Other","N/A","N/A","N/A",null,false,false,false,"N/A","N/A","N/A",{"$nulls":11},120,{"$nulls":3},"AC",{"$nulls":3},"N/A","N/A",null,null,false,0,null,null,"2018-03-07"]
["Acuity Brands Lighting","American Electric Lighting","ATBM A MVOLT R4 27K",6061,58.43,103.73,70,2700,6061,58.43,103.73,70.24,2709,{"$nulls":5},"Yes - Made to Order Product","Luminaire","Area/Roadway","","Outdoor","Arm/Pole","Other","N/A","N/A","N/A",null,false,false,false,"N/A","N/A","N/A",{"$nulls":11},120,{"$nulls":3},"AC",{"$nulls":3},"N/A","N/A",null,null,false,0,null,null,"2017-12-11"]
["Antec Lighting Inc","AOK","AOK-110WiE-NV-319-PH-2770-T303-P",13787,114.5,120.41,73.5,2710,13787,114.5,120.41,73.5,2710,{"$nulls":5},"Yes - Standard Stocked Product or In-Stores","Luminaire","Area/Roadway","","Outdoor","Other","Other","N/A","N/A","N/A",null,false,false,false,"N/A","N/A","N/A",{"$nulls":11},120,{"$nulls":3},"AC",{"$nulls":3},"N/A","N/A",null,null,false,0,null,null,"2018-03-05"]
["Fujian Scoton Electronic Technology Co. Ltd","SCOTON","ST-WPL-001-XW-1 2700K",3911.895,37.1,105.44,82.8,2710,3911.895,37.1,105.442,82.8,2710,{"$nulls":5},"Yes - Standard Stocked Product or In-Stores","Luminaire","Area/Roadway","","Outdoor","Surface - Other","Other","N/A","N/A","N/A",null,false,false,false,"N/A","N/A","N/A",{"$nulls":11},120,{"$nulls":3},"AC",{"$nulls":3},"N/A","N/A",null,null,false,0,null,null,"2016-05-25"]
["CEA ELECTRIC CO.,LTD","CEA/EAEC","LWP2-30(2700K) [Upgrade : 8/9/2016]",2744.8,29.19,94.03,79.2,2711,2744.8,29.19,94.03,79.2,2711,{"$nulls":5},"Yes - Standard Stocked Product or In-Stores","Luminaire","Area/Roadway","","Outdoor","Wall","Other","N/A","N/A","N/A",null,false,false,false,"N/A","N/A","N/A",{"$nulls":11},120,{"$nulls":3},"AC",{"$nulls":3},"N/A","N/A",null,null,false,0,null,null,"2016-08-24"]
["Antec Lighting Inc","AOK","AOK-190WiE-NV-319-PH-2770-T303-P",22324,190.7,117.06,72.7,2712,22324,190.7,117.06,72.7,2712,{"$nulls":5},"Yes - Standard Stocked Product or In-Stores","Luminaire","Area/Roadway","","Outdoor","Other","Other","N/A","N/A","N/A",null,false,false,false,"N/A","N/A","N/A",{"$nulls":11},120,{"$nulls":3},"AC",{"$nulls":3},"N/A","N/A",null,null,false,0,null,null,"2018-03-07"]
["Antec Lighting Inc","AOK","AOK-72WiE-NV-319-PH-2770-T303-P",8970.1,71,126.34,73.4,2713,8970.1,71,126.34,73.4,2713,{"$nulls":5},"Yes - Standard Stocked Product or In-Stores","Luminaire","Area/Roadway","","Outdoor","Other","Other","N/A","N/A","N/A",null,false,false,false,"N/A","N/A","N/A",{"$nulls":11},120,{"$nulls":3},"AC",{"$nulls":3},"N/A","N/A",null,null,false,0,null,null,"2018-03-05"]
["Shenzhen Lanhe Lighting Co.,ltd","HLE","SS-G70-30W 2700K",2459,28.49,86.32,82,2716,2459,28.49,86.32,82,2716,{"$nulls":5},"Yes - Standard Stocked Product or In-Stores","Luminaire","Area/Roadway","","Outdoor","Wall","","N/A","N/A","N/A",null,false,false,false,"N/A","N/A","N/A",{"$nulls":11},120,{"$nulls":3},"AC",{"$nulls":3},"N/A","N/A",null,null,false,0,null,null,"2016-04-07"]
["Dongguan City Lemark Lighting Technologies Ltd","ELONG","SL 10W(2700K)",1041.6,10.19,102.22,82.4,2716,1041.6,10.19,102.22,82.4,2716,{"$nulls":5},"Yes - Standard Stocked Product or In-Stores","Luminaire","Area/Roadway","","Outdoor","Arm/Pole","","N/A","N/A","N/A",null,false,false,false,"N/A","N/A","N/A",{"$nulls":11},120,{"$nulls":3},"AC",{"$nulls":3},"N/A","N/A",null,null,false,0,null,null,"2015-08-11"]
["Shenzhen Lanhe Lighting Co.,ltd","HLE","WP-L28-25W-T(2700K) ",2459,23.33,105.4,84.5,2718,2459,23.33,105.4,84.5,2718,{"$nulls":5},"Yes - Standard Stocked Product or In-Stores","Luminaire","Area/Roadway","","Outdoor","Wall","Other","N/A","N/A","N/A",null,false,false,false,"N/A","N/A","N/A",{"$nulls":11},120,{"$nulls":3},"AC",{"$nulls":3},"N/A","N/A",null,null,false,0,null,null,"2016-11-03"]
["CEA ELECTRIC CO.,LTD","CEA/EAEC","LWP2-75(2700K) [Upgrade : 8/9/2016]",7414.1,74.72,99.22,79.2,2719,7414.1,74.72,99.22,79.2,2719,{"$nulls":5},"Yes - Standard Stocked Product or In-Stores","Luminaire","Area/Roadway","","Outdoor","Wall","Other","N/A","N/A","N/A",null,false,false,false,"N/A","N/A","N/A",{"$nulls":11},120,{"$nulls":3},"AC",{"$nulls":3},"N/A","N/A",null,null,false,0,null,null,"2016-08-24"]
["Shenzhen Lanhe Lighting Co.,ltd","HLE"," SDN-BA-18-M40W-80-Q (2700K)",3737.7,39.98,93.49,81.1,2721,3737.7,39.98,93.49,81.1,2721,{"$nulls":5},"Yes - Standard Stocked Product or In-Stores","Luminaire","Area/Roadway","","Outdoor","Wall","Other","N/A","N/A","N/A",null,false,false,false,"N/A","N/A","N/A",{"$nulls":11},120,{"$nulls":3},"AC",{"$nulls":3},"N/A","N/A",null,null,false,0,null,null,"2017-06-25"]
["BESTWON TECHNOLOGY CO., LTD","BESTWON","BWRL-80W-B(2700K)",5451.9,78.43,69.51,83.5,2721,5451.9,78.43,69.51,83.5,2721,{"$nulls":5},"Yes - Standard Stocked Product or In-Stores","Luminaire","Area/Roadway","","Outdoor","Post top","","N/A","N/A","N/A",null,false,false,false,"N/A","N/A","N/A",{"$nulls":11},120,{"$nulls":3},"AC",{"$nulls":3},"N/A","N/A",null,null,false,0,null,null,"2016-03-31"]
["BESTWON TECHNOLOGY CO., LTD","BESTWON","BWRL-120W-B(2700K)",8266.2,119.9,68.94,83.4,2722,8266.2,119.9,68.94,83.4,2722,{"$nulls":5},"Yes - Standard Stocked Product or In-Stores","Luminaire","Area/Roadway","","Outdoor","Post top","","N/A","N/A","N/A",null,false,false,false,"N/A","N/A","N/A",{"$nulls":11},120,{"$nulls":3},"AC",{"$nulls":3},"N/A","N/A",null,null,false,0,null,null,"2016-03-31"]
["Renesola zhejiang system integration co.,ltd","Renesola","RRL045G01 3000K",3266,40.58,80.48,80,2723,3266,40.58,80.48,80,2723,{"$nulls":5},"Yes - Standard Stocked Product or In-Stores","Luminaire","Area/Roadway","","Outdoor","Arm/Pole","","N/A","N/A","N/A",null,false,false,false,"N/A","N/A","N/A",{"$nulls":11},120,{"$nulls":3},"AC",{"$nulls":3},"N/A","N/A",null,null,false,0,null,null,"2014-10-03"]
["CEA ELECTRIC CO.,LTD","CEA EAEC","LWP2-100 (2700K)",10017,100.8,99.38,79.6,2725,10017,100.8,99.38,79.6,2725,{"$nulls":5},"Yes - Standard Stocked Product or In-Stores","Luminaire","Area/Roadway","","Outdoor","Wall","Other","N/A","N/A","N/A",null,false,false,false,"N/A","N/A","N/A",{"$nulls":11},120,{"$nulls":3},"AC",{"$nulls":3},"N/A","N/A",null,null,false,0,null,null,"2016-08-24"]
["BESTWON TECHNOLOGY CO., LTD","BESTWON","BWRL-100W-B(2700K)",6894.4,99.87,69.03,83.5,2725,6894.4,99.87,69.03,83.5,2725,{"$nulls":5},"Yes - Standard Stocked Product or In-Stores","Luminaire","Area/Roadway","","Outdoor","Post top","","N/A","N/A","N/A",null,false,false,false,"N/A","N/A","N/A",{"$nulls":11},120,{"$nulls":3},"AC",{"$nulls":3},"N/A","N/A",null,null,false,0,null,null,"2016-03-31"]
["MaxLite","MaxLite","ML4LS12MOLW",500,12.5,40,80,2700,511,12.38,41.3,81.5,2727,{"$nulls":5},"Yes - Made to Order Product","Luminaire","Area/Roadway","","Outdoor","Wall","","N/A","N/A","N/A",null,false,false,false,"N/A","N/A","N/A",{"$nulls":11},120,{"$nulls":3},"AC",{"$nulls":3},"N/A","N/A",null,null,false,0,null,null,"2016-02-18"]
["MaxLite","MaxLite","ML4LS12MOLB",500,12.5,40,80,2700,511,12.38,41.3,81.5,2727,{"$nulls":5},"Yes - Made to Order Product","Luminaire","Area/Roadway","","Outdoor","Wall","","N/A","N/A","N/A",null,false,false,false,"N/A","N/A","N/A",{"$nulls":11},120,{"$nulls":3},"AC",{"$nulls":3},"N/A","N/A",null,null,false,0,null,null,"2016-02-18"]
["TAIZHOU JIAOGUANG ELECTRONICS&ELECTRICAL APPLIANCES CO.,LTD.","LIGHT THE FUTURE","CN301L-40W-27K-10-WH",4829,41.49,116.39,83,2730,4829,41.49,116.38,83,2730,{"$nulls":5},"Yes - Standard Stocked Product or In-Stores","Luminaire","Parking Garage","","Outdoor","Surface","","N/A","N/A","N/A",null,false,false,false,"N/A","N/A","N/A",{"$nulls":11},120,{"$nulls":3},"AC",{"$nulls":3},"N/A","N/A",null,null,false,0,null,null,"2017-09-05"]
["Shenzhen Lanhe Lighting Co.,ltd","HLE","SDN-BA-18-M22W-80-Q (2700K)",2001,20.3,98.57,81.1,2730,2001,20.3,98.57,81.1,2730,{"$nulls":5},"Yes - Standard Stocked Product or In-Stores","Luminaire","Area/Roadway","","Outdoor","Wall","Other","N/A","N/A","N/A",null,false,false,false,"N/A","N/A","N/A",{"$nulls":11},120,{"$nulls":3},"AC",{"$nulls":3},"N/A","N/A",null,null,false,0,null,null,"2017-06-26"]
["CEA ELECTRIC CO.,LTD","CEA/EAEC","STL1-200D(2700K)",21064,213.8,98.52,80.9,2730,21064,213.8,98.52,80.9,2730,{"$nulls":5},"Yes - Standard Stocked Product or In-Stores","Luminaire","Area/Roadway","","Outdoor","Wall","Other","N/A","N/A","N/A",null,false,false,false,"N/A","N/A","N/A",{"$nulls":11},120,{"$nulls":3},"AC",{"$nulls":3},"N/A","N/A",null,null,false,0,null,null,"2016-10-21"]
["Shenzhen Lanhe Lighting Co.,ltd","HLE","WP-L28-25W-G(2700K)",2374.3,25.06,94.74,80.3,2735,2374.3,25.06,94.74,80.3,2735,{"$nulls":5},"Yes - Standard Stocked Product or In-Stores","Luminaire","Area/Roadway","","Outdoor","Wall","Other","N/A","N/A","N/A",null,false,false,false,"N/A","N/A","N/A",{"$nulls":11},120,{"$nulls":3},"AC",{"$nulls":3},"N/A","N/A",null,null,false,0,null,null,"2016-12-29"]
["CEA ELECTRIC CO.,LTD","CEA/EAEC","STL1-150D(2700K)",14435,147.8,97.67,80.8,2735,14435,147.8,97.67,80.8,2735,{"$nulls":5},"Yes - Standard Stocked Product or In-Stores","Luminaire","Area/Roadway","","Outdoor","Wall","Other","N/A","N/A","N/A",null,false,false,false,"N/A","N/A","N/A",{"$nulls":11},120,{"$nulls":3},"AC",{"$nulls":3},"N/A","N/A",null,null,false,0,null,null,"2016-10-21"]
["CEA ELECTRIC CO.,LTD","CEA EAEC","LWP6-100(2700K)",10085,96.2,104.83,70,2735,10085,96.2,104.83,70,2735,{"$nulls":5},"Yes - Standard Stocked Product or In-Stores","Luminaire","Area/Roadway","","Outdoor","Surface","Other","N/A","N/A","N/A",null,false,false,false,"N/A","N/A","N/A",{"$nulls":11},120,{"$nulls":3},"AC",{"$nulls":3},"N/A","N/A",null,null,false,0,null,null,"2016-08-16"]
["Fujian Scoton Electronic Technology Co. Ltd","SCOTON","ST-WPL-001-XW-2 2700K",8747.603,89.2,98.07,83,2736,8747.603,89.2,98.067,83,2736,{"$nulls":5},"Yes - Standard Stocked Product or In-Stores","Luminaire","Area/Roadway","","Outdoor","Surface - Other","Other","N/A","N/A","N/A",null,false,false,false,"N/A","N/A","N/A",{"$nulls":11},120,{"$nulls":3},"AC",{"$nulls":3},"N/A","N/A",null,null,false,0,null,null,"2016-05-25"]
["TAIZHOU JIAOGUANG ELECTRONICS&ELECTRICAL APPLIANCES CO.,LTD.","LIGHT THE FUTURE","CN302L-70W-27K-10-WH",6634,62.77,105.69,83,2737,6634,62.77,105.69,83,2737,{"$nulls":5},"Yes - Standard Stocked Product or In-Stores","Luminaire","Parking Garage","","Outdoor","Surface","","N/A","N/A","N/A",null,false,false,false,"N/A","N/A","N/A",{"$nulls":11},120,{"$nulls":3},"AC",{"$nulls":3},"N/A","N/A",null,null,false,0,null,null,"2017-09-05"]
["Shenzhen Lanhe Lighting Co.,ltd","HLE","WP-MINI240-40W-G(2700K)",3771,40.06,94.13,82,2737,3771,40.06,94.13,82,2737,{"$nulls":5},"Yes - Standard Stocked Product or In-Stores","Luminaire","Area/Roadway","","Outdoor","Wall","Other","N/A","N/A","N/A",null,false,false,false,"N/A","N/A","N/A",{"$nulls":11},120,{"$nulls":3},"AC",{"$nulls":3},"N/A","N/A",null,null,false,0,null,null,"2017-06-26"]
["CEA ELECTRIC CO.,LTD","CEA EAEC","LWP6-50(2700K)",4572.3,48.06,95.14,70,2739,4572.3,48.06,95.14,70,2739,{"$nulls":5},"Yes - Standard Stocked Product or In-Stores","Luminaire","Area/Roadway","","Outdoor","Wall","Other","N/A","N/A","N/A",null,false,false,false,"N/A","N/A","N/A",{"$nulls":11},120,{"$nulls":3},"AC",{"$nulls":3},"N/A","N/A",null,null,false,0,null,null,"2016-07-14"]
["Renesola zhejiang system integration co.,ltd","Renesola","RRL060G01 3000K",4183.7,59.56,70.25,79,2739,4183.7,59.56,70.25,79,2739,{"$nulls":5},"Yes - Standard Stocked Product or In-Stores","Luminaire","Area/Roadway","","Outdoor","Arm/Pole","","N/A","N/A","N/A",null,false,false,false,"N/A","N/A","N/A",{"$nulls":11},120,{"$nulls":3},"AC",{"$nulls":3},"N/A","N/A",null,null,false,0,null,null,"2014-10-03"]
["CEA ELECTRIC CO.,LTD","CEA EAEC","LWP6-75(2700K)",6863.2,70.33,97.59,70,2741,6863.2,70.33,97.59,70,2741,{"$nulls":5},"Yes - Standard Stocked Product or In-Stores","Luminaire","Area/Roadway","","Outdoor","Surface - Wall","Other","N/A","N/A","N/A",null,false,false,false,"N/A","N/A","N/A",{"$nulls":11},120,{"$nulls":3},"AC",{"$nulls":3},"N/A","N/A",null,null,false,0,null,null,"2016-08-16"]
["Eaton (formerly Cooper Lighting)","Streetworks","ARCH-AF16-20-D-U-T2R-8027",2457.2,23.6,104.12,83.3,2744,2457.2,23.6,104.12,83.3,2744,{"$nulls":5},"Yes - Made to Order Product","Luminaire","Area/Roadway","","Outdoor","Arm/Pole","Other","N/A","N/A","N/A",null,false,false,false,"N/A","N/A","N/A",{"$nulls":11},120,{"$nulls":3},"AC",{"$nulls":3},"N/A","N/A",null,null,false,0,null,null,"2018-01-29"]
["CEA ELECTRIC CO.,LTD","CEA/EAEC","STL1-100D(2700K)",9965.4,102.6,97.13,80.2,2744,9965.4,102.6,97.13,80.2,2744,{"$nulls":5},"Yes - Standard Stocked Product or In-Stores","Luminaire","Area/Roadway","","Outdoor","Wall","Other","N/A","N/A","N/A",null,false,false,false,"N/A","N/A","N/A",{"$nulls":11},120,{"$nulls":3},"AC",{"$nulls":3},"N/A","N/A",null,null,false,0,null,null,"2016-10-21"]
["Shenzhen Lanhe Lighting Co.,ltd","HLE","WP-MINI300-50W-G(2700K)",5334.1,47.33,112.7,82.6,2745,5334.1,47.33,112.7,82.6,2745,{"$nulls":5},"Yes - Standard Stocked Product or In-Stores","Luminaire","Area/Roadway","","Outdoor","Wall","Other","N/A","N/A","N/A",null,false,false,false,"N/A","N/A","N/A",{"$nulls":11},120,{"$nulls":3},"AC",{"$nulls":3},"N/A","N/A",null,null,false,0,null,null,"2017-06-26"]
["Acuity Brands Lighting","Lithonia Lighting","WST LED P2 27K VF 480 DWHXD",3375,31.09,108.56,70,2700,3375,31.09,108.56,71.25,2745,{"$nulls":5},"Not yet commercially available","Luminaire","Area/Roadway","","Outdoor","Wall","Decorative","N/A","N/A","N/A",null,false,false,false,"N/A","N/A","N/A",{"$nulls":11},480,{"$nulls":3},"AC",{"$nulls":3},"N/A","N/A",null,null,false,0,null,null,"2016-06-22"]
["CEA ELECTRIC CO.,LTD","CEA/EAEC","LWP2-50(2700K)",3950.8,53.58,73.74,80.2,2747,3950.8,53.58,73.74,80.2,2747,{"$nulls":5},"Yes - Standard Stocked Product or In-Stores","Luminaire","Area/Roadway","","Outdoor","Wall","","N/A","N/A","N/A",null,false,false,false,"N/A","N/A","N/A",{"$nulls":11},120,{"$nulls":3},"AC",{"$nulls":3},"N/A","N/A",null,null,false,0,null,null,"2016-02-05"]
["Cree, Inc","Cree RSW Series","RSWM-A-HT-2ME-9L-27K8-UL-GY-N",9125,93,98.12,80,2700,9467,92.11,102.78,81,2750,{"$nulls":5},"Yes - Made to Order Product","Luminaire","Area/Roadway","","Outdoor","Arm/Pole","Other","N/A","N/A","N/A",null,false,false,false,"N/A","N/A","N/A",{"$nulls":3},1498.4,64.55,35.46,0,0,1.2,1.4,0.994,120,0.0005,7,4.35,"AC",4,0,3,"N/A","N/A",null,null,false,0,null,null,"2017-06-13"]
["Shenzhen Lanhe Lighting Co.,ltd","HLE","WP-MINI300-80W-G(2700K)",7630.6,79.5,95.98,82,2751,7630.6,79.5,95.98,82,2751,{"$nulls":5},"Yes - Standard Stocked Product or In-Stores","Luminaire","Area/Roadway","","Outdoor","Wall","Other","N/A","N/A","N/A",null,false,false,false,"N/A","N/A","N/A",{"$nulls":11},120,{"$nulls":3},"AC",{"$nulls":3},"N/A","N/A",null,null,false,0,null,null,"2017-06-26"]
["CEA ELECTRIC CO.,LTD","CEA/EAEC","LWP2-75(2700K)",7204.8,78.06,92.29,80.2,2752,7204.8,78.06,92.29,80.2,2752,{"$nulls":5},"Yes - Standard Stocked Product or In-Stores","Luminaire","Area/Roadway","","Outdoor","Wall","","N/A","N/A","N/A",null,false,false,false,"N/A","N/A","N/A",{"$nulls":11},120,{"$nulls":3},"AC",{"$nulls":3},"N/A","N/A",null,null,false,0,null,null,"2016-02-05"]
["Acuity Brands Lighting","Lithonia Lighting","WST LED P3 27K VF 480 DWHXD",6369,58.23,109.38,70,2700,6369,58.23,109.38,70.97,2753,{"$nulls":5},"Not yet commercially available","Luminaire","Area/Roadway","","Outdoor","Wall","Decorative","N/A","N/A","N/A",null,false,false,false,"N/A","N/A","N/A",{"$nulls":11},480,0.0011,null,null,"AC",{"$nulls":3},"N/A","N/A",null,null,false,0,null,null,"2016-06-22"]
["Shenzhen Lanhe Lighting Co.,ltd","HLE"," WP-MINI240-20W-G(2700K)",2037.4,19.88,102.48,82.1,2755,2037.4,19.88,102.48,82.1,2755,{"$nulls":5},"Yes - Standard Stocked Product or In-Stores","Luminaire","Area/Roadway","","Outdoor","Wall","Other","N/A","N/A","N/A",null,false,false,false,"N/A","N/A","N/A",{"$nulls":11},120,{"$nulls":3},"AC",{"$nulls":3},"N/A","N/A",null,null,false,0,null,null,"2017-06-26"]
["Self Electronics Co., Ltd","SELF","CROWN-1227K",950,10,95,80,2700,998.885,10.623,94.03,81.62,2755,{"$nulls":5},"Yes - Standard Stocked Product or In-Stores","Luminaire","Area/Roadway","","Outdoor","Surface","Other","N/A","N/A","N/A",null,false,false,false,"N/A","N/A","N/A",{"$nulls":11},120,{"$nulls":3},"AC",{"$nulls":3},"N/A","N/A",null,null,false,0,null,null,"2017-06-25"]
["Shenzhen Lanhe Lighting Co.,ltd","HLE","WP-L28-28W-G(2700K)",2727.7,28.12,97,80.9,2757,2727.7,28.12,97,80.9,2757,{"$nulls":5},"Yes - Standard Stocked Product or In-Stores","Luminaire","Area/Roadway","","Outdoor","Wall","Other","N/A","N/A","N/A",null,false,false,false,"N/A","N/A","N/A",{"$nulls":11},120,{"$nulls":3},"AC",{"$nulls":3},"N/A","N/A",null,null,false,0,null,null,"2016-12-29"]
["Shenzhen Lanhe Lighting Co.,ltd","HLE","SDN-JD-L365-M80W (2700K)",8021.2,81.69,98.19,85.9,2759,8021.2,81.69,98.19,85.9,2759,{"$nulls":5},"Yes - Standard Stocked Product or In-Stores","Luminaire","Area/Roadway","","Outdoor","Wall","Other","N/A","N/A","N/A",null,false,false,false,"N/A","N/A","N/A",{"$nulls":11},120,{"$nulls":3},"AC",{"$nulls":3},"N/A","N/A",null,null,false,0,null,null,"2017-06-26"]
["Shenzhen Lanhe Lighting Co.,ltd","HLE"," WP-NGL360-65W (2700K)",7307.5,65.58,111.43,83.2,2763,7307.5,65.58,111.43,83.2,2763,{"$nulls":5},"Yes - Standard Stocked Product or In-Stores","Luminaire","Area/Roadway","","Outdoor","Wall","Other","N/A","N/A","N/A",null,false,false,false,"N/A","N/A","N/A",{"$nulls":11},120,{"$nulls":3},"AC",{"$nulls":3},"N/A","N/A",null,null,false,0,null,null,"2017-06-26"]
["Shenzhen Lanhe Lighting Co.,ltd","HLE","SDN-JD-L365-M60W (2700K)",6009.7,61.38,97.91,85.9,2764,6009.7,61.38,97.91,85.9,2764,{"$nulls":5},"Yes - Standard Stocked Product or In-Stores","Luminaire","Area/Roadway","","Outdoor","Wall","Other","N/A","N/A","N/A",null,false,false,false,"N/A","N/A","N/A",{"$nulls":11},120,{"$nulls":3},"AC",{"$nulls":3},"N/A","N/A",null,null,false,0,null,null,"2017-06-26"]
["Shenzhen Lanhe Lighting Co.,ltd","HLE","WP-MINI240-30W-G(2700K)",2948.9,30.02,98.23,81.6,2765,2948.9,30.02,98.23,81.6,2765,{"$nulls":5},"Yes - Standard Stocked Product or In-Stores","Luminaire","Area/Roadway","","Outdoor","Wall","Other","N/A","N/A","N/A",null,false,false,false,"N/A","N/A","N/A",{"$nulls":11},120,{"$nulls":3},"AC",{"$nulls":3},"N/A","N/A",null,null,false,0,null,null,"2017-06-26"]
["HOCAN GROUP CO.,LTD","SEPICN","HC-WP-T6-60W-27",3508,48.9,71.74,82,2765,3508,48.9,71.74,82,2765,{"$nulls":5},"Yes - Standard Stocked Product or In-Stores","Luminaire","Area/Roadway","","Outdoor","Wall","","N/A","N/A","N/A",null,false,false,false,"N/A","N/A","N/A",{"$nulls":10},0.988,120,-0.0027,16,11.06,"AC",{"$nulls":3},"N/A","N/A",null,null,false,0,null,null,"2015-02-26"]
["Shenzhen Lanhe Lighting Co.,ltd","HLE","SDN-JD-L445-M120W(2700K)",11885,117.6,101.06,85.9,2767,11885,117.6,101.06,85.9,2767,{"$nulls":5},"Yes - Standard Stocked Product or In-Stores","Luminaire","Area/Roadway","","Outdoor","Wall","Other","N/A","N/A","N/A",null,false,false,false,"N/A","N/A","N/A",{"$nulls":11},120,{"$nulls":3},"AC",{"$nulls":3},"N/A","N/A",null,null,false,0,null,null,"2017-06-27"]
["Shenzhen Lanhe Lighting Co.,ltd","HLE","WP-L28-16W-G(2700K)",1511.4,16.01,94.4,81.1,2767,1511.4,16.01,94.4,81.1,2767,{"$nulls":5},"Yes - Standard Stocked Product or In-Stores","Luminaire","Area/Roadway","","Outdoor","Wall","Other","N/A","N/A","N/A",null,false,false,false,"N/A","N/A","N/A",{"$nulls":11},120,{"$nulls":3},"AC",{"$nulls":3},"N/A","N/A",null,null,false,0,null,null,"2016-12-29"]
["MaxLite","MaxLite","ML4LS12SRLBK827",750,12.5,60,80,2700,751.5,12.1,62.1,80.9,2767,{"$nulls":5},"Yes - Made to Order Product","Luminaire","Area/Roadway","","Outdoor","Wall","","N/A","N/A","N/A",null,false,false,false,"N/A","N/A","N/A",{"$nulls":10},0.9797,120,0.0005,8.6,8.19,"AC",{"$nulls":3},"N/A","N/A",null,null,false,0,null,null,"2016-02-18"]
["Juno Lighting, LLC","AccuLite","COS-A017-27K-E12",1306,21.64,60.3,81,2767,1306,21.64,60.3,81,2767,{"$nulls":5},"Yes - Standard Stocked Product or In-Stores","Luminaire","Area/Roadway","","Outdoor","Arm/Pole","","N/A","N/A","N/A",null,false,false,false,"N/A","N/A","N/A",{"$nulls":11},120,{"$nulls":3},"AC",{"$nulls":3},"N/A","N/A",null,null,false,{"$nulls":3},"2013-06-26"]
["Juno Lighting, LLC","AccuLite","COS-A026-27K-E12",2036,34.85,58.4,81,2768,2036,34.85,58.4,81,2768,{"$nulls":5},"Yes - Standard Stocked Product or In-Stores","Luminaire","Area/Roadway","","Outdoor","Arm/Pole","","N/A","N/A","N/A",null,false,false,false,"N/A","N/A","N/A",{"$nulls":11},120,{"$nulls":3},"AC",{"$nulls":3},"N/A","N/A",null,null,false,{"$nulls":3},"2013-06-26"]
["Shenzhen Lanhe Lighting Co.,ltd","HLE","SDN-JD-L445-M100W(2700K)",9763.4,99.11,98.51,85.8,2769,9763.4,99.11,98.51,85.8,2769,{"$nulls":5},"Yes - Standard Stocked Product or In-Stores","Luminaire","Area/Roadway","","Outdoor","Wall","Other","N/A","N/A","N/A",null,false,false,false,"N/A","N/A","N/A",{"$nulls":11},120,{"$nulls":3},"AC",{"$nulls":3},"N/A","N/A",null,null,false,0,null,null,"2017-06-26"]
["Shenzhen Lanhe Lighting Co.,ltd","HLE","WP-MINI300-96W-G(2700K)",8371.8,89.49,93.55,81.9,2773,8371.8,89.49,93.55,81.9,2773,{"$nulls":5},"Yes - Standard Stocked Product or In-Stores","Luminaire","Area/Roadway","","Outdoor","Wall","Other","N/A","N/A","N/A",null,false,false,false,"N/A","N/A","N/A",{"$nulls":11},120,{"$nulls":3},"AC",{"$nulls":3},"N/A","N/A",null,null,false,0,null,null,"2017-06-26"]
["Hawaii LED Star,LLC","SLI","ZD89a-LED040PU-2700M2S/ANA.PC",3831.8,40,95.8,84.3,2700,3831.8,39.68,96.6,84.3,2773,{"$nulls":5},"Yes - Standard Stocked Product or In-Stores","Luminaire","Area/Roadway","","Outdoor","Arm/Pole","Other","N/A","N/A","N/A",null,false,false,false,"N/A","N/A","N/A",86,96,{"$nulls":8},0.988,120,0.0025,13.1,9,"AC",{"$nulls":3},"N/A","N/A",null,null,false,0,null,null,"2016-08-02"]
["HOCAN GROUP CO.,LTD","SEPICN","HC-WP-T6-36W-27",2363,34.1,69.3,82,2779,2363,34.1,69.3,82,2779,{"$nulls":5},"Yes - Standard Stocked Product or In-Stores","Luminaire","Area/Roadway","","Outdoor","Wall","","N/A","N/A","N/A",null,false,false,false,"N/A","N/A","N/A",{"$nulls":10},0.987,120,-0.0029,17,11.86,"AC",{"$nulls":3},"N/A","N/A",null,null,false,0,null,null,"2015-02-26"]
["Shenzhen Lanhe Lighting Co.,ltd","HLE","WP-NGL360-45W(2700K)",4552.7,43.06,105.73,83.8,2782,4552.7,43.06,105.73,83.8,2782,{"$nulls":5},"Yes - Standard Stocked Product or In-Stores","Luminaire","Area/Roadway","","Outdoor","Wall","Other","N/A","N/A","N/A",null,false,false,false,"N/A","N/A","N/A",{"$nulls":11},120,{"$nulls":3},"AC",{"$nulls":3},"N/A","N/A",null,null,false,0,null,null,"2017-06-26"]
["Hawaii LED Star,LLC","SLI","ZD89a-LED050PU-2700M2S/ANA.PC",4678.3,50,93.57,84.9,2700,4678.3,49.66,94.2,84.9,2783,{"$nulls":5},"Yes - Standard Stocked Product or In-Stores","Luminaire","Area/Roadway","","Outdoor","Arm/Pole","Other","N/A","N/A","N/A",null,false,false,false,"N/A","N/A","N/A",86,96,{"$nulls":8},0.992,120,0.0025,15.3,8.5,"AC",{"$nulls":3},"N/A","N/A",null,null,false,0,null,null,"2016-08-02"]
["Hawaii LED Star,LLC","SLI","ZD89a-LED080PU-2700M2S/ANA.PC",7737.4,80,96.72,84.7,2700,7737.4,78.47,98.6,84.7,2787,{"$nulls":5},"Yes - Standard Stocked Product or In-Stores","Luminaire","Area/Roadway","","Outdoor","Arm/Pole","Other","N/A","N/A","N/A",null,false,false,false,"N/A","N/A","N/A",86,96,{"$nulls":8},0.995,120,0.0024,14.6,6.88,"AC",{"$nulls":3},"N/A","N/A",null,null,false,0,null,null,"2016-08-02"]
["Dongguan City Lemark Lighting Technologies Ltd","ELONG","SL 20W(2700K)",1699.5,19.88,85.49,82.8,2788,1699.5,19.88,85.49,82.8,2788,{"$nulls":5},"Yes - Standard Stocked Product or In-Stores","Luminaire","Area/Roadway","","Outdoor","Arm/Pole","","N/A","N/A","N/A",null,false,false,false,"N/A","N/A","N/A",{"$nulls":11},120,{"$nulls":3},"AC",{"$nulls":3},"N/A","N/A",null,null,false,0,null,null,"2015-08-11"]
["HOCAN GROUP CO.,LTD","SEPICN","HC-WP-T5-28W-27",2332,30.78,75.76,83,2788,2332,30.78,75.76,83,2788,{"$nulls":5},"Yes - Standard Stocked Product or In-Stores","Luminaire","Area/Roadway","","Outdoor","Wall","","N/A","N/A","N/A",null,false,false,false,"N/A","N/A","N/A",{"$nulls":10},0.908,120,-0.0024,18,8.6,"AC",{"$nulls":3},"N/A","N/A",null,null,false,0,null,null,"2015-02-26"]
["Shenzhen Lanhe Lighting Co.,ltd","HLE","WP-NGL360-90W (2700K)",9851.9,87.28,112.88,83.6,2789,9851.9,87.28,112.88,83.6,2789,{"$nulls":5},"Yes - Standard Stocked Product or In-Stores","Luminaire","Area/Roadway","","Outdoor","Wall","Other","N/A","N/A","N/A",null,false,false,false,"N/A","N/A","N/A",{"$nulls":11},120,{"$nulls":3},"AC",{"$nulls":3},"N/A","N/A",null,null,false,0,null,null,"2017-06-25"]
["GE Lighting Solutions, Outdoor SSL Fixtures","GE Lighting","ERL1H10E327AGRAY",9250,97,95.36,70,2700,9470,96.1,98.55,70.9,2790,{"$nulls":5},"Yes - Made to Order Product","Luminaire","Area/Roadway","","Outdoor","Arm/Pole","Other","N/A","N/A","N/A",null,false,false,false,"N/A","N/A","N/A",{"$nulls":3},2114,67.64,32.37,0,0,1.2,1.4,0.97,480,null,null,100.2,"AC",4,0,2,"N/A","N/A",null,null,false,0,null,null,"2017-09-05"]
["Dongguan City Lemark Lighting Technologies Ltd","ELONG","SL 20W(2700K) [Upgrade : 8/21/2015]",1690.3,19.9,84.94,82.8,2790,1690.3,19.9,84.94,82.8,2790,{"$nulls":5},"Yes - Standard Stocked Product or In-Stores","Luminaire","Area/Roadway","","Outdoor","Arm/Pole","","N/A","N/A","N/A",null,false,false,false,"N/A","N/A","N/A",{"$nulls":11},120,{"$nulls":3},"AC",{"$nulls":3},"N/A","N/A",null,null,false,0,null,null,"2015-09-01"]
["CEA ELECTRIC CO.,LTD","CEA EAEC","LWP6-30(2700K)",2718.6,28.58,95.12,70.5,2793,2718.6,28.58,95.12,70.5,2793,{"$nulls":5},"Yes - Standard Stocked Product or In-Stores","Luminaire","Area/Roadway","","Outdoor","Wall","Other","N/A","N/A","N/A",null,false,false,false,"N/A","N/A","N/A",{"$nulls":11},120,{"$nulls":3},"AC",{"$nulls":3},"N/A","N/A",null,null,false,0,null,null,"2016-07-14"]
["Shenzhen Lanhe Lighting Co.,ltd","HLE","SDN-BA-18-M35W-80-Q (2700K)",3297.1,35.2,93.67,82.2,2797,3297.1,35.2,93.67,82.2,2797,{"$nulls":5},"Yes - Standard Stocked Product or In-Stores","Luminaire","Area/Roadway","","Outdoor","Wall","Other","N/A","N/A","N/A",null,false,false,false,"N/A","N/A","N/A",{"$nulls":11},120,{"$nulls":3},"AC",{"$nulls":3},"N/A","N/A",null,null,false,0,null,null,"2017-06-26"]
["GE Lighting Solutions, Outdoor SSL Fixtures","GE Lighting","ERL1H10D327AGRAY",9250,97,95.36,70,2700,9464,96.1,98.49,71,2798,{"$nulls":5},"Yes - Made to Order Product","Luminaire","Area/Roadway","","Outdoor","Arm/Pole","Other","N/A","N/A","N/A",null,false,false,true,"N/A","N/A","N/A",{"$nulls":3},1369,64.08,35.93,0,0,1.2,1.4,0.97,480,null,null,7.1,"AC",4,0,2,"N/A","N/A",null,null,false,0,null,null,"2017-09-05"]
["Shenzhen Lanhe Lighting Co.,ltd","HLE","WP-NGL360-120W(2700K)",14316,119,120.3,83.5,2799,14316,119,120.3,83.5,2799,{"$nulls":5},"Yes - Standard Stocked Product or In-Stores","Luminaire","Area/Roadway","","Outdoor","Wall","Other","N/A","N/A","N/A",null,false,false,false,"N/A","N/A","N/A",{"$nulls":11},120,{"$nulls":3},"AC",{"$nulls":3},"N/A","N/A",null,null,false,0,null,null,"2017-06-26"]
["Shenzhen Lanhe Lighting Co.,ltd","HLE","WP-NGL360-135W(2700K)",15622,131.8,118.53,83.8,2799,15622,131.8,118.52,83.8,2799,{"$nulls":5},"Yes - Standard Stocked Product or In-Stores","Luminaire","Area/Roadway","","Outdoor","Wall","Other","N/A","N/A","N/A",null,false,false,false,"N/A","N/A","N/A",{"$nulls":11},120,{"$nulls":3},"AC",{"$nulls":3},"N/A","N/A",null,null,false,0,null,null,"2017-06-26"]
["HOCAN GROUP CO.,LTD","SEPICN","HC-WP-T6-90W-27",7521,84.38,89.13,82,2801,7521,84.38,89.13,82,2801,{"$nulls":5},"Yes - Standard Stocked Product or In-Stores","Luminaire","Area/Roadway","","Outdoor","Wall","","N/A","N/A","N/A",null,false,false,false,"N/A","N/A","N/A",{"$nulls":10},0.989,120,-1.8E-3,15,9.57,"AC",{"$nulls":3},"N/A","N/A",null,null,false,0,null,null,"2015-02-26"]
["CEA ELECTRIC CO.,LTD","CEA EAEC","MFL1-20 (2700K)",1609.1,19.69,81.72,80.6,2802,1609.1,19.69,81.72,80.6,2802,{"$nulls":5},"Yes - Standard Stocked Product or In-Stores","Luminaire","Area/Roadway","","Outdoor","Wall","Other","N/A","N/A","N/A",null,false,false,false,"N/A","N/A","N/A",{"$nulls":11},120,{"$nulls":3},"AC",{"$nulls":3},"N/A","N/A",null,null,false,0,null,null,"2016-08-12"]
["Dongguan City Lemark Lighting Technologies Ltd","ELONG","SL 30W(2700K)",2459.4,28.19,87.25,82.9,2802,2459.4,28.19,87.25,82.9,2802,{"$nulls":5},"Yes - Standard Stocked Product or In-Stores","Luminaire","Area/Roadway","","Outdoor","Arm/Pole","","N/A","N/A","N/A",null,false,false,false,"N/A","N/A","N/A",{"$nulls":11},120,{"$nulls":3},"AC",{"$nulls":3},"N/A","N/A",null,null,false,0,null,null,"2015-08-11"]
["Shenzhen Bingxia Technology Co.,Ltd","RISELITE","RL-WP-120W-LV-A-SW",7400.8,108.7,68.08,66.3,2812,7400.8,108.7,68.08,66.3,2812,{"$nulls":5},"Yes - Standard Stocked Product or In-Stores","Luminaire","Area/Roadway","","Outdoor","Wall","","N/A","N/A","N/A",null,false,false,false,"N/A","N/A","N/A",{"$nulls":11},120,{"$nulls":3},"AC",{"$nulls":3},"N/A","N/A",null,null,false,0,null,null,"2015-09-18"]
["ASIA LIGHTING CO., LIMITED","RNB","AL-WP-120W-LV-A-SW",7400.8,108.7,68.08,66.3,2812,7400.8,108.7,68.08,66.3,2812,{"$nulls":5},"Yes - Standard Stocked Product or In-Stores","Luminaire","Area/Roadway","","Outdoor","Wall","","N/A","N/A","N/A",null,false,false,false,"N/A","N/A","N/A",{"$nulls":11},120,{"$nulls":3},"AC",{"$nulls":3},"N/A","N/A",null,null,false,0,null,null,"2015-09-10"]
["CEA ELECTRIC CO.,LTD","CEA/EAEC","LWP2-50(2700K) [Upgrade : 8/9/2016]",4470.3,49.63,90.07,69.3,2814,4470.3,49.63,90.07,69.3,2814,{"$nulls":5},"Yes - Standard Stocked Product or In-Stores","Luminaire","Area/Roadway","","Outdoor","Wall","Other","N/A","N/A","N/A",null,false,false,false,"N/A","N/A","N/A",{"$nulls":11},120,{"$nulls":3},"AC",{"$nulls":3},"N/A","N/A",null,null,false,0,null,null,"2016-08-24"]
["CEA ELECTRIC CO.,LTD","CEA EAEC","MFL1-30 (2700K)",2260.7,29.71,76.09,80.5,2822,2260.7,29.71,76.09,80.5,2822,{"$nulls":5},"Yes - Standard Stocked Product or In-Stores","Luminaire","Area/Roadway","","Outdoor","Surface - Wall","Other","N/A","N/A","N/A",null,false,false,false,"N/A","N/A","N/A",{"$nulls":11},120,{"$nulls":3},"AC",{"$nulls":3},"N/A","N/A",null,null,false,0,null,null,"2016-08-12"]
["CEA ELECTRIC CO.,LTD","CEA/EAEC","LWP2-30(2700K)",2334.1,32.19,72.5,70.1,2822,2334.1,32.19,72.5,70.1,2822,{"$nulls":5},"Yes - Standard Stocked Product or In-Stores","Luminaire","Area/Roadway","","Outdoor","Wall","","N/A","N/A","N/A",null,false,false,false,"N/A","N/A","N/A",{"$nulls":11},120,{"$nulls":3},"AC",{"$nulls":3},"N/A","N/A",null,null,false,0,null,null,"2016-02-08"]
["CEA ELECTRIC CO.,LTD","CEA/EAEC","STL1-200(2700K)",15628,192.4,81.22,80,2824,15628,192.4,81.22,80,2824,{"$nulls":5},"Yes - Standard Stocked Product or In-Stores","Luminaire","Area/Roadway","","Outdoor","Surface","","N/A","N/A","N/A",null,false,false,false,"N/A","N/A","N/A",{"$nulls":11},120,{"$nulls":3},"AC",{"$nulls":3},"N/A","N/A",null,null,false,0,null,null,"2016-02-09"]
["Leotek Electronics USA Corp.","Leotek Electronics USA LLC","GCJ1-20G-MV-27-2-XX-270",1766.4,19.02,93,83,2827,1766.4,19.02,93,83,2827,{"$nulls":5},"Not yet commercially available","Luminaire","Area/Roadway","","Outdoor","Arm/Pole","","N/A","N/A","N/A",null,false,false,false,"N/A","N/A","N/A",{"$nulls":10},0.98,120,-0.00057,16.38,15,"AC",{"$nulls":3},"N/A","N/A",null,null,false,0,null,null,"2015-04-14"]
["Zhongshan Shengrong Lighting CO.,Ltd.","Home Depot","HD-1200",510,14.9,34.23,92,2844,510,14.9,34.2,92,2844,{"$nulls":5},"Yes - Standard Stocked Product or In-Stores","Luminaire","Area/Roadway","","Outdoor","Wall","Other","N/A","N/A","N/A",null,false,false,false,"N/A","N/A","N/A",{"$nulls":11},120,{"$nulls":3},"AC",{"$nulls":3},"N/A","N/A",null,null,false,0,null,null,"2016-06-06"]
["CEA ELECTRIC CO.,LTD","CEA/EAEC","STL1-100(2700K)",8334,105.8,78.77,80,2848,8334,105.8,78.77,80,2848,{"$nulls":5},"Yes - Standard Stocked Product or In-Stores","Luminaire","Area/Roadway","","Outdoor","Surface","","N/A","N/A","N/A",null,false,false,false,"N/A","N/A","N/A",{"$nulls":11},120,{"$nulls":3},"AC",{"$nulls":3},"N/A","N/A",null,null,false,0,null,null,"2016-02-09"]
["Shenzhen Lanhe Lighting Co.,ltd"," HLE","WP-L28-25W(2700K)",2125,23.36,90.97,85,2852,2125,23.36,90.95,85,2852,{"$nulls":5},"Yes - Standard Stocked Product or In-Stores","Luminaire","Area/Roadway","","Outdoor","Wall","Other","N/A","N/A","N/A",null,false,false,false,"N/A","N/A","N/A",{"$nulls":11},120,{"$nulls":3},"AC",{"$nulls":3},"N/A","N/A",null,null,false,0,null,null,"2016-09-15"]
["SHENZHEN LONGSUN OPTOELECTRONICS TECHNOLOGY CO.,LTD","LONGSUN","CES-LS-MAX-150W27MBS-3",20298,155.5,130.53,70.6,2700,20298,155.5,130.53,70.6,2853,{"$nulls":5},"Yes - Standard Stocked Product or In-Stores","Luminaire","Area/Roadway","","Outdoor","Arm/Pole","Other","N/A","N/A","N/A",null,false,false,false,"N/A","N/A","N/A",{"$nulls":11},120,{"$nulls":3},"AC",{"$nulls":3},"N/A","N/A",null,null,false,0,null,null,"2017-07-27"]
["CEA ELECTRIC CO.,LTD","CEA/EAEC","STL1-150(2700K)",11873,157.4,75.44,80,2854,11873,157.4,75.44,80,2854,{"$nulls":5},"Yes - Standard Stocked Product or In-Stores","Luminaire","Area/Roadway","","Outdoor","Surface","","N/A","N/A","N/A",null,false,false,false,"N/A","N/A","N/A",{"$nulls":11},120,{"$nulls":3},"AC",{"$nulls":3},"N/A","N/A",null,null,false,0,null,null,"2016-02-09"]
["SHENZHEN LONGSUN OPTOELECTRONICS TECHNOLOGY CO.,LTD","LONGSUN","CES-LS-MAX-200W27MBS-3",26954,207.3,130.02,70.9,2700,26954,207.3,130.02,70.9,2855,{"$nulls":5},"Yes - Standard Stocked Product or In-Stores","Luminaire","Area/Roadway","","Outdoor","Arm/Pole","Other","N/A","N/A","N/A",null,false,false,false,"N/A","N/A","N/A",{"$nulls":11},120,{"$nulls":3},"AC",{"$nulls":3},"N/A","N/A",null,null,false,0,null,null,"2017-07-27"]
["Shenzhen Lanhe Lighting Co.,ltd","HLE","WP-L28-28W(2700K)",2375,26.35,90.13,85.4,2855,2375,26.35,89.52,85.4,2855,{"$nulls":5},"Yes - Standard Stocked Product or In-Stores","Luminaire","Area/Roadway","","Outdoor","Wall","Other","N/A","N/A","N/A",null,false,false,false,"N/A","N/A","N/A",{"$nulls":11},120,{"$nulls":3},"AC",{"$nulls":3},"N/A","N/A",null,null,false,0,null,null,"2016-09-14"]
["SHENZHEN LONGSUN OPTOELECTRONICS TECHNOLOGY CO.,LTD","LONGSUN","CES-LS-MAX-240W27MBS-3",30832,246.6,125.03,70.7,2700,30832,246.6,125.03,70.7,2862,{"$nulls":5},"Yes - Standard Stocked Product or In-Stores","Luminaire","Area/Roadway","","Outdoor","Arm/Pole","Other","N/A","N/A","N/A",null,false,false,false,"N/A","N/A","N/A",{"$nulls":11},120,{"$nulls":3},"AC",{"$nulls":3},"N/A","N/A",null,null,false,0,null,null,"2017-07-27"]
["HOCAN GROUP CO.,LTD","SEPICN LED LIGHTING","HC-WP-T5-28W-27",2496.2,27.28,91.5,83.9,2863,2496.2,27.28,91.5,83.9,2863,{"$nulls":5},"Yes - Standard Stocked Product or In-Stores","Luminaire","Area/Roadway","","Outdoor","Wall","","N/A","N/A","N/A",null,false,false,false,"N/A","Click to download","N/A",{"$nulls":11},120,{"$nulls":3},"AC",{"$nulls":3},"N/A","N/A",null,null,false,0,null,null,"2016-02-03"]
["HOCAN GROUP CO.,LTD","SEPICN LED LIGHTING","HC-WP-T5-28W(2700K)",2142.6,27.53,77.83,83.9,2863,2142.6,27.53,77.83,83.9,2863,{"$nulls":5},"Yes - Standard Stocked Product or In-Stores","Luminaire","Area/Roadway","","Outdoor","Wall","","N/A","N/A","N/A",null,false,false,false,"N/A","N/A","N/A",{"$nulls":11},120,{"$nulls":3},"AC",{"$nulls":3},"N/A","N/A",null,null,false,0,null,null,"2016-01-05"]
["Shenzhen yaorong technology co.,ltd","YAORONG","YR-PL345-W150-X-Y6-P(3000K)",15361,145.4,105.65,74,2865,15361,145.4,105.65,74,2865,{"$nulls":5},"Yes - Standard Stocked Product or In-Stores","Luminaire","Area/Roadway","","Outdoor","Arm/Pole","Other","N/A","N/A","N/A",null,false,false,false,"N/A","N/A","N/A",{"$nulls":11},120,{"$nulls":3},"AC",{"$nulls":3},"N/A","N/A",null,null,false,0,null,null,"2017-05-08"]
["Shenzhen Lanhe Lighting Co.,ltd","HLE","WP-L28-16W(2700K)",1374.3,15.71,87.48,85.5,2866,1374.3,15.71,87.48,85.5,2866,{"$nulls":5},"Yes - Standard Stocked Product or In-Stores","Luminaire","Area/Roadway","","Outdoor","Wall","Other","N/A","N/A","N/A",null,false,false,false,"N/A","N/A","N/A",{"$nulls":11},120,{"$nulls":3},"AC",{"$nulls":3},"N/A","N/A",null,null,false,0,null,null,"2016-09-14"]
["Renesola zhejiang system integration co.,ltd","Renesola","RRL272A02 2700K",18032.4,263.02,68.56,80,2869,18032.4,263.02,68.56,80,2869,{"$nulls":5},"Yes - Standard Stocked Product or In-Stores","Luminaire","Area/Roadway","","Outdoor","Arm/Pole","","N/A","N/A","N/A",null,false,false,false,"N/A","N/A","N/A",{"$nulls":11},120,{"$nulls":3},"AC",{"$nulls":3},"N/A","N/A",null,null,false,0,null,null,"2014-07-29"]
["Renesola zhejiang system integration co.,ltd","Renesola","RRL204A02 2700K",14012.5,196.89,71.17,81,2869,14012.5,196.89,71.17,81,2869,{"$nulls":5},"Yes - Standard Stocked Product or In-Stores","Luminaire","Area/Roadway","","Outdoor","Arm/Pole","","N/A","N/A","N/A",null,false,false,false,"N/A","N/A","N/A",{"$nulls":11},120,{"$nulls":3},"AC",{"$nulls":3},"N/A","N/A",null,null,false,0,null,null,"2014-07-29"]
["Renesola zhejiang system integration co.,ltd","Renesola","RRL170A02 2700K",11578.4,167.09,69.29,80,2869,11578.4,167.09,69.29,80,2869,{"$nulls":5},"Yes - Standard Stocked Product or In-Stores","Luminaire","Area/Roadway","","Outdoor","Arm/Pole","","N/A","N/A","N/A",null,false,false,false,"N/A","N/A","N/A",{"$nulls":11},120,{"$nulls":3},"AC",{"$nulls":3},"N/A","N/A",null,null,false,0,null,null,"2014-07-28"]
["Renesola zhejiang system integration co.,ltd","Renesola","RRL068A02 2700K",4722.3,67.47,70,80,2869,4722.3,67.47,70,80,2869,{"$nulls":5},"Yes - Standard Stocked Product or In-Stores","Luminaire","Area/Roadway","","Outdoor","Arm/Pole","","N/A","N/A","N/A",null,false,false,false,"N/A","N/A","N/A",{"$nulls":11},120,{"$nulls":3},"AC",{"$nulls":3},"N/A","N/A",null,null,false,0,null,null,"2014-07-28"]
["Renesola zhejiang system integration co.,ltd","Renesola","RRL238A02 2700K",16099.4,232.04,69.38,81,2870,16099.4,232.04,69.38,81,2870,{"$nulls":5},"Yes - Standard Stocked Product or In-Stores","Luminaire","Area/Roadway","","Outdoor","Arm/Pole","","N/A","N/A","N/A",null,false,false,false,"N/A","N/A","N/A",{"$nulls":11},120,{"$nulls":3},"AC",{"$nulls":3},"N/A","N/A",null,null,false,0,null,null,"2014-07-29"]
["Renesola zhejiang system integration co.,ltd","Renesola","RRL136A02 2700K",9107.2,131.82,69.09,81,2870,9107.2,131.82,69.09,81,2870,{"$nulls":5},"Yes - Standard Stocked Product or In-Stores","Luminaire","Area/Roadway","","Outdoor","Arm/Pole","","N/A","N/A","N/A",null,false,false,false,"N/A","N/A","N/A",{"$nulls":11},120,{"$nulls":3},"AC",{"$nulls":3},"N/A","N/A",null,null,false,0,null,null,"2014-07-28"]
["Renesola zhejiang system integration co.,ltd","Renesola","RRL102A02 2700K",6974.5,98.79,70.6,80,2870,6974.5,98.79,70.6,80,2870,{"$nulls":5},"Yes - Standard Stocked Product or In-Stores","Luminaire","Area/Roadway","","Outdoor","Arm/Pole","","N/A","N/A","N/A",null,false,false,false,"N/A","N/A","N/A",{"$nulls":11},120,{"$nulls":3},"AC",{"$nulls":3},"N/A","N/A",null,null,false,0,null,null,"2014-07-28"]
["HOCAN GROUP CO.,LTD","SEPICN LED Lighting","HC-RKNT-150W-B(3000K)",16256,153.6,105.83,82,2871,16256,153.6,105.83,82,2871,{"$nulls":5},"Yes - Standard Stocked Product or In-Stores","Luminaire","Area/Roadway","","Outdoor","Arm/Pole","Other","N/A","N/A","N/A",null,false,false,false,"N/A","N/A","N/A",{"$nulls":11},120,{"$nulls":3},"AC",{"$nulls":3},"N/A","N/A",null,null,false,0,null,null,"2017-07-30"]
["HOCAN GROUP CO.,LTD","SEPICN LED Lighting","HC-RKNT-60W-B(3000K)",5357.1,54.15,98.93,81.8,2872,5357.1,54.15,98.93,81.8,2872,{"$nulls":5},"Yes - Standard Stocked Product or In-Stores","Luminaire","Area/Roadway","","Outdoor","Arm/Pole","Other","N/A","N/A","N/A",null,false,false,false,"N/A","N/A","N/A",{"$nulls":11},120,{"$nulls":3},"AC",{"$nulls":3},"N/A","N/A",null,null,false,0,null,null,"2017-06-22"]
["HOCAN GROUP CO.,LTD","SEPICN LED Lighting","HC-RKNT-240W-B(3000K)",26355,241.9,108.95,81.5,2872,26355,241.9,108.95,81.5,2872,{"$nulls":5},"Yes - Standard Stocked Product or In-Stores","Luminaire","Area/Roadway","","Outdoor","Arm/Pole","Other","N/A","N/A","N/A",null,false,false,false,"N/A","N/A","N/A",{"$nulls":11},120,{"$nulls":3},"AC",{"$nulls":3},"N/A","N/A",null,null,false,0,null,null,"2017-06-21"]
["HOCAN GROUP CO.,LTD","SEPICN LED Lighting","HC-RKNT-100W-B(3000K)",10241,100.9,101.5,81.9,2875,10241,100.9,101.5,81.9,2875,{"$nulls":5},"Yes - Standard Stocked Product or In-Stores","Luminaire","Area/Roadway","","Outdoor","Arm/Pole","Other","N/A","N/A","N/A",null,false,false,false,"N/A","N/A","N/A",{"$nulls":11},120,{"$nulls":3},"AC",{"$nulls":3},"N/A","N/A",null,null,false,0,null,null,"2017-06-25"]
["HOCAN GROUP CO.,LTD","SEPICN LED Lighting","HC-RKNT-185W-B(3000K)",19743,185.5,106.43,81.8,2876,19743,185.5,106.43,81.8,2876,{"$nulls":5},"Yes - Standard Stocked Product or In-Stores","Luminaire","Area/Roadway","","Outdoor","Arm/Pole","Other","N/A","N/A","N/A",null,false,false,false,"N/A","N/A","N/A",{"$nulls":11},120,{"$nulls":3},"AC",{"$nulls":3},"N/A","N/A",null,null,false,0,null,null,"2017-06-21"]
["HOCAN GROUP CO.,LTD","SEPICN LED Lighting","HC-RKNT-40W-B(3000K)",3449.1,36.46,94.6,81.8,2876,3449.1,36.46,94.6,81.8,2876,{"$nulls":5},"Yes - Standard Stocked Product or In-Stores","Luminaire","Area/Roadway","","Outdoor","Arm/Pole","Other","N/A","N/A","N/A",null,false,false,false,"N/A","N/A","N/A",{"$nulls":11},120,{"$nulls":3},"AC",{"$nulls":3},"N/A","N/A",null,null,false,0,null,null,"2017-06-21"]
["shenzhen jiffa electrical co ltd","Patriot lighting","356-3413",880,12.8,68.75,81,3000,896.2,12.7,70.2,81.9,2876,{"$nulls":5},"Yes - Standard Stocked Product or In-Stores","Luminaire","Area/Roadway","","Outdoor","Arm/Pole - Wall","Other","N/A","N/A","N/A",null,false,false,false,"N/A","N/A","N/A",{"$nulls":11},120,{"$nulls":3},"AC",{"$nulls":3},"N/A","N/A",null,null,false,0,null,null,"2017-06-12"]
["Zhongshan Shengrong Lighting CO.,Ltd.","Home Depot","HD-1196",429,11.5,37.3,92,2876,429,11.5,37.32,92,2876,{"$nulls":5},"Yes - Standard Stocked Product or In-Stores","Luminaire","Area/Roadway","","Outdoor","Wall","Other","N/A","N/A","N/A",null,false,false,false,"N/A","N/A","N/A",{"$nulls":11},120,{"$nulls":3},"AC",{"$nulls":3},"N/A","N/A",null,null,false,0,null,null,"2016-06-03"]
["Shenzhen GCL Electronics Co., Ltd","GCL","GCL-WP-03-80W(3000K)",8245.376,80.78,102.07,83.1,3000,8245.376,80.78,102.072,83.1,2877,{"$nulls":5},"Yes - Standard Stocked Product or In-Stores","Luminaire","Area/Roadway","","Outdoor","Wall","Other","N/A","N/A","N/A",null,false,false,false,"N/A","N/A","N/A",{"$nulls":11},120,{"$nulls":3},"AC",{"$nulls":3},"N/A","N/A",null,null,false,0,null,null,"2017-06-19"]
["Shenzhen GCL Electronics Co., Ltd","GCL","GCL-WP-02-60W(3000K)",6196.049,60.408,102.57,83.3,3000,6196.049,60.408,102.57,83.3,2884,{"$nulls":5},"Yes - Standard Stocked Product or In-Stores","Luminaire","Area/Roadway","","Outdoor","Wall","Other","N/A","N/A","N/A",null,false,false,false,"N/A","N/A","N/A",{"$nulls":11},120,{"$nulls":3},"AC",{"$nulls":3},"N/A","N/A",null,null,false,0,null,null,"2017-06-19"]
["Shenzhen GCL Electronics Co., Ltd","GCL","GCL-WP-01-40W(3000K)",4299.927,41.238,104.27,83.4,3000,4299.927,41.238,104.271,83.4,2884,{"$nulls":5},"Yes - Standard Stocked Product or In-Stores","Luminaire","Area/Roadway","","Outdoor","Wall","Other","N/A","N/A","N/A",null,false,false,false,"N/A","N/A","N/A",{"$nulls":11},120,{"$nulls":3},"AC",{"$nulls":3},"N/A","N/A",null,null,false,0,null,null,"2017-06-19"]
["Acuity Brands Lighting","Lithonia","TWH LED P1 30K T3M MVOLT",3206,28.11,114.05,69,3000,3206,28.11,114.05,69.08,2887,{"$nulls":5},"Yes - Made to Order Product","Luminaire","Area/Roadway","","Outdoor","Wall","Other - Decorative","N/A","N/A","N/A",null,false,false,false,"N/A","N/A","N/A",{"$nulls":11},120,{"$nulls":3},"AC",{"$nulls":3},"N/A","N/A",null,null,false,0,null,null,"2018-02-12"]
["Aboka Lighting","Aboka","AB-SL-300W-VWX-L",36081.9,283.4,127.32,83.3,3000,36081.9,283.4,127.32,83.3,2892,{"$nulls":5},"Yes - Standard Stocked Product or In-Stores","Luminaire","Area/Roadway","","Outdoor","Other","Other","N/A","N/A","N/A",null,false,false,false,"N/A","N/A","N/A",{"$nulls":11},120,{"$nulls":3},"AC",{"$nulls":3},"N/A","N/A",null,null,false,0,null,null,"2018-01-12"]
["Shenzhen GCL Electronics Co., Ltd","GCL","GCL-WP-04-100W(3000K)",10990.641,102.21,107.53,83.8,3000,10990.641,102.21,107.53,83.8,2892,{"$nulls":5},"Yes - Standard Stocked Product or In-Stores","Luminaire","Area/Roadway","","Outdoor","Wall","Other","N/A","N/A","N/A",null,false,false,false,"N/A","N/A","N/A",{"$nulls":11},120,{"$nulls":3},"AC",{"$nulls":3},"N/A","N/A",null,null,false,0,null,null,"2017-06-19"]
["Shenzhen GCL Electronics Co., Ltd","GCL","GCL-WP-05-120W(3000K)",12857.899,121.59,105.75,83.8,3000,12857.899,121.59,105.748,83.8,2893,{"$nulls":5},"Yes - Standard Stocked Product or In-Stores","Luminaire","Area/Roadway","","Outdoor","Wall","Other","N/A","N/A","N/A",null,false,false,false,"N/A","N/A","N/A",{"$nulls":11},120,{"$nulls":3},"AC",{"$nulls":3},"N/A","N/A",null,null,false,0,null,null,"2017-06-19"]
["Hubbell Lighting","Spaulding Lighting","RDI-30L3K-035-2-x",2404,33.2,72.4,85,2893,2404,33.2,72.4,85,2893,{"$nulls":5},"Yes - Made to Order Product","Luminaire","Area/Roadway","","Outdoor","Wall","","N/A","N/A","N/A",null,false,false,false,"N/A","N/A","N/A",{"$nulls":11},120,{"$nulls":3},"AC",{"$nulls":3},"N/A","N/A",null,null,false,0,null,null,"2013-12-18"]
["DONGGUAN KINGSUN OPTOELECTRONIC CO., LTD.","KINGSUN","RL392004A330V27",5229,50,104.58,83,3000,5229,50,101.5,83,2894,{"$nulls":5},"Yes - Made to Order Product","Luminaire","Area/Roadway","","Outdoor","Arm/Pole","Other","N/A","N/A","N/A",null,false,false,false,"N/A","N/A","N/A",{"$nulls":4},60.5,39.4,0.1,0,null,null,0.9956,120,0.0009,18,6.07,"AC",{"$nulls":3},"N/A","N/A",null,null,true,50000,93.3,25,"2016-09-24"]
["Hubbell Lighting","Spaulding Lighting","TRP-30L3K-035-2-x",2461,34,72.4,85,2894,2461,34,72.4,85,2894,{"$nulls":5},"Yes - Made to Order Product","Luminaire","Area/Roadway","","Outdoor","Wall","","N/A","N/A","N/A",null,false,false,false,"N/A","N/A","N/A",{"$nulls":11},120,{"$nulls":3},"AC",{"$nulls":3},"N/A","N/A",null,null,false,0,null,null,"2013-12-18"]
["SHENZHEN ZENITH TECHNOLOGY CO.,LTD.","ZENITH","ZS-ARE100-XX21(3000K)",12012,99.46,120.77,73.1,2895,12012,99.46,120.77,73.1,2895,{"$nulls":5},"Yes - Standard Stocked Product or In-Stores","Luminaire","Area/Roadway","","Outdoor","Arm/Pole","Other","N/A","N/A","N/A",null,false,false,false,"N/A","N/A","N/A",{"$nulls":11},120,{"$nulls":3},"AC",{"$nulls":3},"N/A","N/A",null,null,false,0,null,null,"2017-06-03"]
["SHENZHEN ZENITH TECHNOLOGY CO.,LTD.","ZENITH","ZS-ARE480-XX13(3000K)",58419,473.6,123.35,73.3,2896,58419,473.6,123.35,73.3,2896,{"$nulls":5},"Yes - Standard Stocked Product or In-Stores","Luminaire","Area/Roadway","","Outdoor","Arm/Pole","Other","N/A","N/A","N/A",null,false,false,false,"N/A","N/A","N/A",{"$nulls":11},120,{"$nulls":3},"AC",{"$nulls":3},"N/A","N/A",null,null,false,0,null,null,"2017-06-04"]
["Acuity Brands Lighting","Lithonia Lighting","DSXW2 LED 20C 350 30K T2M MVOLT",1940,25.65,75.63,84,2897,1940,25.65,75.63,84,2897,{"$nulls":5},"Yes - Made to Order Product","Luminaire","Area/Roadway","","Outdoor","Arm/Pole","","N/A","N/A","N/A",null,false,false,false,"N/A","N/A","N/A",{"$nulls":10},0.98,120,0.0005,null,null,"AC",{"$nulls":3},"N/A","N/A",null,null,false,{"$nulls":3},"2012-12-11"]
["Schreder Lighting LLC","SCHREDER","SMART1-00-WW003C2-5174AS-PR00-V01D00S3-C000-C0E0-L1-N0-0H",3412,34.19,99.8,80,3000,3412,34.19,99.8,81,2898,{"$nulls":5},"Yes - Made to Order Product","Luminaire","Area/Roadway","","Outdoor","Arm/Pole","Other","N/A","N/A","N/A",null,false,false,false,"N/A","N/A","N/A",{"$nulls":3},589.91,55.3,44.5,0.13,0.09,null,null,0.992,120,2E-3,7.3,8.91,"AC",1,0,1,"N/A","N/A",null,null,false,0,null,null,"2016-11-22"]
["Cree, Inc","Cree OSQ Series","OSQ-A-xx-3ME-T-30K-ULxxxxx",21742,171,127.15,70,3000,21742,167.23,130.01,71,2899,{"$nulls":5},"Yes - Made to Order Product","Luminaire","Area/Roadway","","Outdoor","Arm/Pole","Other","N/A","N/A","N/A",null,false,false,false,"N/A","N/A","N/A",{"$nulls":3},2778.9,59.77,40.24,0,0,null,null,0.996,120,1.4E-3,null,6.02,"AC",3,0,3,"N/A","N/A",null,null,false,0,null,null,"2016-09-29"]
["NLS Lighting","NLS","VSS-S-T5-16L-35-30K-UNV",2220.4,18.77,118.3,73,2900,2220.4,18.77,118.3,73,2900,{"$nulls":5},"Yes - Made to Order Product","Luminaire","Area/Roadway","","Outdoor","Arm/Pole","Other","N/A","N/A","N/A",null,false,false,false,"N/A","N/A","N/A",{"$nulls":11},120,{"$nulls":3},"AC",{"$nulls":3},"N/A","N/A",null,null,false,0,null,null,"2018-01-12"]
["FUZHOU ACE LED LIGHT CO.,LTD","ACE","A-SAL150H-30",20164,149.3,135.06,83.4,2901,20164,149.3,135.06,83.4,2901,{"$nulls":5},"Yes - Standard Stocked Product or In-Stores","Luminaire","Area/Roadway","","Outdoor","Arm/Pole","Other","N/A","N/A","N/A",null,false,false,false,"N/A","N/A","N/A",{"$nulls":11},277,{"$nulls":3},"AC",{"$nulls":3},"N/A","N/A",null,null,false,0,null,null,"2017-10-18"]
["SHENZHEN ZENITH TECHNOLOGY CO.,LTD.","ZENITH","ZS-ARE300-XX11(3000K)",39416,310.1,127.11,73.1,2901,39416,310.1,127.11,73.1,2901,{"$nulls":5},"Yes - Standard Stocked Product or In-Stores","Luminaire","Area/Roadway","","Outdoor","Arm/Pole","Other","N/A","N/A","N/A",null,false,false,false,"N/A","N/A","N/A",{"$nulls":11},120,{"$nulls":3},"AC",{"$nulls":3},"N/A","N/A",null,null,false,0,null,null,"2017-06-04"]
["SHENZHEN ZENITH TECHNOLOGY CO.,LTD.","ZENITH","ZS-ARE200-XX21(3000K)",25815,213.4,120.97,73,2901,25815,213.4,120.97,73,2901,{"$nulls":5},"Yes - Standard Stocked Product or In-Stores","Luminaire","Area/Roadway","","Outdoor","Arm/Pole","Other","N/A","N/A","N/A",null,false,false,false,"N/A","N/A","N/A",{"$nulls":11},120,{"$nulls":3},"AC",{"$nulls":3},"N/A","N/A",null,null,false,0,null,null,"2017-06-03"]
["EATON Crpuse-Hinds","CHAMP","[FMVA/PFMA]25LWY /[UNV1  /UNV34] 76",21760,214,101.68,80.4,2902,21760,214.4,101.49,80.4,2902,{"$nulls":5},"Yes - Made to Order Product","Luminaire","Area/Roadway","","Outdoor","Arm/Pole - Surface - Wall","Other","N/A","N/A","N/A",null,false,false,true,"Click to download","Click to download","N/A",80.8,96.8,{"$nulls":8},0.99,120,1.9E-3,null,5.97,"AC",{"$nulls":3},"N/A","N/A",null,null,false,0,null,null,"2018-01-08"]
["SHENZHEN ZENITH TECHNOLOGY CO.,LTD.","ZENITH","ZS-ARE150-XX11(3000K)",18343,146,125.64,72.9,2902,18343,146,125.64,72.9,2902,{"$nulls":5},"Yes - Standard Stocked Product or In-Stores","Luminaire","Area/Roadway","","Outdoor","Arm/Pole","Other","N/A","N/A","N/A",null,false,false,false,"N/A","N/A","N/A",{"$nulls":11},120,{"$nulls":3},"AC",{"$nulls":3},"N/A","N/A",null,null,false,0,null,null,"2017-06-03"]
["SHENZHEN ZENITH TECHNOLOGY CO.,LTD.","ZENITH","ZS-ARE200-XX11(3000K)",26069,201.2,129.57,73,2903,26069,201.2,129.57,73,2903,{"$nulls":5},"Yes - Standard Stocked Product or In-Stores","Luminaire","Area/Roadway","","Outdoor","Arm/Pole","Other","N/A","N/A","N/A",null,false,false,false,"N/A","N/A","N/A",{"$nulls":11},120,{"$nulls":3},"AC",{"$nulls":3},"N/A","N/A",null,null,false,0,null,null,"2017-06-20"]
["shenzhen jiffa electrical co ltd","Design House","578666",528,13.2,40,82,3000,528.09,13.2,40.001,82.5,2903,{"$nulls":5},"Yes - Made to Order Product","Luminaire","Area/Roadway","","Outdoor","Surface - Wall","Other","N/A","N/A","N/A",null,false,false,false,"N/A","N/A","N/A",{"$nulls":11},120,{"$nulls":3},"AC",{"$nulls":3},"N/A","N/A",null,null,false,0,null,null,"2016-10-13"]
["FUZHOU ACE LED LIGHT CO.,LTD","ACE","A-SAL150-30",20277,150.3,134.91,83.4,2904,20277,150.3,134.91,83.4,2904,{"$nulls":5},"Yes - Standard Stocked Product or In-Stores","Luminaire","Area/Roadway","","Outdoor","Arm/Pole","Other","N/A","N/A","N/A",null,false,false,false,"N/A","N/A","N/A",{"$nulls":11},120,{"$nulls":3},"AC",{"$nulls":3},"N/A","N/A",null,null,false,0,null,null,"2017-10-18"]
["Signcomplex","Signcomplex","WPHC-030-AW-WW-ZYY",3506.6,30,116.89,82.7,3000,3506.6,29,120.5,82.7,2904,{"$nulls":5},"Yes - Standard Stocked Product or In-Stores","Luminaire","Area/Roadway","","Outdoor","Wall - Other","Other","N/A","N/A","N/A",null,false,false,false,"N/A","N/A","N/A",{"$nulls":11},120,{"$nulls":3},"AC",{"$nulls":3},"N/A","N/A",null,null,false,0,null,null,"2017-08-23"]
["SHENZHEN ZENITH TECHNOLOGY CO.,LTD.","ZENITH","ZS-ARE150-XX21(3000K)",18992,152.9,124.21,72.9,2904,18992,152.9,124.21,72.9,2904,{"$nulls":5},"Yes - Standard Stocked Product or In-Stores","Luminaire","Area/Roadway","","Outdoor","Arm/Pole","Other","N/A","N/A","N/A",null,false,false,false,"N/A","N/A","N/A",{"$nulls":11},120,{"$nulls":3},"AC",{"$nulls":3},"N/A","N/A",null,null,false,0,null,null,"2017-06-20"]
["Arrlux Inc","ARRLUX","SIB40-3000K",4423.9,42.99,102.91,70.6,3000,4423.9,42.99,102.91,70.6,2904,{"$nulls":5},"Yes - Standard Stocked Product or In-Stores","Luminaire","Area/Roadway","","Outdoor","Arm/Pole","Other","N/A","N/A","N/A",null,false,false,false,"N/A","N/A","N/A",{"$nulls":11},120,{"$nulls":3},"AC",{"$nulls":3},"N/A","N/A",null,null,false,0,null,null,"2017-04-26"]
["SHENZHEN ZENITH TECHNOLOGY CO.,LTD.","ZENITH","ZS-ARE240-XX11(3000K)",30004,239.5,125.28,73.1,2905,30004,239.5,125.28,73.1,2905,{"$nulls":5},"Yes - Standard Stocked Product or In-Stores","Luminaire","Area/Roadway","","Outdoor","Arm/Pole","Other","N/A","N/A","N/A",null,false,false,false,"N/A","N/A","N/A",{"$nulls":11},120,{"$nulls":3},"AC",{"$nulls":3},"N/A","N/A",null,null,false,0,null,null,"2017-06-03"]
["Holm","Holm","rNook-16 UV 0700lm 3000K ST",202,7.4,27.3,82,3000,202,7.36,27,82,2905,{"$nulls":5},"Not yet commercially available","Luminaire","Area/Roadway","","Outdoor","Wall","Other","N/A","N/A","N/A",null,false,false,false,"Click to download","N/A","N/A",{"$nulls":3},0,80.63,16.56,2.05,0.78,null,null,0.97,120,0.00402,16.79,null,"AC",{"$nulls":3},"N/A","N/A",null,null,false,0,null,null,"2017-05-03"]
["DONGGUAN KINGSUN OPTOELECTRONIC CO., LTD.","KINGSUN","RL392002A330V27",3762,37.03,101.6,83,3000,3762,37.03,101.6,83,2905,{"$nulls":5},"Yes - Made to Order Product","Luminaire","Area/Roadway","","Outdoor","Arm/Pole","Other","N/A","N/A","N/A",null,false,false,false,"N/A","N/A","N/A",{"$nulls":4},59.7,40.2,0.1,0,null,null,0.9928,120,0.0009,16,7.76,"AC",{"$nulls":3},"N/A","N/A",null,null,true,50000,93.3,25,"2016-09-24"]
["Zhongshan Shengrong Lighting CO.,Ltd.","Home Depot","HD-1198",562,14.3,39.3,93,2907,562,14.3,39.31,93,2907,{"$nulls":5},"Yes - Standard Stocked Product or In-Stores","Luminaire","Area/Roadway","","Outdoor","Wall","Other","N/A","N/A","N/A",null,false,false,false,"N/A","N/A","N/A",{"$nulls":11},120,{"$nulls":3},"AC",{"$nulls":3},"N/A","N/A",null,null,false,0,null,null,"2016-06-06"]
["Zhongshan Shengrong Lighting CO.,Ltd.","Home Depot","HD-1197",527,14.5,36.34,93,2907,527,14.5,36.33,93,2907,{"$nulls":5},"Yes - Standard Stocked Product or In-Stores","Luminaire","Area/Roadway","","Outdoor","Wall","Other","N/A","N/A","N/A",null,false,false,false,"N/A","N/A","N/A",{"$nulls":11},120,{"$nulls":3},"AC",{"$nulls":3},"N/A","N/A",null,null,false,0,null,null,"2016-06-06"]
["Acuity Brands Lighting","Lithonia Lighting","DSXW2 LED 20C 1000 30K T2M MVOLT",4619,74.44,62.05,84,2907,4619,74.44,62.05,84,2907,{"$nulls":5},"Yes - Made to Order Product","Luminaire","Area/Roadway","","Outdoor","Arm/Pole","","N/A","N/A","N/A",null,false,false,false,"N/A","N/A","N/A",{"$nulls":10},1,120,0.0012,null,null,"AC",{"$nulls":3},"N/A","N/A",null,null,false,{"$nulls":3},"2012-12-11"]
["Cree, Inc","Cree RSW Series","RSWL-A-HT-2ME-14L-30K7-UL-xx-N-Q1",8350,74,112.84,70,3000,8378,69.4,120.72,72,2908,{"$nulls":5},"Yes - Made to Order Product","Luminaire","Area/Roadway","","Outdoor","Arm/Pole - Post top","Other","N/A","N/A","N/A",null,false,false,false,"N/A","N/A","N/A",{"$nulls":3},1615.5,62.4,37.61,0,0,1.2,1.4,0.986,120,0.0009,null,14.6,"AC",4,0,3,"N/A","N/A",null,null,false,0,null,null,"2018-01-24"]
["FUZHOU ACE LED LIGHT CO.,LTD","ACE","A-SAL100-30",13522,100.1,135.08,83.4,2908,13522,100.1,135.08,83.4,2908,{"$nulls":5},"Yes - Standard Stocked Product or In-Stores","Luminaire","Area/Roadway","","Outdoor","Arm/Pole","Other","N/A","N/A","N/A",null,false,false,false,"N/A","N/A","N/A",{"$nulls":11},120,{"$nulls":3},"AC",{"$nulls":3},"N/A","N/A",null,null,false,0,null,null,"2017-10-18"]
["Zhongshan Shengrong Lighting CO.,Ltd.","Home Depot","HD-1199",501,14.3,35.03,93,2908,501,14.3,35.02,93,2908,{"$nulls":5},"Yes - Standard Stocked Product or In-Stores","Luminaire","Area/Roadway","","Outdoor","Wall","Other","N/A","N/A","N/A",null,false,false,false,"N/A","N/A","N/A",{"$nulls":11},120,{"$nulls":3},"AC",{"$nulls":3},"N/A","N/A",null,null,false,0,null,null,"2016-06-06"]
["SHENZHEN ZENITH TECHNOLOGY CO.,LTD.","ZENITH","ZS-ARE350-XX11(3000K)",45315,351.6,128.88,73.2,2909,45315,351.6,128.88,73.2,2909,{"$nulls":5},"Yes - Standard Stocked Product or In-Stores","Luminaire","Area/Roadway","","Outdoor","Arm/Pole","Other","N/A","N/A","N/A",null,false,false,false,"N/A","N/A","N/A",{"$nulls":11},120,{"$nulls":3},"AC",{"$nulls":3},"N/A","N/A",null,null,false,0,null,null,"2017-06-20"]
["Design Solutions International Inc","Patriot lighting","17143",1304.2,23.56,55.36,81.9,2909,1304.2,23.56,55.37,81.9,2909,{"$nulls":5},"Yes - Standard Stocked Product or In-Stores","Luminaire","Area/Roadway","","Outdoor - Other","Wall","Decorative","N/A","N/A","N/A",null,false,false,false,"N/A","N/A","N/A",{"$nulls":10},0.6514,120,null,5,null,"AC",{"$nulls":3},"N/A","N/A",null,null,false,0,null,null,"2016-07-29"]
["Acuity Brands Lighting","Lithonia Lighting","DSX2 LED 80C 530 30K T1S MVOLT",10686,142.48,75,84,2909,10686,142.48,75,84,2909,{"$nulls":5},"Not yet commercially available","Luminaire","Area/Roadway","","Outdoor","Arm/Pole","","N/A","N/A","N/A",null,false,false,false,"N/A","N/A","N/A",{"$nulls":11},120,{"$nulls":3},"AC",{"$nulls":3},"N/A","N/A",null,null,false,{"$nulls":3},"2012-11-20"]
["SHENZHEN ZENITH TECHNOLOGY CO.,LTD.","ZENITH","ZS-ARE250-XX11(3000K)",33564,252.6,132.87,73.1,2911,33564,252.6,132.87,73.1,2911,{"$nulls":5},"Yes - Standard Stocked Product or In-Stores","Luminaire","Area/Roadway","","Outdoor","Arm/Pole","Other","N/A","N/A","N/A",null,false,false,false,"N/A","N/A","N/A",{"$nulls":11},120,{"$nulls":3},"AC",{"$nulls":3},"N/A","N/A",null,null,false,0,null,null,"2017-06-20"]
["DONGGUAN KINGSUN OPTOELECTRONIC CO., LTD.","KINGSUN","RL392010A330V27",17844,175,101.97,83,3000,17844,174.4,102.3,83,2911,{"$nulls":5},"Yes - Made to Order Product","Luminaire","Area/Roadway","","Outdoor","Arm/Pole","Other","N/A","N/A","N/A",null,false,false,false,"N/A","N/A","N/A",{"$nulls":4},60,39.9,0.1,0,null,null,0.9901,120,0.0012,17,2.37,"AC",{"$nulls":3},"N/A","N/A",null,null,true,50000,88.35,25,"2016-09-27"]
["DONGGUAN KINGSUN OPTOELECTRONIC CO., LTD.","KINGSUN","RL392008A330V27",14615,145,100.79,83.2,3000,14615,141.5,103.3,83.2,2911,{"$nulls":5},"Yes - Made to Order Product","Luminaire","Area/Roadway","","Outdoor","Arm/Pole","Other","N/A","N/A","N/A",null,false,false,false,"N/A","N/A","N/A",{"$nulls":4},60.2,39.7,0.1,0,null,null,0.9975,120,0.0016,16,2.32,"AC",{"$nulls":3},"N/A","N/A",null,null,true,50000,93.3,25,"2016-09-27"]
["Hubbell Lighting","Beacon Products","URB-XXXX-21",2393,28,85.5,82,2911,2393,28,85.5,82,2911,{"$nulls":5},"Yes - Made to Order Product","Luminaire","Area/Roadway","","Outdoor","Arm/Pole","Other","N/A","N/A","N/A",null,false,false,false,"N/A","Click to download","N/A",{"$nulls":11},120,{"$nulls":3},"AC",{"$nulls":3},"N/A","N/A",null,null,false,0,null,null,"2014-09-25"]
["FUZHOU ACE LED LIGHT CO.,LTD","ACE","A-SAL240-30",31938,238.5,133.91,83.3,2912,31938,238.5,133.91,83.3,2912,{"$nulls":5},"Yes - Standard Stocked Product or In-Stores","Luminaire","Area/Roadway","","Outdoor","Arm/Pole","Other","N/A","N/A","N/A",null,false,false,false,"N/A","N/A","N/A",{"$nulls":11},120,{"$nulls":3},"AC",{"$nulls":3},"N/A","N/A",null,null,false,0,null,null,"2017-10-18"]
["Beacon Products","Beacon Products","MRSS-26-24NB-27-3K-T3-UNV-BB",2056,28.3,72.9,81.77,2912,2056,28.3,72.9,81.77,2912,{"$nulls":5},"Yes - Made to Order Product","Luminaire","Area/Roadway","","Outdoor","Arm/Pole - Post top","","N/A","N/A","N/A",null,false,false,true,"N/A","Click to download","N/A",{"$nulls":11},120,{"$nulls":3},"AC",{"$nulls":3},"N/A","N/A",null,null,false,0,null,null,"2015-10-06"]
["shanghai supertek lighting co,ltd","Supertek","WP01A-40-3000K",2912.55,40.63,71.68,82.2,2914,2912.55,40.63,71.68,82.2,2914,{"$nulls":5},"Yes - Standard Stocked Product or In-Stores","Luminaire","Area/Roadway","","Outdoor","Wall","","N/A","N/A","N/A",null,false,false,false,"N/A","N/A","N/A",{"$nulls":10},0.9944,120,0.0017,null,null,"AC",{"$nulls":3},"N/A","N/A",null,null,false,0,null,null,"2015-02-06"]
["FUZHOU ACE LED LIGHT CO.,LTD","ACE","A-SAL300H-30",37757,285.6,132.2,83.3,2915,37757,285.6,132.2,83.3,2915,{"$nulls":5},"Yes - Standard Stocked Product or In-Stores","Luminaire","Area/Roadway","","Outdoor","Arm/Pole","Other","N/A","N/A","N/A",null,false,false,false,"N/A","N/A","N/A",{"$nulls":11},277,{"$nulls":3},"AC",{"$nulls":3},"N/A","N/A",null,null,false,0,null,null,"2017-10-18"]
["DONGGUAN KINGSUN OPTOELECTRONIC CO., LTD.","KINGSUN","RL392006A330V27",11941,115,103.83,83,3000,11941,114,104.7,83,2915,{"$nulls":5},"Yes - Made to Order Product","Luminaire","Area/Roadway","","Outdoor","Arm/Pole","Other","N/A","N/A","N/A",null,false,false,false,"N/A","N/A","N/A",{"$nulls":4},59.8,40.1,0.1,0,null,null,0.9971,120,1E-3,17,2.95,"AC",{"$nulls":3},"N/A","N/A",null,null,true,50000,93.3,25,"2016-09-24"]
["Acuity Brands Lighting","Lithonia Lighting","DSX2 LED 80C 1000 30K T1S MVOLT",18032,289.62,62.26,84,2916,18032,289.62,62.26,84,2916,{"$nulls":5},"Not yet commercially available","Luminaire","Area/Roadway","","Outdoor","Arm/Pole","","N/A","N/A","N/A",null,false,false,false,"N/A","N/A","N/A",{"$nulls":11},120,{"$nulls":3},"AC",{"$nulls":3},"N/A","N/A",null,null,false,{"$nulls":3},"2012-11-20"]
["Philips Lumec","Philips Lumec","GPLS-16L530WW-G2-R2M",2817,28.12,100.18,71,2918,2817,28.12,100.18,71,2918,{"$nulls":5},"Yes - Made to Order Product","Luminaire","Area/Roadway","","Outdoor","Arm/Pole","Decorative","N/A","N/A","N/A",null,false,false,false,"N/A","N/A","N/A",{"$nulls":11},120,{"$nulls":3},"AC",{"$nulls":3},"N/A","N/A",null,null,false,0,null,null,"2016-09-27"]
["shenzhen jiffa electrical co ltd","Design House","578675",541,13.2,40.98,83,3000,541.226,13.2,41.002,83,2919,{"$nulls":5},"Yes - Made to Order Product","Luminaire","Area/Roadway","","Outdoor","Post top","Other","N/A","N/A","N/A",null,false,false,false,"N/A","N/A","N/A",{"$nulls":11},120,{"$nulls":3},"AC",{"$nulls":3},"N/A","N/A",null,null,false,0,null,null,"2016-10-13"]
["Cree, Inc","Cree RSW Series","RSWL-A-HT-2ME-14L-30K7-UL-GY-N",14575,138,105.62,70,3000,14630,135.82,107.72,72,2920,{"$nulls":5},"Yes - Made to Order Product","Luminaire","Area/Roadway","","Outdoor","Arm/Pole - Post top","Other","N/A","N/A","N/A",null,false,false,false,"N/A","N/A","N/A",{"$nulls":3},2825.9,62.38,37.63,0,0,1.2,1.4,0.996,120,1E-4,null,7.09,"AC",5,0,4,"N/A","N/A",null,null,false,0,null,null,"2018-01-24"]
["FUZHOU ACE LED LIGHT CO.,LTD","ACE","A-SAL300-30",38197,288.1,132.58,83.3,2920,38197,288.1,132.58,83.3,2920,{"$nulls":5},"Yes - Standard Stocked Product or In-Stores","Luminaire","Area/Roadway","","Outdoor","Arm/Pole","Other","N/A","N/A","N/A",null,false,false,false,"N/A","N/A","N/A",{"$nulls":11},120,{"$nulls":3},"AC",{"$nulls":3},"N/A","N/A",null,null,false,0,null,null,"2017-10-18"]
["Cree, Inc","Cree OSQ Series","OSQ-A-xx-5ME-Z-30K-UL",5550,53.5,103.74,70,3000,5554,53.04,104.71,83,2922,{"$nulls":5},"Yes - Made to Order Product","Luminaire","Area/Roadway","","Outdoor","Arm/Pole - Post top","Other","N/A","N/A","N/A",null,false,false,false,"N/A","N/A","N/A",{"$nulls":3},594.02,41.91,58.1,0,0,1.2,1.4,0.997,120,0.0013,null,3.99,"AC",4,0,3,"N/A","N/A",null,null,false,0,null,null,"2018-03-12"]
["ABOVE ALL LIGHTING INC.","ABOVE ALL","ABBWP20301",2200,20,110,80,3000,2277,20.1,109.8,81,2922,{"$nulls":5},"Yes - Standard Stocked Product or In-Stores","Luminaire","Area/Roadway","","Outdoor","Wall","Other","N/A","N/A","N/A",null,false,false,false,"N/A","N/A","N/A",{"$nulls":11},120,{"$nulls":3},"AC",{"$nulls":3},"N/A","N/A",null,null,false,0,null,null,"2017-06-12"]
["Arrlux Inc","ARRLUX","SIC60-3000K",6153.5,64.69,95.12,70.2,3000,6153.5,64.69,95.12,70.2,2922,{"$nulls":5},"Yes - Standard Stocked Product or In-Stores","Luminaire","Area/Roadway","","Outdoor","Arm/Pole","Other","N/A","N/A","N/A",null,false,false,false,"N/A","N/A","N/A",{"$nulls":11},120,{"$nulls":3},"AC",{"$nulls":3},"N/A","N/A",null,null,false,0,null,null,"2017-04-26"]
["Signcomplex","Signcomplex","WPHC-045-AW-WW-ZYY",4841,45.6,106.16,82.3,3000,4841,45.6,106,82.3,2922,{"$nulls":5},"Yes - Standard Stocked Product or In-Stores","Luminaire","Area/Roadway","","Outdoor","Wall","Other","N/A","N/A","N/A",null,false,false,true,"N/A","N/A","N/A",{"$nulls":11},120,{"$nulls":3},"AC",{"$nulls":3},"N/A","N/A",null,null,false,0,null,null,"2016-12-13"]
["DONGGUAN KINGSUN OPTOELECTRONIC CO., LTD.","KINGSUN","RL3920101A330V27",20502,205,100.01,83,3000,20502,202.5,101.2,83,2922,{"$nulls":5},"Yes - Made to Order Product","Luminaire","Area/Roadway","","Outdoor","Arm/Pole","Other","N/A","N/A","N/A",null,false,false,false,"N/A","N/A","N/A",{"$nulls":4},59.8,40.1,0.1,0,null,null,0.9973,120,0.0012,16,1.54,"AC",{"$nulls":3},"N/A","N/A",null,null,true,50000,88.08,25,"2016-09-27"]
["DONGGUAN KINGSUN OPTOELECTRONIC CO., LTD.","KINGSUN","RL3920041A330V27",8450,85,99.41,83,3000,8450,82.92,101.9,83,2922,{"$nulls":5},"Yes - Made to Order Product","Luminaire","Area/Roadway","","Outdoor","Arm/Pole","Other","N/A","N/A","N/A",null,false,false,false,"N/A","N/A","N/A",{"$nulls":4},59.9,40,0.1,0,null,null,0.9952,120,0.0012,16,1.11,"AC",{"$nulls":3},"N/A","N/A",null,null,true,50000,93.3,25,"2016-09-24"]
["Landscape Forms Inc.","Landscape Forms, Inc.","Ashbery Path Light Type 5",885,14.7,60.2,82,3000,890.5,14.63,60.9,82,2923,{"$nulls":5},"Yes - Made to Order Product","Luminaire","Area/Roadway","","Outdoor","Post top","Decorative","N/A","N/A","N/A",null,false,false,false,"N/A","N/A","N/A",83,96,{"$nulls":9},120,{"$nulls":3},"AC",{"$nulls":3},"N/A","N/A",null,null,true,50000,96.11,25,"2016-07-11"]
["Shenzhen minglight co.,ltd","Minglight","MLPL01200WX(3000K)",25272.98,207.3,121.92,73.2,3000,25272.98,207.3,121.915,73.2,2924,{"$nulls":5},"Not yet commercially available","Luminaire","Area/Roadway","","Outdoor","Arm/Pole","Other","N/A","N/A","N/A",null,false,false,false,"N/A","N/A","N/A",{"$nulls":3},4683.761,77.03,22.98,0.01,0.01,{"$nulls":3},120,{"$nulls":3},"AC",{"$nulls":3},"N/A","N/A",null,null,false,0,null,null,"2016-08-24"]
["Cree, Inc","Cree XSPR Series","BXSPRBHT3MEA30K-ULxxQ4",2742.56,33.35,82.24,81,2924,2742.56,33.35,82.24,81,2924,{"$nulls":5},"Yes - Made to Order Product","Luminaire","Area/Roadway","","Outdoor","Arm/Pole","Other","N/A","N/A","N/A",null,false,false,false,"N/A","N/A","N/A",{"$nulls":10},0.993,120,-0.0006,9,6.35,"AC",{"$nulls":3},"N/A","N/A",null,null,false,0,null,null,"2014-12-08"]
["Eaton (formerly Cooper Lighting)","Invue","ENV-E01-LED-E1-BL3-BZ-8030",2262.2,24.44,92.56,82.7,2926,2262.2,24.44,92.56,82.7,2926,{"$nulls":5},"Yes - Made to Order Product","Luminaire","Area/Roadway","","Outdoor","Wall - Other","Other","N/A","N/A","N/A",null,false,false,false,"N/A","N/A","N/A",{"$nulls":11},120.1,{"$nulls":3},"AC",{"$nulls":3},"N/A","N/A",null,null,false,0,null,null,"2017-09-19"]
["Philips Lumec","Philips Lumec","SVS-25W16LED3K-G2-LE3",2553,25.25,101.11,71.2,2926,2553,25.25,101.1,71.2,2926,{"$nulls":5},"Yes - Made to Order Product","Luminaire","Area/Roadway","","Outdoor","Arm/Pole","Other","N/A","N/A","N/A",null,false,false,false,"N/A","N/A","N/A",{"$nulls":11},120,{"$nulls":3},"AC",{"$nulls":3},"N/A","N/A",null,null,false,0,null,null,"2017-04-14"]
["Atlas Lighting Products, Inc.","Atlas Lighting Products, Inc.","WSPS20LED3K",2125,19.82,107.21,83.2,2929,2125,19.82,107.2,83.2,2929,{"$nulls":5},"Yes - Standard Stocked Product or In-Stores","Luminaire","Area/Roadway","","Outdoor","Wall","Other","N/A","N/A","N/A",null,false,false,false,"N/A","N/A","N/A",{"$nulls":10},0.993,120,-0.00075,8.3,9.66,"AC",{"$nulls":3},"N/A","N/A",null,null,false,0,null,null,"2017-08-29"]
["shanghai supertek lighting co,ltd","supertek","WP04A-42-3000K",2761.95,38.43,71.87,81.9,2929,2761.95,38.43,71.87,81.9,2929,{"$nulls":5},"Yes - Standard Stocked Product or In-Stores","Luminaire","Area/Roadway","","Outdoor","Wall","","N/A","N/A","N/A",null,false,false,false,"N/A","N/A","N/A",{"$nulls":10},0.9886,120,2.3E-3,7,null,"AC",{"$nulls":3},"N/A","N/A",null,null,false,0,null,null,"2015-04-22"]
["Philips Lumec","PHILIPS HADCO","TX0332G2DN1A3WNWA3NSP1N",3251,36,90.31,70,3000,3251,35.3,92.1,71.7,2930,{"$nulls":5},"Yes - Made to Order Product","Luminaire","Area/Roadway","","Outdoor","Arm/Pole","Decorative","N/A","N/A","N/A",null,false,false,false,"N/A","N/A","N/A",{"$nulls":11},120,{"$nulls":3},"AC",{"$nulls":3},"N/A","N/A",null,null,false,0,null,null,"2016-09-01"]
["Atlas Lighting Products, Inc.","Atlas Lighting Products, Inc.","WSPS12LED3K",1206,12.33,97.81,83.3,2931,1206,12.33,97.79,83.3,2931,{"$nulls":5},"Yes - Standard Stocked Product or In-Stores","Luminaire","Area/Roadway","","Outdoor","Wall","Other","N/A","N/A","N/A",null,false,false,false,"N/A","N/A","N/A",{"$nulls":10},0.984,120,-6.6E-4,8.6,14.65,"AC",{"$nulls":3},"N/A","N/A",null,null,false,0,null,null,"2017-08-29"]
["UNIVERSELITE CO.,LTD.","UVL","LEDBG15W001B-DIM(3000K)",1464,14.84,98.65,72,2931,1464,14.84,98.67,72,2931,{"$nulls":5},"Yes - Standard Stocked Product or In-Stores","Luminaire","Area/Roadway","","Outdoor","Wall","Other","N/A","N/A","N/A",null,false,false,false,"N/A","N/A","N/A",{"$nulls":11},120,{"$nulls":3},"AC",{"$nulls":3},"N/A","N/A",null,null,false,0,null,null,"2017-05-04"]
["TAIZHOU JIAOGUANG ELECTRONICS&ELECTRICAL APPLIANCES CO.,LTD.","Light The Future","L402LC-100W-30K-T5-10-XX-M",10041,93.45,107.45,70,3000,2783,25.15,110.66,71.6,2931,{"$nulls":5},"Yes - Made to Order Product","Luminaire","Area/Roadway","","Outdoor","Arm/Pole","Other","N/A","N/A","N/A",null,false,false,false,"N/A","N/A","N/A",{"$nulls":15},"AC",2,0,2,"N/A","N/A",null,null,false,0,null,null,"2016-10-25"]
["TAIZHOU JIAOGUANG ELECTRONICS&ELECTRICAL APPLIANCES CO.,LTD.","Light The Future","L402C-100W-30K-T5-10-XX-M",10041,93.45,107.45,70,3000,2783,25.15,110.66,71.6,2931,{"$nulls":5},"Yes - Made to Order Product","Luminaire","Area/Roadway","","Outdoor","Arm/Pole","Other","N/A","N/A","N/A",null,false,false,false,"N/A","N/A","N/A",{"$nulls":15},"AC",2,0,2,"N/A","N/A",null,null,false,0,null,null,"2016-10-25"]
["TAIZHOU JIAOGUANG ELECTRONICS&ELECTRICAL APPLIANCES CO.,LTD.","Light The Future","L402C-100W-30K-T4-10-XX-M",10548,93.12,113.27,70,3000,2783,25.15,110.66,71.6,2931,{"$nulls":5},"Yes - Made to Order Product","Luminaire","Area/Roadway","","Outdoor","Arm/Pole","Other","N/A","N/A","N/A",null,false,false,false,"N/A","N/A","N/A",{"$nulls":15},"AC",2,0,2,"N/A","N/A",null,null,false,0,null,null,"2016-10-25"]
["TAIZHOU JIAOGUANG ELECTRONICS&ELECTRICAL APPLIANCES CO.,LTD.","Light The Future","L402LC-100W-30K-T4-10-XX-M",10548,93.12,113.27,70,3000,2783,25.15,110.66,71.6,2931,{"$nulls":5},"Yes - Made to Order Product","Luminaire","Area/Roadway","","Outdoor","Arm/Pole","Other","N/A","N/A","N/A",null,false,false,false,"N/A","N/A","N/A",{"$nulls":15},"AC",2,0,2,"N/A","N/A",null,null,false,0,null,null,"2016-10-25"]
["TAIZHOU JIAOGUANG ELECTRONICS&ELECTRICAL APPLIANCES CO.,LTD.","Light The Future","L402LC-100W-30K-T3-10-XX-M",10427,93.28,111.78,70,3000,2783,25.15,110.66,71.6,2931,{"$nulls":5},"Yes - Made to Order Product","Luminaire","Area/Roadway","","Outdoor","Arm/Pole","Other","N/A","N/A","N/A",null,false,false,false,"N/A","N/A","N/A",{"$nulls":15},"AC",2,0,2,"N/A","N/A",null,null,false,0,null,null,"2016-10-25"]
["TAIZHOU JIAOGUANG ELECTRONICS&ELECTRICAL APPLIANCES CO.,LTD.","Light The Future","L402LC-100W-30K-T2-10-XX-M",10461,93.82,111.5,70,3000,2783,25.15,110.66,71.6,2931,{"$nulls":5},"Yes - Made to Order Product","Luminaire","Area/Roadway","","Outdoor","Arm/Pole","Other","N/A","N/A","N/A",null,false,false,false,"N/A","N/A","N/A",{"$nulls":15},"AC",2,0,2,"N/A","N/A",null,null,false,0,null,null,"2016-10-25"]
["TAIZHOU JIAOGUANG ELECTRONICS&ELECTRICAL APPLIANCES CO.,LTD.","Light The Future","L402C-100W-30K-T3-10-XX-M",10427,93.28,111.78,70,3000,2783,25.15,110.66,71.6,2931,{"$nulls":5},"Yes - Made to Order Product","Luminaire","Area/Roadway","","Outdoor","Arm/Pole","Other","N/A","N/A","N/A",null,false,false,false,"N/A","N/A","N/A",{"$nulls":15},"AC",2,0,2,"N/A","N/A",null,null,false,0,null,null,"2016-10-25"]
["TAIZHOU JIAOGUANG ELECTRONICS&ELECTRICAL APPLIANCES CO.,LTD.","Light The Future","L402C-100W-30K-T2-10-XX-M",10461,93.82,111.5,70,3000,2783,25.15,110.66,71.6,2931,{"$nulls":5},"Yes - Made to Order Product","Luminaire","Area/Roadway","","Outdoor","Arm/Pole","Other","N/A","N/A","N/A",null,false,false,false,"N/A","N/A","N/A",{"$nulls":15},"AC",2,0,2,"N/A","N/A",null,null,false,0,null,null,"2016-10-25"]
["TAIZHOU JIAOGUANG ELECTRONICS&ELECTRICAL APPLIANCES CO.,LTD.","Light The Future","L402LC-80W-30K-T5-10-XX-M",8903,80.58,110.49,70,3000,2783,25.15,110.66,71.6,2931,{"$nulls":5},"Yes - Made to Order Product","Luminaire","Area/Roadway","","Outdoor","Arm/Pole","Other","N/A","N/A","N/A",null,false,false,false,"N/A","N/A","N/A",{"$nulls":15},"AC",2,0,2,"N/A","N/A",null,null,false,0,null,null,"2016-10-25"]
["TAIZHOU JIAOGUANG ELECTRONICS&ELECTRICAL APPLIANCES CO.,LTD.","Light The Future","L402LC-80W-30K-T4-10-XX-M",9390,80.78,116.24,70,3000,2783,25.15,110.66,71.6,2931,{"$nulls":5},"Yes - Made to Order Product","Luminaire","Area/Roadway","","Outdoor","Arm/Pole","Other","N/A","N/A","N/A",null,false,false,false,"N/A","N/A","N/A",{"$nulls":15},"AC",2,0,2,"N/A","N/A",null,null,false,0,null,null,"2016-10-25"]
["TAIZHOU JIAOGUANG ELECTRONICS&ELECTRICAL APPLIANCES CO.,LTD.","Light The Future","L402C-80W-30K-T5-10-XX-M",8903,80.58,110.49,70,3000,2783,25.15,110.66,71.6,2931,{"$nulls":5},"Yes - Made to Order Product","Luminaire","Area/Roadway","","Outdoor","Arm/Pole","Other","N/A","N/A","N/A",null,false,false,false,"N/A","N/A","N/A",{"$nulls":15},"AC",2,0,2,"N/A","N/A",null,null,false,0,null,null,"2016-10-25"]
["TAIZHOU JIAOGUANG ELECTRONICS&ELECTRICAL APPLIANCES CO.,LTD.","Light The Future","L402C-80W-30K-T4-10-XX-M",9390,80.78,116.24,70,3000,2783,25.15,110.66,71.6,2931,{"$nulls":5},"Yes - Made to Order Product","Luminaire","Area/Roadway","","Outdoor","Arm/Pole","Other","N/A","N/A","N/A",null,false,false,false,"N/A","N/A","N/A",{"$nulls":15},"AC",2,0,2,"N/A","N/A",null,null,false,0,null,null,"2016-10-25"]
["TAIZHOU JIAOGUANG ELECTRONICS&ELECTRICAL APPLIANCES CO.,LTD.","Light The Future","L402LC-80W-30K-T3-10-XX-M",9357,80.66,116.01,70,3000,2783,25.15,110.66,71.6,2931,{"$nulls":5},"Yes - Made to Order Product","Luminaire","Area/Roadway","","Outdoor","Arm/Pole","Other","N/A","N/A","N/A",null,false,false,false,"N/A","N/A","N/A",{"$nulls":15},"AC",2,0,2,"N/A","N/A",null,null,false,0,null,null,"2016-10-25"]
["TAIZHOU JIAOGUANG ELECTRONICS&ELECTRICAL APPLIANCES CO.,LTD.","Light The Future","L402C-80W-30K-T3-10-XX-M",9357,80.66,116.01,70,3000,2783,25.15,110.66,71.6,2931,{"$nulls":5},"Yes - Made to Order Product","Luminaire","Area/Roadway","","Outdoor","Arm/Pole","Other","N/A","N/A","N/A",null,false,false,false,"N/A","N/A","N/A",{"$nulls":15},"AC",2,0,2,"N/A","N/A",null,null,false,0,null,null,"2016-10-25"]
["TAIZHOU JIAOGUANG ELECTRONICS&ELECTRICAL APPLIANCES CO.,LTD.","Light The Future","L402C-80W-30K-T2-10-XX-M",9316,80.22,116.13,70,3000,2783,25.15,110.66,71.6,2931,{"$nulls":5},"Yes - Made to Order Product","Luminaire","Area/Roadway","","Outdoor","Arm/Pole","Other","N/A","N/A","N/A",null,false,false,false,"N/A","N/A","N/A",{"$nulls":15},"AC",2,0,2,"N/A","N/A",null,null,false,0,null,null,"2016-10-25"]
["TAIZHOU JIAOGUANG ELECTRONICS&ELECTRICAL APPLIANCES CO.,LTD.","Light The Future","L402LC-80W-30K-T2-10-XX-M",9316,80.22,116.13,70,3000,2783,25.15,110.66,71.6,2931,{"$nulls":5},"Yes - Made to Order Product","Luminaire","Area/Roadway","","Outdoor","Arm/Pole","Other","N/A","N/A","N/A",null,false,false,false,"N/A","N/A","N/A",{"$nulls":15},"AC",2,0,2,"N/A","N/A",null,null,false,0,null,null,"2016-10-25"]
["TAIZHOU JIAOGUANG ELECTRONICS&ELECTRICAL APPLIANCES CO.,LTD.","Light The Future","L401LC-65W-30K-T5-10-XX-M",6404,63.01,101.63,70,3000,2783,25.15,110.66,71.6,2931,{"$nulls":5},"Yes - Made to Order Product","Luminaire","Area/Roadway","","Outdoor","Arm/Pole","Other","N/A","N/A","N/A",null,false,false,false,"N/A","N/A","N/A",{"$nulls":15},"AC",2,0,2,"N/A","N/A",null,null,false,0,null,null,"2016-10-25"]
["TAIZHOU JIAOGUANG ELECTRONICS&ELECTRICAL APPLIANCES CO.,LTD.","Light The Future","L401LC-65W-30K-T4-10-XX-M",6807,62.42,109.05,70,3000,2783,25.15,110.66,71.6,2931,{"$nulls":5},"Yes - Made to Order Product","Luminaire","Area/Roadway","","Outdoor","Arm/Pole","Other","N/A","N/A","N/A",null,false,false,false,"N/A","N/A","N/A",{"$nulls":15},"AC",2,0,2,"N/A","N/A",null,null,false,0,null,null,"2016-10-25"]
["TAIZHOU JIAOGUANG ELECTRONICS&ELECTRICAL APPLIANCES CO.,LTD.","Light The Future","L401C-65W-30K-T5-10-XX-M",6404,63.01,101.63,70,3000,2783,25.15,110.66,71.6,2931,{"$nulls":5},"Yes - Made to Order Product","Luminaire","Area/Roadway","","Outdoor","Arm/Pole","Other","N/A","N/A","N/A",null,false,false,false,"N/A","N/A","N/A",{"$nulls":15},"AC",2,0,2,"N/A","N/A",null,null,false,0,null,null,"2016-10-25"]
["TAIZHOU JIAOGUANG ELECTRONICS&ELECTRICAL APPLIANCES CO.,LTD.","Light The Future","L401C-65W-30K-T4-10-XX-M",6807,62.42,109.05,70,3000,2783,25.15,110.66,71.6,2931,{"$nulls":5},"Yes - Made to Order Product","Luminaire","Area/Roadway","","Outdoor","Arm/Pole","Other","N/A","N/A","N/A",null,false,false,false,"N/A","N/A","N/A",{"$nulls":15},"AC",2,0,2,"N/A","N/A",null,null,false,0,null,null,"2016-10-25"]
["TAIZHOU JIAOGUANG ELECTRONICS&ELECTRICAL APPLIANCES CO.,LTD.","Light The Future","L401LC-65W-30K-T3-10-XX-M",6831,62.78,108.81,70,3000,2783,25.15,110.66,71.6,2931,{"$nulls":5},"Yes - Made to Order Product","Luminaire","Area/Roadway","","Outdoor","Arm/Pole","Other","N/A","N/A","N/A",null,false,false,false,"N/A","N/A","N/A",{"$nulls":15},"AC",2,0,2,"N/A","N/A",null,null,false,0,null,null,"2016-10-25"]
["TAIZHOU JIAOGUANG ELECTRONICS&ELECTRICAL APPLIANCES CO.,LTD.","Light The Future","L401C-65W-30K-T3-10-XX-M",6831,62.78,108.81,70,3000,2783,25.15,110.66,71.6,2931,{"$nulls":5},"Yes - Made to Order Product","Luminaire","Area/Roadway","","Outdoor","Arm/Pole","Other","N/A","N/A","N/A",null,false,false,false,"N/A","N/A","N/A",{"$nulls":15},"AC",2,0,2,"N/A","N/A",null,null,false,0,null,null,"2016-10-25"]
["TAIZHOU JIAOGUANG ELECTRONICS&ELECTRICAL APPLIANCES CO.,LTD.","Light The Future","L401LC-65W-30K-T2-10-XX-M",6760,62.53,108.11,70,3000,2783,25.15,110.66,71.6,2931,{"$nulls":5},"Yes - Made to Order Product","Luminaire","Area/Roadway","","Outdoor","Arm/Pole","Other","N/A","N/A","N/A",null,false,false,false,"N/A","N/A","N/A",{"$nulls":15},"AC",2,0,2,"N/A","N/A",null,null,false,0,null,null,"2016-10-25"]
["TAIZHOU JIAOGUANG ELECTRONICS&ELECTRICAL APPLIANCES CO.,LTD.","Light The Future","L401LC-40W-30K-T5-10-XX-M",4697,40.81,115.09,70,3000,2783,25.15,110.66,71.6,2931,{"$nulls":5},"Yes - Made to Order Product","Luminaire","Area/Roadway","","Outdoor","Arm/Pole","Other","N/A","N/A","N/A",null,false,false,false,"N/A","N/A","N/A",{"$nulls":15},"AC",2,0,2,"N/A","N/A",null,null,false,0,null,null,"2016-10-25"]
["TAIZHOU JIAOGUANG ELECTRONICS&ELECTRICAL APPLIANCES CO.,LTD.","Light The Future","L401C-65W-30K-T2-10-XX-M",6760,62.53,108.11,70,3000,2783,25.15,110.66,71.6,2931,{"$nulls":5},"Yes - Made to Order Product","Luminaire","Area/Roadway","","Outdoor","Arm/Pole","Other","N/A","N/A","N/A",null,false,false,false,"N/A","N/A","N/A",{"$nulls":15},"AC",2,0,2,"N/A","N/A",null,null,false,0,null,null,"2016-10-25"]
["TAIZHOU JIAOGUANG ELECTRONICS&ELECTRICAL APPLIANCES CO.,LTD.","Light The Future","L401C-40W-30K-T5-10-XX-M",4697,40.81,115.09,70,3000,2783,25.15,110.66,71.6,2931,{"$nulls":5},"Yes - Made to Order Product","Luminaire","Area/Roadway","","Outdoor","Arm/Pole","Other","N/A","N/A","N/A",null,false,false,false,"N/A","N/A","N/A",{"$nulls":15},"AC",2,0,2,"N/A","N/A",null,null,false,0,null,null,"2016-10-25"]
["TAIZHOU JIAOGUANG ELECTRONICS&ELECTRICAL APPLIANCES CO.,LTD.","Light The Future","L401LC-40W-30K-T4-10-XX-M",4835,39.85,121.33,70,3000,2783,25.15,110.66,71.6,2931,{"$nulls":5},"Yes - Made to Order Product","Luminaire","Area/Roadway","","Outdoor","Arm/Pole","Other","N/A","N/A","N/A",null,false,false,false,"N/A","N/A","N/A",{"$nulls":15},"AC",2,0,2,"N/A","N/A",null,null,false,0,null,null,"2016-10-25"]
["TAIZHOU JIAOGUANG ELECTRONICS&ELECTRICAL APPLIANCES CO.,LTD.","Light The Future","L401C-40W-30K-T4-10-XX-M",4835,39.85,121.33,70,3000,2783,25.15,110.66,71.6,2931,{"$nulls":5},"Yes - Made to Order Product","Luminaire","Area/Roadway","","Outdoor","Arm/Pole","Other","N/A","N/A","N/A",null,false,false,false,"N/A","N/A","N/A",{"$nulls":15},"AC",2,0,2,"N/A","N/A",null,null,false,0,null,null,"2016-10-25"]
["TAIZHOU JIAOGUANG ELECTRONICS&ELECTRICAL APPLIANCES CO.,LTD.","Light The Future","L401C-40W-30K-T3-10-XX-M",4899,41.01,119.46,70,3000,2783,25.15,110.66,71.6,2931,{"$nulls":5},"Yes - Made to Order Product","Luminaire","Area/Roadway","","Outdoor","Arm/Pole","Other","N/A","N/A","N/A",null,false,false,false,"N/A","N/A","N/A",{"$nulls":15},"AC",2,0,2,"N/A","N/A",null,null,false,0,null,null,"2016-10-25"]
["TAIZHOU JIAOGUANG ELECTRONICS&ELECTRICAL APPLIANCES CO.,LTD.","Light The Future","L401LC-40W-30K-T3-10-XX-M",4899,41.01,119.46,70,3000,2783,25.15,110.66,71.6,2931,{"$nulls":5},"Yes - Made to Order Product","Luminaire","Area/Roadway","","Outdoor","Arm/Pole","Other","N/A","N/A","N/A",null,false,false,false,"N/A","N/A","N/A",{"$nulls":15},"AC",2,0,2,"N/A","N/A",null,null,false,0,null,null,"2016-10-25"]
["TAIZHOU JIAOGUANG ELECTRONICS&ELECTRICAL APPLIANCES CO.,LTD.","Light The Future","L401LC-40W-30K-T2-10-XX-M",4941,40.77,121.19,70,3000,2783,25.15,110.66,71.6,2931,{"$nulls":5},"Yes - Made to Order Product","Luminaire","Area/Roadway","","Outdoor","Arm/Pole","Other","N/A","N/A","N/A",null,false,false,false,"N/A","N/A","N/A",{"$nulls":15},"AC",2,0,2,"N/A","N/A",null,null,false,0,null,null,"2016-10-25"]
["TAIZHOU JIAOGUANG ELECTRONICS&ELECTRICAL APPLIANCES CO.,LTD.","Light The Future","L401C-25W-30K-T5-10-XX-M",2783,25.15,110.66,71.6,2931,2783,25.15,110.66,71.6,2931,{"$nulls":5},"Yes - Made to Order Product","Luminaire","Area/Roadway","","Outdoor","Arm/Pole","Other","N/A","N/A","N/A",null,false,false,true,"N/A","N/A","N/A",{"$nulls":15},"AC",2,0,2,"N/A","N/A",null,null,false,0,null,null,"2016-10-25"]
["TAIZHOU JIAOGUANG ELECTRONICS&ELECTRICAL APPLIANCES CO.,LTD.","Light The Future","L401C-40W-30K-T2-10-XX-M",4941,40.77,121.19,70,3000,2783,25.15,110.66,71.6,2931,{"$nulls":5},"Yes - Made to Order Product","Luminaire","Area/Roadway","","Outdoor","Arm/Pole","Other","N/A","N/A","N/A",null,false,false,false,"N/A","N/A","N/A",{"$nulls":15},"AC",2,0,2,"N/A","N/A",null,null,false,0,null,null,"2016-10-25"]
["TAIZHOU JIAOGUANG ELECTRONICS&ELECTRICAL APPLIANCES CO.,LTD.","Light The Future","L401LC-25W-30K-T4-10-XX-M",2964,25.31,117.11,72.6,3055,2783,25.15,110.66,71.6,2931,{"$nulls":5},"Yes - Made to Order Product","Luminaire","Area/Roadway","","Outdoor","Arm/Pole","Other","N/A","N/A","N/A",null,false,false,false,"N/A","N/A","N/A",{"$nulls":15},"AC",2,0,2,"N/A","N/A",null,null,false,0,null,null,"2016-10-25"]
["TAIZHOU JIAOGUANG ELECTRONICS&ELECTRICAL APPLIANCES CO.,LTD.","Light The Future","L401LC-25W-30K-T2-10-XX-M",2919,25.07,116.43,71.4,2916,2783,25.15,110.66,71.6,2931,{"$nulls":5},"Yes - Made to Order Product","Luminaire","Area/Roadway","","Outdoor","Arm/Pole","Other","N/A","N/A","N/A",null,false,false,false,"N/A","N/A","N/A",{"$nulls":10},0.9846,120,{"$nulls":3},"AC",2,0,2,"N/A","N/A",null,null,false,0,null,null,"2016-10-25"]
["TAIZHOU JIAOGUANG ELECTRONICS&ELECTRICAL APPLIANCES CO.,LTD.","Light The Future","L401LC-25W-30K-T3-10-XX-M",2938,25.21,116.54,71.4,2911,2783,25.15,110.66,71.6,2931,{"$nulls":5},"Yes - Made to Order Product","Luminaire","Area/Roadway","","Outdoor","Arm/Pole","Other","N/A","N/A","N/A",null,false,false,false,"N/A","N/A","N/A",{"$nulls":10},0.9758,120,{"$nulls":3},"AC",2,0,2,"N/A","N/A",null,null,false,0,null,null,"2016-10-25"]
["TAIZHOU JIAOGUANG ELECTRONICS&ELECTRICAL APPLIANCES CO.,LTD.","Light The Future","L401C-25W-30K-T4-10-XX-M",2964,25.31,117.11,72.6,3055,2783,25.15,110.66,71.6,2931,{"$nulls":5},"Yes - Made to Order Product","Luminaire","Area/Roadway","","Outdoor","Arm/Pole","Other","N/A","N/A","N/A",null,false,false,false,"N/A","N/A","N/A",{"$nulls":15},"AC",2,0,2,"N/A","N/A",null,null,false,0,null,null,"2016-10-25"]
["TAIZHOU JIAOGUANG ELECTRONICS&ELECTRICAL APPLIANCES CO.,LTD.","Light The Future","L401C-25W-30K-T2-10-XX-M",2919,25.07,116.43,71.4,2916,2783,25.15,110.66,71.6,2931,{"$nulls":5},"Yes - Made to Order Product","Luminaire","Area/Roadway","","Outdoor","Arm/Pole","Other","N/A","N/A","N/A",null,false,false,false,"N/A","N/A","N/A",{"$nulls":10},0.9846,120,{"$nulls":3},"AC",2,0,2,"N/A","N/A",null,null,false,0,null,null,"2016-10-25"]
["TAIZHOU JIAOGUANG ELECTRONICS&ELECTRICAL APPLIANCES CO.,LTD.","Light The Future","L401C-25W-30K-T3-10-XX-M",2938,25.21,116.54,71.4,2911,2783,25.15,110.66,71.6,2931,{"$nulls":5},"Yes - Made to Order Product","Luminaire","Area/Roadway","","Outdoor","Arm/Pole","Other","N/A","N/A","N/A",null,false,false,false,"N/A","N/A","N/A",{"$nulls":10},0.9758,120,{"$nulls":3},"AC",2,0,2,"N/A","N/A",null,null,false,0,null,null,"2016-10-25"]
["TAIZHOU JIAOGUANG ELECTRONICS&ELECTRICAL APPLIANCES CO.,LTD.","Light The Future","L401LC-25W-30K-T5-10-GR-M",2783,25.15,110.66,71.6,2931,2783,25.15,110.66,71.6,2931,{"$nulls":5},"Yes - Made to Order Product","Luminaire","Area/Roadway","","Outdoor","Arm/Pole","Other","N/A","N/A","N/A",null,false,false,false,"N/A","N/A","N/A",{"$nulls":3},244.95,42.76,57.25,0,0,null,null,0.9789,120,null,null,7.6,"AC",2,0,2,"N/A","N/A",null,null,false,0,null,null,"2016-10-25"]
["Philips Lumec","PHILIPS HADCO","TXF932G2NAGF5WA3NSP1N",3689,104,35.47,70,3000,3689,103.4,35.69,71.2,2931,{"$nulls":5},"Yes - Made to Order Product","Luminaire","Area/Roadway","","Outdoor","Arm/Pole","Decorative","N/A","N/A","N/A",null,false,false,false,"N/A","N/A","N/A",{"$nulls":11},120,{"$nulls":3},"AC",{"$nulls":3},"N/A","N/A",null,null,false,0,null,null,"2016-09-07"]
["Shanghai Yuanming Lighting Technology Co.,Ltd","YML","YML-1AL35S-23(3000K)",1825,21.22,86,83,2931,1825,21.22,86,83,2931,{"$nulls":5},"Yes - Standard Stocked Product or In-Stores","Luminaire","Area/Roadway","","Outdoor","Arm/Pole","","N/A","N/A","N/A",null,false,false,false,"N/A","N/A","N/A",{"$nulls":10},0.99,120,-1E-4,15,12.3,"AC",{"$nulls":3},"N/A","N/A",null,null,false,0,null,null,"2015-07-08"]
["Cree, Inc","Cree XSP Series","BXSPCHT3MEF30K-ULxxxx",10536,135.96,77.49,81,2931,10536,135.96,77.49,81,2931,{"$nulls":5},"Yes - Made to Order Product","Luminaire","Area/Roadway","","Outdoor","Arm/Pole","Other","N/A","N/A","N/A",null,false,false,false,"N/A","Click to download","N/A",{"$nulls":4},68.7,31.3,0,0,null,null,0.996,120,-0.000876,7,7.3,"AC",{"$nulls":3},"N/A","N/A",null,null,false,0,null,null,"2014-09-30"]
["Shenzhen minglight co.,ltd","Minglight","MLPL01300WX(3000K)",36715.545,308.9,118.86,73.1,3000,36715.545,308.9,118.859,73.1,2932,{"$nulls":5},"Not yet commercially available","Luminaire","Area/Roadway","","Outdoor","Arm/Pole","Other","N/A","N/A","N/A",null,false,false,false,"N/A","N/A","N/A",{"$nulls":3},6524.737,75.4,24.6,0.01,0.01,{"$nulls":3},120,{"$nulls":3},"AC",{"$nulls":3},"N/A","N/A",null,null,false,0,null,null,"2016-08-24"]
["AOK LED LIGHT COMPANY LIMITED","AOK","AOK-110WIT-(D)(3000K)",14533,113.9,127.59,73.1,2933,14533,113.9,127.61,73.1,2933,{"$nulls":5},"Yes - Standard Stocked Product or In-Stores","Luminaire","Area/Roadway","","Outdoor","Arm/Pole","Other","N/A","N/A","N/A",null,false,false,false,"N/A","N/A","N/A",{"$nulls":11},120,{"$nulls":3},"AC",{"$nulls":3},"N/A","N/A",null,null,false,0,null,null,"2017-08-09"]
["Shenzhen yaorong technology co.,ltd"," YAORONG"," YR-WL112-3535-W150-Y2-NP (3000K)",17351,145.8,119.01,73.5,2934,17351,145.8,119.01,73.5,2934,{"$nulls":5},"Yes - Standard Stocked Product or In-Stores","Luminaire","Area/Roadway","","Outdoor","Wall","Other","N/A","N/A","N/A",null,false,false,false,"N/A","N/A","N/A",{"$nulls":11},120,{"$nulls":3},"AC",{"$nulls":3},"N/A","N/A",null,null,false,0,null,null,"2017-05-10"]
["ABOVE ALL LIGHTING INC.","ABOVE ALL","LSPKG35301P",4305,36.59,117.66,82,3000,4306.4,36.59,117.7,82.4,2934,{"$nulls":5},"Yes - Standard Stocked Product or In-Stores","Luminaire","Parking Garage","","Outdoor","Recessed","","N/A","N/A","N/A",null,false,false,false,"Click to download","Click to download","N/A",{"$nulls":11},120,{"$nulls":3},"AC",{"$nulls":3},"N/A","N/A",null,null,false,0,null,null,"2017-03-28"]
["Visionaire Lighting, LLC","Visionaire","VSX-1-T5L-16AR-3-3K-UNV",2185,19,115,70,3000,2185,18.97,115.18,72.7,2935,{"$nulls":5},"Yes - Standard Stocked Product or In-Stores","Luminaire","Area/Roadway","","Outdoor - Other","Wall","Other","N/A","N/A","N/A",null,false,false,false,"N/A","N/A","N/A",{"$nulls":11},120,{"$nulls":3},"AC",{"$nulls":3},"N/A","N/A",null,null,false,0,null,null,"2018-03-07"]
["AOK LED LIGHT COMPANY LIMITED","AOK","AOK-150WIT-(D)(3000K)",18598,150.6,123.49,73,2935,18598,150.6,123.49,73,2935,{"$nulls":5},"Yes - Standard Stocked Product or In-Stores","Luminaire","Area/Roadway","","Outdoor","Arm/Pole","Other","N/A","N/A","N/A",null,false,false,false,"N/A","N/A","N/A",{"$nulls":11},120,{"$nulls":3},"AC",{"$nulls":3},"N/A","N/A",null,null,false,0,null,null,"2017-08-14"]
["Schreder Lighting LLC","SCHREDER","SMART2-00-WW010C9-5174AS-PR00-V01D00S3-C000-C0E0-L1-N0-0H",10400,112.3,92.61,80,3000,10626,112.3,94.62,80,2935,{"$nulls":5},"Yes - Made to Order Product","Luminaire","Area/Roadway","","Outdoor","Arm/Pole","Other","N/A","N/A","N/A",null,false,false,false,"N/A","N/A","N/A",{"$nulls":3},1811.32,55.8,44.21,0,0,null,null,0.996,120,2E-3,2.7,7.01,"AC",3,0,3,"N/A","N/A",null,null,false,0,null,null,"2016-11-22"]
["Signcomplex","Signcomplex","SB2-300-AW-30K-ZYY",36358,297.4,122.25,83.2,2936,36358,297.4,122.25,83.2,2936,{"$nulls":5},"Yes - Standard Stocked Product or In-Stores","Luminaire","Area/Roadway","","Outdoor","Arm/Pole","Other","N/A","N/A","N/A",null,false,false,false,"N/A","N/A","N/A",{"$nulls":11},120,{"$nulls":3},"AC",{"$nulls":3},"N/A","N/A",null,null,false,0,null,null,"2017-10-26"]
["Signcomplex","Signcomplex","SB2-190-AW-30K-ZYY",22158,183.5,120.75,82.8,2936,22158,183.5,120.75,82.8,2936,{"$nulls":5},"Yes - Standard Stocked Product or In-Stores","Luminaire","Area/Roadway","","Outdoor","Arm/Pole","Other","N/A","N/A","N/A",null,false,false,false,"N/A","N/A","N/A",{"$nulls":11},120,{"$nulls":3},"AC",{"$nulls":3},"N/A","N/A",null,null,false,0,null,null,"2017-10-26"]
["S LITE CO.,LTD","SLITE","AL215HL-HV-3205-70-30K-T5sx- 00-DB-00-00-00-RP-CR-IVT",29269,289.2,101.21,72.3,2936,29269,289.2,101.21,72.3,2936,{"$nulls":5},"Yes - Standard Stocked Product or In-Stores","Luminaire","Area/Roadway","","Outdoor","Arm/Pole","Other","N/A","N/A","N/A",null,false,false,false,"N/A","N/A","N/A",{"$nulls":11},347,{"$nulls":3},"AC",{"$nulls":3},"N/A","N/A",null,null,false,0,null,null,"2017-08-24"]
["Shenzhen yaorong technology co.,ltd","YAORONG","YR-WL112-3535-W150-Y1-NP(3000K)",16830,142.6,118.02,73.5,2936,16830,142.6,118.02,73.5,2936,{"$nulls":5},"Yes - Standard Stocked Product or In-Stores","Luminaire","Area/Roadway","","Outdoor","Wall","Other","N/A","N/A","N/A",null,false,false,false,"N/A","N/A","N/A",{"$nulls":11},120,{"$nulls":3},"AC",{"$nulls":3},"N/A","N/A",null,null,false,0,null,null,"2017-05-10"]
["shanghai supertek lighting co,ltd","supertek","WP02A-80-3000K",5730.46,80.29,71.37,82.2,2936,5730.46,80.29,71.37,82.2,2936,{"$nulls":5},"Yes - Standard Stocked Product or In-Stores","Luminaire","Area/Roadway","","Outdoor","Wall","","N/A","N/A","N/A",null,false,false,false,"N/A","N/A","N/A",{"$nulls":10},0.992,120,0.0022,8,null,"AC",{"$nulls":3},"N/A","N/A",null,null,false,0,null,null,"2015-03-03"]
["Signcomplex","Signcomplex","SB2-240-AW-30K-ZYY",29251,242.8,120.47,83,2937,29251,242.8,120.47,83,2937,{"$nulls":5},"Yes - Standard Stocked Product or In-Stores","Luminaire","Area/Roadway","","Outdoor","Arm/Pole","Other","N/A","N/A","N/A",null,false,false,false,"N/A","N/A","N/A",{"$nulls":11},120,{"$nulls":3},"AC",{"$nulls":3},"N/A","N/A",null,null,false,0,null,null,"2017-10-26"]
["Shenzhen yaorong technology co.,ltd","YAORONG","YR-WL112-3535-W150-Y3-NP (3000K)",17698,151.3,116.97,74,2937,17698,151.3,116.97,74,2937,{"$nulls":5},"Yes - Standard Stocked Product or In-Stores","Luminaire","Area/Roadway","","Outdoor","Wall","Other","N/A","N/A","N/A",null,false,false,false,"N/A","N/A","N/A",{"$nulls":11},120,{"$nulls":3},"AC",{"$nulls":3},"N/A","N/A",null,null,false,0,null,null,"2017-05-08"]
["Shenzhen minglight co.,ltd","Minglight","MLPL01100WX(3000K)",11892.068,100,118.92,73.6,3000,11892.068,99.8,119.159,73.6,2937,{"$nulls":5},"Not yet commercially available","Luminaire","Area/Roadway","","Outdoor","Arm/Pole","Other","N/A","N/A","N/A",null,false,false,false,"N/A","N/A","N/A",{"$nulls":3},3074.576,91.22,8.79,0,0,{"$nulls":3},120,{"$nulls":3},"AC",{"$nulls":3},"N/A","N/A",null,null,false,0,null,null,"2016-08-24"]
["Xtralight Manufacturing","XtraLight","VNTW-3500L-30K-DIM-4S-BZ",2969,27.41,108.3181320685881,71.44,2939,2969,27.41,108.3181320685881,71.44,2939,{"$nulls":5},"Yes - Made to Order Product","Luminaire","Area/Roadway","","Outdoor","Wall","Path","N/A","N/A","N/A",null,false,false,true,"N/A","N/A","N/A",{"$nulls":10},0.9998,120.02,null,null,9.15,"AC",{"$nulls":3},"N/A","N/A",null,null,false,0,null,null,"2017-11-13"]
["S LITE CO.,LTD","S LITE","AL215HL-HV-2404-70-30K-T5sx- 00-DB-00-00-00-RP-CR-IVT",23901,227.7,104.97,72.3,2939,23901,227.7,104.97,72.3,2939,{"$nulls":5},"Yes - Standard Stocked Product or In-Stores","Luminaire","Area/Roadway","","Outdoor","Arm/Pole","Other","N/A","N/A","N/A",null,false,false,false,"N/A","N/A","N/A",{"$nulls":11},347,{"$nulls":3},"AC",{"$nulls":3},"N/A","N/A",null,null,false,0,null,null,"2017-08-24"]
["ABOVE ALL LIGHTING INC.","ABOVE ALL","LSPKG65301P",8100,66.77,121.31,82,3000,8101.3,66.77,121.3,82.3,2939,{"$nulls":5},"Yes - Standard Stocked Product or In-Stores","Luminaire","Parking Garage","","Outdoor","Recessed","","N/A","N/A","N/A",null,false,false,false,"Click to download","Click to download","N/A",{"$nulls":11},120,{"$nulls":3},"AC",{"$nulls":3},"N/A","N/A",null,null,false,0,null,null,"2017-03-28"]
["DONGGUAN THAILIGHT SEMICONDUCTOR LIGHTING CO.,LTD.","THAILIGHT","TLWMB804WMZZ",7934.5,77.72,102.09,84,2939,7934.5,77.72,102.09,84,2939,{"$nulls":5},"Yes - Standard Stocked Product or In-Stores","Luminaire","Area/Roadway","","Outdoor","Wall","Other","N/A","N/A","N/A",null,false,false,false,"N/A","N/A","N/A",{"$nulls":11},120,{"$nulls":3},"AC",{"$nulls":3},"N/A","N/A",null,null,false,0,null,null,"2016-12-13"]
["Atlas Lighting Products, Inc.","Atlas Lighting Products, Inc.","WSPL60LED3K",6513,58.19,111.93,82.7,2940,6513,58.19,111.93,82.7,2940,{"$nulls":5},"Yes - Standard Stocked Product or In-Stores","Luminaire","Area/Roadway","","Outdoor","Wall","Other","N/A","N/A","N/A",null,false,false,false,"N/A","N/A","N/A",{"$nulls":10},0.994,120,-0.00074,6.2,9.54,"AC",{"$nulls":3},"N/A","N/A",null,null,false,0,null,null,"2017-08-29"]
["AOK LED LIGHT COMPANY LIMITED","AOK","AOK-75WIT-(D)(3000K)",10308,76.5,134.75,73.4,2940,10308,76.5,134.75,73.4,2940,{"$nulls":5},"Yes - Standard Stocked Product or In-Stores","Luminaire","Area/Roadway","","Outdoor","Arm/Pole","Other","N/A","N/A","N/A",null,false,false,false,"N/A","N/A","N/A",{"$nulls":11},120,{"$nulls":3},"AC",{"$nulls":3},"N/A","N/A",null,null,false,0,null,null,"2017-08-04"]
["DONGGUAN THAILIGHT SEMICONDUCTOR LIGHTING CO.,LTD.","THAILIGHT","TL-WMB301-02(3000K)",2930.4,27.6,106.17,83.8,2940,2930.4,27.6,106.17,83.8,2940,{"$nulls":5},"Yes - Standard Stocked Product or In-Stores","Luminaire","Area/Roadway","","Outdoor","Wall","Other","N/A","N/A","N/A",null,false,false,false,"N/A","N/A","N/A",{"$nulls":11},120,{"$nulls":3},"AC",{"$nulls":3},"N/A","N/A",null,null,false,0,null,null,"2016-12-12"]
["DONGGUAN THAILIGHT SEMICONDUCTOR LIGHTING CO.,LTD.","THAILIGHT","TLWMB303WMZZ",2930,27.6,106.16,84,2940,2930,27.6,106.17,84,2940,{"$nulls":5},"Yes - Standard Stocked Product or In-Stores","Luminaire","Area/Roadway","","Outdoor","Wall","Other","N/A","N/A","N/A",null,false,false,false,"N/A","N/A","N/A",{"$nulls":11},120,{"$nulls":3},"AC",{"$nulls":3},"N/A","N/A",null,null,false,0,null,null,"2016-11-30"]
["Signcomplex","Signcomplex","SB2-150-AW-30K-ZYY",18386,150.5,122.17,82.9,2941,18386,150.5,122.17,82.9,2941,{"$nulls":5},"Yes - Standard Stocked Product or In-Stores","Luminaire","Area/Roadway","","Outdoor","Arm/Pole - Surface","Other","N/A","N/A","N/A",null,false,false,false,"N/A","N/A","N/A",{"$nulls":11},120,{"$nulls":3},"AC",{"$nulls":3},"N/A","N/A",null,null,false,0,null,null,"2017-10-26"]
["Vastino LED Lighting(Shenzhen) Co.,Ltd","Vastino","YRWP-40530-001",4996,40.43,123.57,83.3,2941,4996,40.43,123.57,83.3,2941,{"$nulls":5},"Yes - Standard Stocked Product or In-Stores","Luminaire","Area/Roadway","","Outdoor","Wall","Other","N/A","N/A","N/A",null,false,false,false,"N/A","N/A","N/A",{"$nulls":11},120,{"$nulls":3},"AC",{"$nulls":3},"N/A","N/A",null,null,false,0,null,null,"2017-08-28"]
["AOK LED LIGHT COMPANY LIMITED","AOK","AOK-300WIS-(D)-X(3000K)",40540,313.1,129.48,72.8,2941,40540,313.1,129.48,72.8,2941,{"$nulls":5},"Yes - Standard Stocked Product or In-Stores","Luminaire","Area/Roadway","","Outdoor","Arm/Pole","Other","N/A","N/A","N/A",null,false,false,false,"N/A","N/A","N/A",{"$nulls":11},120,{"$nulls":3},"AC",{"$nulls":3},"N/A","N/A",null,null,false,0,null,null,"2017-08-04"]
["Philips Lighting North America Corporation","Philips Gardco","GL18-3-50LA-4835-WW-120",5478,54.05,101.3,72.4,2941,5478,54.05,101.3,72.4,2941,{"$nulls":5},"Yes - Made to Order Product","Luminaire","Area/Roadway","","Outdoor","Arm/Pole - Surface","Other","N/A","N/A","N/A",null,false,false,false,"N/A","N/A","N/A",{"$nulls":11},120,{"$nulls":3},"AC",{"$nulls":3},"N/A","N/A",null,null,false,0,null,null,"2015-04-21"]
["Cree, Inc","Cree XSPR Series","BXSPRBxx3MEA30K-ULxxxx",3983,53.95,73.83,80,2941,3983,53.95,73.83,80,2941,{"$nulls":5},"Yes - Made to Order Product","Luminaire","Area/Roadway","","Outdoor","Arm/Pole","Other","N/A","N/A","N/A",null,false,false,false,"N/A","Click to download","N/A",{"$nulls":4},74.1,25.9,0,0,null,null,0.997,120,-1.036E-3,5,5.23,"AC",{"$nulls":3},"N/A","N/A",null,null,false,0,null,null,"2014-11-10"]
["S LITE CO.,LTD","S LITE","AL215HL-HV-4006-70-30K-T5sx- 00-DB-00-00-00-RP-CR-IVT",35950,354.9,101.3,72.3,2942,35950,354.9,101.3,72.3,2942,{"$nulls":5},"Yes - Standard Stocked Product or In-Stores","Luminaire","Area/Roadway","","Outdoor","Arm/Pole","Other","N/A","N/A","N/A",null,false,false,false,"N/A","N/A","N/A",{"$nulls":11},347,{"$nulls":3},"AC",{"$nulls":3},"N/A","N/A",null,null,false,0,null,null,"2017-08-24"]
["S LITE CO.,LTD","S LITE","GL201AL-UNV-0402-70-30K-T5s-00-DB-P7-PS-00-BY-NC-IVT",3527.3,36.55,96.51,74,3000,3527.3,36.55,96.51,74,2942,{"$nulls":5},"Yes - Standard Stocked Product or In-Stores","Luminaire","Area/Roadway","","Outdoor","Arm/Pole","Other","N/A","N/A","N/A",null,false,false,false,"N/A","N/A","N/A",{"$nulls":11},120,{"$nulls":3},"AC",{"$nulls":3},"N/A","N/A",null,null,false,0,null,null,"2017-01-24"]
["TAIZHOU JIAOGUANG ELECTRONICS&ELECTRICAL APPLIANCES CO.,LTD.","Light The Furture","L404[L or LC]-240W-30K-T5-10-XX-M",22261,218.78,101.75,71.2,2974,12578,112.22,112.08,71.5,2944,{"$nulls":5},"Yes - Made to Order Product","Luminaire","Area/Roadway","","Outdoor","Arm/Pole","Other","N/A","N/A","N/A",null,false,false,false,"N/A","N/A","N/A",{"$nulls":15},"AC",{"$nulls":3},"N/A","N/A",null,null,false,0,null,null,"2016-12-12"]
["TAIZHOU JIAOGUANG ELECTRONICS&ELECTRICAL APPLIANCES CO.,LTD.","Light The Furture","L404[L or LC]-240W-30K-T2-10-XX-M",21717,215.92,100.58,71.3,2974,12578,112.22,112.08,71.5,2944,{"$nulls":5},"Yes - Made to Order Product","Luminaire","Area/Roadway","","Outdoor","Arm/Pole","Other","N/A","N/A","N/A",null,false,false,false,"N/A","N/A","N/A",{"$nulls":15},"AC",{"$nulls":3},"N/A","N/A",null,null,false,0,null,null,"2016-12-12"]
["TAIZHOU JIAOGUANG ELECTRONICS&ELECTRICAL APPLIANCES CO.,LTD.","Light The Furture","L404[L or LC]-240W-30K-T3-10-XX-M",21742,221.54,98.14,71.4,2981,12578,112.22,112.08,71.5,2944,{"$nulls":5},"Yes - Made to Order Product","Luminaire","Area/Roadway","","Outdoor","Arm/Pole","Other","N/A","N/A","N/A",null,false,false,false,"N/A","N/A","N/A",{"$nulls":15},"AC",{"$nulls":3},"N/A","N/A",null,null,false,0,null,null,"2016-12-12"]
["TAIZHOU JIAOGUANG ELECTRONICS&ELECTRICAL APPLIANCES CO.,LTD.","Light The Furture","L404[L or LC]-240W-30K-T4-10-XX-M",21570,218.32,98.8,72.3,3100,12578,112.22,112.08,71.5,2944,{"$nulls":5},"Yes - Made to Order Product","Luminaire","Area/Roadway","","Outdoor","Arm/Pole","Other","N/A","N/A","N/A",null,false,false,false,"N/A","N/A","N/A",{"$nulls":15},"AC",{"$nulls":3},"N/A","N/A",null,null,false,0,null,null,"2016-12-12"]
["TAIZHOU JIAOGUANG ELECTRONICS&ELECTRICAL APPLIANCES CO.,LTD.","Light The Furture","L404[L or LC]-150W-30K-T2-10-XX-M",16768,145.4,115.32,71.6,2951,12578,112.22,112.08,71.5,2944,{"$nulls":5},"Yes - Made to Order Product","Luminaire","Area/Roadway","","Outdoor","Arm/Pole","Other","N/A","N/A","N/A",null,false,false,false,"N/A","N/A","N/A",{"$nulls":15},"AC",{"$nulls":3},"N/A","N/A",null,null,false,0,null,null,"2016-12-12"]
["TAIZHOU JIAOGUANG ELECTRONICS&ELECTRICAL APPLIANCES CO.,LTD.","Light The Furture","L404[L or LC]-150W-30K-T3-10-XX-M",16768,145.92,114.91,71.6,2955,12578,112.22,112.08,71.5,2944,{"$nulls":5},"Yes - Made to Order Product","Luminaire","Area/Roadway","","Outdoor","Arm/Pole","Other","N/A","N/A","N/A",null,false,false,false,"N/A","N/A","N/A",{"$nulls":15},"AC",{"$nulls":3},"N/A","N/A",null,null,false,0,null,null,"2016-12-12"]
["TAIZHOU JIAOGUANG ELECTRONICS&ELECTRICAL APPLIANCES CO.,LTD.","Light The Furture","L404[L or LC]-150W-30K-T4-10-XX-M",16525,144.71,114.19,72.5,3074,12578,112.22,112.08,71.5,2944,{"$nulls":5},"Yes - Made to Order Product","Luminaire","Area/Roadway","","Outdoor","Arm/Pole","Other","N/A","N/A","N/A",null,false,false,false,"N/A","N/A","N/A",{"$nulls":15},"AC",{"$nulls":3},"N/A","N/A",null,null,false,0,null,null,"2016-12-12"]
["TAIZHOU JIAOGUANG ELECTRONICS&ELECTRICAL APPLIANCES CO.,LTD.","Light The Furture","L404[L or LC]-150W-30K-T5-10-XX-M",17233,147.62,116.74,71.5,2954,12578,112.22,112.08,71.5,2944,{"$nulls":5},"Yes - Made to Order Product","Luminaire","Area/Roadway","","Outdoor","Arm/Pole","Other","N/A","N/A","N/A",null,false,false,false,"N/A","N/A","N/A",{"$nulls":15},"AC",{"$nulls":3},"N/A","N/A",null,null,false,0,null,null,"2016-12-12"]
["TAIZHOU JIAOGUANG ELECTRONICS&ELECTRICAL APPLIANCES CO.,LTD.","Light The Furture","L403[L or LC]-180W-30K-T3-10-XX-M",17058,169.97,100.36,71.3,2983,12578,112.22,112.08,71.5,2944,{"$nulls":5},"Yes - Made to Order Product","Luminaire","Area/Roadway","","Outdoor","Arm/Pole","Other","N/A","N/A","N/A",null,false,false,false,"N/A","N/A","N/A",{"$nulls":15},"AC",{"$nulls":3},"N/A","N/A",null,null,false,0,null,null,"2016-12-12"]
["TAIZHOU JIAOGUANG ELECTRONICS&ELECTRICAL APPLIANCES CO.,LTD.","Light The Furture","L403[L or LC]-180W-30K-T4-10-XX-M",17219,170.65,100.9,72.4,3102,12578,112.22,112.08,71.5,2944,{"$nulls":5},"Yes - Made to Order Product","Luminaire","Area/Roadway","","Outdoor","Arm/Pole","Other","N/A","N/A","N/A",null,false,false,false,"N/A","N/A","N/A",{"$nulls":15},"AC",{"$nulls":3},"N/A","N/A",null,null,false,0,null,null,"2016-12-12"]
["TAIZHOU JIAOGUANG ELECTRONICS&ELECTRICAL APPLIANCES CO.,LTD.","Light The Furture","L403[L or LC]-180W-30K-T5-10-XX-M",17385,169.96,102.29,71.2,2977,12578,112.22,112.08,71.5,2944,{"$nulls":5},"Yes - Made to Order Product","Luminaire","Area/Roadway","","Outdoor","Arm/Pole","Other","N/A","N/A","N/A",null,false,false,false,"N/A","N/A","N/A",{"$nulls":15},"AC",{"$nulls":3},"N/A","N/A",null,null,false,0,null,null,"2016-12-12"]
["TAIZHOU JIAOGUANG ELECTRONICS&ELECTRICAL APPLIANCES CO.,LTD.","Light The Furture","L403[L or LC]-120W-30K-T3-10-XX-M",12730,112.9,112.75,71.6,2955,12578,112.22,112.08,71.5,2944,{"$nulls":5},"Yes - Made to Order Product","Luminaire","Area/Roadway","","Outdoor","Arm/Pole","Other","N/A","N/A","N/A",null,false,false,false,"N/A","N/A","N/A",{"$nulls":15},"AC",{"$nulls":3},"N/A","N/A",null,null,false,0,null,null,"2016-12-12"]
["TAIZHOU JIAOGUANG ELECTRONICS&ELECTRICAL APPLIANCES CO.,LTD.","Light The Furture","L403[L or LC]-120W-30K-T4-10-XX-M",12782,112.68,113.44,72.6,3093,12578,112.22,112.08,71.5,2944,{"$nulls":5},"Yes - Made to Order Product","Luminaire","Area/Roadway","","Outdoor","Arm/Pole","Other","N/A","N/A","N/A",null,false,false,false,"N/A","N/A","N/A",{"$nulls":15},"AC",{"$nulls":3},"N/A","N/A",null,null,false,0,null,null,"2016-12-12"]
["TAIZHOU JIAOGUANG ELECTRONICS&ELECTRICAL APPLIANCES CO.,LTD.","Light The Furture","L403[L or LC]-120W-30K-T5-10-XX-M",13108,113.16,115.84,71.3,2955,12578,112.22,112.08,71.5,2944,{"$nulls":5},"Yes - Made to Order Product","Luminaire","Area/Roadway","","Outdoor","Arm/Pole","Other","N/A","N/A","N/A",null,false,false,false,"N/A","N/A","N/A",{"$nulls":15},"AC",{"$nulls":3},"N/A","N/A",null,null,false,0,null,null,"2016-12-12"]
["TAIZHOU JIAOGUANG ELECTRONICS&ELECTRICAL APPLIANCES CO.,LTD.","Light The Furture","L403[L or LC]-180W-30K-T2-10-XX-M",17081,170.71,100.06,71.3,2975,12578,112.22,112.08,71.5,2944,{"$nulls":5},"Yes - Made to Order Product","Luminaire","Area/Roadway","","Outdoor","Arm/Pole","Other","N/A","N/A","N/A",null,false,false,false,"N/A","N/A","N/A",{"$nulls":15},"AC",{"$nulls":3},"N/A","N/A",null,null,false,0,null,null,"2016-12-12"]
["TAIZHOU JIAOGUANG ELECTRONICS&ELECTRICAL APPLIANCES CO.,LTD.","Light The Furture","L403[L or LC]-120W-30K-T2-10-XX-M",12578,112.22,112.08,71.5,2944,12578,112.22,112.08,71.5,2944,{"$nulls":5},"Yes - Made to Order Product","Luminaire","Area/Roadway","","Outdoor","Arm/Pole","Other","N/A","N/A","N/A",null,false,false,false,"N/A","N/A","N/A",{"$nulls":11},120,{"$nulls":3},"AC",{"$nulls":3},"N/A","N/A",null,null,false,0,null,null,"2016-12-12"]
["SHENZHEN ZENITH TECHNOLOGY CO.,LTD.","ZENITH","ZS-ARE300-XX21(3000K)",36280,299.3,121.22,73.4,2945,36280,299.3,121.22,73.4,2945,{"$nulls":5},"Yes - Standard Stocked Product or In-Stores","Luminaire","Area/Roadway","","Outdoor","Arm/Pole","Other","N/A","N/A","N/A",null,false,false,false,"N/A","N/A","N/A",{"$nulls":11},120,{"$nulls":3},"AC",{"$nulls":3},"N/A","N/A",null,null,false,0,null,null,"2017-09-18"]
["Shenzhen City Huaguan Optoelectronic Technology Co.,Ltd","N/A","HG-SL-200W-LV-L1-Z(3000K)",25187,197,127.85,82.9,2945,25187,197,127.85,82.9,2945,{"$nulls":5},"Yes - Standard Stocked Product or In-Stores","Luminaire","Area/Roadway","","Outdoor","Arm/Pole","Other","N/A","N/A","N/A",null,false,false,false,"N/A","N/A","N/A",{"$nulls":11},120,{"$nulls":3},"AC",{"$nulls":3},"N/A","N/A",null,null,false,0,null,null,"2017-07-10"]
["Atlas Lighting Products, Inc.","Atlas Lighting Products, Inc.","WSPS40LED3K",3712,37.05,100.19,82.5,2946,3712,37.05,100.18,82.5,2946,{"$nulls":5},"Yes - Standard Stocked Product or In-Stores","Luminaire","Area/Roadway","","Outdoor","Wall","Other","N/A","N/A","N/A",null,false,false,false,"N/A","N/A","N/A",{"$nulls":10},0.998,120,-0.00045,5.6,4.57,"AC",{"$nulls":3},"N/A","N/A",null,null,false,0,null,null,"2017-08-29"]
["Shenzhen Bingxia Technology Co.,Ltd","RISELITE","RL-AL-050W-V-LV-N-WW",5381.2,51.15,105.2,72.4,2946,5381.2,51.15,105.2,72.4,2946,{"$nulls":5},"Yes - Standard Stocked Product or In-Stores","Luminaire","Area/Roadway","","Outdoor","Arm/Pole","Other","N/A","N/A","N/A",null,false,false,false,"N/A","N/A","N/A",{"$nulls":11},120,1.4E-3,0,null,"AC",{"$nulls":3},"N/A","N/A",null,null,false,0,null,null,"2016-07-11"]
["Shenzhen yaorong technology co.,ltd","YAORONG","YR-ST295H-W060-X-B(3000K)",6917,57.39,120.51,73,2946,6917,57.39,120.51,73,2946,{"$nulls":5},"Yes - Standard Stocked Product or In-Stores","Luminaire","Area/Roadway","","Outdoor","Arm/Pole","","N/A","N/A","N/A",null,false,false,false,"N/A","N/A","N/A",{"$nulls":11},120,{"$nulls":3},"AC",{"$nulls":3},"N/A","N/A",null,null,false,0,null,null,"2016-02-17"]
["Shenzhen City Huaguan Optoelectronic Technology Co.,Ltd","N/A","HG-SL-60W-LV-L1-Z(3000K)",8142.5,58.82,138.43,83,2947,8142.5,58.82,138.43,83,2947,{"$nulls":5},"Yes - Standard Stocked Product or In-Stores","Luminaire","Area/Roadway","","Outdoor","Arm/Pole","Other","N/A","N/A","N/A",null,false,false,false,"N/A","N/A","N/A",{"$nulls":11},120,{"$nulls":3},"AC",{"$nulls":3},"N/A","N/A",null,null,false,0,null,null,"2017-07-08"]
["Acuity Brands Lighting","Lithonia Lighting","MR2 LED1 30B700/30K SR3 MVOLT",4503,74.1,60.76,85,2947,4503,74.1,60.76,85,2947,{"$nulls":5},"Yes - Made to Order Product","Luminaire","Area/Roadway","","Outdoor","Arm/Pole","","N/A","N/A","N/A",null,false,false,false,"N/A","N/A","N/A",{"$nulls":15},"",{"$nulls":3},"N/A","N/A",null,null,false,{"$nulls":3},"2012-11-05"]
["Atlas Lighting Products, Inc.","Atlas Lighting Products, Inc.","WSPLD60LED3KEB",6052,62.1,97.46,82.9,2948,6052,62.1,97.46,82.9,2948,{"$nulls":5},"Yes - Standard Stocked Product or In-Stores","Luminaire","Area/Roadway","","Outdoor","Wall","Other","N/A","N/A","N/A",null,false,false,false,"N/A","N/A","N/A",{"$nulls":10},0.996,120,-0.0008,6.9,7.84,"AC",{"$nulls":3},"N/A","N/A",null,null,false,0,null,null,"2017-08-29"]
["Vastino LED Lighting(Shenzhen) Co.,Ltd","Vastino","YRWP-80530-001",9652.5,78.97,122.23,83,2948,9652.5,78.97,122.23,83,2948,{"$nulls":5},"Yes - Standard Stocked Product or In-Stores","Luminaire","Area/Roadway","","Outdoor","Wall","Other","N/A","N/A","N/A",null,false,false,false,"N/A","N/A","N/A",{"$nulls":11},120,{"$nulls":3},"AC",{"$nulls":3},"N/A","N/A",null,null,false,0,null,null,"2017-08-28"]
["Vastino LED Lighting(Shenzhen) Co.,Ltd","Vastino","YR-SB60W530-003",7194,61.77,116.46,84.7,2948,7194,61.77,116.46,84.7,2948,{"$nulls":5},"Yes - Standard Stocked Product or In-Stores","Luminaire","Area/Roadway","","Outdoor","Arm/Pole","Other","N/A","N/A","N/A",null,false,false,false,"N/A","N/A","N/A",{"$nulls":11},120,{"$nulls":3},"AC",{"$nulls":3},"N/A","N/A",null,null,false,0,null,null,"2017-07-30"]
["Shenzhen City Huaguan Optoelectronic Technology Co.,Ltd","N/A","HG-SL-60W-HV-L1-Z(3000K)",8648.9,63.5,136.2,83,2948,8648.9,63.5,136.2,83,2948,{"$nulls":5},"Yes - Standard Stocked Product or In-Stores","Luminaire","Area/Roadway","","Outdoor","Arm/Pole","Other","N/A","N/A","N/A",null,false,false,false,"N/A","N/A","N/A",{"$nulls":11},277,{"$nulls":3},"AC",{"$nulls":3},"N/A","N/A",null,null,false,0,null,null,"2017-07-10"]
["Landscape Forms Inc.","Landscape Forms","Torres Catenary",5210,57,91.4,82,3000,5212,56.94,91.53,82.1,2950,{"$nulls":5},"Not yet commercially available","Luminaire","Area/Roadway","","Outdoor","Other","Decorative","N/A","N/A","N/A",null,false,false,false,"N/A","N/A","N/A",{"$nulls":11},120,null,12.3,null,"AC",{"$nulls":3},"N/A","N/A",null,null,true,50000,96.12,25,"2018-05-29"]
["Xtralight Manufacturing","XtraLight","VNTW-3500L-30K-DIM-2S-BZ",2989.25,27.41,109.05691353520614,71.52,2950,2989.25,27.41,109.05691353520614,71.52,2950,{"$nulls":5},"Yes - Made to Order Product","Luminaire","Area/Roadway","","Outdoor","Wall","Path","N/A","N/A","N/A",null,false,false,true,"N/A","N/A","N/A",{"$nulls":10},0.9998,120,null,null,9.15,"AC",{"$nulls":3},"N/A","N/A",null,null,false,0,null,null,"2017-11-13"]
["Shenzhen City Huaguan Optoelectronic Technology Co.,Ltd","N/A","HG-SL-200W-HV-L1-Z(3000K)",25160,201,125.17,82.9,2950,25160,201,125.17,82.9,2950,{"$nulls":5},"Yes - Standard Stocked Product or In-Stores","Luminaire","Area/Roadway","","Outdoor","Arm/Pole","Other","N/A","N/A","N/A",null,false,false,false,"N/A","N/A","N/A",{"$nulls":11},277,{"$nulls":3},"AC",{"$nulls":3},"N/A","N/A",null,null,false,0,null,null,"2017-07-08"]
["Philips Lumec","PHILIPS HADCO","CXF432G2TA5WA3NNNNSP1N",3472,36,96.44,70,3000,3472,35.49,97.8,71.2,2950,{"$nulls":5},"Yes - Made to Order Product","Luminaire","Area/Roadway","","Outdoor","Arm/Pole","Decorative","N/A","N/A","N/A",null,false,false,false,"N/A","N/A","N/A",{"$nulls":11},120,{"$nulls":3},"AC",{"$nulls":3},"N/A","N/A",null,null,false,0,null,null,"2016-10-13"]
["Shenzhen minglight co.,ltd","Minglight","MLPL01150WX(3000K)",18451.66,153.6,120.13,73.6,3000,18451.66,153.6,120.128,73.6,2950,{"$nulls":5},"Not yet commercially available","Luminaire","Area/Roadway","","Outdoor","Arm/Pole","Other","N/A","N/A","N/A",null,false,false,false,"N/A","N/A","N/A",{"$nulls":3},3425.081,77.87,22.14,0.01,0,{"$nulls":3},120,{"$nulls":3},"AC",{"$nulls":3},"N/A","N/A",null,null,false,0,null,null,"2016-08-24"]
["S LITE CO.,LTD","S LITE","AL215HL-HV-4807-70-30K-T5sx- 00-DB-00-00-00-RP-CR-IVT",45116,444.9,101.41,72.3,2951,45116,444.9,101.41,72.3,2951,{"$nulls":5},"Yes - Standard Stocked Product or In-Stores","Luminaire","Area/Roadway","","Outdoor","Arm/Pole","Other","N/A","N/A","N/A",null,false,false,false,"N/A","N/A","N/A",{"$nulls":11},347,{"$nulls":3},"AC",{"$nulls":3},"N/A","N/A",null,null,false,0,null,null,"2017-08-24"]
["Shenzhen City Huaguan Optoelectronic Technology Co.,Ltd","N/A","HG-SL-240W-LV-L1-Z(3000K)",28624,236.5,121.03,82.8,2951,28624,236.5,120.03,82.8,2951,{"$nulls":5},"Yes - Standard Stocked Product or In-Stores","Luminaire","Area/Roadway","","Outdoor","Arm/Pole","Other","N/A","N/A","N/A",null,false,false,false,"N/A","N/A","N/A",{"$nulls":11},120,{"$nulls":3},"AC",{"$nulls":3},"N/A","N/A",null,null,false,0,null,null,"2017-07-10"]
["S LITE CO.,LTD","SLITE","RL101HED-HV-0501-70-30K-00-0 0-00-SL-00-00-00-SL-NC-MW",6839.1,53.1,128.8,71.7,2951,6839.1,53.1,128.8,71.7,2951,{"$nulls":5},"Yes - Standard Stocked Product or In-Stores","Luminaire","Area/Roadway","","Outdoor","Arm/Pole","Other","N/A","N/A","N/A",null,false,false,false,"N/A","N/A","N/A",{"$nulls":11},347,{"$nulls":3},"AC",{"$nulls":3},"N/A","N/A",null,null,false,0,null,null,"2017-06-26"]
["Philips Lumec","Philips Lumec","RVS-35W32LED3K-G2-LE5",3404,36.91,92.22,71.3,2951,3404,36.91,92.22,71.3,2951,{"$nulls":5},"Yes - Made to Order Product","Luminaire","Area/Roadway","","Outdoor","Arm/Pole","Decorative","N/A","N/A","N/A",null,false,false,false,"N/A","N/A","N/A",{"$nulls":11},120,{"$nulls":3},"AC",{"$nulls":3},"N/A","N/A",null,null,false,0,null,null,"2017-05-19"]
["Landscape Forms Inc.","Landscape Forms, Inc.","Ashbery Pedestrian Type 5",4100,82.5,49.7,84,3000,4111,82.45,49.9,84,2951,{"$nulls":5},"Yes - Made to Order Product","Luminaire","Area/Roadway","","Outdoor","Post top","Decorative","N/A","N/A","N/A",null,false,false,false,"N/A","N/A","N/A",84,98,{"$nulls":9},120,{"$nulls":3},"AC",{"$nulls":3},"N/A","N/A",null,null,true,36000,93.29,25,"2016-07-11"]
["Louis Poulsen Lighting","Louis Poulsen","KIP-PT/44W LED/3000K/120-277V/YYYY/ZZZZ/T-RSA-4.5\"/DIM 0-10V",3241,45.88,70.6,82.3,2951,3241,45.88,70.6,82.3,2951,{"$nulls":5},"Yes - Made to Order Product","Luminaire","Area/Roadway","","Outdoor","Arm/Pole","","N/A","N/A","N/A",null,false,false,false,"N/A","N/A","N/A",{"$nulls":4},62,33.3,4.9,2,null,null,0.995,120,1E-4,6.1,6.58,"AC",{"$nulls":3},"N/A","N/A",null,null,false,0,null,null,"2015-11-30"]
["Acuity Brands Lighting","Lithonia Lighting","MR2 LED1 30B530/30K MVOLT SR3",3716,55.3,67.21,85,2951,3716,55.3,67.21,85,2951,{"$nulls":5},"Yes - Made to Order Product","Luminaire","Area/Roadway","","Outdoor","Arm/Pole","","N/A","N/A","N/A",null,false,false,false,"N/A","N/A","N/A",{"$nulls":15},"",{"$nulls":3},"N/A","N/A",null,null,false,{"$nulls":3},"2012-11-05"]
["S LITE CO.,LTD","SLITE","RL101HED-HV-0952-70-30K-00-0 0-00-SL-00-00-00-SL-NC-IVT",11997,93.66,128.09,72,2952,11997,93.66,128.09,72,2952,{"$nulls":5},"Yes - Standard Stocked Product or In-Stores","Luminaire","Area/Roadway","","Outdoor","Arm/Pole","Other","N/A","N/A","N/A",null,false,false,false,"N/A","N/A","N/A",{"$nulls":11},347,{"$nulls":3},"AC",{"$nulls":3},"N/A","N/A",null,null,false,0,null,null,"2017-06-26"]
["VANPLEX OPTOELECTRONICS CO LTD","VANPLEX","VPL-STL-120WAN-30K",16106,118.9,135.46,72.7,2952,16106,118.9,135.46,72.7,2952,{"$nulls":5},"Yes - Standard Stocked Product or In-Stores","Luminaire","Area/Roadway","","Outdoor","Arm/Pole","Other","N/A","N/A","N/A",null,false,false,false,"N/A","N/A","N/A",{"$nulls":11},120,{"$nulls":3},"AC",{"$nulls":3},"N/A","N/A",null,null,false,0,null,null,"2016-12-07"]
["Shenzhen yaorong technology co.,ltd","YAORONG","YR-WL90-W024-B (3000K)",2599.1,24.5,106.09,83.2,2952,2599.1,24.5,106.09,83.2,2952,{"$nulls":5},"Yes - Standard Stocked Product or In-Stores","Luminaire","Area/Roadway","","Outdoor","Wall","Other","N/A","N/A","N/A",null,false,false,false,"N/A","N/A","N/A",{"$nulls":11},120,{"$nulls":3},"AC",{"$nulls":3},"N/A","N/A",null,null,false,0,null,null,"2016-11-22"]
["UNIVERSELITE CO.,LTD.","N/A","LEDBG001-100W44(3000K)",11052,101.5,108.89,72.9,2952,11052,101.5,108.89,72.9,2952,{"$nulls":5},"Yes - Standard Stocked Product or In-Stores","Luminaire","Area/Roadway","","Outdoor","Wall","Other","N/A","N/A","N/A",null,false,false,false,"N/A","N/A","N/A",{"$nulls":11},120,{"$nulls":3},"AC",{"$nulls":3},"N/A","N/A",null,null,false,0,null,null,"2016-11-15"]
["VANPLEX OPTOELECTRONICS CO LTD","VANPLEX","VPL-WPA-80WAN-HV-30K",9488,78.56,120.77,73.4,3000,9488,78.56,120.77,73.4,2953,{"$nulls":5},"Yes - Standard Stocked Product or In-Stores","Luminaire","Area/Roadway","","Outdoor","Wall","Other","N/A","N/A","N/A",null,false,false,false,"N/A","N/A","N/A",{"$nulls":11},277,{"$nulls":3},"AC",{"$nulls":3},"N/A","N/A",null,null,false,0,null,null,"2017-02-08"]
["VANPLEX OPTOELECTRONICS CO LTD","VANPLEX","VPL-STL-210WAN-30K",27109,206,131.6,72.7,2953,27109,206,131.6,72.7,2953,{"$nulls":5},"Yes - Standard Stocked Product or In-Stores","Luminaire","Area/Roadway","","Outdoor","Arm/Pole","Other","N/A","N/A","N/A",null,false,false,false,"N/A","N/A","N/A",{"$nulls":11},120,{"$nulls":3},"AC",{"$nulls":3},"N/A","N/A",null,null,false,0,null,null,"2016-12-07"]
["Shenzhen yaorong technology co.,ltd"," YAORONG","YR-ST295H-W030-X-B(3000K)",3341.3,29.53,113.14,73.4,2953,3341.3,29.53,113.14,73.4,2953,{"$nulls":5},"Yes - Standard Stocked Product or In-Stores","Luminaire","Area/Roadway","","Outdoor","Arm/Pole","","N/A","N/A","N/A",null,false,false,false,"N/A","N/A","N/A",{"$nulls":11},120,{"$nulls":3},"AC",{"$nulls":3},"N/A","N/A",null,null,false,0,null,null,"2016-02-17"]
["DONGGUAN THAILIGHT SEMICONDUCTOR LIGHTING CO.,LTD.","THAILIGHT","TLFLK200P3YYZZ-90120M",25358,205.5,123.4,71.8,2954,25358,205.5,123.4,71.8,2954,{"$nulls":5},"Yes - Standard Stocked Product or In-Stores","Luminaire","Area/Roadway","","Outdoor","Arm/Pole","Other","N/A","N/A","N/A",null,false,false,false,"N/A","N/A","N/A",{"$nulls":11},120,{"$nulls":3},"AC",{"$nulls":3},"N/A","N/A",null,null,false,0,null,null,"2018-02-16"]
["Vastino LED Lighting(Shenzhen) Co.,Ltd","Vastino","YRWP-100530-001",12179,100.8,120.82,83.4,2954,12179,100.8,120.82,83.4,2954,{"$nulls":5},"Yes - Standard Stocked Product or In-Stores","Luminaire","Area/Roadway","","Outdoor","Wall","Other","N/A","N/A","N/A",null,false,false,false,"N/A","N/A","N/A",{"$nulls":11},120,{"$nulls":3},"AC",{"$nulls":3},"N/A","N/A",null,null,false,0,null,null,"2017-08-28"]
["S LITE CO.,LTD","SLITE","RL101AED-UNV-0952-70-30K-00 -00-00-SL-00-00-00-SL-NC-IVT",11848,90.25,131.28,72,2954,11848,90.25,131.28,72,2954,{"$nulls":5},"Yes - Standard Stocked Product or In-Stores","Luminaire","Area/Roadway","","Outdoor","Arm/Pole","Other","N/A","N/A","N/A",null,false,false,false,"N/A","N/A","N/A",{"$nulls":11},120,{"$nulls":3},"AC",{"$nulls":3},"N/A","N/A",null,null,false,0,null,null,"2017-06-26"]
["DONGGUAN THAILIGHT SEMICONDUCTOR LIGHTING CO.,LTD.","THAILIGHT","TLFLK100P3YYZZ-TYPE4T",12350,98.19,125.78,73.3,2955,12350,98.19,125.78,73.3,2955,{"$nulls":5},"Yes - Standard Stocked Product or In-Stores","Luminaire","Area/Roadway","","Outdoor","Arm/Pole - Post top","Other","N/A","N/A","N/A",null,false,false,false,"N/A","N/A","N/A",{"$nulls":11},120,{"$nulls":3},"AC",{"$nulls":3},"N/A","N/A",null,null,false,0,null,null,"2017-12-06"]
["Ningbo UTEC Electric Co., Ltd","Hampton Bay","5240103",350,8,43.75,84.9,3000,402.6,7.4,54.41,84.9,2955,{"$nulls":5},"Yes - Standard Stocked Product or In-Stores","Luminaire","Area/Roadway","","Outdoor","Wall","Other","N/A","N/A","N/A",null,false,false,false,"N/A","N/A","N/A",{"$nulls":11},120,{"$nulls":3},"AC",{"$nulls":3},"N/A","N/A",null,null,false,0,null,null,"2017-11-17"]
["Ningbo UTEC Electric Co., Ltd","Home Decorators Collection","5240103",350,8,43.75,84.9,3000,402.6,7.4,54.4,84.9,2955,{"$nulls":5},"Yes - Standard Stocked Product or In-Stores","Luminaire","Area/Roadway","","Outdoor","Wall","Other","N/A","N/A","N/A",null,false,false,false,"N/A","N/A","N/A",{"$nulls":11},120,{"$nulls":3},"AC",{"$nulls":3},"N/A","N/A",null,null,false,0,null,null,"2017-10-24"]
["S LITE CO.,LTD","SLITE","RL101AED-UNV-0501-70-30K-00 -00-00-SL-00-00-00-SL-NC-SL",5990.1,46.83,127.91,71.8,2955,5990.1,46.83,127.91,71.8,2955,{"$nulls":5},"Yes - Standard Stocked Product or In-Stores","Luminaire","Area/Roadway","","Outdoor","Arm/Pole","Other","N/A","N/A","N/A",null,false,false,false,"N/A","N/A","N/A",{"$nulls":11},120,{"$nulls":3},"AC",{"$nulls":3},"N/A","N/A",null,null,false,0,null,null,"2017-06-25"]
["Shenzhen yaorong technology co.,ltd","YAORONG","YR-BB350-3535-W200-X-Y1-NP(3000K)",22199,187.9,118.14,73.6,2955,22199,187.9,118.14,73.6,2955,{"$nulls":5},"Yes - Standard Stocked Product or In-Stores","Luminaire","Area/Roadway","","Outdoor","Arm/Pole","Other","N/A","N/A","N/A",null,false,false,false,"N/A","N/A","N/A",{"$nulls":11},120,{"$nulls":3},"AC",{"$nulls":3},"N/A","N/A",null,null,false,0,null,null,"2017-06-15"]
["VANPLEX OPTOELECTRONICS CO LTD","VANPLEX","VPL-STL-300WAN-30K",38356,294,130.46,72.7,2955,38356,294,130.46,72.7,2955,{"$nulls":5},"Yes - Standard Stocked Product or In-Stores","Luminaire","Area/Roadway","","Outdoor","Arm/Pole","Other","N/A","N/A","N/A",null,false,false,false,"N/A","N/A","N/A",{"$nulls":11},120,{"$nulls":3},"AC",{"$nulls":3},"N/A","N/A",null,null,false,0,null,null,"2016-12-07"]
["Shenzhen Bingxia Technology Co.,Ltd","RISELITE","RL-AL-075W-V-LV-D-WW",7122.2,74.73,95.31,72.2,2955,7122.2,74.73,95.31,72.2,2955,{"$nulls":5},"Yes - Standard Stocked Product or In-Stores","Luminaire","Area/Roadway","","Outdoor","Arm/Pole","Other","N/A","N/A","N/A",null,false,false,false,"N/A","N/A","N/A",{"$nulls":11},120,0.0009,0,null,"AC",{"$nulls":3},"N/A","N/A",null,null,false,0,null,null,"2016-07-08"]
["Shenzhen yaorong technology co.,ltd","YAORONG","YR-ST295H-W030-N-C(3000K)",3401,31.96,106.42,73,2955,3401,31.96,106.42,73,2955,{"$nulls":5},"Yes - Standard Stocked Product or In-Stores","Luminaire","Area/Roadway","","Outdoor","Arm/Pole","Other","N/A","N/A","N/A",null,false,false,false,"N/A","N/A","N/A",{"$nulls":11},277,{"$nulls":3},"AC",{"$nulls":3},"N/A","N/A",null,null,false,0,null,null,"2016-04-05"]
["Shenzhen yaorong technology co.,ltd","YAORONG","YR-ST295H-W060-N-C(3000K)",7249,61.4,118.06,73,2955,7249,61.4,118.06,73,2955,{"$nulls":5},"Yes - Standard Stocked Product or In-Stores","Luminaire","Area/Roadway","","Outdoor","Arm/Pole","Other","N/A","N/A","N/A",null,false,false,false,"N/A","N/A","N/A",{"$nulls":11},277,{"$nulls":3},"AC",{"$nulls":3},"N/A","N/A",null,null,false,0,null,null,"2016-04-05"]
["Shenzhen yaorong technology co.,ltd","YAORONG","YR-ST295H-W040-X-B(3000K)",4635,37.61,123.25,73,2955,4635,37.61,123.25,73,2955,{"$nulls":5},"Yes - Standard Stocked Product or In-Stores","Luminaire","Area/Roadway","","Outdoor","Arm/Pole","Other","N/A","N/A","N/A",null,false,false,false,"N/A","N/A","N/A",{"$nulls":11},120,{"$nulls":3},"AC",{"$nulls":3},"N/A","N/A",null,null,false,0,null,null,"2016-04-05"]
["Cree, Inc","Cree XSPW Series","XSPW-A-0-2-30K-C-U-S",4233,42,100.79,70,3000,4233,41.9,101.03,71,2956,{"$nulls":5},"Yes - Made to Order Product","Luminaire","Area/Roadway","","Outdoor","Wall","Other","N/A","N/A","N/A",null,false,false,false,"N/A","N/A","N/A",{"$nulls":3},583.3,58.4,41.52,0.06,0.03,1.2,1.4,0.994,120,0.0016,null,10.41,"AC",3,null,1,"N/A","N/A",null,null,false,0,null,null,"2017-12-07"]
["Shenzhen yaorong technology co.,ltd","YAORONG","YR-BB350-3535-W200-X-Y3-NP(3000K)",25444,215.6,118.01,73.6,2956,25444,215.6,118.01,73.6,2956,{"$nulls":5},"Yes - Standard Stocked Product or In-Stores","Luminaire","Area/Roadway","","Outdoor","Arm/Pole","Other","N/A","N/A","N/A",null,false,false,false,"N/A","N/A","N/A",{"$nulls":11},277,{"$nulls":3},"AC",{"$nulls":3},"N/A","N/A",null,null,false,0,null,null,"2017-06-19"]
["UNIVERSELITE CO.,LTD.","N/A","LEDBG001-120W55(3000K)",12890,121,106.53,73,2956,12890,121,106.53,73,2956,{"$nulls":5},"Yes - Standard Stocked Product or In-Stores","Luminaire","Area/Roadway","","Outdoor","Wall","Other","N/A","N/A","N/A",null,false,false,false,"N/A","N/A","N/A",{"$nulls":11},120,{"$nulls":3},"AC",{"$nulls":3},"N/A","N/A",null,null,false,0,null,null,"2016-11-16"]
["Shenzhen yaorong technology co.,ltd","YAORONG","YR-BB350-3535-W200-X-Y2-NP(3000K) ",23020,194.8,118.17,73.6,2957,23020,194.8,118.17,73.6,2957,{"$nulls":5},"Yes - Standard Stocked Product or In-Stores","Luminaire","Area/Roadway","","Outdoor","Arm/Pole","Other","N/A","N/A","N/A",null,false,false,false,"N/A","N/A","N/A",{"$nulls":11},120,{"$nulls":3},"AC",{"$nulls":3},"N/A","N/A",null,null,false,0,null,null,"2017-06-19"]
["Philips Lumec","Philips Lumec","SVS-35W16LED3K-G2-LE3",3482,36.44,95.55,71,2957,3482,36.44,95.6,71,2957,{"$nulls":5},"Yes - Made to Order Product","Luminaire","Area/Roadway","","Outdoor","Arm/Pole","Other","N/A","N/A","N/A",null,false,false,false,"N/A","N/A","N/A",{"$nulls":11},120,{"$nulls":3},"AC",{"$nulls":3},"N/A","N/A",null,null,false,0,null,null,"2017-04-17"]
["VANPLEX OPTOELECTRONICS CO LTD","VANPLEX","VPL-STL-240WAN-30K",30946,237.4,130.35,72.7,2957,30946,237.4,130.35,72.7,2957,{"$nulls":5},"Yes - Standard Stocked Product or In-Stores","Luminaire","Area/Roadway","","Outdoor","Arm/Pole","Other","N/A","N/A","N/A",null,false,false,false,"N/A","N/A","N/A",{"$nulls":11},120,{"$nulls":3},"AC",{"$nulls":3},"N/A","N/A",null,null,false,0,null,null,"2016-12-07"]
["Cree, Inc","Cree OSQ Series","OSQ-A-xx-3ME-B-30K-Uxxxxxx",10521.6,86,122.34,70,3000,10521.6,85.7,122.77,71,2957,{"$nulls":5},"Yes - Made to Order Product","Luminaire","Area/Roadway","","Outdoor","Arm/Pole","Other","N/A","N/A","N/A",null,false,false,false,"N/A","N/A","N/A",{"$nulls":3},1360.5,59.04,40.97,0,0,null,null,0.997,120,0.0002,null,5.73,"AC",2,0,2,"N/A","N/A",null,null,false,0,null,null,"2016-09-30"]
["Philips San Marcos Engineering","Philips Gardco","121L-16L-530-WW-3-120",2551,27.69,92.13,70,3000,2551,27.69,92.13,72.4,2957,{"$nulls":5},"Yes - Made to Order Product","Luminaire","Area/Roadway","","Outdoor","Wall","Other","N/A","N/A","N/A",null,false,false,false,"N/A","N/A","N/A",{"$nulls":11},120,{"$nulls":3},"AC",{"$nulls":3},"N/A","N/A",null,null,false,0,null,null,"2016-06-21"]
["Signcomplex","Signcomplex","SB2-100-AW-30K-ZYY",12210,101.6,120.18,82.5,2958,12210,101.6,120.18,82.5,2958,{"$nulls":5},"Yes - Standard Stocked Product or In-Stores","Luminaire","Area/Roadway","","Outdoor","Arm/Pole","Other","N/A","N/A","N/A",null,false,false,false,"N/A","N/A","N/A",{"$nulls":11},120,{"$nulls":3},"AC",{"$nulls":3},"N/A","N/A",null,null,false,0,null,null,"2017-10-26"]
["Shenzhen yaorong technology co.,ltd","YAORONG","YR-PL670D-W250-X-Y1-NP(3000K)",24797,244.5,101.42,73.7,2958,24797,244.5,101.42,73.7,2958,{"$nulls":5},"Yes - Standard Stocked Product or In-Stores","Luminaire","Area/Roadway","","Outdoor","Arm/Pole","Other","N/A","N/A","N/A",null,false,false,false,"N/A","N/A","N/A",{"$nulls":11},120,{"$nulls":3},"AC",{"$nulls":3},"N/A","N/A",null,null,false,0,null,null,"2017-09-11"]
["AOK LED LIGHT COMPANY LIMITED","AOK","AOK-180WIT-HV(D)(3000K)",23371,176.6,132.34,74.6,2958,23371,176.6,132.34,74.6,2958,{"$nulls":5},"Yes - Standard Stocked Product or In-Stores","Luminaire","Area/Roadway","","Outdoor","Arm/Pole","Other","N/A","N/A","N/A",null,false,false,false,"N/A","N/A","N/A",{"$nulls":11},277,{"$nulls":3},"AC",{"$nulls":3},"N/A","N/A",null,null,false,0,null,null,"2017-08-14"]
["Shenzhen yaorong technology co.,ltd","YAORONG","YR-PL670-W250-X-Y1-NP(3000K)",24154,244.5,98.79,73.7,2958,24154,244.5,98.79,73.7,2958,{"$nulls":5},"Yes - Standard Stocked Product or In-Stores","Luminaire","Area/Roadway","","Outdoor","Arm/Pole","Other","N/A","N/A","N/A",null,false,false,false,"N/A","N/A","N/A",{"$nulls":11},120,{"$nulls":3},"AC",{"$nulls":3},"N/A","N/A",null,null,false,0,null,null,"2017-06-14"]
["VANPLEX OPTOELECTRONICS CO LTD","VANPLEX","VPL-STL-90WAN-30K",11950,89.02,134.24,72.7,2958,11950,89.02,134.24,72.7,2958,{"$nulls":5},"Yes - Standard Stocked Product or In-Stores","Luminaire","Area/Roadway","","Outdoor","Arm/Pole","Other","N/A","N/A","N/A",null,false,false,false,"N/A","N/A","N/A",{"$nulls":11},120,{"$nulls":3},"AC",{"$nulls":3},"N/A","N/A",null,null,false,0,null,null,"2016-12-07"]
["VANPLEX OPTOELECTRONICS CO LTD","VANPLEX","VPL-STL-150WAN-30K",20734,152.3,136.14,72.6,2958,20734,152.3,136.14,72.6,2958,{"$nulls":5},"Yes - Standard Stocked Product or In-Stores","Luminaire","Area/Roadway","","Outdoor","Arm/Pole","Other","N/A","N/A","N/A",null,false,false,false,"N/A","N/A","N/A",{"$nulls":11},120,{"$nulls":3},"AC",{"$nulls":3},"N/A","N/A",null,null,false,0,null,null,"2016-12-07"]
["Philips San Marcos Engineering","Philips Gardco","101L-16L-530-WW-G1-3-120",2449,27.64,88.6,70,3000,2449,27.64,88.6,72,2958,{"$nulls":5},"Yes - Made to Order Product","Luminaire","Area/Roadway","","Outdoor","Wall","Other","N/A","N/A","N/A",null,false,false,false,"N/A","N/A","N/A",{"$nulls":11},120,{"$nulls":3},"AC",{"$nulls":3},"N/A","N/A",null,null,false,0,null,null,"2016-06-21"]
["Cree, Inc","Cree OSQ Series","OSQAxx5MES30K-ULxxxxx",17612,217.03,81.15,80,2958,17612,217.03,81.15,80,2958,{"$nulls":5},"Yes - Standard Stocked Product or In-Stores","Luminaire","Area/Roadway","","Outdoor","Arm/Pole","Other","N/A","N/A","N/A",null,false,false,true,"N/A","Click to download","N/A",{"$nulls":4},38.9,61.1,0,0,null,null,0.997,120,-0.001375,8,5.52,"AC",{"$nulls":3},"N/A","N/A",null,null,false,0,null,null,"2014-06-18"]
["NLS Lighting","NLS","NV-2-T4-80L-1-30K-UNV",26080.5,254.36,102.53,73,2959,26080.5,254.36,102.53,73,2959,{"$nulls":5},"Yes - Made to Order Product","Luminaire","Area/Roadway","","Outdoor","Arm/Pole","Other","N/A","N/A","N/A",null,false,false,false,"N/A","N/A","N/A",{"$nulls":11},120,{"$nulls":3},"AC",{"$nulls":3},"N/A","N/A",null,null,false,0,null,null,"2018-02-02"]
["Shenzhen yaorong technology co.,ltd","YAORONG","YR-PL670D-W250-X-Y3-NP(3000K)",24566,223.4,109.96,73.6,2959,24566,223.4,109.96,73.6,2959,{"$nulls":5},"Yes - Standard Stocked Product or In-Stores","Luminaire","Area/Roadway","","Outdoor","Arm/Pole","Other","N/A","N/A","N/A",null,false,false,false,"N/A","N/A","N/A",{"$nulls":11},277,{"$nulls":3},"AC",{"$nulls":3},"N/A","N/A",null,null,false,0,null,null,"2017-09-11"]
["AOK LED LIGHT COMPANY LIMITED","AOK","AOK-265WIT-(D)(3000K)",32954,272.8,120.8,74.4,2959,32954,272.8,120.8,74.4,2959,{"$nulls":5},"Yes - Standard Stocked Product or In-Stores","Luminaire","Area/Roadway","","Outdoor","Arm/Pole","Other","N/A","N/A","N/A",null,false,false,false,"N/A","N/A","N/A",{"$nulls":11},120,{"$nulls":3},"AC",{"$nulls":3},"N/A","N/A",null,null,false,0,null,null,"2017-08-14"]
["Shenzhen yaorong technology co.,ltd","YAORONG","YR-PL670-W250-X-Y3-NP(3000K)",24566,223.4,109.96,73.6,2959,24566,223.4,109.96,73.6,2959,{"$nulls":5},"Yes - Standard Stocked Product or In-Stores","Luminaire","Area/Roadway","","Outdoor","Arm/Pole","Other","N/A","N/A","N/A",null,false,false,false,"N/A","N/A","N/A",{"$nulls":11},277,{"$nulls":3},"AC",{"$nulls":3},"N/A","N/A",null,null,false,0,null,null,"2017-06-14"]
["Philips Lumec","Philips Lumec","GPLS-16L700WW-G2-R2M",3550,37.22,95.38,70.9,2959,3550,37.22,95.38,70.9,2959,{"$nulls":5},"Yes - Made to Order Product","Luminaire","Area/Roadway","","Outdoor","Arm/Pole","Decorative","N/A","N/A","N/A",null,false,false,false,"N/A","N/A","N/A",{"$nulls":11},120,{"$nulls":3},"AC",{"$nulls":3},"N/A","N/A",null,null,false,0,null,null,"2016-09-27"]
["Shenzhen minglight co.,ltd","Minglight","ML-WPA-13W-277V-30K-X",1408.4,12.7,110.9,81.8,3000,1408.4,12.7,110.9,81.8,2960,{"$nulls":5},"Yes - Made to Order Product","Luminaire","Area/Roadway","","Outdoor","Other","Other","N/A","N/A","N/A",null,false,false,false,"N/A","N/A","N/A",{"$nulls":11},120,{"$nulls":3},"AC",{"$nulls":3},"N/A","N/A",null,null,false,0,null,null,"2017-09-25"]
["Shenzhen minglight co.,ltd","Minglight","ML-WPA-13W-277V-3000K-X",1408.4,13,108.34,81.8,3000,1408.4,12.7,110.9,81.8,2960,{"$nulls":5},"Yes - Standard Stocked Product or In-Stores","Luminaire","Area/Roadway","","Outdoor","Wall","Other","N/A","N/A","N/A",null,false,false,false,"N/A","N/A","N/A",{"$nulls":11},120,{"$nulls":3},"AC",{"$nulls":3},"N/A","N/A",null,null,false,0,null,null,"2017-09-20"]
["Shenzhen CGT technology Co.,LTD","CGT","WP-13AS(3000K)",1408.4,12.7,110.9,81.8,3000,1408.4,12.7,110.9,81.8,2960,{"$nulls":5},"Yes - Standard Stocked Product or In-Stores","Luminaire","Area/Roadway","","Outdoor","Other","Other","N/A","N/A","N/A",null,false,false,false,"N/A","N/A","N/A",{"$nulls":11},120,{"$nulls":3},"AC",{"$nulls":3},"N/A","N/A",null,null,false,0,null,null,"2017-09-13"]
["AOK LED LIGHT COMPANY LIMITED","AOK","AOK-180WIT-(D)(3000K)",23975,176.9,135.53,74.6,2960,23975,176.9,135.53,74.6,2960,{"$nulls":5},"Yes - Standard Stocked Product or In-Stores","Luminaire","Area/Roadway","","Outdoor","Arm/Pole","Other","N/A","N/A","N/A",null,false,false,false,"N/A","N/A","N/A",{"$nulls":11},120,{"$nulls":3},"AC",{"$nulls":3},"N/A","N/A",null,null,false,0,null,null,"2017-08-14"]
["Xtralight Manufacturing","XtraLight","VNTW-3500L-30K-DIM-4S-[*]-[*]\nAll Finish\nAll Controls & Options",3234,27.75,116.54054054054055,70.3,2961,3234,27.75,116.54054054054055,70.3,2961,{"$nulls":5},"Yes - Made to Order Product","Luminaire","Area/Roadway","Other","Outdoor","Wall","Decorative","N/A","N/A","N/A",null,false,false,true,"N/A","N/A","N/A",{"$nulls":10},0.997,120,null,null,7.58,"AC",{"$nulls":3},"N/A","N/A",null,null,false,0,null,null,"2018-05-21"]
["Philips Lumec","Philips Lumec","CPLM-55W48LED3K-G2-LE5F",5247,52.36,100.21,70.6,2961,5247,52.36,100.21,70.6,2961,{"$nulls":5},"Yes - Made to Order Product","Luminaire","Area/Roadway","","Outdoor","Arm/Pole","Decorative","N/A","N/A","N/A",null,false,false,false,"N/A","N/A","N/A",{"$nulls":11},120,{"$nulls":3},"AC",{"$nulls":3},"N/A","N/A",null,null,false,0,null,null,"2017-11-06"]
["Shenzhen yaorong technology co.,ltd","YAORONG","YR-PL670D-W250-X-Y2-NP(3000K)",26228,252.4,103.91,73.7,2961,26228,252.4,103.91,73.7,2961,{"$nulls":5},"Yes - Standard Stocked Product or In-Stores","Luminaire","Area/Roadway","","Outdoor","Arm/Pole","Other","N/A","N/A","N/A",null,false,false,false,"N/A","N/A","N/A",{"$nulls":11},120,{"$nulls":3},"AC",{"$nulls":3},"N/A","N/A",null,null,false,0,null,null,"2017-09-11"]
["Vastino LED Lighting(Shenzhen) Co.,Ltd","Vastino","YR-SB150W530-003",16602,151,109.95,84.6,2961,16602,151,109.95,84.6,2961,{"$nulls":5},"Yes - Standard Stocked Product or In-Stores","Luminaire","Area/Roadway","","Outdoor","Arm/Pole","Other","N/A","N/A","N/A",null,false,false,false,"N/A","N/A","N/A",{"$nulls":11},120,{"$nulls":3},"AC",{"$nulls":3},"N/A","N/A",null,null,false,0,null,null,"2017-07-28"]
["Shenzhen yaorong technology co.,ltd","YAORONG","YR-PL670-W250-X-Y2-NP(3000K)",26228,252.4,103.91,73.7,2961,26228,252.4,103.91,73.7,2961,{"$nulls":5},"Yes - Standard Stocked Product or In-Stores","Luminaire","Area/Roadway","","Outdoor","Arm/Pole","Other","N/A","N/A","N/A",null,false,false,false,"N/A","N/A","N/A",{"$nulls":11},120,{"$nulls":3},"AC",{"$nulls":3},"N/A","N/A",null,null,false,0,null,null,"2017-06-28"]
["VANPLEX OPTOELECTRONICS CO LTD","VANPLEX","VPL-STL-60WAN-30K",7885.6,59.38,132.8,72.7,2961,7885.6,59.38,132.8,72.7,2961,{"$nulls":5},"Yes - Standard Stocked Product or In-Stores","Luminaire","Area/Roadway","","Outdoor","Arm/Pole","Other","N/A","N/A","N/A",null,false,false,false,"N/A","N/A","N/A",{"$nulls":11},120,{"$nulls":3},"AC",{"$nulls":3},"N/A","N/A",null,null,false,0,null,null,"2016-12-06"]
["DONGGUAN THAILIGHT SEMICONDUCTOR LIGHTING CO.,LTD.","THAILIGHT","TLFLF803YYZZ(TYPE3)",9257.3,76.77,120.58,84.3,2962,9257.3,76.77,120.58,84.3,2962,{"$nulls":5},"Yes - Standard Stocked Product or In-Stores","Luminaire","Area/Roadway","","Outdoor","Arm/Pole","Other","N/A","N/A","N/A",null,false,false,false,"N/A","N/A","N/A",{"$nulls":11},120,{"$nulls":3},"AC",{"$nulls":3},"N/A","N/A",null,null,false,0,null,null,"2017-09-07"]
["Atlas Lighting Products, Inc.","Atlas Lighting Products, Inc.","WSPL80LED3K",8060,76.03,106.01,82.4,2962,8060,76.03,106.01,82.4,2962,{"$nulls":5},"Yes - Standard Stocked Product or In-Stores","Luminaire","Area/Roadway","","Outdoor","Wall","Other","N/A","N/A","N/A",null,false,false,false,"N/A","N/A","N/A",{"$nulls":10},0.997,120,-0.00081,5,6.81,"AC",{"$nulls":3},"N/A","N/A",null,null,false,0,null,null,"2017-08-29"]
["UNIVERSELITE CO.,LTD.","N/A","LEDBG001-60W30(3000K)",6341.5,57.32,110.63,73.1,2962,6341.5,57.32,110.63,73.1,2962,{"$nulls":5},"Yes - Standard Stocked Product or In-Stores","Luminaire","Area/Roadway","","Outdoor","Wall","Other","N/A","N/A","N/A",null,false,false,false,"N/A","N/A","N/A",{"$nulls":11},120,{"$nulls":3},"AC",{"$nulls":3},"N/A","N/A",null,null,false,0,null,null,"2016-11-16"]
["PLANLED","GigaTera","SF800-C3015",74250,723.69,102.6,80,3000,74250,723.69,102.6,80,2962,{"$nulls":5},"Yes - Made to Order Product","Luminaire","Area/Roadway","","Outdoor","Arm/Pole","","N/A","N/A","N/A",null,false,false,false,"N/A","N/A","N/A",null,null,12.1,null,99.8,0.2,0,0,0.22,0.2,0.9879,347,1.75E-3,4.3,3.79,"AC",{"$nulls":3},"N/A","N/A",null,null,true,25000,97.85,25,"2014-09-25"]
["Shenzhen yaorong technology co.,ltd","YAORONG "," YR-PL345-W080-X-Y5-P(3000K)",8647.3,80.18,107.85,73.6,2963,8647.3,80.18,107.85,73.6,2963,{"$nulls":5},"Yes - Standard Stocked Product or In-Stores","Luminaire","Area/Roadway","","Outdoor","Arm/Pole","Other","N/A","N/A","N/A",null,false,false,false,"N/A","N/A","N/A",{"$nulls":11},120,{"$nulls":3},"AC",{"$nulls":3},"N/A","N/A",null,null,false,0,null,null,"2017-05-09"]
["UNIVERSELITE CO.,LTD.","N/A","LEDBG001-80W40(3000K)",8690.5,81.41,106.75,73,2963,8690.5,81.41,106.75,73,2963,{"$nulls":5},"Yes - Standard Stocked Product or In-Stores","Luminaire","Area/Roadway","","Outdoor","Wall","Other","N/A","N/A","N/A",null,false,false,false,"N/A","N/A","N/A",{"$nulls":11},120,{"$nulls":3},"AC",{"$nulls":3},"N/A","N/A",null,null,false,0,null,null,"2016-11-15"]
["Sterno Home Inc.","Patriot Lighting","U000-1833, MN20520BK",750,11.3,66.37,81,3000,774,11.3,68.5,81,2963,{"$nulls":5},"Yes - Standard Stocked Product or In-Stores","Luminaire","Area/Roadway","","Outdoor","Wall","Decorative","N/A","N/A","N/A",null,false,false,false,"N/A","N/A","N/A",{"$nulls":10},0.727,120,{"$nulls":3},"AC",{"$nulls":3},"N/A","N/A",null,null,false,0,null,null,"2016-07-25"]
["Landscape Forms Inc.","Landscape Forms, Inc","Ashbery Pedestrian Type 3",2162,47,46,84,3000,2174,46.86,46.3,84.2,2963,{"$nulls":5},"Yes - Made to Order Product","Luminaire","Area/Roadway","","Outdoor","Post top","Decorative","N/A","N/A","N/A",null,false,false,false,"N/A","N/A","N/A",84,99,{"$nulls":9},120,{"$nulls":3},"AC",{"$nulls":3},"N/A","N/A",null,null,true,36000,93.29,25,"2016-07-11"]
["Shenzhen yaorong technology co.,ltd","YAORONG","YR-PL290-W050-X-Y3(3000K)",5237.5,50,104.75,70,3000,5237.5,50.53,103.65,72.7,2964,{"$nulls":5},"Yes - Standard Stocked Product or In-Stores","Luminaire","Area/Roadway","","Outdoor","Other","Other","N/A","N/A","N/A",null,false,false,false,"N/A","N/A","N/A",{"$nulls":11},277.1,{"$nulls":3},"AC",{"$nulls":3},"N/A","N/A",null,null,false,0,null,null,"2017-09-13"]
["Vastino LED Lighting(Shenzhen) Co.,Ltd","Vastino","YRWP-60530-001",7242.4,61.21,118.32,83.4,2964,7242.4,61.21,118.32,83.4,2964,{"$nulls":5},"Yes - Standard Stocked Product or In-Stores","Luminaire","Area/Roadway","","Outdoor","Wall","Other","N/A","N/A","N/A",null,false,false,false,"N/A","N/A","N/A",{"$nulls":11},120,{"$nulls":3},"AC",{"$nulls":3},"N/A","N/A",null,null,false,0,null,null,"2017-08-28"]
["AOK LED LIGHT COMPANY LIMITED","AOK","AOK-225WIT-HV(D)(3000K)",27360,221.8,123.35,74.6,2964,27360,221.8,123.35,74.6,2964,{"$nulls":5},"Yes - Standard Stocked Product or In-Stores","Luminaire","Area/Roadway","","Outdoor","Arm/Pole","Other","N/A","N/A","N/A",null,false,false,false,"N/A","N/A","N/A",{"$nulls":11},277,{"$nulls":3},"AC",{"$nulls":3},"N/A","N/A",null,null,false,0,null,null,"2017-08-14"]
["Shenzhen yaorong technology co.,ltd","YAORONG ","YR-PL345-W100-X-Y5-P(3000K)",10529,100.9,104.35,73.8,2964,10529,100.9,104.35,73.8,2964,{"$nulls":5},"Yes - Standard Stocked Product or In-Stores","Luminaire","Area/Roadway","","Outdoor","Arm/Pole","Other","N/A","N/A","N/A",null,false,false,false,"N/A","N/A","N/A",{"$nulls":11},120,{"$nulls":3},"AC",{"$nulls":3},"N/A","N/A",null,null,false,0,null,null,"2017-05-09"]
["VANPLEX OPTOELECTRONICS CO LTD","VANPLEX","VPL-STL-180WAN-30K",24068,177.7,135.44,72.7,2964,24068,177.7,135.44,72.7,2964,{"$nulls":5},"Yes - Standard Stocked Product or In-Stores","Luminaire","Area/Roadway","","Outdoor","Arm/Pole","Other","N/A","N/A","N/A",null,false,false,false,"N/A","N/A","N/A",{"$nulls":11},120,{"$nulls":3},"AC",{"$nulls":3},"N/A","N/A",null,null,false,0,null,null,"2016-12-07"]
["Cree, Inc","Cree XSPW Series","XSPW-A-0-2-30K-G-U-S",2745,25,109.8,70,3000,2745,24.8,110.69,71,2965,{"$nulls":5},"Yes - Made to Order Product","Luminaire","Area/Roadway","","Outdoor","Wall","Other","N/A","N/A","N/A",null,false,false,false,"N/A","N/A","N/A",{"$nulls":3},370,57.4,42.38,0.14,0.11,1.2,1.4,0.997,120,1.9E-3,null,6.19,"AC",3,null,1,"N/A","N/A",null,null,false,0,null,null,"2017-12-07"]
["Shenzhen yaorong technology co.,ltd","YAORONG","YR-PL290-W050-X-Y2 (3000K)",5240.3,50,104.81,70,3000,5240.3,50.8,103.062,72.8,2965,{"$nulls":5},"Yes - Standard Stocked Product or In-Stores","Luminaire","Area/Roadway","","Outdoor","Other","Other","N/A","N/A","N/A",null,false,false,false,"N/A","N/A","N/A",{"$nulls":11},120,{"$nulls":3},"AC",{"$nulls":3},"N/A","N/A",null,null,false,0,null,null,"2017-09-13"]
["AOK LED LIGHT COMPANY LIMITED","AOK","AOK-265WIT-HV(D)(3000K)",30108,257.4,116.97,74.5,2965,30108,257.4,116.97,74.5,2965,{"$nulls":5},"Yes - Standard Stocked Product or In-Stores","Luminaire","Area/Roadway","","Outdoor","Arm/Pole","Other","N/A","N/A","N/A",null,false,false,false,"N/A","N/A","N/A",{"$nulls":11},277,{"$nulls":3},"AC",{"$nulls":3},"N/A","N/A",null,null,false,0,null,null,"2017-08-14"]
["AOK LED LIGHT COMPANY LIMITED","AOK","AOK-225WIT-(D)(3000K)",29391,233.8,125.71,74.5,2965,29391,233.8,125.71,74.5,2965,{"$nulls":5},"Yes - Standard Stocked Product or In-Stores","Luminaire","Area/Roadway","","Outdoor","Arm/Pole","Other","N/A","N/A","N/A",null,false,false,false,"N/A","N/A","N/A",{"$nulls":11},120,{"$nulls":3},"AC",{"$nulls":3},"N/A","N/A",null,null,false,0,null,null,"2017-08-14"]
["AOK LED LIGHT COMPANY LIMITED","AOK","AOK-150WIT-HV(D)(3000K)",18026,149.1,120.9,74.2,2965,18026,149.1,120.9,74.2,2965,{"$nulls":5},"Yes - Standard Stocked Product or In-Stores","Luminaire","Area/Roadway","","Outdoor","Arm/Pole","Other","N/A","N/A","N/A",null,false,false,false,"N/A","N/A","N/A",{"$nulls":11},277,{"$nulls":3},"AC",{"$nulls":3},"N/A","N/A",null,null,false,0,null,null,"2017-08-14"]
["Landscape Forms Inc.","Landscape Forms Inc","Ashbery Wall Mount",902,22,41,82,3000,902,21.76,41.5,82.1,2965,{"$nulls":5},"Yes - Made to Order Product","Luminaire","Area/Roadway","","Outdoor","Wall","Decorative","N/A","N/A","N/A",null,false,false,false,"N/A","N/A","N/A",83,94,{"$nulls":9},120,{"$nulls":3},"AC",{"$nulls":3},"N/A","N/A",null,null,true,36000,91.13,25,"2016-07-11"]
["King Luminaire Inc","King Luminaire","K189-R1AR-III-40(SSL)1042",2692,38.72,69.5,72,2965,2692,38.72,69.5,72,2965,{"$nulls":5},"Yes - Made to Order Product","Luminaire","Area/Roadway","","Outdoor","Post top","Decorative","N/A","N/A","N/A",null,false,false,false,"N/A","N/A","N/A",{"$nulls":11},120,{"$nulls":3},"AC",{"$nulls":3},"N/A","N/A",null,null,false,0,null,null,"2015-08-28"]
["Future Energy Solutions","FUTURE ENERGY SOLUTIONS","FL-2152-220",23725,216.36,109.66,73.2,3000,23725,216.36,109.66,73.2,2966,{"$nulls":5},"Yes - Standard Stocked Product or In-Stores","Luminaire","Area/Roadway","","Outdoor","Arm/Pole","Other","N/A","N/A","N/A",null,false,false,false,"N/A","N/A","N/A",{"$nulls":11},120,{"$nulls":3},"AC",{"$nulls":3},"N/A","N/A",null,null,false,0,null,null,"2017-10-24"]
["Shenzhen yaorong technology co.,ltd","YAORONG","YR-BB350-3535-W100-hb-Y2-NP(5000K)",12258,111.5,109.94,73.4,2966,12258,111.5,109.94,73.4,2966,{"$nulls":5},"Yes - Standard Stocked Product or In-Stores","Luminaire","Area/Roadway","","Outdoor","Arm/Pole","Other","N/A","N/A","N/A",null,false,false,false,"N/A","N/A","N/A",{"$nulls":11},120,{"$nulls":3},"AC",{"$nulls":3},"N/A","N/A",null,null,false,0,null,null,"2017-06-15"]
["SNC OPTO ELECTRONIC CO.,LTD","SNC LED","SNC-WP4-60WA1 3000K",7280.4,64.42,113.01,81.9,2966,7280.4,64.42,113.01,81.9,2966,{"$nulls":5},"Yes - Standard Stocked Product or In-Stores","Luminaire","Area/Roadway","","Outdoor","Wall","Other","N/A","N/A","N/A",null,false,false,false,"N/A","N/A","N/A",{"$nulls":11},120,{"$nulls":3},"AC",{"$nulls":3},"N/A","N/A",null,null,false,0,null,null,"2017-03-30"]
["Shenzhen Bingxia Technology Co.,Ltd","RISELITE","RL-CN-040W-A-LV-D-WW",4343,43.22,100.49,73.2,2966,4343,43.22,100.49,73.2,2966,{"$nulls":5},"Yes - Standard Stocked Product or In-Stores","Luminaire","Parking Garage","","Indoor - Outdoor","Surface","","N/A","N/A","N/A",null,false,false,false,"N/A","N/A","N/A",{"$nulls":11},120,0,0,null,"AC",{"$nulls":3},"N/A","N/A",null,null,false,0,null,null,"2016-07-11"]
["Beacon Products","Beacon Products","VPS-36L-65-3K7-5W-UNV",6541,59.95,109.11,73.2,2967,6541,59.92,109.11,73.2,2967,{"$nulls":5},"Yes - Made to Order Product","Luminaire","Area/Roadway","","Outdoor","Arm/Pole - Wall","Other","N/A","N/A","N/A",null,false,false,false,"N/A","N/A","N/A",{"$nulls":11},120,{"$nulls":3},"AC",{"$nulls":3},"N/A","N/A",null,null,false,0,null,null,"2017-06-26"]
["Shenzhen yaorong technology co.,ltd","YAORONG","YR-BB520-3535-W300-hb-Y2-NP(3000K)",33626,284.4,118.23,73.7,2967,33626,284.4,118.23,73.7,2967,{"$nulls":5},"Yes - Standard Stocked Product or In-Stores","Luminaire","Area/Roadway","","Outdoor","Arm/Pole","Other","N/A","N/A","N/A",null,false,false,false,"N/A","N/A","N/A",{"$nulls":11},120,{"$nulls":3},"AC",{"$nulls":3},"N/A","N/A",null,null,false,0,null,null,"2017-06-19"]
["Shenzhen yaorong technology co.,ltd","YAORONG","YR-BB350-3535-W100-hb-Y1-NP(3000K)",11272,97.58,115.52,73.4,2967,11272,97.58,115.52,73.4,2967,{"$nulls":5},"Yes - Standard Stocked Product or In-Stores","Luminaire","Area/Roadway","","Outdoor","Arm/Pole","Other","N/A","N/A","N/A",null,false,false,false,"N/A","N/A","N/A",{"$nulls":11},120,{"$nulls":3},"AC",{"$nulls":3},"N/A","N/A",null,null,false,0,null,null,"2017-06-15"]
["Shenzhen yaorong technology co.,ltd","YAORONG","YR-PL275-3535-W080-X-Y1-NP-NM(3000K)",9033.6,77.4,116.71,73.1,3000,9033.6,77.4,116.71,73.1,2967,{"$nulls":5},"Yes - Standard Stocked Product or In-Stores","Luminaire","Area/Roadway","","Outdoor","Arm/Pole","Other","N/A","N/A","N/A",null,false,false,false,"N/A","N/A","N/A",{"$nulls":11},120,{"$nulls":3},"AC",{"$nulls":3},"N/A","N/A",null,null,false,0,null,null,"2017-05-03"]
["Shenzhen yaorong technology co.,ltd","YAORONG","YR-WL90-W048-B (3000K)",4849.1,49.32,98.32,73.3,2967,4849.1,49.32,98.32,73.3,2967,{"$nulls":5},"Yes - Standard Stocked Product or In-Stores","Luminaire","Area/Roadway","","Outdoor","Wall","Other","N/A","N/A","N/A",null,false,false,false,"N/A","N/A","N/A",{"$nulls":11},120,{"$nulls":3},"AC",{"$nulls":3},"N/A","N/A",null,null,false,0,null,null,"2016-11-22"]
["Philips Lumec","Philips Lumec","RFM-72W32LED3K-T-R3M",7116,72.3,98.42,70.9,2967,7116,72.3,98.42,70.9,2967,{"$nulls":5},"Yes - Made to Order Product","Luminaire","Area/Roadway","","Outdoor","Arm/Pole","Decorative","N/A","N/A","N/A",null,false,false,false,"N/A","N/A","N/A",{"$nulls":11},120,{"$nulls":3},"AC",{"$nulls":3},"N/A","N/A",null,null,false,0,null,null,"2016-10-04"]
["WISTA LIGHTING TECHNOLOGY CO.,LTD","N/A","WST-SBL-1-100W(3000K)",12056,99.86,120.73,73.8,2967,12056,99.86,120.73,73.8,2967,{"$nulls":5},"Yes - Standard Stocked Product or In-Stores","Luminaire","Area/Roadway","","Outdoor","Arm/Pole","Other","N/A","N/A","N/A",null,false,false,false,"N/A","N/A","N/A",{"$nulls":11},120,{"$nulls":3},"AC",{"$nulls":3},"N/A","N/A",null,null,false,0,null,null,"2016-08-30"]
["DONGGUAN THAILIGHT SEMICONDUCTOR LIGHTING CO.,LTD.","THAILIGHT","TLFLL100P3YYZZ-TYPE4T",12770,98.24,129.99,73.5,2968,12770,98.24,129.99,73.5,2968,{"$nulls":5},"Yes - Standard Stocked Product or In-Stores","Luminaire","Area/Roadway","","Outdoor","Arm/Pole - Post top","Other","N/A","N/A","N/A",null,false,false,false,"N/A","N/A","N/A",{"$nulls":11},120,{"$nulls":3},"AC",{"$nulls":3},"N/A","N/A",null,null,false,0,null,null,"2017-12-06"]
["Shenzhen minglight co.,ltd","Minglight","ML-PL01-200W-277V-30K-XXDX",23430.62,206.31,113.57,83.2,3000,23430.627,206.31,113.57,83.2,2968,{"$nulls":5},"Yes - Standard Stocked Product or In-Stores","Luminaire","Area/Roadway","","Outdoor","Arm/Pole - Surface","Other","N/A","N/A","N/A",null,false,false,false,"N/A","N/A","N/A",{"$nulls":11},120,{"$nulls":3},"AC",{"$nulls":3},"N/A","N/A",null,null,false,0,null,null,"2017-10-04"]
["Shenzhen yaorong technology co.,ltd","YAORONG","YR-BB520-3535-W300-hb-Y3-NP(3000K)",33717,282.6,119.31,73.7,2968,33717,282.6,119.31,73.7,2968,{"$nulls":5},"Yes - Standard Stocked Product or In-Stores","Luminaire","Area/Roadway","","Outdoor","Arm/Pole","Other","N/A","N/A","N/A",null,false,false,false,"N/A","N/A","N/A",{"$nulls":11},277,{"$nulls":3},"AC",{"$nulls":3},"N/A","N/A",null,null,false,0,null,null,"2017-06-19"]
["Shenzhen yaorong technology co.,ltd","YAORONG","YR-ST295H-W090-N-C(3000K)",10534,91.03,115.72,74,2968,10534,91.03,115.72,74,2968,{"$nulls":5},"Yes - Standard Stocked Product or In-Stores","Luminaire","Area/Roadway","","Outdoor","Arm/Pole","Other","N/A","N/A","N/A",null,false,false,false,"N/A","N/A","N/A",{"$nulls":11},277,{"$nulls":3},"AC",{"$nulls":3},"N/A","N/A",null,null,false,0,null,null,"2016-04-05"]
["DONGGUAN THAILIGHT SEMICONDUCTOR LIGHTING CO.,LTD.","THAILIGHT","TLFLL300P3YYZZ-90120M",40413,305.2,132.41,73.2,2969,40413,305.2,132.41,73.2,2969,{"$nulls":5},"Yes - Standard Stocked Product or In-Stores","Luminaire","Area/Roadway","","Outdoor","Arm/Pole","Other","N/A","N/A","N/A",null,false,false,false,"N/A","N/A","N/A",{"$nulls":11},120,{"$nulls":3},"AC",{"$nulls":3},"N/A","N/A",null,null,false,0,null,null,"2018-03-13"]
["DONGGUAN THAILIGHT SEMICONDUCTOR LIGHTING CO.,LTD.","THAILIGHT","TLFLL230P3YYZZ-90120M",28752,233.3,123.24,73,2969,28752,233.3,123.24,73,2969,{"$nulls":5},"Yes - Standard Stocked Product or In-Stores","Luminaire","Area/Roadway","","Outdoor","Arm/Pole","Other","N/A","N/A","N/A",null,false,false,false,"N/A","N/A","N/A",{"$nulls":11},120,{"$nulls":3},"AC",{"$nulls":3},"N/A","N/A",null,null,false,0,null,null,"2018-02-16"]
["Juno Lighting, LLC","LITHONIA LIGHTING","KAX2 LED P3 30K R3 XXXXX XXX XXXXX",44922,372.5,120.6,70.37,3000,44922,372.5,120.6,70.37,2969,{"$nulls":5},"Not yet commercially available","Luminaire","Area/Roadway","","Outdoor","Arm/Pole","Other - Decorative","N/A","N/A","N/A",null,false,false,false,"N/A","N/A","N/A",{"$nulls":11},120,{"$nulls":3},"AC",{"$nulls":3},"N/A","N/A",null,null,false,0,null,null,"2018-01-09"]
["Philips Lumec","Philips Lumec","CPLS-35W32LED3K-G2-LE3F",3531,36.03,98,70.8,2969,3531,36.03,98,70.8,2969,{"$nulls":5},"Yes - Made to Order Product","Luminaire","Area/Roadway","","Outdoor","Arm/Pole","Decorative","N/A","N/A","N/A",null,false,false,false,"N/A","N/A","N/A",{"$nulls":11},120,{"$nulls":3},"AC",{"$nulls":3},"N/A","N/A",null,null,false,0,null,null,"2017-11-06"]
["Shenzhen yaorong technology co.,ltd","YAORONG","YR-PL275-3535-W080-X-Y3-NP-NM(3000K)",8884.3,75.98,116.93,73.1,3000,8884.3,75.98,116.93,73.1,2969,{"$nulls":5},"Yes - Standard Stocked Product or In-Stores","Luminaire","Area/Roadway","","Outdoor","Arm/Pole","Other","N/A","N/A","N/A",null,false,false,false,"N/A","N/A","N/A",{"$nulls":11},277,{"$nulls":3},"AC",{"$nulls":3},"N/A","N/A",null,null,false,0,null,null,"2017-05-03"]
["S LITE CO.,LTD","S LITE","FL205-HV-0402-70-30K-T5s-PM-L-SL-CR",4525.3,35.04,129.15,72.6,2969,4525.3,35.04,129.15,72.6,2969,{"$nulls":5},"Yes - Standard Stocked Product or In-Stores","Luminaire","Area/Roadway","","Outdoor","Arm/Pole","Other","N/A","N/A","N/A",null,false,false,false,"N/A","N/A","N/A",{"$nulls":11},347,{"$nulls":3},"AC",{"$nulls":3},"N/A","N/A",null,null,false,0,null,null,"2016-10-04"]
["Shenzhen Syhdee Manufactory Co.,Ltd.","SYHDEE","SYH-WP75X(3000K)",5700,75,76,83,3000,5768,70.62,81.68,83.3,2969,{"$nulls":5},"Yes - Made to Order Product","Luminaire","Area/Roadway","","Outdoor","Wall","Other","N/A","N/A","N/A",null,false,false,false,"N/A","N/A","N/A",{"$nulls":11},120,{"$nulls":3},"AC",{"$nulls":3},"N/A","N/A",null,null,false,0,null,null,"2016-08-30"]
["Ultron Industries Corp.","Ultron","U-ARALS-35-50",4331,35.23,122.93,71.8,3000,4331,35.23,122.9,72,2969,{"$nulls":5},"Yes - Standard Stocked Product or In-Stores","Luminaire","Area/Roadway","","Outdoor","Arm/Pole","Other","N/A","N/A","N/A",null,false,false,false,"N/A","N/A","N/A",{"$nulls":10},0.995,120,1E-3,null,null,"AC",{"$nulls":3},"N/A","N/A",null,null,false,0,null,null,"2016-04-15"]
["Cree, Inc","Cree XSP Series","BXSPCHT3MEE30K-UxxxQ4",5918.1,73.18,80.87,81,2969,5918.1,73.18,80.87,81,2969,{"$nulls":5},"Yes - Made to Order Product","Luminaire","Area/Roadway","","Outdoor","Arm/Pole","Other","N/A","N/A","N/A",null,false,false,true,"N/A","N/A","N/A",{"$nulls":4},68.4,31.6,0,0,null,null,0.99,120,-0.0003,8,6.31,"AC",{"$nulls":3},"N/A","N/A",null,null,false,0,null,null,"2014-12-22"]
["Ningbo UTEC Electric Co., Ltd","LUTEC","2502",760,13,58.46,84.2,3000,769.5,12.5,61.56,84.2,2970,{"$nulls":5},"Yes - Standard Stocked Product or In-Stores","Luminaire","Area/Roadway","","Outdoor","Wall","Other","N/A","N/A","N/A",null,false,false,false,"N/A","N/A","N/A",{"$nulls":11},120,{"$nulls":3},"AC",{"$nulls":3},"N/A","N/A",null,null,false,0,null,null,"2017-11-01"]
["Shenzhen minglight co.,ltd","Minglight","ML-PL01-300W-277V-30K-XXDX",33516.18,302.9,110.65,83.4,3000,33516.188,302.9,110.651,83.4,2970,{"$nulls":5},"Yes - Standard Stocked Product or In-Stores","Luminaire","Area/Roadway","","Outdoor","Arm/Pole - Surface","Other","N/A","N/A","N/A",null,false,false,false,"N/A","N/A","N/A",{"$nulls":11},120,{"$nulls":3},"AC",{"$nulls":3},"N/A","N/A",null,null,false,0,null,null,"2017-10-04"]
["Shenzhen yaorong technology co.,ltd","YAORONG","YR-PL290-W050-X-Y10(3000K)",5357.2,51.2,104.63,70,3000,5357.2,51.2,104.62,72.8,2970,{"$nulls":5},"Yes - Standard Stocked Product or In-Stores","Luminaire","Area/Roadway","","Outdoor","Other","Other","N/A","N/A","N/A",null,false,false,false,"N/A","N/A","N/A",{"$nulls":11},120,{"$nulls":3},"AC",{"$nulls":3},"N/A","N/A",null,null,false,0,null,null,"2017-09-13"]
["Shenzhen yaorong technology co.,ltd","YAORONG","YR-L290-W050-X-Y9(3000K)",5235.2,50,104.7,70,3000,5235.2,50.1,104.5,72.7,2970,{"$nulls":5},"Yes - Standard Stocked Product or In-Stores","Luminaire","Area/Roadway","","Outdoor","Other","Other","N/A","N/A","N/A",null,false,false,false,"N/A","N/A","N/A",{"$nulls":11},277,{"$nulls":3},"AC",{"$nulls":3},"N/A","N/A",null,null,false,0,null,null,"2017-09-13"]
["SNC OPTO ELECTRONIC CO.,LTD","SNC LED","SNC-WP03-15WC1 3000K",1783,14.93,119.42,82,2970,1783,14.93,119.43,82,2970,{"$nulls":5},"Yes - Standard Stocked Product or In-Stores","Luminaire","Area/Roadway","","Outdoor","Wall","Decorative","N/A","N/A","N/A",null,false,false,false,"N/A","N/A","N/A",{"$nulls":11},120,{"$nulls":3},"AC",{"$nulls":3},"N/A","N/A",null,null,false,0,null,null,"2017-04-11"]
["Philips Lumec","PHILIPS HADCO","TXF932G2NAKL5WA7NSP1N",7324,72,101.72,70,3000,7324,71.13,103,70.9,2970,{"$nulls":5},"Yes - Made to Order Product","Luminaire","Area/Roadway","","Outdoor","Arm/Pole","Decorative","N/A","N/A","N/A",null,false,false,false,"N/A","N/A","N/A",{"$nulls":11},120,{"$nulls":3},"AC",{"$nulls":3},"N/A","N/A",null,null,false,0,null,null,"2016-09-07"]
["WISTA LIGHTING TECHNOLOGY CO.,LTD","N/A","WST-SBL-1-200W(3000K)",22543,206.6,109.11,73.8,2970,22543,206.6,109.11,73.8,2970,{"$nulls":5},"Yes - Standard Stocked Product or In-Stores","Luminaire","Area/Roadway","","Outdoor","Arm/Pole","Other","N/A","N/A","N/A",null,false,false,false,"N/A","N/A","N/A",{"$nulls":11},120,{"$nulls":3},"AC",{"$nulls":3},"N/A","N/A",null,null,false,0,null,null,"2016-08-29"]
["ABOVE ALL LIGHTING INC.","ABOVE ALL","MPT75301-V",8625,75,115,80,3000,3742.6,34.9,107.2,80.9,2971,{"$nulls":5},"Yes - Standard Stocked Product or In-Stores","Luminaire","Area/Roadway","","Outdoor","Arm/Pole","Other","N/A","N/A","N/A",null,false,false,false,"N/A","N/A","N/A",{"$nulls":10},0.9,120,{"$nulls":3},"AC",{"$nulls":3},"N/A","N/A",null,null,false,0,null,null,"2017-08-30"]
["ABOVE ALL LIGHTING INC.","ABOVE ALL","MPT75351-V",8700,75,116,80,3500,3742.6,34.9,107.2,80.9,2971,{"$nulls":5},"Yes - Standard Stocked Product or In-Stores","Luminaire","Area/Roadway","","Outdoor","Arm/Pole","Other","N/A","N/A","N/A",null,false,false,false,"N/A","N/A","N/A",{"$nulls":10},0.9,120,{"$nulls":3},"AC",{"$nulls":3},"N/A","N/A",null,null,false,0,null,null,"2017-08-30"]
["ABOVE ALL LIGHTING INC.","ABOVE ALL","MPT75401-V",8850,75,118,80,4000,3742.6,34.9,107.2,80.9,2971,{"$nulls":5},"Yes - Standard Stocked Product or In-Stores","Luminaire","Area/Roadway","","Outdoor","Arm/Pole","Other","N/A","N/A","N/A",null,false,false,false,"N/A","N/A","N/A",{"$nulls":10},0.9,120,{"$nulls":3},"AC",{"$nulls":3},"N/A","N/A",null,null,false,0,null,null,"2017-08-30"]
["ABOVE ALL LIGHTING INC.","ABOVE ALL","MPT75501-V",9000,75,120,80,5000,3742.6,34.9,107.2,80.9,2971,{"$nulls":5},"Yes - Standard Stocked Product or In-Stores","Luminaire","Area/Roadway","","Outdoor","Arm/Pole","Other","N/A","N/A","N/A",null,false,false,false,"N/A","N/A","N/A",{"$nulls":10},0.9,120,{"$nulls":3},"AC",{"$nulls":3},"N/A","N/A",null,null,false,0,null,null,"2017-08-30"]
["ABOVE ALL LIGHTING INC.","ABOVE ALL","MPT50351-V",5850,50,117,80,3500,3742.6,34.9,107.2,80.9,2971,{"$nulls":5},"Yes - Standard Stocked Product or In-Stores","Luminaire","Area/Roadway","","Outdoor","Arm/Pole","Other","N/A","N/A","N/A",null,false,false,false,"N/A","N/A","N/A",{"$nulls":10},0.9,120,{"$nulls":3},"AC",{"$nulls":3},"N/A","N/A",null,null,false,0,null,null,"2017-08-30"]
["ABOVE ALL LIGHTING INC.","ABOVE ALL","MPT50401-V",5950,50,119,80,4000,3742.6,34.9,107.2,80.9,2971,{"$nulls":5},"Yes - Standard Stocked Product or In-Stores","Luminaire","Area/Roadway","","Outdoor","Arm/Pole","Other","N/A","N/A","N/A",null,false,false,false,"N/A","N/A","N/A",{"$nulls":10},0.9,120,{"$nulls":3},"AC",{"$nulls":3},"N/A","N/A",null,null,false,0,null,null,"2017-08-30"]
["ABOVE ALL LIGHTING INC.","ABOVE ALL","MPT50501-V",6050,50,121,80,5000,3742.6,34.9,107.2,80.9,2971,{"$nulls":5},"Yes - Standard Stocked Product or In-Stores","Luminaire","Area/Roadway","","Outdoor","Arm/Pole","Other","N/A","N/A","N/A",null,false,false,false,"N/A","N/A","N/A",{"$nulls":10},0.9,120,{"$nulls":3},"AC",{"$nulls":3},"N/A","N/A",null,null,false,0,null,null,"2017-08-30"]
["ABOVE ALL LIGHTING INC.","ABOVE ALL","MPT50401-III",5750,50,115,80,4000,3742.6,34.9,107.2,80.9,2971,{"$nulls":5},"Yes - Standard Stocked Product or In-Stores","Luminaire","Area/Roadway","","Outdoor","Arm/Pole","Other","N/A","N/A","N/A",null,false,false,false,"N/A","N/A","N/A",{"$nulls":10},0.9,120,{"$nulls":3},"AC",{"$nulls":3},"N/A","N/A",null,null,false,0,null,null,"2017-08-30"]
["ABOVE ALL LIGHTING INC.","ABOVE ALL","MPT50501-III",5850,50,117,80,5000,3742.6,34.9,107.2,80.9,2971,{"$nulls":5},"Yes - Standard Stocked Product or In-Stores","Luminaire","Area/Roadway","","Outdoor","Arm/Pole","Other","N/A","N/A","N/A",null,false,false,false,"N/A","N/A","N/A",{"$nulls":10},0.9,120,{"$nulls":3},"AC",{"$nulls":3},"N/A","N/A",null,null,false,0,null,null,"2017-08-30"]
["ABOVE ALL LIGHTING INC.","ABOVE ALL","MPT50301-V",5800,50,116,80,3000,3742.6,34.9,107.2,80.9,2971,{"$nulls":5},"Yes - Standard Stocked Product or In-Stores","Luminaire","Area/Roadway","","Outdoor","Arm/Pole","Other","N/A","N/A","N/A",null,false,false,false,"N/A","N/A","N/A",{"$nulls":10},0.9,120,{"$nulls":3},"AC",{"$nulls":3},"N/A","N/A",null,null,false,0,null,null,"2017-08-30"]
["ABOVE ALL LIGHTING INC.","ABOVE ALL","MPT35501-V",4095,35,117,80,5000,3742.6,34.9,107.2,80.9,2971,{"$nulls":5},"Yes - Standard Stocked Product or In-Stores","Luminaire","Area/Roadway","","Outdoor","Arm/Pole","Other","N/A","N/A","N/A",null,false,false,false,"N/A","N/A","N/A",{"$nulls":10},0.9,120,{"$nulls":3},"AC",{"$nulls":3},"N/A","N/A",null,null,false,0,null,null,"2017-08-30"]
["ABOVE ALL LIGHTING INC.","ABOVE ALL","MPT50301-III",5650,50,113,80,3000,3742.6,34.9,107.2,80.9,2971,{"$nulls":5},"Yes - Standard Stocked Product or In-Stores","Luminaire","Area/Roadway","","Outdoor","Arm/Pole","Other","N/A","N/A","N/A",null,false,false,false,"N/A","N/A","N/A",{"$nulls":10},0.9,120,{"$nulls":3},"AC",{"$nulls":3},"N/A","N/A",null,null,false,0,null,null,"2017-08-30"]
["ABOVE ALL LIGHTING INC.","ABOVE ALL","MPT50351-III",5700,50,114,80,3500,3742.6,34.9,107.2,80.9,2971,{"$nulls":5},"Yes - Standard Stocked Product or In-Stores","Luminaire","Area/Roadway","","Outdoor","Arm/Pole","Other","N/A","N/A","N/A",null,false,false,false,"N/A","N/A","N/A",{"$nulls":10},0.9,120,{"$nulls":3},"AC",{"$nulls":3},"N/A","N/A",null,null,false,0,null,null,"2017-08-30"]
["ABOVE ALL LIGHTING INC.","ABOVE ALL","MPT35301-V",3920,35,112,80,3000,3742.6,34.9,107.2,80.9,2971,{"$nulls":5},"Yes - Standard Stocked Product or In-Stores","Luminaire","Area/Roadway","","Outdoor","Arm/Pole","Other","N/A","N/A","N/A",null,false,false,false,"N/A","N/A","N/A",{"$nulls":10},0.9,120,{"$nulls":3},"AC",{"$nulls":3},"N/A","N/A",null,null,false,0,null,null,"2017-08-30"]
["ABOVE ALL LIGHTING INC.","ABOVE ALL","MPT35351-V",3955,35,113,80,3500,3742.6,34.9,107.2,80.9,2971,{"$nulls":5},"Yes - Standard Stocked Product or In-Stores","Luminaire","Area/Roadway","","Outdoor","Arm/Pole","Other","N/A","N/A","N/A",null,false,false,false,"N/A","N/A","N/A",{"$nulls":10},0.9,120,{"$nulls":3},"AC",{"$nulls":3},"N/A","N/A",null,null,false,0,null,null,"2017-08-30"]
["ABOVE ALL LIGHTING INC.","ABOVE ALL","MPT35401-V",4025,35,115,80,4000,3742.6,34.9,107.2,80.9,2971,{"$nulls":5},"Yes - Standard Stocked Product or In-Stores","Luminaire","Area/Roadway","","Outdoor","Arm/Pole","Other","N/A","N/A","N/A",null,false,false,false,"N/A","N/A","N/A",{"$nulls":10},0.9,120,{"$nulls":3},"AC",{"$nulls":3},"N/A","N/A",null,null,false,0,null,null,"2017-08-30"]
["ABOVE ALL LIGHTING INC.","ABOVE ALL","MPT35351-III",3850,35,110,80,3500,3742.6,34.9,107.2,80.9,2971,{"$nulls":5},"Yes - Standard Stocked Product or In-Stores","Luminaire","Area/Roadway","","Outdoor","Arm/Pole","Other","N/A","N/A","N/A",null,false,false,false,"N/A","N/A","N/A",{"$nulls":10},0.9,120,{"$nulls":3},"AC",{"$nulls":3},"N/A","N/A",null,null,false,0,null,null,"2017-08-30"]
["ABOVE ALL LIGHTING INC.","ABOVE ALL","MPT35401-III",3885,35,111,80,4000,3742.6,34.9,107.2,80.9,2971,{"$nulls":5},"Yes - Standard Stocked Product or In-Stores","Luminaire","Area/Roadway","","Outdoor","Arm/Pole","Other","N/A","N/A","N/A",null,false,false,false,"N/A","N/A","N/A",{"$nulls":10},0.9,120,{"$nulls":3},"AC",{"$nulls":3},"N/A","N/A",null,null,false,0,null,null,"2017-08-30"]
["ABOVE ALL LIGHTING INC.","ABOVE ALL","MPT35501-III",3955,35,113,80,5000,3742.6,34.9,107.2,80.9,2971,{"$nulls":5},"Yes - Standard Stocked Product or In-Stores","Luminaire","Area/Roadway","","Outdoor","Arm/Pole","Other","N/A","N/A","N/A",null,false,false,false,"N/A","N/A","N/A",{"$nulls":10},0.9,120,{"$nulls":3},"AC",{"$nulls":3},"N/A","N/A",null,null,false,0,null,null,"2017-08-30"]
["ABOVE ALL LIGHTING INC.","ABOVE ALL","MPT35301-III",3742.6,35,106.93,80,3000,3742.6,34.9,107.2,80.9,2971,{"$nulls":5},"Yes - Standard Stocked Product or In-Stores","Luminaire","Area/Roadway","","Outdoor","Arm/Pole","Other","N/A","N/A","N/A",null,false,false,false,"N/A","N/A","N/A",{"$nulls":11},120,{"$nulls":3},"AC",{"$nulls":3},"N/A","N/A",null,null,false,0,null,null,"2017-08-30"]
["Shenzhen yaorong technology co.,ltd","YAORONG","YR-PL275-3535-W080-X-Y2-NP-NM(3000K)",8902.4,74.9,118.86,73.1,3000,8902.4,74.9,118.86,73.1,2971,{"$nulls":5},"Yes - Standard Stocked Product or In-Stores","Luminaire","Area/Roadway","","Outdoor","Arm/Pole","Other","N/A","N/A","N/A",null,false,false,false,"N/A","N/A","N/A",{"$nulls":11},120,{"$nulls":3},"AC",{"$nulls":3},"N/A","N/A",null,null,false,0,null,null,"2017-05-03"]
["Philips Lumec","Philips Lumec","GPLM-64L530WW-G2-R3W",10610,104.4,101.63,71.4,2971,10610,104.4,101.6,71.4,2971,{"$nulls":5},"Yes - Made to Order Product","Luminaire","Area/Roadway","","Outdoor","Arm/Pole","Decorative","N/A","N/A","N/A",null,false,false,false,"N/A","N/A","N/A",{"$nulls":11},120,{"$nulls":3},"AC",{"$nulls":3},"N/A","N/A",null,null,false,0,null,null,"2016-10-10"]
["S LITE CO.,LTD","S LITE","FL205-UNV-0402-70-30K-T2m-PM-SL-CR",4876,35.93,135.71,72,2971,4876,35.93,135.71,72,2971,{"$nulls":5},"Yes - Standard Stocked Product or In-Stores","Luminaire","Area/Roadway","","Outdoor","Arm/Pole","Other","N/A","N/A","N/A",null,false,false,false,"N/A","N/A","N/A",{"$nulls":11},120,{"$nulls":3},"AC",{"$nulls":3},"N/A","N/A",null,null,false,0,null,null,"2016-10-05"]
["Signcomplex","Signcomplex","SB2-075-AW-30K-ZYY",9462.3,78.63,120.34,82.9,2972,9462.3,78.63,120.34,82.9,2972,{"$nulls":5},"Yes - Standard Stocked Product or In-Stores","Luminaire","Area/Roadway","","Outdoor","Arm/Pole","Other","N/A","N/A","N/A",null,false,false,false,"N/A","N/A","N/A",{"$nulls":11},120,{"$nulls":3},"AC",{"$nulls":3},"N/A","N/A",null,null,false,0,null,null,"2018-01-22"]
["Shenzhen minglight co.,ltd","Minglight","ML-PL01-200W-480V-30K-XXDX",23014.61,200,115.07,83.2,3000,23014.612,198.46,115.966,83.2,2972,{"$nulls":5},"Yes - Standard Stocked Product or In-Stores","Luminaire","Area/Roadway","","Outdoor","Arm/Pole - Surface","Other","N/A","N/A","N/A",null,false,false,false,"N/A","N/A","N/A",{"$nulls":11},277,{"$nulls":3},"AC",{"$nulls":3},"N/A","N/A",null,null,false,0,null,null,"2017-10-04"]
["AOK LED LIGHT COMPANY LIMITED","AOK","AOK-75WIT-HV(D)(3000K)",9631.1,74.32,129.59,74.6,2972,9631.1,74.32,129.59,74.6,2972,{"$nulls":5},"Yes - Standard Stocked Product or In-Stores","Luminaire","Area/Roadway","","Outdoor","Arm/Pole","Other","N/A","N/A","N/A",null,false,false,false,"N/A","N/A","N/A",{"$nulls":11},74.32,{"$nulls":3},"AC",{"$nulls":3},"N/A","N/A",null,null,false,0,null,null,"2017-08-04"]
["Vastino LED Lighting(Shenzhen) Co.,Ltd","Vastino","YR-SB240W530-003",24408,235.6,103.6,83.9,2972,24408,235.6,103.6,83.9,2972,{"$nulls":5},"Yes - Standard Stocked Product or In-Stores","Luminaire","Area/Roadway","","Outdoor","Arm/Pole","Other","N/A","N/A","N/A",null,false,false,false,"N/A","N/A","N/A",{"$nulls":11},120,{"$nulls":3},"AC",{"$nulls":3},"N/A","N/A",null,null,false,0,null,null,"2017-07-30"]
["Excellence Opto. Inc.","e-lite star","ESU-FA013P03230M-105",11306.6,110.96,101.9,73,2972,11306.6,110.96,102,73,2972,{"$nulls":5},"Yes - Standard Stocked Product or In-Stores","Luminaire","Area/Roadway","","Outdoor","Arm/Pole","Other","N/A","N/A","N/A",null,false,false,false,"N/A","N/A","N/A",{"$nulls":10},1,120,-1.92E-3,-19.66,5,"AC",{"$nulls":3},"N/A","N/A",null,null,true,50000,94.08,25,"2016-11-02"]
["S LITE CO.,LTD","S LITE","FL205-UNV-0402-70-30K-T3m-PM-SL-CR",4897.2,35.81,136.76,72.6,2972,4897.2,35.81,136.76,72.6,2972,{"$nulls":5},"Yes - Standard Stocked Product or In-Stores","Luminaire","Area/Roadway","","Outdoor","Arm/Pole","Other","N/A","N/A","N/A",null,false,false,false,"N/A","N/A","N/A",{"$nulls":11},120,{"$nulls":3},"AC",{"$nulls":3},"N/A","N/A",null,null,false,0,null,null,"2016-10-04"]
["King Luminaire Inc","King Luminaire","K808-P4SH-III-100(SSL)8060-3K-HSS",7770,92.02,84.4,71,2972,7770,92.02,84.4,71,2972,{"$nulls":5},"Yes - Made to Order Product","Luminaire","Area/Roadway","","Outdoor","Arm/Pole","Decorative","N/A","N/A","N/A",null,false,false,false,"N/A","N/A","N/A",{"$nulls":11},120,{"$nulls":3},"AC",{"$nulls":3},"N/A","N/A",null,null,false,0,null,null,"2015-09-11"]
["Shanghai Yaming Lighting Co.,Ltd","YAMING","ZD516E-LED030CU-3000M2S/AQB.PC",3100,30,103.33,70,3000,3151,29.89,105.42,82,2972,{"$nulls":5},"Yes - Standard Stocked Product or In-Stores","Luminaire","Area/Roadway","","Outdoor","Arm/Pole","","N/A","N/A","N/A",null,false,false,false,"N/A","N/A","N/A",{"$nulls":11},120,{"$nulls":3},"AC",{"$nulls":3},"N/A","N/A",null,null,false,0,null,null,"2015-04-16"]
["Edge Lighting ","Edge Lighting","TV-W-010-L1-XX",329,7.95,41.36,85,2972,329,7.95,41.36,85,2972,{"$nulls":5},"Yes - Standard Stocked Product or In-Stores","Luminaire","Area/Roadway","","Outdoor","","","N/A","N/A","N/A",null,false,false,false,"N/A","N/A","N/A",{"$nulls":4},7.9,15.1,{"$nulls":4},0.99,120,0.00184,23.77,10,"AC",{"$nulls":3},"N/A","N/A",null,null,true,25000,96.64,25,"2013-01-08"]
["Shenzhen City Huaguan Optoelectronic Technology Co.,Ltd","N/A","HG-SL-100W-LV-L1-Z(3000K)",12529,102.5,122.23,82.6,2973,12529,102.5,122.23,82.6,2973,{"$nulls":5},"Yes - Standard Stocked Product or In-Stores","Luminaire","Area/Roadway","","Outdoor","Arm/Pole","Other","N/A","N/A","N/A",null,false,false,false,"N/A","N/A","N/A",{"$nulls":11},120,{"$nulls":3},"AC",{"$nulls":3},"N/A","N/A",null,null,false,0,null,null,"2017-07-11"]
["Shenzhen yaorong technology co.,ltd","YAORONG","YR-PL345-3535-W150-X-Y2-P-M (3000K)",17611,146.8,119.97,73.9,2973,17611,146.8,119.97,73.9,2973,{"$nulls":5},"Yes - Standard Stocked Product or In-Stores","Luminaire","Area/Roadway","","Outdoor","Arm/Pole","Other","N/A","N/A","N/A",null,false,false,false,"N/A","N/A","N/A",{"$nulls":11},120,{"$nulls":3},"AC",{"$nulls":3},"N/A","N/A",null,null,false,0,null,null,"2017-05-09"]
["S LITE CO.,LTD","S LITE","WM244AA(3000K)",2400.9,24.36,98.56,72.8,2973,2400.9,24.36,98.56,72.8,2973,{"$nulls":5},"Yes - Standard Stocked Product or In-Stores","Luminaire","Area/Roadway","","Outdoor","Wall","Other","N/A","N/A","N/A",null,false,false,false,"N/A","N/A","N/A",{"$nulls":11},120,{"$nulls":3},"AC",{"$nulls":3},"N/A","N/A",null,null,false,0,null,null,"2016-12-29"]
["SHENZHEN ROMANSO ELECTRONIC CO.,LTD","ROMANSO","RMS-S-L2-300W-130S1D",39709.35,302.53,131.26,73.3,3000,39709.35,302.53,131.26,73.3,2974,{"$nulls":5},"Yes - Standard Stocked Product or In-Stores","Luminaire","Area/Roadway","","Outdoor","Arm/Pole - Post top","Other","N/A","N/A","N/A",null,false,false,false,"N/A","N/A","N/A",{"$nulls":11},120,{"$nulls":3},"AC",{"$nulls":3},"N/A","N/A",null,null,false,0,null,null,"2017-12-12"]
["Shenzhen minglight co.,ltd","Minglight","ML-PL01-300W-480V-30K-XXDX",32973.95,300,109.91,83.4,3000,32973.953,298.04,110.636,83.4,2974,{"$nulls":5},"Yes - Standard Stocked Product or In-Stores","Luminaire","Area/Roadway","","Outdoor","Arm/Pole - Surface","Other","N/A","N/A","N/A",null,false,false,false,"N/A","N/A","N/A",{"$nulls":11},120,{"$nulls":3},"AC",{"$nulls":3},"N/A","N/A",null,null,false,0,null,null,"2017-09-29"]
["Vastino LED Lighting(Shenzhen) Co.,Ltd","Vastino"," YRWP-120530-001",14509,120.5,120.41,83.3,2974,14509,120.5,120.41,83.3,2974,{"$nulls":5},"Yes - Standard Stocked Product or In-Stores","Luminaire","Area/Roadway","","Outdoor","Wall","Other","N/A","N/A","N/A",null,false,false,false,"N/A","N/A","N/A",{"$nulls":11},120,{"$nulls":3},"AC",{"$nulls":3},"N/A","N/A",null,null,false,0,null,null,"2017-08-28"]
["NASON LIGHTING (Kunshan) co., ltd","NASON","NS-QJ16102-90",11020,90.67,121.54,82,3000,11020,90.67,121.5,82.8,2974,{"$nulls":5},"Yes - Standard Stocked Product or In-Stores","Luminaire","Area/Roadway","","Outdoor","Wall","Other","N/A","N/A","N/A",null,false,false,false,"N/A","N/A","N/A",{"$nulls":11},120,{"$nulls":3},"AC",{"$nulls":3},"N/A","N/A",null,null,false,0,null,null,"2017-03-06"]
["NASON LIGHTING (Kunshan) co., ltd","NASON","NS-QC13101-300",34971,300.12,116.52,82,3000,34971,300.12,117,82.8,2974,{"$nulls":5},"Yes - Standard Stocked Product or In-Stores","Luminaire","Area/Roadway","","Outdoor","Arm/Pole","Other","N/A","N/A","N/A",null,false,false,false,"N/A","N/A","N/A",{"$nulls":11},120,{"$nulls":3},"AC",{"$nulls":3},"N/A","N/A",null,null,false,0,null,null,"2017-03-06"]
["Shenzhen Kili-Led","KILI","KLHVWPGR040(3000K)",5044,41.94,120.27,72.3,3000,5044,41.94,120.2,72.3,2974,{"$nulls":5},"Yes - Standard Stocked Product or In-Stores","Luminaire","Area/Roadway","","Outdoor","Wall","Other","N/A","N/A","N/A",null,false,false,false,"N/A","N/A","N/A",{"$nulls":11},347,{"$nulls":3},"AC",{"$nulls":3},"N/A","N/A",null,null,false,0,null,null,"2016-12-29"]
["S LITE CO.,LTD","S LITE","FL205-UNV-0402-70-30K-T4m-PM-SL-CR",4738,35.8,132.35,72,2974,4738,35.8,132.35,72,2974,{"$nulls":5},"Yes - Standard Stocked Product or In-Stores","Luminaire","Area/Roadway","","Outdoor","Arm/Pole","Other","N/A","N/A","N/A",null,false,false,false,"N/A","N/A","N/A",{"$nulls":11},120,{"$nulls":3},"AC",{"$nulls":3},"N/A","N/A",null,null,false,0,null,null,"2016-10-05"]
["Future Energy Solutions","FUTURE ENERGY SOLUTIONS","FL-2151-185",17513,178.9,97.89,72.6,3000,17513,178.9,97.89,72.6,2975,{"$nulls":5},"Yes - Standard Stocked Product or In-Stores","Luminaire","Area/Roadway","","Outdoor","Arm/Pole","Other","N/A","N/A","N/A",null,false,false,false,"N/A","N/A","N/A",{"$nulls":11},120,{"$nulls":3},"AC",{"$nulls":3},"N/A","N/A",null,null,false,0,null,null,"2017-10-24"]
["Shenzhen minglight co.,ltd","Minglight","ML-PL01-240W-277V-30K-XXDX",27181.38,245.49,110.72,83.3,3000,27181.389,245.49,110.723,83.3,2975,{"$nulls":5},"Yes - Standard Stocked Product or In-Stores","Luminaire","Area/Roadway","","Outdoor","Arm/Pole - Surface","Other","N/A","N/A","N/A",null,false,false,false,"N/A","N/A","N/A",{"$nulls":11},120,{"$nulls":3},"AC",{"$nulls":3},"N/A","N/A",null,null,false,0,null,null,"2017-10-04"]
["Shenzhen City Huaguan Optoelectronic Technology Co.,Ltd","N/A","HG-SL-100W-HV-L1-Z(3000K)",11849,92.38,128.26,82.6,2975,11849,92.38,128.26,82.6,2975,{"$nulls":5},"Yes - Standard Stocked Product or In-Stores","Luminaire","Area/Roadway","","Outdoor","Arm/Pole","Other","N/A","N/A","N/A",null,false,false,false,"N/A","N/A","N/A",{"$nulls":11},277,{"$nulls":3},"AC",{"$nulls":3},"N/A","N/A",null,null,false,0,null,null,"2017-07-11"]
["SNC OPTO ELECTRONIC CO.,LTD","SNC LED","SNC-WP03-20WC1 3000K",2328,19.46,119.63,82,2975,2328,19.46,119.62,82,2975,{"$nulls":5},"Yes - Standard Stocked Product or In-Stores","Luminaire","Area/Roadway","","Outdoor","Wall","Decorative","N/A","N/A","N/A",null,false,false,false,"N/A","N/A","N/A",{"$nulls":11},120,{"$nulls":3},"AC",{"$nulls":3},"N/A","N/A",null,null,false,0,null,null,"2017-04-11"]
["S LITE CO.,LTD","S LITE","WM243AA(3000K) ",2460.2,24.26,101.41,72.4,2975,2460.2,24.26,101.41,72.4,2975,{"$nulls":5},"Yes - Standard Stocked Product or In-Stores","Luminaire","Area/Roadway","","Outdoor","Wall","Other","N/A","N/A","N/A",null,false,false,false,"N/A","N/A","N/A",{"$nulls":11},120,{"$nulls":3},"AC",{"$nulls":3},"N/A","N/A",null,null,false,0,null,null,"2016-12-29"]
["LED2 Lighting Group, Inc.","LED2","LED2-ARD-120WD-30",16639,122.2,136.16,74,2975,16639,122.2,136.16,74,2975,{"$nulls":5},"Yes - Standard Stocked Product or In-Stores","Luminaire","Area/Roadway","","Outdoor","Arm/Pole","Other","N/A","N/A","N/A",null,false,false,false,"N/A","N/A","N/A",{"$nulls":11},120,{"$nulls":3},"AC",{"$nulls":3},"N/A","N/A",null,null,false,0,null,null,"2016-11-09"]
["S LITE CO.,LTD","S LITE","FL205-UNV-0402-70-30K-T4s-PM-SL-CR",4711.3,35.8,131.6,72.7,2975,4711.3,35.8,131.6,72.7,2975,{"$nulls":5},"Yes - Standard Stocked Product or In-Stores","Luminaire","Area/Roadway","","Outdoor","Arm/Pole","Other","N/A","N/A","N/A",null,false,false,false,"N/A","N/A","N/A",{"$nulls":11},120,{"$nulls":3},"AC",{"$nulls":3},"N/A","N/A",null,null,false,0,null,null,"2016-10-05"]
["Cree, Inc","Cree OSQ Series"," OSQ-A-xx-3ME-U-30K-ULxxxxx",25613.5,211.59,121.05,70,3000,25613.5,211.59,121.05,71,2975,{"$nulls":5},"Yes - Made to Order Product","Luminaire","Area/Roadway","","Outdoor","Arm/Pole","Other","N/A","N/A","N/A",null,false,false,false,"N/A","N/A","N/A",{"$nulls":3},3667.2,60.29,39.72,0,0,null,null,0.997,120,-0.0006,-28,5.29,"AC",3,0,3,"N/A","N/A",null,null,false,0,null,null,"2016-07-15"]
["Acuity Brands Lighting","Lithonia Lighting","KAXW LED P1 30K R3 MVOLT XXXXX",3375.9,28.53,118.33,69,2975,3375.9,28.53,118.33,69,2975,{"$nulls":5},"Not yet commercially available","Luminaire","Area/Roadway","","Outdoor","Wall","Other","N/A","N/A","N/A",null,false,false,false,"N/A","N/A","N/A",{"$nulls":11},120,{"$nulls":3},"AC",{"$nulls":3},"N/A","N/A",null,null,false,0,null,null,"2016-05-10"]
["Cree, Inc","Cree XSP Series","BXSPCHT3MEE30K-ULxxxx",6866,99.86,68.76,80,2975,6866,99.86,68.76,80,2975,{"$nulls":5},"Yes - Made to Order Product","Luminaire","Area/Roadway","","Outdoor","Arm/Pole","Other","N/A","N/A","N/A",null,false,false,false,"N/A","Click to download","N/A",{"$nulls":4},71,29,0,0,null,null,0.993,120,-1.16E-3,4,6.96,"AC",{"$nulls":3},"N/A","N/A",null,null,false,0,null,null,"2014-09-30"]
["Xtralight Manufacturing","XtraLight","VNTW-3500L-30K-DIM-3M-BZ",2922,27.41,106.60342940532652,71.6,2976,2922,27.41,106.60342940532652,71.6,2976,{"$nulls":5},"Yes - Made to Order Product","Luminaire","Area/Roadway","","Outdoor","Wall","Path","N/A","N/A","N/A",null,false,false,true,"N/A","N/A","N/A",{"$nulls":10},0.9998,120,null,null,9.15,"AC",{"$nulls":3},"N/A","N/A",null,null,false,0,null,null,"2017-11-13"]
["Foshan Naturaled Electric Co.,Ltd"," NaturaLED","LED-FXVTJ20/830/MV-CM",1712.7,20,85.64,81.9,3000,1712.7,19.95,85.85,81.9,2976,{"$nulls":5},"Yes - Standard Stocked Product or In-Stores","Luminaire","Area/Roadway","","Outdoor","Wall","Other","N/A","N/A","N/A",null,false,false,false,"N/A","N/A","N/A",{"$nulls":11},120,{"$nulls":3},"AC",{"$nulls":3},"N/A","N/A",null,null,false,0,null,null,"2017-08-21"]
["Ultron Industries Corp.","Ultron","U-ARALS-100-30",11414,86.25,132.34,72,3000,11414,86.25,132.3,72,2978,{"$nulls":5},"Yes - Standard Stocked Product or In-Stores","Luminaire","Area/Roadway","","Outdoor","Arm/Pole","Other","N/A","N/A","N/A",null,false,false,false,"N/A","N/A","N/A",{"$nulls":10},0.993,120,0.00097,null,null,"AC",{"$nulls":3},"N/A","N/A",null,null,false,0,null,null,"2016-04-15"]
["Acuity Brands Lighting","Holophane","JFUE2 P10 30K XX GL3 XX X XXX XXXXX",3137,35,89.63,72,2981,3137,35,89.63,72,2981,{"$nulls":5},"Yes - Made to Order Product","Luminaire","Area/Roadway","","Outdoor","Arm/Pole","Decorative","Click to view in browser","N/A","N/A",null,false,false,false,"N/A","N/A","N/A",{"$nulls":3},117,26.33,60.12,11.28,2.29,1.2,1.4,null,120,{"$nulls":3},"DC",3,3,3,"N/A","N/A",null,null,false,0,null,null,"2017-10-13"]
["VANPLEX OPTOELECTRONICS CO LTD"," VANPLEX","VPL-WPA-120WAN-30K",15607,120.8,129.2,72.4,3000,15607,120.8,129.2,72.4,2985,{"$nulls":5},"Yes - Standard Stocked Product or In-Stores","Luminaire","Area/Roadway","","Outdoor","Wall","Other","N/A","N/A","N/A",null,false,false,false,"N/A","N/A","N/A",{"$nulls":11},120,{"$nulls":3},"AC",{"$nulls":3},"N/A","N/A",null,null,false,0,null,null,"2017-02-08"]
["DONGGUAN THAILIGHT SEMICONDUCTOR LIGHTING CO.,LTD.","THAILIGHT","TLWMB30H3WMZZ",2833.9,27.02,104.88,83.9,2987,2833.9,27.02,104.88,83.9,2987,{"$nulls":5},"Yes - Standard Stocked Product or In-Stores","Luminaire","Area/Roadway","","Outdoor","Wall","Other","N/A","N/A","N/A",null,false,false,false,"N/A","N/A","N/A",{"$nulls":11},347,{"$nulls":3},"AC",{"$nulls":3},"N/A","N/A",null,null,false,0,null,null,"2016-11-30"]
["Shenzhen City Huaguan Optoelectronic Technology Co.,Ltd","N/A","HG-SL-150W-HV-L1-Z(3000K)",17376,147.7,117.64,82.4,2990,17376,147.7,117.64,82.4,2990,{"$nulls":5},"Yes - Standard Stocked Product or In-Stores","Luminaire","Area/Roadway","","Outdoor","Arm/Pole","Other","N/A","N/A","N/A",null,false,false,false,"N/A","N/A","N/A",{"$nulls":11},277,{"$nulls":3},"AC",{"$nulls":3},"N/A","N/A",null,null,false,0,null,null,"2017-07-10"]
["Deco Lighting","DECO LIGHTING INC.","D826-LED-160-30-UNV-LP-T5",19952,153.6,129.9,73,3007,10885,74.98,145.2,73,2993,{"$nulls":5},"Yes - Standard Stocked Product or In-Stores","Luminaire","Area/Roadway","","Outdoor","Arm/Pole","Other","N/A","N/A","N/A",null,false,false,false,"N/A","N/A","N/A",{"$nulls":4},51,49,{"$nulls":4},0.993,120,1E-3,-24.7,15.77,"AC",{"$nulls":3},"N/A","N/A",null,null,false,0,null,null,"2016-10-06"]
["UNIVERSELITE CO.,LTD.","UVL"," LEDBG32W001B(3000K)",3614.8,31.63,114.28,72.5,3000,3614.8,31.63,114.28,72.5,2998,{"$nulls":5},"Yes - Standard Stocked Product or In-Stores","Luminaire","Area/Roadway","","Outdoor","Wall","Other","N/A","N/A","N/A",null,false,false,false,"N/A","N/A","N/A",{"$nulls":11},120,{"$nulls":3},"AC",{"$nulls":3},"N/A","N/A",null,null,false,0,null,null,"2017-02-27"]
["Philips Lighting N.A. - Outdoor Group ","Philips Gardco","P26-140L-450-WW-G2-3 (120-240 VAC / 347 VAC)",2394.436742403799,22.46294363256785,106.59496731907524,70,3000,2394.436742403799,22.46294363256785,106.59496731907524,70,3000,{"$nulls":5},"Not yet commercially available","Luminaire","Area/Roadway","","Outdoor","Arm/Pole","Other","N/A","N/A","N/A",null,false,false,true,"N/A","N/A","N/A",{"$nulls":15},"DC",{"$nulls":3},"N/A","N/A",null,null,false,60000,86.73,25,"2018-01-09"]
["Philips Lighting N.A. - Outdoor Group ","Philips Gardco","P26-140L-1150-WW-G2-3",5799.61346165151,52.58141962421712,110.29777254207902,70,3000,5799.61346165151,52.58141962421712,110.29777254207902,70,3000,{"$nulls":5},"Not yet commercially available","Luminaire","Area/Roadway","","Outdoor","Arm/Pole","Other","N/A","N/A","N/A",null,false,false,true,"N/A","N/A","N/A",{"$nulls":15},"DC",{"$nulls":3},"N/A","N/A",null,null,false,60000,86.73,25,"2018-01-09"]
["Philips Lighting N.A. - Outdoor Group ","Philips Gardco","P26-80L-700-WW-G2-5",21374.43915618347,170.02385905357548,125.71435135728959,70,3000,21374.43915618347,170.02385905357548,125.71435135728959,70,3000,{"$nulls":5},"Not yet commercially available","Luminaire","Area/Roadway","","Outdoor","Arm/Pole","Other","N/A","N/A","N/A",null,false,false,true,"N/A","N/A","N/A",{"$nulls":15},"DC",{"$nulls":3},"N/A","N/A",null,null,false,60000,86.73,25,"2018-01-09"]
["Philips Lighting N.A. - Outdoor Group ","Philips Gardco","PWS-48L-300-WW-G2-4-UNV",5779.397732606349,46.6824120603015,123.8024660152709,70,3000,5779.397732606349,46.6824120603015,123.8024660152709,70,3000,{"$nulls":5},"Not yet commercially available","Luminaire","Area/Roadway","","Outdoor","Wall","Other","N/A","N/A","N/A",null,false,false,true,"N/A","N/A","N/A",{"$nulls":15},"AC",{"$nulls":3},"N/A","N/A",null,null,false,0,null,null,"2018-01-05"]
["DONGGUAN KINGSUN OPTOELECTRONIC CO., LTD.","KINGSUN","RL0310482A230V27",4492,44.19,101.65,83.5,3007,4492,44.19,101.6,83.5,3000,{"$nulls":5},"Yes - Made to Order Product","Luminaire","Area/Roadway","","Outdoor","Arm/Pole","Other","N/A","N/A","N/A",null,false,false,false,"N/A","N/A","N/A",83,95,null,1173.27,78.15,21.57,0.22,0.08,null,null,0.9916,120,0,15,7.82,"AC",{"$nulls":3},"N/A","N/A",null,null,true,50000,78.47,25,"2016-10-24"]
["DONGGUAN THAILIGHT SEMICONDUCTOR LIGHTING CO.,LTD.","THAILIGHT","TLFLK300P3YYZZ-TYPE4M",38396,311.3,123.34,72.3,3004,38396,311.3,123.34,72.3,3004,{"$nulls":5},"Yes - Standard Stocked Product or In-Stores","Luminaire","Area/Roadway","","Outdoor","Arm/Pole","Other","N/A","N/A","N/A",null,false,false,false,"N/A","N/A","N/A",{"$nulls":11},120,{"$nulls":3},"AC",{"$nulls":3},"N/A","N/A",null,null,false,0,null,null,"2018-03-13"]
["Shenzhen Huadian Lighting Co.,LTD","Huadian","HD-AL01-200WD-B-3000K",24160.81,200.03,120.79,82.5,3000,24160.81,200.03,120.79,82.5,3006,{"$nulls":5},"Yes - Standard Stocked Product or In-Stores","Luminaire","Area/Roadway","","Outdoor","Arm/Pole - Surface","Other","N/A","N/A","N/A",null,false,false,false,"N/A","N/A","N/A",{"$nulls":11},120,{"$nulls":3},"AC",{"$nulls":3},"N/A","N/A",null,null,false,0,null,null,"2018-02-13"]
["Shenzhen yaorong technology co.,ltd","YAORONG","YR-WL266-W100-E(3000K)",13261,102.5,129.38,72,3010,13261,102.5,129.38,72,3010,{"$nulls":5},"Yes - Standard Stocked Product or In-Stores","Luminaire","Area/Roadway","","Outdoor","Wall","Other","N/A","N/A","N/A",null,false,false,false,"N/A","N/A","N/A",{"$nulls":11},120,{"$nulls":3},"AC",{"$nulls":3},"N/A","N/A",null,null,false,0,null,null,"2017-09-12"]
["Howard Lighting Products","Howard Lighting Products","LWP-5075-LED-MV [upgraded on 2/23/2017]",9456,79.2,119.39,83,5000,8966.4,79.21,113.2,83,3010,{"$nulls":5},"Yes - Standard Stocked Product or In-Stores","Luminaire","Area/Roadway","","Outdoor","Wall","Other","N/A","N/A","N/A",null,false,false,false,"N/A","N/A","N/A",{"$nulls":4},55.8,28.2,12,4,null,null,0.995,120,null,null,7.6,"AC",2,4,4,"N/A","N/A",null,null,false,0,null,null,"2017-03-20"]
["Shenzhen yaorong technology co.,ltd","YAORONG","YR-PL670H-W220-PX(3000K)",24702,230.6,107.12,74.1,3013,24702,230.6,107.14,74.1,3013,{"$nulls":5},"Yes - Standard Stocked Product or In-Stores","Luminaire","Area/Roadway","","Outdoor","Arm/Pole","Other","N/A","N/A","N/A",null,false,false,false,"N/A","N/A","N/A",{"$nulls":11},120,-0.0012,0,null,"AC",{"$nulls":3},"N/A","N/A",null,null,false,0,null,null,"2016-05-24"]
["Shenzhen yaorong technology co.,ltd","YAORONG","YR-PL290-W100-X-P(3000K)",11848,100.5,117.89,71.8,3016,11848,100.5,117.89,71.8,3016,{"$nulls":5},"Yes - Standard Stocked Product or In-Stores","Luminaire","Area/Roadway","","Outdoor","Arm/Pole","Other","N/A","N/A","N/A",null,false,false,false,"N/A","N/A","N/A",{"$nulls":11},120,{"$nulls":3},"AC",{"$nulls":3},"N/A","N/A",null,null,false,0,null,null,"2016-11-08"]
["RAB Lighting Inc","RAB","TBLED4T150Y",15305,163.3,93.7,82,3017,15305,163.3,93.7,82,3017,{"$nulls":5},"Yes - Made to Order Product","Luminaire","Area/Roadway","","Outdoor","Arm/Pole","","N/A","N/A","N/A",null,false,false,false,"N/A","N/A","N/A",{"$nulls":10},0.99,120,1E-3,0,null,"AC",{"$nulls":3},"N/A","N/A",null,null,false,0,null,null,"2015-02-20"]
["Shanghai Yaming Lighting Co.,Ltd","YAMING","ZD516B-LED120CU-3000M2S/AQB.PC",12600,120,105,70,3000,12681,119.8,105.85,83,3021,{"$nulls":5},"Yes - Standard Stocked Product or In-Stores","Luminaire","Area/Roadway","","Outdoor","Arm/Pole","","N/A","N/A","N/A",null,false,false,false,"N/A","N/A","N/A",{"$nulls":11},120,{"$nulls":3},"AC",{"$nulls":3},"N/A","N/A",null,null,false,0,null,null,"2015-04-16"]
["Joint Lighting Inc.","Joint Lighting","JNT03-ALC120A-30K-5-U-Z-D",14151,112.1,126.24,72.1,3000,14151,112.1,126.24,72.1,3025,{"$nulls":5},"Yes - Standard Stocked Product or In-Stores","Luminaire","Area/Roadway","","Outdoor","Arm/Pole","Other","N/A","N/A","N/A",null,false,false,false,"N/A","N/A","N/A",{"$nulls":11},120,{"$nulls":3},"AC",{"$nulls":3},"N/A","N/A",null,null,false,0,null,null,"2017-08-24"]
["Ningbo Success Zhenye Luminaire Limited Liabilities Company","NSZ","ZY-2080-140W(3000K)",13908,141.7,98.15,82,3026,13908,141.7,98.15,82,3026,{"$nulls":5},"Yes - Standard Stocked Product or In-Stores","Luminaire","Area/Roadway","","Outdoor","Arm/Pole","","N/A","N/A","N/A",null,false,false,false,"N/A","N/A","N/A",{"$nulls":11},120,{"$nulls":3},"AC",{"$nulls":3},"N/A","N/A",null,null,false,0,null,null,"2016-02-12"]
["Industrial Lighting Products","Industrial Lighting Products","WPCS-28WLED-UNIV-40-T3",3281,28.1,116.76,70,4000,3041,28.8,105.6,74,3030,{"$nulls":5},"Yes - Made to Order Product","Luminaire","Area/Roadway","","Outdoor - Other","Surface - Wall - Other","Other","N/A","N/A","N/A",null,false,false,false,"N/A","N/A","N/A",{"$nulls":10},0.997,120,{"$nulls":3},"AC",{"$nulls":3},"N/A","N/A",null,null,false,0,null,null,"2017-07-30"]
["AOK LED LIGHT COMPANY LIMITED","AOK","AOK-200WiL-HV(D)-X(3000K)",25449,199.5,127.56,72.5,3033,25449,199.5,127.56,72.5,3033,{"$nulls":5},"Yes - Standard Stocked Product or In-Stores","Luminaire","Area/Roadway","","Outdoor","Arm/Pole","Other","N/A","N/A","N/A",null,false,false,false,"N/A","N/A","N/A",{"$nulls":11},277,{"$nulls":3},"AC",{"$nulls":3},"N/A","N/A",null,null,false,0,null,null,"2017-07-27"]
["Shenzhen yaorong technology co.,ltd","YAORONG","YR-BB350-3030-W100-X-Y1-NP( 3000K)",11414,100.3,113.8,84.3,3037,11414,100.3,113.8,84.3,3037,{"$nulls":5},"Yes - Standard Stocked Product or In-Stores","Luminaire","Area/Roadway","","Outdoor","Arm/Pole","Other","N/A","N/A","N/A",null,false,false,false,"N/A","N/A","N/A",{"$nulls":11},120,{"$nulls":3},"AC",{"$nulls":3},"N/A","N/A",null,null,false,0,null,null,"2017-06-16"]
["Deco Lighting","Deco Lighting","D819-LED-40-35-UNV-LP-40-XX-XX-[PC; PC2; MS; SP]",4033,38.58,104.54,74,3500,3842,36.74,104.6,71,3041,{"$nulls":5},"Yes - Standard Stocked Product or In-Stores","Luminaire","Area/Roadway","","Outdoor","Arm/Pole - Wall","Other","N/A","N/A","N/A",null,false,false,false,"N/A","N/A","N/A",{"$nulls":10},0.99,120,1E-3,-24.3,7.77,"AC",3,0,1,"N/A","N/A",null,null,false,0,null,null,"2017-10-25"]
["Deco Lighting","Deco Lighting","D819-LED-40-50-UNV-LP-40-XX-XX-[PC; PC2; MS; SP]",4244,38.24,110.98,75,5000,3842,36.74,104.6,71,3041,{"$nulls":5},"Yes - Standard Stocked Product or In-Stores","Luminaire","Area/Roadway","","Outdoor","Arm/Pole - Wall","Other","N/A","N/A","N/A",null,false,false,false,"N/A","N/A","N/A",{"$nulls":10},0.989,120,1E-3,-16.9,8.52,"AC",3,0,1,"N/A","N/A",null,null,false,0,null,null,"2017-10-25"]
["Shenzhen yaorong technology co.,ltd","YAORONG","YR-PL275-3030-W024-X-Y1-NP-NM(3000K)",2691.6,24.88,108.18,83.7,3000,2691.6,24.88,108.18,83.7,3045,{"$nulls":5},"Yes - Standard Stocked Product or In-Stores","Luminaire","Area/Roadway","","Outdoor","Arm/Pole","Other","N/A","N/A","N/A",null,false,false,false,"N/A","N/A","N/A",{"$nulls":11},120,{"$nulls":3},"AC",{"$nulls":3},"N/A","N/A",null,null,false,0,null,null,"2017-05-03"]
["DONGGUAN THAILIGHT SEMICONDUCTOR LIGHTING CO.,LTD.","THAILIGHT","TLFLI380H3YYZZ",40579,383.6,105.78,85,3048,40579,383.6,105.78,85,3048,{"$nulls":5},"Yes - Standard Stocked Product or In-Stores","Luminaire","Area/Roadway","","Outdoor","Arm/Pole","Other","N/A","N/A","N/A",null,false,false,false,"N/A","N/A","N/A",{"$nulls":11},120,{"$nulls":3},"AC",{"$nulls":3},"N/A","N/A",null,null,false,0,null,null,"2017-09-29"]
["TAIZHOU JIAOGUANG ELECTRONICS&ELECTRICAL APPLIANCES CO.,LTD.","LIGHT THE FUTURE","L505L-28C-100W-30K-T3-BR-SPM-PCR7 P",12052,88.57,136.07,73,3050,12052,88.57,136.07,73,3050,{"$nulls":5},"Yes - Standard Stocked Product or In-Stores","Luminaire","Area/Roadway","","Outdoor","Arm/Pole - Other","Other","N/A","N/A","N/A",null,false,false,false,"N/A","N/A","N/A",{"$nulls":11},120,{"$nulls":3},"AC",{"$nulls":3},"N/A","N/A",null,null,false,0,null,null,"2017-06-14"]
["BESTWON TECHNOLOGY CO., LTD","Bestwon","BWPL-200W-30X3H",21399,203.9,104.95,73.9,3053,21399,203.9,104.95,73.9,3053,{"$nulls":5},"Yes - Standard Stocked Product or In-Stores","Luminaire","Area/Roadway","","Outdoor","Arm/Pole","Decorative","N/A","N/A","N/A",null,false,false,false,"N/A","N/A","N/A",{"$nulls":11},120,{"$nulls":3},"AC",{"$nulls":3},"N/A","N/A",null,null,false,0,null,null,"2017-07-06"]
["shanghai supertek lighting co,ltd","supertek","WP02A-120-3000K",7691.39,109.9,69.99,84.3,3054,7691.39,109.9,69.99,84.3,3054,{"$nulls":5},"Yes - Standard Stocked Product or In-Stores","Luminaire","Area/Roadway","","Outdoor","Wall","","N/A","N/A","N/A",null,false,false,false,"N/A","N/A","N/A",{"$nulls":10},0.9928,120,0.0021,18,null,"AC",{"$nulls":3},"N/A","N/A",null,null,false,0,null,null,"2015-07-24"]
["Atlas Lighting Products, Inc.","Atlas Lighting Products, Inc.","PFSXW13LED3K",1593,12.78,124.7,81.7,3056,1593,12.78,124.7,81.7,3056,{"$nulls":5},"Yes - Standard Stocked Product or In-Stores","Luminaire","Area/Roadway","","Outdoor","Surface - Wall - Other","Other","N/A","N/A","N/A",null,false,false,false,"N/A","N/A","N/A",{"$nulls":10},0.985,120,0.0003,8.1,14,"AC",{"$nulls":3},"N/A","N/A",null,null,false,0,null,null,"2017-10-25"]
["Shanghai Sansi Technology Co., Ltd","SANSI","C0830-OR-30W-0800 3000K",3646.19,31.88,114.37,75,3058,3646.19,31.88,114.37,75,3058,{"$nulls":5},"Yes - Standard Stocked Product or In-Stores","Luminaire","Area/Roadway","","Outdoor","Arm/Pole","Other","N/A","N/A","N/A",null,false,false,false,"N/A","N/A","N/A",{"$nulls":11},120,{"$nulls":3},"AC",{"$nulls":3},"N/A","N/A",null,null,false,0,null,null,"2016-12-21"]
["Deco Lighting","Deco Lighting","D826-LED-160-30-[347,480]-LP-T4",18762,161.2,116.39,73,3060,18762,161.2,116.4,73,3060,{"$nulls":5},"Yes - Standard Stocked Product or In-Stores","Luminaire","Area/Roadway","","Outdoor","Arm/Pole","Other","N/A","N/A","N/A",null,false,false,false,"N/A","N/A","N/A",{"$nulls":4},62.5,37.5,{"$nulls":4},0.98,347,0,-24,10.56,"AC",3,1,3,"N/A","N/A",null,null,false,0,null,null,"2017-08-01"]
["Industrial Lighting Products","Industrial Lighting Products","AL-320WLED-UNIV-50-T3",37023,314,117.91,70,5000,37780,314,120.32,71.8,3063,{"$nulls":5},"Yes - Made to Order Product","Luminaire","Area/Roadway","","Outdoor - Other","Arm/Pole - Wall - Other - Post top","Other","N/A","N/A","N/A",null,false,false,false,"N/A","N/A","N/A",{"$nulls":10},0.997,120,{"$nulls":3},"AC",{"$nulls":3},"N/A","N/A",null,null,false,0,null,null,"2017-02-23"]
["Howard Lighting Products","Howard Lighting Products","XAL-5100-LED-MV",11021,98.45,111.95,83.8,5067,8591,78.02,110.11,83.7,3064,{"$nulls":5},"Yes - Standard Stocked Product or In-Stores","Luminaire","Area/Roadway","","Outdoor","Arm/Pole","Other","N/A","N/A","N/A",null,false,false,false,"N/A","N/A","N/A",{"$nulls":10},0.9893,119.9,-1E-4,4,15.06,"AC",3,2,2,"N/A","N/A",null,null,false,0,null,null,"2016-08-09"]
["Howard Lighting Products","Howard Lighting Products","XAL-4080-LED-MV",8591,78.02,110.11,83,4000,8591,78.02,110.11,83.7,3064,{"$nulls":5},"Yes - Standard Stocked Product or In-Stores","Luminaire","Area/Roadway","","Outdoor","Arm/Pole","Other","N/A","N/A","N/A",null,false,false,false,"N/A","N/A","N/A",{"$nulls":4},78.71,21.07,0.05,0.19,null,null,0.9949,120,null,null,14.62,"AC",3,2,2,"N/A","N/A",null,null,false,0,null,null,"2016-08-09"]
["Coramdeo Lighting Industries Limited","CORAMDEO","CD-J002-830LED",682.02,8.8,77.51,80,3000,682.02,8.8,77.51,84.6,3069,{"$nulls":5},"Yes - Standard Stocked Product or In-Stores","Luminaire","Area/Roadway","","Outdoor","Wall","Other - Decorative","N/A","N/A","N/A",null,false,false,false,"N/A","N/A","N/A",{"$nulls":10},0.975,120,-1E-3,16,null,"AC",{"$nulls":3},"N/A","N/A",null,null,false,0,null,null,"2017-06-13"]
["GE Lighting Solutions, Outdoor SSL Fixtures","GE Lighting","EFM1010AAT3730XXXXXXXXXXX",6400,50,128,70,3000,6660.8,50.2,132.69,71.9,3072,{"$nulls":5},"Yes - Made to Order Product","Luminaire","Area/Roadway","","Outdoor","Arm/Pole - Surface - Wall","Other","N/A","N/A","N/A",null,false,false,false,"N/A","N/A","N/A",{"$nulls":3},300,73.02,26.99,0,0,1.2,1.4,0.99,120,null,null,9.8,"AC",3,0,1,"N/A","N/A",null,null,false,0,null,null,"2018-01-08"]
["SHENZHEN ROMANSO ELECTRONIC CO.,LTD","ROMANSO","RMS-PT-100W-13001D",11904.24,102.8,115.8,82,3000,11904.24,102.8,115.8,82,3075,{"$nulls":5},"Yes - Standard Stocked Product or In-Stores","Luminaire","Area/Roadway","","Outdoor","Arm/Pole - Post top","Other","N/A","N/A","N/A",null,false,false,false,"N/A","N/A","N/A",{"$nulls":11},120,{"$nulls":3},"AC",{"$nulls":3},"N/A","N/A",null,null,false,0,null,null,"2017-09-25"]
["Leotek Electronics USA Corp.","Leotek Electronics","GCL1-80G-MV-WW-2R-XX-700",20760,188.6,110.07,70,3000,20190,186.4,108.3,70.8,3076,{"$nulls":5},"Not yet commercially available","Luminaire","Area/Roadway","","Outdoor","Arm/Pole","Other","N/A","N/A","N/A",null,false,false,false,"N/A","N/A","N/A",{"$nulls":10},0.9,120,0.0002,-33.8,20,"AC",{"$nulls":3},"N/A","N/A",null,null,false,0,null,null,"2016-04-22"]
["Sentry Electric LLC","Sentry Electric Underdeck","SUDL-(3X12)LEDNI-0.8A-730-STRI-(2)W-ME",10912,91.7,119,73,3080,10912,91.7,119,73,3080,{"$nulls":5},"Yes - Made to Order Product","Luminaire","Area/Roadway","","Outdoor","Surface","Other","N/A","N/A","N/A",null,false,false,false,"N/A","N/A","N/A",{"$nulls":11},120,{"$nulls":3},"AC",{"$nulls":3},"N/A","N/A",null,null,false,0,null,null,"2017-07-10"]
["Sentry Electric LLC","Sentry Electric Underdeck","SUDL-(3X12)LEDNI-0.8A-740-STRI-(2)W-ME",11639,91.7,126.92,70,4000,10912,91.7,119,73,3080,{"$nulls":5},"Yes - Made to Order Product","Luminaire","Area/Roadway","","Outdoor","Surface","Other","N/A","N/A","N/A",null,false,false,false,"N/A","N/A","N/A",{"$nulls":11},120,{"$nulls":3},"AC",{"$nulls":3},"N/A","N/A",0,0,false,0,null,null,"2017-07-10"]
["RAB Lighting Inc","RAB","RWLED4T125Y",10464,137,76.38,81,3080,10464,136.3,76.8,81,3080,{"$nulls":5},"Yes - Made to Order Product","Luminaire","Area/Roadway","","Outdoor","Arm/Pole","","N/A","N/A","N/A",null,false,false,false,"N/A","N/A","N/A",{"$nulls":10},0.99,120,2E-3,-2,5.3,"AC",{"$nulls":3},"N/A","N/A",null,null,false,0,null,null,"2014-03-12"]
["Neptun Light, Inc.","Neptun Light, Inc.","LED-778070-L2-UNV-830-T2",7776,71.56,108.66,81.4,3075,5991,58.82,101.9,81.4,3083,{"$nulls":5},"Yes - Made to Order Product","Luminaire","Area/Roadway","","Outdoor","Arm/Pole","Other","N/A","N/A","N/A",null,false,false,false,"Click to download","N/A","N/A",{"$nulls":3},745.56,62.97,37.04,0,0,null,null,0.991,120,0,7.6,9.19,"AC",2,0,2,"N/A","N/A",null,null,false,0,null,null,"2016-12-27"]
["AOK LED LIGHT CO. LTD","AOK","AOK-80WIL-(D)-X(3000K)",12344,80.45,153.44,74.2,3085,12344,80.45,153.44,74.2,3085,{"$nulls":5},"Yes - Standard Stocked Product or In-Stores","Luminaire","Area/Roadway","","Outdoor","Arm/Pole","Other","N/A","N/A","N/A",null,false,false,false,"N/A","N/A","N/A",{"$nulls":11},120,{"$nulls":3},"AC",{"$nulls":3},"N/A","N/A",null,null,false,0,null,null,"2017-07-13"]
["Shanghai Yuanming Lighting Technology Co.,Ltd","YML","YML-1AL35S-38(3000K)",3505,36.96,94.83,82,3090,3505,36.96,94.83,82,3090,{"$nulls":5},"Yes - Standard Stocked Product or In-Stores","Luminaire","Area/Roadway","","Outdoor","Arm/Pole","","N/A","N/A","N/A",null,false,false,false,"N/A","N/A","N/A",{"$nulls":10},0.994,120,0.0002,10,1.5,"AC",{"$nulls":3},"N/A","N/A",null,null,false,0,null,null,"2015-07-08"]
["RAB Lighting Inc","RAB Lighting","PRT30N, PRT30N/D10  (Upgrade 10/17/17)",3762,29.6,127.09,77,4097,3713,29.5,125.9,74,3093,{"$nulls":5},"Yes - Standard Stocked Product or In-Stores","Luminaire","Parking Garage","","Indoor - Outdoor","Surface - Other","","N/A","N/A","N/A",null,false,false,true,"N/A","N/A","N/A",{"$nulls":4},36.69,38.16,19.8,5.37,null,null,0.909,277,1E-3,-31,17.1,"AC",2,4,2,"N/A","N/A",null,null,false,0,null,null,"2017-10-30"]
["Sentry Electric LLC","Sentry Electric Suburban Night Lighter","SUB-NL-LEDV29B-1.05A-835-KHT3",6311,58.9,107.15,80,3500,6366,58.9,108.1,84,3093,{"$nulls":5},"Yes - Made to Order Product","Luminaire","Area/Roadway","","Outdoor","Post top","Decorative","N/A","N/A","N/A",null,false,false,false,"N/A","N/A","N/A",{"$nulls":11},120,{"$nulls":3},"AC",{"$nulls":3},"N/A","N/A",null,null,false,0,null,null,"2017-09-20"]
["Sentry Electric LLC","Sentry Electric SMAL Family","SWW-LEDV29B-1.05A-840-KHT2",7251,59.1,122.69,80,4000,6997,59.1,118.4,84,3093,{"$nulls":5},"Yes - Made to Order Product","Luminaire","Area/Roadway","","Outdoor","Post top","Decorative","N/A","N/A","N/A",null,false,false,false,"N/A","N/A","N/A",{"$nulls":11},120,{"$nulls":3},"AC",{"$nulls":3},"N/A","N/A",null,null,false,0,null,null,"2017-09-18"]
["Sentry Electric LLC","Sentry Electric Tulip Series","SIV-XX-LEDV29B-1.05A-830-KHT3",5332,58.3,91.46,84,3093,5332,58.3,91.4,84,3093,{"$nulls":5},"Yes - Made to Order Product","Luminaire","Area/Roadway","","Outdoor","Post top","Decorative","N/A","N/A","N/A",null,false,false,false,"N/A","N/A","N/A",{"$nulls":11},120,{"$nulls":3},"AC",{"$nulls":3},"N/A","N/A",null,null,false,0,null,null,"2017-06-22"]
["Sentry Electric LLC","Sentry Electric Tulip Series","SPL-XX-LEDV29B-1.05A-830-KHT5",6044,58.3,103.67,84,3093,6044,58.3,103.6,84,3093,{"$nulls":5},"Yes - Made to Order Product","Luminaire","Area/Roadway","","Outdoor","Post top","Decorative","N/A","N/A","N/A",null,false,false,false,"N/A","N/A","N/A",{"$nulls":11},120,{"$nulls":3},"AC",{"$nulls":3},"N/A","N/A",null,null,false,0,null,null,"2017-06-22"]
["Sentry Electric LLC","Sentry Electric Tulip Series","SIC-XX-LEDV29B-1.05A-830-KHT2-STR45",5198,58.3,89.16,84,3093,5503,58.3,94.4,84,3093,{"$nulls":5},"Yes - Made to Order Product","Luminaire","Area/Roadway","","Outdoor","Post top","Decorative","N/A","N/A","N/A",null,false,false,false,"N/A","N/A","N/A",{"$nulls":11},120,{"$nulls":3},"AC",{"$nulls":3},"N/A","N/A",null,null,false,0,null,null,"2017-06-05"]
["Sentry Electric LLC","Sentry Electric Tulip Series","SLK-XX-LEDV29B-1.05A-830-KHT2-STR45",5198,58.3,89.16,84,3093,5503,58.3,94.4,84,3093,{"$nulls":5},"Yes - Made to Order Product","Luminaire","Area/Roadway","","Outdoor","Post top","Decorative","N/A","N/A","N/A",null,false,false,false,"N/A","N/A","N/A",{"$nulls":11},120,{"$nulls":3},"AC",{"$nulls":3},"N/A","N/A",null,null,false,0,null,null,"2017-06-05"]
["Sentry Electric LLC","Sentry Electric Tulip Series","SCP-XX-LEDV29B-0.7A-840-TEX-KHT2-STR45",3974,38.2,104.03,80,4000,3805,38.2,99.6,84,3093,{"$nulls":5},"Yes - Made to Order Product","Luminaire","Area/Roadway","","Outdoor","Post top","Decorative","N/A","N/A","N/A",null,false,false,false,"N/A","N/A","N/A",{"$nulls":11},120,{"$nulls":3},"AC",{"$nulls":3},"N/A","N/A",null,null,false,0,null,null,"2017-02-17"]
["Sentry Electric LLC","Sentry Electric Tulip Series","SCP-XX-LEDV29B-0.7A-830-TEX-KHT2-STR45",3835,38.2,100.39,84,3093,3805,38.2,99.6,84,3093,{"$nulls":5},"Yes - Made to Order Product","Luminaire","Area/Roadway","","Outdoor","Post top","Decorative","N/A","N/A","N/A",null,false,false,false,"N/A","N/A","N/A",{"$nulls":11},120,{"$nulls":3},"AC",{"$nulls":3},"N/A","N/A",null,null,false,0,null,null,"2017-02-17"]
["AOK LED LIGHT CO. LTD","AOK","AOK-150WiT-HV(3000K)",17346,152.1,114.01,72.9,3095,17346,152.1,114.01,72.9,3095,{"$nulls":5},"Yes - Standard Stocked Product or In-Stores","Luminaire","Area/Roadway","","Outdoor","Arm/Pole","","N/A","N/A","N/A",null,false,false,false,"N/A","N/A","N/A",{"$nulls":11},277,{"$nulls":3},"AC",{"$nulls":3},"N/A","N/A",null,null,false,0,null,null,"2016-02-25"]
["Selux Corporation","Selux Corporation","SACL-R1-X-LG4105-40-120",6851,102.5,66.84,80,4000,3656,49.87,73.3,81.6,3097,{"$nulls":5},"Yes - Made to Order Product","Luminaire","Area/Roadway","","Outdoor","Arm/Pole - Wall - Post top","Decorative","N/A","N/A","N/A",null,false,false,false,"N/A","N/A","N/A",82,98,null,null,82.9,17.1,0.01,0,null,null,0.998,120,0.0017,7.7,6.64,"AC",{"$nulls":3},"N/A","N/A",null,null,true,50000,92.4,63,"2016-10-28"]
["Selux Corporation","Selux Corporation"," SACL-R2-X-LG4500-30-120",3570,50.13,71.21,80,3000,3656,49.87,73.3,81.6,3097,{"$nulls":5},"Yes - Made to Order Product","Luminaire","Area/Roadway","","Outdoor","Arm/Pole - Wall - Post top","Decorative","N/A","N/A","N/A",null,false,false,false,"N/A","N/A","N/A",82,98,null,null,77,28.5,0.01,0,null,null,0.989,120,0.0017,7.7,6.6,"AC",{"$nulls":3},"N/A","N/A",null,null,true,50000,92.4,63,"2016-10-28"]
["GE Lighting Solutions, Outdoor SSL Fixtures","GE Lighting","EFM101HCCS2730XXXXXXXXXXX",16300,141,115.6,70,3000,16355.7,141.3,115.75,71.9,3099,{"$nulls":5},"Yes - Made to Order Product","Luminaire","Area/Roadway","","Outdoor","Arm/Pole - Surface - Wall","Other","N/A","N/A","N/A",null,false,false,false,"N/A","N/A","N/A",{"$nulls":3},1,94.26,5.75,0,0,1.2,1.4,0.99,347,null,null,6.4,"AC",4,0,1,"N/A","N/A",null,null,false,0,null,null,"2018-01-08"]
["GE Lighting Solutions, Outdoor SSL Fixtures","GE Lighting","ERL1106E130AGRAYBLR004",5800,53,109.43,70,3000,5889.9,51.7,114,70.4,3099,{"$nulls":5},"Yes - Made to Order Product","Luminaire","Area/Roadway","","Outdoor","Arm/Pole","Other","N/A","N/A","N/A",null,false,false,true,"N/A","N/A","N/A",{"$nulls":3},1816,76.55,23.46,0,0,null,null,1,120,null,null,6.8,"AC",{"$nulls":3},"N/A","N/A",null,null,false,0,null,null,"2016-09-13"]
["LED Roadway Lighting Ltd.","NXT-Series","NXT 72M 0 X 4AH 7 XX 4 XX X XX X",15000,158,94.94,70,3000,15163,151,100.3,73,3101,{"$nulls":5},"Yes - Made to Order Product","Luminaire","Area/Roadway","","Outdoor","Arm/Pole","Other","N/A","N/A","N/A",null,false,false,false,"N/A","N/A","N/A",{"$nulls":3},2754,65.58,34.43,0,0,null,null,0.9,120,1E-3,null,6.5,"AC",3,0,3,"N/A","N/A",null,null,true,25000,97.96,25,"2016-08-31"]
["Industrial Lighting Products","Industrial Lighting Products","WPLP-50WLED-UNIV-3000K",4183,49.6,84.28,84,3109,4183,49.6,84.28,84,3109,{"$nulls":5},"Yes - Made to Order Product","Luminaire","Area/Roadway","","Outdoor - Other","Arm/Pole - Surface - Wall - Other - Post top","Other","N/A","N/A","N/A",null,false,false,false,"N/A","N/A","N/A",{"$nulls":10},0.9907,120.1,-0.0022,18,5.26,"AC",{"$nulls":3},"N/A","N/A",null,null,false,0,null,null,"2014-11-10"]
["H.E. Williams","VOLTAIRE","VWPH-L30-730-T3-SDGL-OPT-DIM-UNV",2963,35.7,83,70.31,3114,2963,35.7,83,70.31,3114,{"$nulls":5},"Yes - Made to Order Product","Luminaire","Area/Roadway","","Outdoor","Wall","","N/A","N/A","N/A",null,false,false,false,"N/A","N/A","N/A",{"$nulls":10},0.99,120,-0.0011,-31.64,6.71,"AC",{"$nulls":3},"N/A","N/A",null,null,false,0,null,null,"2015-09-29"]
["LED Roadway Lighting Ltd.","NXT-Lite Series","L 016S 5 X 2ES 6 X XX 3 XX XX",3750,33.4,112.28,70,3000,3757,33.4,112.5,72,3116,{"$nulls":5},"Yes - Made to Order Product","Luminaire","Area/Roadway","","Outdoor","Arm/Pole","Other","N/A","N/A","N/A",null,false,false,false,"N/A","N/A","N/A",{"$nulls":3},956,65.7,34.31,0,0,null,null,0.99,120,0.006,null,9.1,"AC",1,0,1,"N/A","N/A",null,null,true,25000,98.1,25,"2016-09-14"]
["Shanghai Yuanming Lighting Technology Co.,Ltd","YML","YML-1SB31S-150 3000K",13832.27,153.97,90,74,3118,13832.27,153.97,90,74,3118,{"$nulls":5},"Yes - Standard Stocked Product or In-Stores","Luminaire","Area/Roadway","","Outdoor","Arm/Pole","","N/A","N/A","N/A",null,false,false,false,"N/A","N/A","N/A",{"$nulls":10},0.999,120,0.0011,-22,4.21,"AC",{"$nulls":3},"N/A","N/A",null,null,false,0,null,null,"2015-07-10"]
["Shanghai Yaming Lighting Co.,Ltd","YAMING","ZD516A-LED080CU-3000M1S/AQB.PC [Upgrade : 1/28/2016]",8250,80,103.13,70,3000,8628.5,78.7,109.64,74,3121,{"$nulls":5},"Yes - Standard Stocked Product or In-Stores","Luminaire","Area/Roadway","","Outdoor","Arm/Pole","","N/A","N/A","N/A",null,false,false,false,"N/A","N/A","N/A",{"$nulls":11},120,{"$nulls":3},"AC",{"$nulls":3},"N/A","N/A",null,null,false,0,null,null,"2016-02-17"]
["Shanghai Yaming Lighting Co.,Ltd","YAMING","ZD516E-LED030CU-3000M3S/AQB.PC [Upgrade : 4/28/2016]",3000,30,100,70,3000,3034.6,29.25,103.75,74.2,3124,{"$nulls":5},"Yes - Standard Stocked Product or In-Stores","Luminaire","Area/Roadway","","Outdoor","Arm/Pole","Other","N/A","N/A","N/A",null,false,false,false,"N/A","N/A","N/A",{"$nulls":11},120,{"$nulls":3},"AC",{"$nulls":3},"N/A","N/A",null,null,false,0,null,null,"2016-05-23"]
["Acuity Brands Lighting","AMERICAN ELECTRIC LIGHTING","ATBL",15755,170,92.68,80,3000,15755,169.22,93.11,80,3125,{"$nulls":5},"Not yet commercially available","Luminaire","Area/Roadway","","Outdoor","Arm/Pole","","N/A","N/A","N/A",null,false,false,false,"N/A","N/A","N/A",{"$nulls":11},120,{"$nulls":3},"AC",{"$nulls":3},"N/A","N/A",null,null,false,0,null,null,"2016-02-04"]
["Grandlite International Corp","Grandlite International Corp","LED-8320-L384-T4-470W-4K",49144,492.1,99.87,70,4000,49245,491.5,100.2,84,3133,{"$nulls":5},"Yes - Made to Order Product","Luminaire","Area/Roadway","","Outdoor","Arm/Pole","Other","N/A","N/A","N/A",null,false,false,false,"N/A","N/A","N/A",{"$nulls":11},120,{"$nulls":3},"AC",5,2,4,"N/A","N/A",null,null,false,0,null,null,"2017-06-09"]
["Shenzhen Huadian Lighting Co.,LTD","Huadian","HL-PL24W3000KAXXYY",29093.3,240.6,120.92,82.9,3000,29093.3,240.6,120.9,82.9,3135,{"$nulls":5},"Yes - Standard Stocked Product or In-Stores","Luminaire","Area/Roadway","","Outdoor","Other","Other","N/A","N/A","N/A",null,false,false,false,"N/A","N/A","N/A",{"$nulls":11},120,{"$nulls":3},"AC",{"$nulls":3},"N/A","N/A",null,null,false,0,null,null,"2017-07-14"]
["KMW Inc","GIGATERA","MA150-C30GG1S",20084.7,144,139.48,84,3000,20084.7,143.9,139.6,84,3141,{"$nulls":5},"Yes - Made to Order Product","Luminaire","Area/Roadway","","Outdoor","Surface","Other","N/A","N/A","N/A",null,false,false,false,"N/A","N/A","N/A",{"$nulls":11},347,{"$nulls":3},"AC",{"$nulls":3},"N/A","N/A",null,null,false,0,null,null,"2017-06-26"]
["RAB Lighting Inc","RAB","ALED4T50Y",4199,51.9,80.9,82,3150,4199,51.9,80.9,82,3150,{"$nulls":5},"Yes - Made to Order Product","Luminaire","Area/Roadway","","Outdoor","Wall","","N/A","N/A","N/A",null,false,false,false,"N/A","N/A","N/A",{"$nulls":10},0.995,120,1E-3,2,6.9,"AC",{"$nulls":3},"N/A","N/A",null,null,false,0,null,null,"2014-02-07"]
["RAB Lighting Inc","RAB Lighting","TBLED4T150NRG/D10/7PR  (9/26/17)",19368,154.2,125.6,71,4213,18477,153,120.8,70,3170,{"$nulls":5},"Yes - Standard Stocked Product or In-Stores","Luminaire","Area/Roadway","","Outdoor","Arm/Pole","Other","N/A","N/A","N/A",null,false,false,true,"N/A","N/A","N/A",{"$nulls":4},56.24,43.77,0,0,null,null,0.994,120,0,-36,7.8,"AC",2,0,3,"N/A","N/A",null,null,false,0,null,null,"2017-10-13"]
["RAB Lighting Inc","RAB","ALED4T360Y/D10 - WPLED4T360Y/D10",35786,358.33,99.87,70,3181,35786,358.33,99.9,70,3181,{"$nulls":5},"Yes - Standard Stocked Product or In-Stores","Luminaire","Area/Roadway","","Outdoor","Arm/Pole - Wall","Other","N/A","N/A","N/A",null,false,false,false,"N/A","N/A","N/A",{"$nulls":3},3266,51.67,48.34,0,0,null,null,0.998,120,2E-3,null,5.8,"AC",{"$nulls":3},"N/A","N/A",null,null,false,0,null,null,"2016-05-24"]
["Shanghai Yaming Lighting Co.,Ltd","YAMING","ZD516A-LED140CU-3000M2V/AQB.PC",14200,140,101.43,70,3000,14275,139.9,102.04,85,3194,{"$nulls":5},"Yes - Standard Stocked Product or In-Stores","Luminaire","Area/Roadway","","Outdoor","Arm/Pole","","N/A","N/A","N/A",null,false,false,false,"N/A","N/A","N/A",{"$nulls":11},120,{"$nulls":3},"AC",{"$nulls":3},"N/A","N/A",null,null,false,0,null,null,"2015-06-05"]
["SHENZHEN ZHAOPENG TECHNOLOGY CO,LTD","ZHAOPENG","NS-MSLD495-90WLS(3000K)",9060.8,91.12,99.44,72.8,3213,9060.8,91.12,99.44,72.8,3213,{"$nulls":5},"Yes - Standard Stocked Product or In-Stores","Luminaire","Area/Roadway","","Outdoor","Arm/Pole","Other","N/A","N/A","N/A",null,false,false,false,"N/A","N/A","N/A",{"$nulls":11},120,{"$nulls":3},"AC",{"$nulls":3},"N/A","N/A",null,null,false,0,null,null,"2016-08-31"]
["Golden Sanwei","Thermalway","SW-DL120RBJ",8729,108.75,80.27,82,3242,8729,108.75,80.27,82,3242,{"$nulls":5},"Yes - Made to Order Product","Luminaire","Area/Roadway","","Outdoor","Arm/Pole","","N/A","N/A","N/A",null,false,false,false,"N/A","N/A","N/A",{"$nulls":10},0.993,120,{"$nulls":3},"AC",{"$nulls":3},"N/A","N/A",null,null,false,{"$nulls":3},"2013-07-09"]
["Landscape Forms Inc.","Landscape Forms","LEO 28 [Upgrade: 9/3/2015]",7192,116,62,81,3500,7229,115.9,62.4,81.6,3387,{"$nulls":5},"Yes - Made to Order Product","Luminaire","Area/Roadway","","Outdoor","Arm/Pole","Other","N/A","N/A","N/A",null,false,false,false,"N/A","N/A","N/A",{"$nulls":11},120,{"$nulls":3},"AC",{"$nulls":3},"N/A","N/A",null,null,true,25000,95.93,25,"2015-09-23"]
["Sentry Electric LLC","Sentry Electric Tulip Series","SBN-XX-38LEDV29-1.05A-830-BRT2-SC45",4076,43.09,94.59,80,3000,3787,43.09,87.9,82.3,3474,{"$nulls":5},"Yes - Made to Order Product","Luminaire","Area/Roadway","","Outdoor","Arm/Pole","Decorative","N/A","N/A","N/A",null,false,false,false,"N/A","N/A","N/A",{"$nulls":11},120,{"$nulls":3},"AC",{"$nulls":3},"N/A","N/A",null,null,false,0,null,null,"2016-05-19"]
["Energy Solutions","Energy Solutions International","F-WPC100-F4H-35",4466.11,40.23,111.01,81.112,3500,4466.117647058824,40.235294117647065,111,81.112,3500,{"$nulls":5},"Yes - Made to Order Product","Luminaire","Area/Roadway","","Outdoor","Wall","Other","N/A","N/A","N/A",null,false,false,true,"N/A","N/A","N/A",{"$nulls":10},0.9676,120,null,null,8.576,"AC",{"$nulls":3},"N/A","N/A",null,null,false,0,null,null,"2017-06-22"]
["Sentry Electric LLC","Sentry Electric Tulip Series","SPLS-XX-LEDV29B-1.05A-835-SCR-KHT4",5807,58.3,99.61,80,3500,5807,58.3,99.6,80,3500,{"$nulls":5},"Yes - Made to Order Product","Luminaire","Area/Roadway","","Outdoor","Post top","Decorative","N/A","N/A","N/A",null,false,false,false,"N/A","N/A","N/A",{"$nulls":11},120,{"$nulls":3},"AC",{"$nulls":3},"N/A","N/A",null,null,false,0,null,null,"2017-06-22"]
["Sentry Electric LLC","Sentry Electric Tulip Series","SCP-XX-LEDV29B-1.05A-835-KHT5",5423,58.3,93.02,80,3500,5423,58.3,93,80,3500,{"$nulls":5},"Yes - Made to Order Product","Luminaire","Area/Roadway","","Outdoor","Post top","Decorative","N/A","N/A","N/A",null,false,false,false,"N/A","N/A","N/A",{"$nulls":11},120,{"$nulls":3},"AC",{"$nulls":3},"N/A","N/A",null,null,false,0,null,null,"2017-06-22"]
["Energy Solutions","Energy Solutions International","F-14PL-F4V-40-FR",9769,80,122.11,84,4000,2495,19.41,128.54,83,3559,{"$nulls":5},"Yes - Made to Order Product","Luminaire","Parking Garage","","Outdoor","Surface","","N/A","N/A","N/A",null,false,false,true,"N/A","N/A","N/A",{"$nulls":11},120,{"$nulls":3},"AC",{"$nulls":3},"N/A","N/A",null,null,false,0,null,null,"2016-06-23"]
["Sentry Electric LLC","Sentry Electric Teardrop with GR Optics","SCPW-PM-(4)32LEDV18-1.05A-840-2R9P3-GR",12136,137.7,88.13,80,4000,11967,137.7,86.9,83,3564,{"$nulls":5},"Yes - Made to Order Product","Luminaire","Area/Roadway","","Outdoor","Arm/Pole","Decorative","N/A","N/A","N/A",null,false,false,false,"N/A","N/A","N/A",{"$nulls":11},120,{"$nulls":3},"AC",{"$nulls":3},"N/A","N/A",null,null,false,0,null,null,"2016-12-28"]
["PLANLED","GigaTera","WP050-A35",5744,50.007,114.86,83,3674,5744,50.007,114.86,83,3674,{"$nulls":5},"Yes - Made to Order Product","Luminaire","Area/Roadway","","Outdoor","Arm/Pole - Wall","","N/A","N/A","N/A",null,false,false,false,"N/A","N/A","N/A",{"$nulls":4},76.3,23.7,0,0,3.2,1.48,0.9958,120,0.00234,16.7,6.45,"AC",{"$nulls":3},"N/A","N/A",null,null,true,25000,95.52,25,"2014-05-20"]
["H.E. Williams","WILLIAMS","VF2-LED30-740-NS",3034,36.6,82.88,75,3736,3034,36.6,82.88,75,3736,{"$nulls":5},"Yes - Made to Order Product","Luminaire","Area/Roadway","","Outdoor","Arm/Pole - Surface - Wall - Other","","N/A","N/A","N/A",null,false,false,false,"N/A","N/A","N/A",{"$nulls":10},0.99,120,0.0021,null,9.08,"AC",{"$nulls":3},"N/A","N/A",null,null,false,0,null,null,"2014-02-03"]
["Foshan Naturaled Electric Co.,Ltd","NaturaLED","LED-FXSAL180/40K/DB/3S",22191,180,123.28,73.6,4000,22191,181.7,122.13,73.6,3765,{"$nulls":5},"Yes - Standard Stocked Product or In-Stores","Luminaire","Area/Roadway","","Outdoor","Arm/Pole","Other","N/A","N/A","N/A",null,false,false,false,"N/A","N/A","N/A",{"$nulls":11},120,{"$nulls":3},"AC",{"$nulls":3},"N/A","N/A",null,null,false,0,null,null,"2017-07-21"]
["Cree, Inc","Cree XSP1 Special","BXSP9131NY&",7623,77,99,71,4000,7623,76.5,99.6,71,3777,{"$nulls":5},"Yes - Made to Order Product","Luminaire","Area/Roadway","","Outdoor","Arm/Pole","Other","N/A","N/A","N/A",null,false,false,false,"N/A","N/A","N/A",{"$nulls":11},120,{"$nulls":3},"AC",{"$nulls":3},"N/A","N/A",null,null,false,0,null,null,"2014-08-12"]
["Philips Lighting North America Corporation","Philips Gardco","SFRX-4-NW-140W-120V-NP",11014,139.2,79.1,75,3780,11014,139.2,79.1,75,3780,{"$nulls":5},"Yes - Standard Stocked Product or In-Stores","Luminaire","Area/Roadway","","Outdoor","Arm/Pole","","N/A","N/A","N/A",null,false,false,false,"N/A","N/A","N/A",{"$nulls":4},71.2,28.8,0,0,null,null,0.996,120,null,null,7.7,"AC",{"$nulls":3},"N/A","N/A",null,null,false,{"$nulls":3},"2013-04-30"]
["H.E. Williams","WILLIAMS","VF2-LED45-740-NS",4350,52.67,82.59,75,3788,4350,52.67,82.59,75,3788,{"$nulls":5},"Yes - Made to Order Product","Luminaire","Area/Roadway","","Outdoor","Arm/Pole - Surface - Wall - Other","","N/A","N/A","N/A",null,false,false,false,"N/A","N/A","N/A",{"$nulls":10},0.99,120,0.0026,null,7.38,"AC",{"$nulls":3},"N/A","N/A",null,null,false,0,null,null,"2014-02-03"]
["CONXCORP","Conxcorp","CNX-LWP-P2-40-48-XXX-BRZ",4924,41.625,118.29,72.36,3805,4924,41.625,118.29,72.36,3805,{"$nulls":5},"Yes - Standard Stocked Product or In-Stores","Luminaire","Area/Roadway","","Outdoor","Wall","Other","N/A","N/A","N/A",null,false,false,false,"N/A","N/A","N/A",{"$nulls":11},346.92,{"$nulls":3},"AC",{"$nulls":3},"N/A","N/A",null,null,false,0,null,null,"2017-08-21"]
["Light Emitting Designs","Light Emitting Designs","IL45075-UV-S5S-40ND",10558,75.3,140.21,72,3814,10558,75.3,140.2,72,3814,{"$nulls":5},"Yes - Made to Order Product","Luminaire","Area/Roadway","","Outdoor - Other","Arm/Pole - Wall - Other","Other","N/A","N/A","N/A",null,false,false,false,"N/A","N/A","N/A",{"$nulls":11},277,{"$nulls":3},"AC",{"$nulls":3},"N/A","N/A",null,null,false,0,null,null,"2016-10-11"]
["Light Emitting Designs","Light Emitting Designs","IL45075-UV-R5L-40ND",9100,75.3,120.85,72,3814,9100,75.3,120.9,72,3814,{"$nulls":5},"Yes - Made to Order Product","Luminaire","Area/Roadway","","Outdoor - Other","Arm/Pole - Wall - Other","Other","N/A","N/A","N/A",null,false,false,false,"N/A","N/A","N/A",{"$nulls":11},277,{"$nulls":3},"AC",{"$nulls":3},"N/A","N/A",null,null,false,0,null,null,"2016-10-11"]
["SNC OPTO ELECTRONIC CO.,LTD","ASMART","AST-S-G07-300WCT3B1-abcde40K",38274.11,302.61,126.48,72.7,3825,38274.11,302.61,126.48,72.7,3825,{"$nulls":5},"Yes - Standard Stocked Product or In-Stores","Luminaire","Area/Roadway","","Outdoor","Arm/Pole","Other","N/A","N/A","N/A",null,false,false,false,"N/A","N/A","N/A",{"$nulls":11},120,{"$nulls":3},"AC",{"$nulls":3},"N/A","N/A",null,null,false,0,null,null,"2018-02-07"]
["Arrlux Inc","ARRLUX","SLA180-T4M-40K-XX-XX-XX",23591,175.1,134.73,72.6,4000,23591,175.1,134.73,72.6,3833,{"$nulls":5},"Yes - Standard Stocked Product or In-Stores","Luminaire","Area/Roadway","","Outdoor","Arm/Pole","Other","N/A","N/A","N/A",null,false,false,false,"N/A","N/A","N/A",{"$nulls":11},120,{"$nulls":3},"AC",{"$nulls":3},"N/A","N/A",null,null,false,0,null,null,"2017-11-06"]
["QSSI","QSSI","WCTRSAC31X20U5K***",2348.5,20.61,113.95,80,5000,2308.6,21.09,109.46,83.8,3836,{"$nulls":5},"Yes - Made to Order Product","Luminaire","Area/Roadway","","Outdoor","Wall","Other","N/A","N/A","N/A",null,false,false,false,"N/A","N/A","N/A",{"$nulls":11},120,{"$nulls":3},"AC",{"$nulls":3},"N/A","N/A",null,null,false,0,null,null,"2017-11-10"]
["Hengdian Group Tospo Lighting Co.,Ltd.","TOSPO","TP-WP03-5000-40K/PC",6000,72.1,83.22,80,4000,6031,72.1,83.7,81,3842,{"$nulls":5},"Yes - Made to Order Product","Luminaire","Area/Roadway","","Outdoor","Wall","","N/A","N/A","N/A",null,false,false,false,"N/A","N/A","N/A",null,null,85.2,2554,85.29,14.63,0.03,0.05,0.41,1.25,0.9934,120,3.8E-3,4,8.67,"AC",{"$nulls":3},"N/A","N/A",null,null,false,0,null,null,"2015-02-06"]
["QSSI","DURAGUARD","TV2C32X20U41K",4091,41.68,98.15,82,3847,4091,41.68,98.15,82,3847,{"$nulls":5},"Yes - Made to Order Product","Luminaire","Area/Roadway","","Outdoor","Arm/Pole - Surface","Other","N/A","N/A","N/A",null,false,false,false,"N/A","N/A","N/A",{"$nulls":11},120,{"$nulls":3},"AC",{"$nulls":3},"N/A","N/A",null,null,true,50000,78.57,25,"2016-10-18"]
["H.E. Williams","WILLIAMS","VF1-LED15-740-MF",2216,26.99,82.1,77,3850,2216,26.99,82.1,77,3850,{"$nulls":5},"Yes - Made to Order Product","Luminaire","Area/Roadway","","Outdoor","Arm/Pole - Surface - Wall - Other","","N/A","N/A","N/A",null,false,false,false,"N/A","N/A","N/A",{"$nulls":10},0.99,120,null,-8.4,3.89,"AC",{"$nulls":3},"N/A","N/A",null,null,false,0,null,null,"2014-02-06"]
["HUIZHOU FORYOU OPTOELECTRONICS TECHNOLOGY CO., LTD","ADAYO","AL01A-W100A0-040 ",13716,102.3,134.08,74,3859,13716,102.3,134.08,74,3859,{"$nulls":5},"Yes - Standard Stocked Product or In-Stores","Luminaire","Area/Roadway","","Outdoor","Arm/Pole","Other","N/A","N/A","N/A",null,false,false,false,"N/A","N/A","N/A",{"$nulls":11},120,{"$nulls":3},"AC",{"$nulls":3},"N/A","N/A",null,null,false,0,null,null,"2018-02-09"]
["shanghai supertek lighting co,ltd","SUPERTEK","HK02A-240-4000K",30000,245.5,122.2,70,4000,30275.2,245.5,123.32,73.7,3861,{"$nulls":5},"Yes - Standard Stocked Product or In-Stores","Luminaire","Area/Roadway","","Outdoor","Arm/Pole","Other","N/A","N/A","N/A",null,false,false,false,"N/A","N/A","N/A",{"$nulls":10},0.995,120,0.0026,-23,2.5,"AC",{"$nulls":3},"N/A","N/A",null,null,false,0,null,null,"2016-09-21"]
["Torshare Ltd.","TORSHARE","TS-WP12-120W-LG-40K",14925,122.2,122.14,84,3870,14925,122.2,122.14,84,3870,{"$nulls":5},"Yes - Standard Stocked Product or In-Stores","Luminaire","Area/Roadway","","Outdoor","Wall","Other","N/A","N/A","N/A",null,false,false,false,"N/A","N/A","N/A",{"$nulls":11},120,{"$nulls":3},"AC",{"$nulls":3},"N/A","N/A",null,null,false,0,null,null,"2018-02-02"]
["Eaton (formerly Cooper Lighting)","McGraw-Edison","GLEON-AE-04-LED-E1-5MQ-GM-DIM-700",15359,142.3,107.93,73,3873,15359,142.3,107.9,73,3873,{"$nulls":5},"Not yet commercially available","Luminaire","Area/Roadway","","Outdoor","Arm/Pole","","N/A","N/A","N/A",null,false,false,false,"N/A","N/A","N/A",{"$nulls":11},120,{"$nulls":3},"AC",{"$nulls":3},"N/A","N/A",null,null,true,10000,99.88,25,"2013-11-18"]
["e-conolight","e-conolight","E-WP12L12UNZ",16300,120,135.83,74,4000,16385,119.31,137.33,74,3877,{"$nulls":5},"Yes - Standard Stocked Product or In-Stores","Luminaire","Area/Roadway","","Outdoor","Wall","Other","N/A","N/A","N/A",null,false,false,false,"N/A","N/A","N/A",{"$nulls":11},120,{"$nulls":3},"AC",{"$nulls":3},"N/A","N/A",null,null,false,0,null,null,"2016-06-03"]
["Schreder Lighting LLC","SCHRÉDER","SMART2_36LED(XPL)_1200MA_NW_5172_120-277V",17193,143,120.3,75,3881,17193,143,120.3,75,3881,{"$nulls":5},"Yes - Made to Order Product","Luminaire","Area/Roadway","","Outdoor","Arm/Pole - Other - Post top","Other","N/A","N/A","N/A",null,false,false,false,"N/A","N/A","N/A",{"$nulls":4},69.2,30.8,0,0,null,null,0.99,120,1E-3,-10.9,12.88,"AC",3,0,3,"N/A","N/A",null,null,false,0,null,null,"2016-02-02"]
["SNC OPTO ELECTRONIC CO.,LTD","SNC LED","SNC-FWP01-40CT4H1-40",4790.5,39.12,122.46,70,4000,4790.5,39.12,122.46,73.1,3887,{"$nulls":5},"Yes - Standard Stocked Product or In-Stores","Luminaire","Area/Roadway","","Outdoor","Wall","Other","N/A","N/A","N/A",null,false,false,false,"N/A","N/A","N/A",{"$nulls":11},120,{"$nulls":3},"AC",{"$nulls":3},"N/A","N/A",null,null,false,0,null,null,"2017-12-21"]
["Arrlux Inc","ARRLUX","FLA120-[T; L]-T4M-40K-XX-XX-XX",15387,116.8,131.74,73.1,4000,15387,116.8,131.74,73.1,3889,{"$nulls":5},"Yes - Standard Stocked Product or In-Stores","Luminaire","Area/Roadway","","Outdoor","Arm/Pole","Other","N/A","N/A","N/A",null,false,false,false,"N/A","N/A","N/A",{"$nulls":11},120,{"$nulls":3},"AC",{"$nulls":3},"N/A","N/A",null,null,false,0,null,null,"2017-11-20"]
["SNC OPTO ELECTRONIC CO.,LTD","SNC LED","SNC-S-G05-185WAT3B1-40K",24718,184.8,133.76,73.2,4000,24718,184.8,133.76,73.2,3892,{"$nulls":5},"Yes - Standard Stocked Product or In-Stores","Luminaire","Area/Roadway","","Outdoor","Arm/Pole","Other","N/A","N/A","N/A",null,false,false,false,"N/A","N/A","N/A",{"$nulls":11},120,{"$nulls":3},"AC",{"$nulls":3},"N/A","N/A",null,null,false,0,null,null,"2017-08-16"]
["Damar Worldwide 4 LLC","DAMAR","38708A",19073.29,180,105.96,73.7,4000,19073.29,177.24,107.613,73.7,3894,{"$nulls":5},"Yes - Standard Stocked Product or In-Stores","Luminaire","Area/Roadway","","Outdoor","Arm/Pole - Other","","N/A","N/A","N/A",null,false,false,false,"N/A","Click to download","N/A",{"$nulls":11},120,{"$nulls":3},"AC",{"$nulls":3},"N/A","N/A",null,null,false,0,null,null,"2015-12-28"]
["Hubbell Lighting","Spaulding Lighting","ARS-36L4K-070-5W-U-XX",7518,86.6,86.8,73,3900,7518,86.6,86.8,73,3900,{"$nulls":5},"Yes - Made to Order Product","Luminaire","Parking Garage","","Outdoor","Surface","","N/A","N/A","N/A",null,false,false,false,"N/A","N/A","N/A",{"$nulls":11},120,{"$nulls":3},"AC",{"$nulls":3},"N/A","N/A",null,null,false,0,null,null,"2014-08-08"]
["Luminaire LED, Inc.","Luminaire LED","YRV13-21W HP-4000K-OP",740,20.41,36.26,87,3900,740,20.41,36.26,87,3900,{"$nulls":5},"Yes - Standard Stocked Product or In-Stores","Luminaire","Area/Roadway","","Outdoor","Wall","","N/A","N/A","N/A",null,false,false,false,"N/A","N/A","N/A",{"$nulls":15},"",{"$nulls":3},"N/A","N/A",null,null,false,{"$nulls":3},"2013-05-03"]
["SNC OPTO ELECTRONIC CO.,LTD","SNC LED","SNC-S-G04-150WAT3A1 4000K",17739,149.5,118.66,73.6,3906,17739,149.5,118.66,73.6,3906,{"$nulls":5},"Yes - Standard Stocked Product or In-Stores","Luminaire","Area/Roadway","","Outdoor","Arm/Pole","Other","N/A","N/A","N/A",null,false,false,false,"N/A","N/A","N/A",{"$nulls":11},120,{"$nulls":3},"AC",{"$nulls":3},"N/A","N/A",null,null,false,0,null,null,"2017-06-08"]
["NINGBO MORELUX LIGHTING MFG LTD","MORELUX","VPL-14W-40K-V1-D-FP-SB-WM",1634,14.57,112.15,72,3911,1634,14.57,112.11,72,3911,{"$nulls":5},"Yes - Standard Stocked Product or In-Stores","Luminaire","Area/Roadway","","Outdoor","Wall","Other","N/A","N/A","N/A",null,false,false,false,"N/A","N/A","N/A",{"$nulls":11},120,{"$nulls":3},"AC",{"$nulls":3},"N/A","N/A",null,null,false,0,null,null,"2017-05-04"]
["SNC OPTO ELECTRONIC CO.,LTD","SNC LED","SNC-S-G05-150WAT3B1-40K",19446,152.9,127.18,73.6,4000,19446,152.9,127.18,73.6,3914,{"$nulls":5},"Yes - Standard Stocked Product or In-Stores","Luminaire","Area/Roadway","","Outdoor","Arm/Pole","Other","N/A","N/A","N/A",null,false,false,false,"N/A","N/A","N/A",{"$nulls":11},120,{"$nulls":3},"AC",{"$nulls":3},"N/A","N/A",null,null,false,0,null,null,"2017-08-15"]
["Arrlux Inc","ARRLUX","FLC120-[T; L]-T4M-40K-XX-XX-XX",15161,118.9,127.51,72.8,4000,15161,118.9,127.51,72.8,3917,{"$nulls":5},"Yes - Standard Stocked Product or In-Stores","Luminaire","Area/Roadway","","Outdoor","Arm/Pole","Other","N/A","N/A","N/A",null,false,false,false,"N/A","N/A","N/A",{"$nulls":11},347,{"$nulls":3},"AC",{"$nulls":3},"N/A","N/A",null,null,false,0,null,null,"2017-11-13"]
["Acuity Brands Lighting","Holophane","HMLED 07 4K XX X L2 XXXX",19416,290,66.95,null,3919,19416,290,66.95,null,3919,{"$nulls":5},"Yes - Made to Order Product","Luminaire","Area/Roadway","","Outdoor","Arm/Pole","","Click to view in browser","N/A","N/A",null,false,false,false,"N/A","N/A","N/A",{"$nulls":11},360,{"$nulls":3},"AC",{"$nulls":3},"N/A","N/A",null,null,false,{"$nulls":3},"2013-06-10"]
["DONGGUAN KINGSUN OPTOELECTRONIC CO., LTD.","KINGSUN","RL2R3005HA240V48",27357.19,180.1,151.9,71.1,3922,27357.19,180.1,151.9,71.1,3922,{"$nulls":5},"Yes - Made to Order Product","Luminaire","Area/Roadway","","Outdoor","Arm/Pole","Other","N/A","N/A","N/A",null,false,false,false,"Click to download","N/A","N/A",{"$nulls":3},3807.322,0.74433,0.25567,0,0,null,null,0.99,347,2E-3,-28,10.6,"AC",{"$nulls":3},"N/A","N/A",null,null,false,0,null,null,"2017-12-13"]
["MESTER LED LIMITED","MESTER","WM15W12V40KDF",1534,15.11,101.52,83,3923,1534,15.11,101.53,83,3923,{"$nulls":5},"Yes - Standard Stocked Product or In-Stores","Luminaire","Area/Roadway","","Outdoor","Wall","Other","N/A","N/A","N/A",null,false,false,false,"N/A","N/A","N/A",{"$nulls":11},120,{"$nulls":3},"AC",{"$nulls":3},"N/A","N/A",null,null,false,0,null,null,"2016-08-12"]
["GE Lighting Solutions, Outdoor SSL Fixtures","GE Lighting","ERS1X23A1540XXXXX",2700,31,87.1,70,4000,2749.9,30.3,90.9,73,3924,{"$nulls":5},"Yes - Made to Order Product","Luminaire","Area/Roadway","","Outdoor","Arm/Pole","","N/A","N/A","N/A",null,false,false,false,"N/A","N/A","N/A",{"$nulls":11},120,{"$nulls":3},"AC",{"$nulls":3},"N/A","N/A",null,null,false,0,null,null,"2014-08-06"]
["J2 Light Inc.","J2 Light Inc.","iPL-B-L-4",3520,36.4,96.7,85,3929,3520,36.4,96.7,85,3929,{"$nulls":5},"Yes - Made to Order Product","Luminaire","Parking Garage","","Indoor - Outdoor","Surface","Other","N/A","N/A","N/A",null,false,false,true,"N/A","N/A","N/A",{"$nulls":10},0.99,120,4.26E-4,null,14,"AC",{"$nulls":3},"N/A","N/A",10,100,false,0,null,null,"2015-05-20"]
["Shenzhen Hipower Optoelectronic Co.,Ltd","LED VISION","SPS2004-SL29X-NW-1-D",27859,207,134.58,73.1,3930,27859,207,134.58,73.1,3930,{"$nulls":5},"Yes - Standard Stocked Product or In-Stores","Luminaire","Area/Roadway","","Outdoor","Arm/Pole - Wall","Other","N/A","N/A","N/A",null,false,false,false,"N/A","N/A","N/A",{"$nulls":11},120,{"$nulls":3},"AC",{"$nulls":3},"N/A","N/A",null,null,false,0,null,null,"2018-01-10"]
["SolarMaxLED, Inc","SolarMaxLED","LST-M1040-4-U3B021",4932.82,40,123.32,75.4,3932,4932.82,39.76,124.06,75.4,3932,{"$nulls":5},"Yes - Made to Order Product","Luminaire","Area/Roadway","","Outdoor","Arm/Pole","Other","N/A","N/A","N/A",null,false,false,false,"N/A","N/A","N/A",{"$nulls":11},120,{"$nulls":3},"AC",{"$nulls":3},"N/A","N/A",null,null,false,0,null,null,"2016-04-28"]
["Shanghai Yuanming Lighting Technology Co.,Ltd","YML","YML-1SB31-300(4000K)",32004,299.01,107.03,72,3937,32004,299.01,107.03,72,3937,{"$nulls":5},"Yes - Standard Stocked Product or In-Stores","Luminaire","Area/Roadway","","Outdoor","Arm/Pole","Other","N/A","N/A","N/A",null,false,false,false,"N/A","N/A","N/A",{"$nulls":11},120,{"$nulls":3},"AC",{"$nulls":3},"N/A","N/A",null,null,false,0,null,null,"2017-09-25"]
["Shanghai Yuanming Lighting Technology Co.,Ltd","YML","YML-1SB31-200(4000K)",22048,201.98,109.16,72,3940,22048,201.98,109.16,72,3940,{"$nulls":5},"Yes - Standard Stocked Product or In-Stores","Luminaire","Area/Roadway","","Outdoor","Arm/Pole","Other","N/A","N/A","N/A",null,false,false,false,"N/A","N/A","N/A",{"$nulls":11},120,{"$nulls":3},"AC",{"$nulls":3},"N/A","N/A",null,null,false,0,null,null,"2017-07-07"]
["Grandlite International Corp","Grandlite International Corp","SML-708-L4-B-4K",14593,128,114.01,70,4000,14593,127.7,114.29,71.8,3941,{"$nulls":5},"Yes - Made to Order Product","Luminaire","Area/Roadway","","Outdoor","Wall","Other","N/A","N/A","N/A",null,false,false,false,"N/A","N/A","N/A",{"$nulls":11},120,{"$nulls":3},"AC",{"$nulls":3},"N/A","N/A",null,null,false,0,null,null,"2017-02-21"]
["S LITE CO.,LTD","S LITE","GL201AL-UNV-0402-70-40K-T5vs-00-DB-P7-PS-00-BY-NC-IVT",4110,36.37,113.01,72.6,4000,4110,36.37,113.01,72.6,3944,{"$nulls":5},"Yes - Standard Stocked Product or In-Stores","Luminaire","Area/Roadway","","Outdoor","Arm/Pole","Other","N/A","N/A","N/A",null,false,false,false,"N/A","N/A","N/A",{"$nulls":11},120,{"$nulls":3},"AC",{"$nulls":3},"N/A","N/A",null,null,false,0,null,null,"2017-01-24"]
["Leotek Electronics USA Corp.","Leotek Electronics Corp.","EC3-10M-MV-NW-2-GY-700",8178,87.3,93.7,76,3946,8178,87.3,93.7,76,3946,{"$nulls":5},"Yes - Standard Stocked Product or In-Stores","Luminaire","Area/Roadway","","Outdoor","Arm/Pole","","N/A","N/A","N/A",null,false,false,false,"N/A","N/A","N/A",{"$nulls":4},77.9,22.1,0,0,null,null,0.949,120,null,null,12.94,"AC",{"$nulls":3},"N/A","N/A",null,null,false,{"$nulls":3},"2013-02-27"]
["GE Lighting Solutions, Outdoor SSL Fixtures","GE Lighting","ERS3XK3A1540XXXXX",15300,170,90,70,4000,15932,168.7,94.4,74,3949,{"$nulls":5},"Yes - Made to Order Product","Luminaire","Area/Roadway","","Outdoor","Arm/Pole","","N/A","N/A","N/A",null,false,false,false,"N/A","N/A","N/A",{"$nulls":11},120,{"$nulls":3},"AC",{"$nulls":3},"N/A","N/A",null,null,false,0,null,null,"2014-08-06"]
["GE Lighting Solutions, Outdoor SSL Fixtures","GE Lighting","ERS1XB3A1540XXXXX",5400,60,90,70,4000,5446.1,58.2,93.6,73,3950,{"$nulls":5},"Yes - Made to Order Product","Luminaire","Area/Roadway","","Outdoor","Arm/Pole","","N/A","N/A","N/A",null,false,false,false,"N/A","N/A","N/A",{"$nulls":11},120,{"$nulls":3},"AC",{"$nulls":3},"N/A","N/A",null,null,false,0,null,null,"2014-08-06"]
["Fujian Juan Kuang Yaming Electric Ltd.","JK Lighting,   Resilient","FL12-80W-S540-D1-GLC-WM",9240,91.1,101.43,69,4000,10422,91.1,114.3,69,3954,{"$nulls":5},"Not yet commercially available","Luminaire","Area/Roadway","","Outdoor","Arm/Pole","","N/A","N/A","N/A",null,false,false,false,"N/A","N/A","N/A",{"$nulls":11},120,{"$nulls":3},"AC",{"$nulls":3},"N/A","N/A",null,null,false,0,null,null,"2016-03-11"]
["BESTWON TECHNOLOGY CO., LTD","Bestwon","BWPL-150W-40X3H ",18244,148.2,123.1,74.1,3957,18244,148.2,123.1,74.1,3957,{"$nulls":5},"Yes - Standard Stocked Product or In-Stores","Luminaire","Area/Roadway","","Outdoor","Arm/Pole","Other","N/A","N/A","N/A",null,false,false,false,"N/A","N/A","N/A",{"$nulls":11},277,{"$nulls":3},"AC",{"$nulls":3},"N/A","N/A",null,null,false,0,null,null,"2017-08-20"]
["NINGBO MORELUX LIGHTING MFG LTD","MORELUX","WPL280-040W-40K-8-D-PC-BZ-G1",5373.2,41.02,130.99,72.1,3957,5373.2,41.02,130.99,72.1,3957,{"$nulls":5},"Yes - Standard Stocked Product or In-Stores","Luminaire","Area/Roadway","","Outdoor","Wall","Other","N/A","N/A","N/A",null,false,false,false,"N/A","N/A","N/A",{"$nulls":11},120,{"$nulls":3},"AC",{"$nulls":3},"N/A","N/A",null,null,false,0,null,null,"2017-07-26"]
["AMAX INDUSTRIAL LTD","Amax","ADD-40W-PC-G(4000K)",4098.6,38.83,105.54,73.3,3959,4098.6,38.83,105.54,73.3,3959,{"$nulls":5},"Yes - Standard Stocked Product or In-Stores","Luminaire","Area/Roadway","","Outdoor","Arm/Pole","","N/A","N/A","N/A",null,false,false,false,"N/A","N/A","N/A",{"$nulls":11},120,{"$nulls":3},"AC",{"$nulls":3},"N/A","N/A",null,null,false,0,null,null,"2015-06-01"]
["LSI Industries Inc","Crossover LED","XALM 5W LED HO NW UE",27999,241.7,116,73,3961,27999,241.7,116,73,3961,{"$nulls":5},"Yes - Made to Order Product","Luminaire","Area/Roadway","","Outdoor","Arm/Pole","","N/A","N/A","N/A",null,false,false,false,"N/A","N/A","N/A",{"$nulls":11},120,{"$nulls":3},"AC",{"$nulls":3},"N/A","N/A",null,null,false,0,null,null,"2016-02-11"]
["LSI Industries Inc","CROSSOVER LED FLOOD","634471",48594,429.08,113.25,73.6,3964,48594,429.08,113.25,73.6,3964,{"$nulls":5},"Yes - Made to Order Product","Luminaire","Area/Roadway","","Outdoor","Surface","Decorative","N/A","N/A","N/A",null,false,false,false,"N/A","N/A","N/A",{"$nulls":11},347,{"$nulls":3},"AC",{"$nulls":3},"N/A","N/A",null,null,false,0,null,null,"2016-12-01"]
["RAB Lighting Inc","RAB","ALEDFC80N",6723,81.6,82.4,82,3966,6723,81.6,82.4,82,3966,{"$nulls":5},"Yes - Made to Order Product","Luminaire","Area/Roadway","","Outdoor","Arm/Pole","","N/A","N/A","N/A",null,false,false,false,"N/A","N/A","N/A",{"$nulls":10},0.99,120,2E-3,5,null,"AC",{"$nulls":3},"N/A","N/A",null,null,false,0,null,null,"2015-01-21"]
["Deco Lighting","DECO Lighting","DWH-LED-4-25-40-UNV",3902,27,144.52,82,3970,3902,27,144.53,82,3970,{"$nulls":5},"Yes - Made to Order Product","Luminaire","Parking Garage","","Indoor - Outdoor","Surface - Suspended","","N/A","N/A","N/A",null,false,false,false,"N/A","N/A","N/A",{"$nulls":3},1249,72.23,24.09,2.87,0.84,null,null,1,120,1.92E-3,13.66,6,"AC",{"$nulls":3},"N/A","N/A",null,null,false,0,null,null,"2017-05-25"]
["MESTER LED LIMITED","MESTER","ST45W27V40KAD",4927,44.71,110.2,75,3970,4927,44.71,110.2,75,3970,{"$nulls":5},"Yes - Standard Stocked Product or In-Stores","Luminaire","Area/Roadway","","Outdoor","Arm/Pole","","N/A","N/A","N/A",null,false,false,false,"N/A","N/A","N/A",{"$nulls":11},120,{"$nulls":3},"AC",{"$nulls":3},"N/A","N/A",null,null,false,0,null,null,"2015-10-30"]
["Guangdong Mason Technologies Co., Ltd.","MASONLED","MS-ST487240-57-N[O,P]-MF",29452,240.01,122.71,70,5700,19706,150.72,130.8,73.5,3973,{"$nulls":5},"Yes - Standard Stocked Product or In-Stores","Luminaire","Area/Roadway","","Outdoor","Arm/Pole","Other","N/A","N/A","N/A",null,false,false,false,"N/A","N/A","N/A",{"$nulls":11},120,{"$nulls":3},"AC",{"$nulls":3},"N/A","N/A",null,null,false,0,null,null,"2017-09-11"]
["Eaton (formerly Cooper Lighting)","LUMARK","AXCL10ARL",13640,102,133.73,73,4000,13286.6,98.9,134.3,73.5,3975,{"$nulls":5},"Not yet commercially available","Luminaire","Area/Roadway","","Outdoor","Arm/Pole - Wall","Other","N/A","N/A","N/A",null,false,false,false,"N/A","N/A","N/A",{"$nulls":11},120,0.0002,-22.1,null,"AC",{"$nulls":3},"N/A","N/A",null,null,false,0,null,null,"2017-11-13"]
["Philips Lighting N.A. - Outdoor Group ","PHILIPS","PWP75-NW-G1-8-BZ",8999,76.04,118.35,72,4000,9004,76.04,118.41,72,3978,{"$nulls":5},"Yes - Standard Stocked Product or In-Stores","Luminaire","Area/Roadway","","Outdoor - Other","Wall","Other","N/A","N/A","N/A",null,false,false,false,"N/A","N/A","N/A",{"$nulls":11},120.1,{"$nulls":3},"AC",{"$nulls":3},"N/A","N/A",null,null,false,0,null,null,"2017-09-18"]
["GE Lighting Solutions, Outdoor SSL Fixtures","GE Lighting","EASBHA4X540XXXXXX",5500,74,74.32,70,4000,5578,69.8,79.9,73,3980,{"$nulls":5},"Yes - Made to Order Product","Luminaire","Area/Roadway","","Outdoor","Arm/Pole","","N/A","N/A","N/A",null,false,false,false,"N/A","N/A","N/A",{"$nulls":11},347,{"$nulls":3},"AC",{"$nulls":3},"N/A","N/A",null,null,false,0,null,null,"2014-07-14"]
["Philips Lighting N.A. - Outdoor Group ","PHILIPS STONCO / PHILIPS KEENE","WP75-NW-G1-6-BZ",9326,78.72,118.47,72,4000,9326,78.72,118,72,3982,{"$nulls":5},"Yes - Standard Stocked Product or In-Stores","Luminaire","Area/Roadway","","Outdoor - Other","Wall","Other","N/A","N/A","N/A",null,false,false,false,"N/A","N/A","N/A",{"$nulls":11},347,{"$nulls":3},"AC",{"$nulls":3},"N/A","N/A",null,null,false,0,null,null,"2017-09-20"]
["RAB Lighting Inc","RAB","YBLED26N - YBLED26N/ARM [Upgrade : 12/31/2016]",3407,28.2,120.82,72,3983,3467,28.2,122,72,3983,{"$nulls":5},"Yes - Standard Stocked Product or In-Stores","Luminaire","Area/Roadway","","Outdoor","Arm/Pole","Other","N/A","N/A","N/A",null,false,false,true,"N/A","N/A","N/A",{"$nulls":10},0.99,277,null,null,6.4,"AC",{"$nulls":3},"N/A","N/A",null,null,false,0,null,null,"2016-12-30"]
["SNC OPTO ELECTRONIC CO.,LTD","SNC LED","SNC-S240WBT3ZA1 4000K",32967,246.7,133.63,73.1,4000,32967,246.7,133.63,73.1,3986,{"$nulls":5},"Yes - Standard Stocked Product or In-Stores","Luminaire","Area/Roadway","","Outdoor","Arm/Pole","Other","N/A","N/A","N/A",null,false,false,false,"N/A","N/A","N/A",{"$nulls":11},120,{"$nulls":3},"AC",{"$nulls":3},"N/A","N/A",null,null,false,0,null,null,"2017-02-15"]
["NINGBO MORELUX LIGHTING MFG LTD","MORELUX","WPL160-52W(4000K,DIM)",7085.7,55.28,128.18,71.5,3987,7085.7,55.28,128.18,71.5,3987,{"$nulls":5},"Yes - Standard Stocked Product or In-Stores","Luminaire","Area/Roadway","","Outdoor","Wall","Other","N/A","N/A","N/A",null,false,false,false,"N/A","N/A","N/A",{"$nulls":11},120,{"$nulls":3},"AC",{"$nulls":3},"N/A","N/A",null,null,false,0,null,null,"2017-04-17"]
["SolarMaxLED, Inc","SolarMaxLED","LST-M1090-4-U3S110",9788.01,90,108.76,75.2,3989,9788.01,88.08,111.13,75.2,3989,{"$nulls":5},"Yes - Made to Order Product","Luminaire","Area/Roadway","","Outdoor","Arm/Pole","Other","N/A","N/A","N/A",null,false,false,true,"N/A","N/A","N/A",{"$nulls":11},120,{"$nulls":3},"AC",{"$nulls":3},"N/A","N/A",null,null,false,0,null,null,"2016-04-28"]
["ELECTRO-MATIC VISUAL PRODUCTS","Electro-Matic","LE3T2M270FR2R01X",29248.1256512678,271.8141881150644,107.6,72.11416440217393,3990.450084602369,29248.1256512678,271.8141881150644,107.6033810232396,72.11416440217393,3990.450084602369,{"$nulls":5},"Yes - Made to Order Product","Luminaire","Area/Roadway","","Outdoor","Arm/Pole","Other","N/A","N/A","N/A",null,false,false,false,"N/A","N/A","N/A",{"$nulls":10},0.997,120,null,null,7.338155660377359,"AC",{"$nulls":3},"N/A","N/A",null,null,false,0,null,null,"2017-07-27"]
["HERITAGE CASTING & IRONWORKS LTD.","HCI lighting","F340-L-CTG-80W-LED",6280,79.84,78.7,65.5,3991,6280,79.84,78.7,65.5,3991,{"$nulls":5},"Yes - Standard Stocked Product or In-Stores","Luminaire","Area/Roadway","","Outdoor","Arm/Pole","","N/A","N/A","N/A",null,false,false,true,"N/A","Click to download","N/A",{"$nulls":11},120,{"$nulls":3},"AC",{"$nulls":3},"N/A","N/A",null,null,false,0,null,null,"2014-12-05"]
["Hubbell Lighting","Hubbell Outdoor Lighting","LNC2-18LU-4K-3 [Upgrade : 1/31/2014]",3086,44.7,69,73,3993,3086,44.7,69,73,3993,{"$nulls":5},"Yes - Made to Order Product","Luminaire","Area/Roadway","","Outdoor","Wall","","N/A","N/A","N/A",null,false,false,false,"N/A","N/A","N/A",{"$nulls":11},120,{"$nulls":3},"AC",{"$nulls":3},"N/A","N/A",null,null,false,0,null,null,"2014-02-13"]
["WISDOM OPTOELECTRONICS TECHNOLOGY CO.,LIMITED","WISDOM","WSD-SB06W48-40K-D-T3-S",7400,60.86,121.59,80,4000,7425,60.86,122,82.4,3996,{"$nulls":5},"Yes - Standard Stocked Product or In-Stores","Luminaire","Area/Roadway","","Outdoor","Arm/Pole","Other","N/A","N/A","N/A",null,false,false,false,"N/A","N/A","N/A",{"$nulls":11},200,{"$nulls":3},"AC",{"$nulls":3},"N/A","N/A",null,null,false,0,null,null,"2017-12-04"]
["RAB Lighting Inc","RAB","WPLEDFC104N [Upgrade : 6/3/2014]",9840,107,92,82,3997,9840,107,92,82,3997,{"$nulls":5},"Yes - Made to Order Product","Luminaire","Area/Roadway","","Outdoor","Wall","","N/A","N/A","N/A",null,false,false,false,"N/A","N/A","N/A",{"$nulls":4},82,17.9,{"$nulls":4},0.996,120,0.003,4,4.3,"AC",{"$nulls":3},"N/A","N/A",null,null,false,0,null,null,"2014-06-19"]
["Philips Lighting North America Corporation","Philips Lumec","HFL-92L-1050-NW-G1-3",33330,319.8,104.2,73.2,3999,33330,319.8,104.2,73.2,3999,{"$nulls":5},"Yes - Made to Order Product","Luminaire","Area/Roadway","","Outdoor","Arm/Pole","","N/A","N/A","N/A",null,false,false,false,"N/A","N/A","N/A",{"$nulls":11},120,{"$nulls":3},"AC",{"$nulls":3},"N/A","N/A",null,null,false,0,null,null,"2015-11-19"]
["Philips Lighting N.A. - Outdoor Group ","Philips Gardco","P34-96L-900-NW-G2-AR-4",32364.687417220444,262.6457600578174,123.22562302203491,70,4000,32364.687417220444,262.6457600578174,123.22562302203491,70,4000,{"$nulls":5},"Not yet commercially available","Luminaire","Area/Roadway","","Outdoor","Arm/Pole","Other","N/A","N/A","N/A",null,false,false,true,"N/A","N/A","N/A",{"$nulls":15},"DC",{"$nulls":3},"N/A","N/A",null,null,false,0,null,null,"2018-01-09"]
["Philips Lighting N.A. - Outdoor Group ","Philips Gardco","P26-64L-700-NW-G2-5W",19485.34545435644,132.76019492177483,146.77099160510895,70,4000,19485.34545435644,132.76019492177483,146.77099160510895,70,4000,{"$nulls":5},"Not yet commercially available","Luminaire","Area/Roadway","","Outdoor","Arm/Pole","Other","N/A","N/A","N/A",null,false,false,true,"N/A","N/A","N/A",{"$nulls":15},"DC",{"$nulls":3},"N/A","N/A",null,null,false,60000,86.73,25,"2018-01-09"]
["Philips Lighting N.A. - Outdoor Group ","Philips Gardco","P26-48L-600-NW-G2-5",12971.73756380066,89.02221082328802,145.71349603471407,70,4000,12971.73756380066,89.02221082328802,145.71349603471407,70,4000,{"$nulls":5},"Not yet commercially available","Luminaire","Area/Roadway","","Outdoor","Arm/Pole","Other","N/A","N/A","N/A",null,false,false,true,"N/A","N/A","N/A",{"$nulls":15},"DC",{"$nulls":3},"N/A","N/A",null,null,false,60000,86.73,25,"2018-01-09"]
["Philips Lighting N.A. - Outdoor Group ","Philips Gardco","P26-64L-600-NW-G2-2",16623.143651915292,114.24467812259552,145.50475282600965,70,4000,16623.143651915292,114.24467812259552,145.50475282600965,70,4000,{"$nulls":5},"Not yet commercially available","Luminaire","Area/Roadway","","Outdoor","Arm/Pole","Other","N/A","N/A","N/A",null,false,false,true,"N/A","N/A","N/A",{"$nulls":15},"DC",{"$nulls":3},"N/A","N/A",null,null,false,60000,86.73,25,"2018-01-09"]
["Philips Lighting N.A. - Outdoor Group ","Philips Gardco","PWS-64L-700-NW-G2-3-UNV",17593.301015434994,137.3,128.13766216631458,70,4000,17593.301015434994,137.3,128.13766216631458,70,4000,{"$nulls":5},"Not yet commercially available","Luminaire","Area/Roadway","","Outdoor","Wall","Other","N/A","N/A","N/A",null,false,false,true,"N/A","N/A","N/A",{"$nulls":15},"AC",{"$nulls":3},"N/A","N/A",null,null,false,0,null,null,"2018-01-05"]
["Sentry Electric LLC","Sentry Electric Tulip Series","SLR-XX-LEDV29B-1.05A-840-SCR-KHT5SQ",5554,58.3,95.27,80,4000,5554,58.3,95.2,80,4000,{"$nulls":5},"Yes - Made to Order Product","Luminaire","Area/Roadway","","Outdoor","Post top","Decorative","N/A","N/A","N/A",null,false,false,false,"N/A","N/A","N/A",{"$nulls":11},120,{"$nulls":3},"AC",{"$nulls":3},"N/A","N/A",null,null,false,0,null,null,"2017-06-22"]
["Sentry Electric LLC","Sentry Electric Tulip Series","SIV-XX-LEDV29B-1.05A-840-KHT3",5525,58.3,94.77,80,4000,5525,58.3,94.7,80,4000,{"$nulls":5},"Yes - Made to Order Product","Luminaire","Area/Roadway","","Outdoor","Post top","Decorative","N/A","N/A","N/A",null,false,false,false,"N/A","N/A","N/A",{"$nulls":11},120,{"$nulls":3},"AC",{"$nulls":3},"N/A","N/A",null,null,false,0,null,null,"2017-06-22"]
["Sentry Electric LLC","Sentry Electric Tulip Series","SLK-XX-LEDV29B-1.05A-840-SCR-KHT5",5434,58.3,93.21,80,4000,5434,58.3,93.2,80,4000,{"$nulls":5},"Yes - Made to Order Product","Luminaire","Area/Roadway","","Outdoor","Post top","Decorative","N/A","N/A","N/A",null,false,false,false,"N/A","N/A","N/A",{"$nulls":11},120,{"$nulls":3},"AC",{"$nulls":3},"N/A","N/A",null,null,false,0,null,null,"2017-06-22"]
["S LITE CO.,LTD","S LITE","FL205-UNV-0852-70-40K-T5s-PM-SL-CR",8434,72.35,116.57,72.9,4001,8434,72.35,116.57,72.9,4001,{"$nulls":5},"Yes - Standard Stocked Product or In-Stores","Luminaire","Area/Roadway","","Outdoor","Arm/Pole","Other","N/A","N/A","N/A",null,false,false,false,"N/A","N/A","N/A",{"$nulls":11},120,{"$nulls":3},"AC",{"$nulls":3},"N/A","N/A",null,null,false,0,null,null,"2016-10-05"]
["ELECTRO-MATIC VISUAL PRODUCTS","Electro-Matic","LE3L5W090FF2F01",10429.779300891021,92.59898305084747,112.63,72.1,4003,10429.779300891021,92.59898305084747,112.63384280542127,72.1,4003,{"$nulls":5},"Yes - Made to Order Product","Luminaire","Area/Roadway","","Outdoor","Wall","Other","N/A","N/A","N/A",null,false,false,false,"N/A","N/A","N/A",{"$nulls":10},0.9980870901639345,120,null,null,9.232712369597614,"AC",{"$nulls":3},"N/A","N/A",null,null,false,0,null,null,"2017-07-28"]
["RAB Lighting Inc","RAB","ALEDC104N  [Upgrade : 9/18/2016]",13067,103.6,124.2,71,4004,13067,103.6,124.2,71,4004,{"$nulls":5},"Yes - Made to Order Product","Luminaire","Area/Roadway","","Outdoor","Arm/Pole","Other","N/A","N/A","N/A",null,false,false,true,"N/A","N/A","N/A",{"$nulls":3},2165,69.44,30.57,0,0,null,null,0.996,120,0.004,-33,5.8,"AC",{"$nulls":3},"N/A","N/A",null,null,false,0,null,null,"2016-10-14"]
["AAL / Kim Lighting","Kim Lighting","AR3E35-120L4K",9698,128.29,76,74,4006,9698,128.29,76,74,4006,{"$nulls":5},"Yes - Made to Order Product","Luminaire","Area/Roadway","","Outdoor","Arm/Pole - Wall - Post top","","N/A","N/A","N/A",null,false,false,false,"N/A","N/A","N/A",null,null,65,1359,59.7,40.2,0,0,null,null,1,120,0.00388,-14,4,"AC",{"$nulls":3},"N/A","N/A",null,null,true,25000,97.44,25,"2014-04-07"]
["Global Tech LED","GLOBAL TECH LED","GTL-RW-M21-BL",4116,57.37,71.74,80.4,4008,4116,57.37,71.74,80.4,4008,{"$nulls":5},"Yes - Made to Order Product","Luminaire","Area/Roadway","","Outdoor","Arm/Pole","Other","N/A","N/A","N/A",null,false,false,false,"N/A","N/A","N/A",{"$nulls":11},120,{"$nulls":3},"AC",{"$nulls":3},"N/A","N/A",null,null,false,0,null,null,"2015-08-25"]
["Xtralight Manufacturing","XtraLight","VNTLEDL032312SNDIM410XXBZHO",28433.37,250.69,113.4204395867406,71.05,4010,28433.37,250.69,113.4204395867406,71.05,4010,{"$nulls":5},"Yes - Made to Order Product","Luminaire","Area/Roadway","","Outdoor","Arm/Pole","Aimable - Adjustable","N/A","N/A","N/A",null,false,false,true,"N/A","N/A","N/A",{"$nulls":11},120,{"$nulls":3},"AC",{"$nulls":3},"N/A","N/A",null,null,false,0,null,null,"2017-10-03"]
["ASMART LIGHT CO., LTD","ASMART"," AST-PG02-100WAANA1-40K",13300,101.9,130.52,83.7,4012,13300,101.9,130.52,83.7,4012,{"$nulls":5},"Yes - Standard Stocked Product or In-Stores","Luminaire","Parking Garage","","Indoor - Outdoor","Surface","","N/A","N/A","N/A",null,false,false,false,"N/A","N/A","N/A",{"$nulls":11},120,{"$nulls":3},"AC",{"$nulls":3},"N/A","N/A",null,null,false,0,null,null,"2018-01-24"]
["SNC OPTO ELECTRONIC CO.,LTD","SNC LED","SNC-WP4-120WAB1-40K",14600,112.4,129.89,86.1,4014,14600,112.4,129.89,86.1,4014,{"$nulls":5},"Yes - Standard Stocked Product or In-Stores","Luminaire","Area/Roadway","","Outdoor","Wall","Other","N/A","N/A","N/A",null,false,false,false,"N/A","N/A","N/A",{"$nulls":11},120,{"$nulls":3},"AC",{"$nulls":3},"N/A","N/A",null,null,false,0,null,null,"2017-11-06"]
["XIAMEN SUPERLIGHTING TECHNOLOGY CO.,LTD","superlighting","SL-SBQS-200W-4000K",26000,193.5,134.37,70,4000,26051.5,193.5,134.64,72,4017,{"$nulls":5},"Yes - Standard Stocked Product or In-Stores","Luminaire","Area/Roadway","","Outdoor","Arm/Pole","Other","N/A","N/A","N/A",null,false,false,false,"N/A","N/A","N/A",{"$nulls":11},120,{"$nulls":3},"AC",{"$nulls":3},"N/A","N/A",null,null,false,0,null,null,"2017-10-10"]
["ATG Electronics","ATG Electronics","WP0060HU400000",4889,55.77,87.66,83,4019,4889,55.77,87.66,83,4019,{"$nulls":5},"Yes - Standard Stocked Product or In-Stores","Luminaire","Area/Roadway","","Outdoor","Wall","","N/A","N/A","N/A",null,false,false,false,"N/A","N/A","N/A",{"$nulls":11},120,{"$nulls":3},"AC",{"$nulls":3},"N/A","N/A",null,null,false,0,null,null,"2015-11-13"]
["SNC OPTO ELECTRONIC CO.,LTD","SNC LED","SNC-S240WAT3ZH1 4000K",30180,234.6,128.64,73.8,4000,30180,234.6,128.64,73.8,4021,{"$nulls":5},"Yes - Standard Stocked Product or In-Stores","Luminaire","Area/Roadway","","Outdoor","Arm/Pole","Other","N/A","N/A","N/A",null,false,false,false,"N/A","N/A","N/A",{"$nulls":11},120,{"$nulls":3},"AC",{"$nulls":3},"N/A","N/A",null,null,false,0,null,null,"2017-02-03"]
["ELECTRO-MATIC VISUAL PRODUCTS","Electro-Matic","LE3T2M090FR2V01X",9778,94.35,103.64,72.3,4024,9778,94.35,103.6,72.3,4024,{"$nulls":5},"Yes - Made to Order Product","Luminaire","Area/Roadway","","Outdoor","Wall","Other","N/A","N/A","N/A",null,false,false,false,"N/A","N/A","N/A",{"$nulls":10},0.993,120,null,null,10.1,"AC",{"$nulls":3},"N/A","N/A",null,null,false,0,null,null,"2017-07-27"]
["LITELUME Corporation","LITELUME","LL-ALS-35-40-UNV-T3-BZ",5000,36.84,135.72,70,4000,5024,36.84,136.39,75.6,4026,{"$nulls":5},"Yes - Standard Stocked Product or In-Stores","Luminaire","Area/Roadway","","Outdoor","Arm/Pole","Other","N/A","N/A","N/A",null,false,false,false,"N/A","N/A","N/A",{"$nulls":11},120,{"$nulls":3},"AC",{"$nulls":3},"N/A","N/A",null,null,false,0,null,null,"2017-10-13"]
["Eaton (formerly Cooper Lighting)","LUMARK","WPSLED-30-GL-347",3306,29.6,111.69,71,4000,3306.2,27.18,12.7,71.9,4027,{"$nulls":5},"Not yet commercially available","Luminaire","Area/Roadway","","Outdoor","Wall","Other","N/A","N/A","N/A",null,false,false,false,"N/A","N/A","N/A",{"$nulls":10},0.9762,120,0.0048,-29.1,6.8,"AC",{"$nulls":3},"N/A","N/A",null,null,false,0,null,null,"2017-03-27"]
["Innovative Lighting","Innovative","WL-400104(4000K)",3556,40,88.9,83,4000,3556,39.27,90,83,4029,{"$nulls":5},"Yes - Standard Stocked Product or In-Stores","Luminaire","Area/Roadway","","Outdoor","Wall","Other","N/A","N/A","N/A",null,false,false,false,"N/A","N/A","N/A",{"$nulls":11},120,{"$nulls":3},"AC",{"$nulls":3},"N/A","N/A",null,null,false,0,null,null,"2017-01-03"]
["WISDOM OPTOELECTRONICS TECHNOLOGY CO.,LIMITED","WISDOM","WSD-SB15W48-40K-D-T3-S",18672,152.6,122.36,85,4031,18672,152.6,122.38,85,4031,{"$nulls":5},"Yes - Standard Stocked Product or In-Stores","Luminaire","Area/Roadway","","Outdoor","Arm/Pole - Other","Other","N/A","N/A","N/A",null,false,false,false,"N/A","N/A","N/A",{"$nulls":11},480,{"$nulls":3},"AC",{"$nulls":3},"N/A","N/A",null,null,false,0,null,null,"2017-01-23"]
["FSC Lighting","FSC LIGHTING","L7696P-70W-40K",8500,65.5,129.77,84,4000,8544,65.19,131.1,84.2,4033,{"$nulls":5},"Yes - Made to Order Product","Luminaire","Parking Garage","","Indoor - Outdoor - HazardousLocation","Surface - Suspended - Other","","N/A","N/A","N/A",null,false,false,false,"N/A","N/A","N/A",{"$nulls":10},0.99,120,null,14.8,7.18,"AC",{"$nulls":3},"N/A","N/A",null,null,true,36000,91.3,25,"2017-08-28"]
["NINGBO MORELUX LIGHTING MFG LTD","PHILIPS","PPW15-NW-G1-8-BZ",1645.8,14.98,109.87,80,4035,1645.8,14.98,109.88,82.1,4035,{"$nulls":5},"Yes - Standard Stocked Product or In-Stores","Luminaire","Area/Roadway","","Outdoor","Wall","Other","N/A","N/A","N/A",null,false,false,false,"N/A","N/A","N/A",{"$nulls":11},120,{"$nulls":3},"AC",{"$nulls":3},"N/A","N/A",null,null,false,0,null,null,"2017-07-13"]
["SNC OPTO ELECTRONIC CO.,LTD","SNC LED","SNC-SB-150W-1111-1601 4000K",20914,151.1,138.37,75,4038,20914,151.1,138.37,75,4038,{"$nulls":5},"Yes - Standard Stocked Product or In-Stores","Luminaire","Area/Roadway","","Outdoor","Arm/Pole","","N/A","N/A","N/A",null,false,false,false,"N/A","N/A","N/A",{"$nulls":11},120,{"$nulls":3},"AC",{"$nulls":3},"N/A","N/A",null,null,false,0,null,null,"2016-02-26"]
["Zhejiang Yankon Group Co., Ltd.","YANKON","ZDL1001-LED60-K840-XXX",5250,62.48,84.03,70,4000,5260,62.48,84.2,74,4041,{"$nulls":5},"Yes - Made to Order Product","Luminaire","Area/Roadway","","Outdoor","Wall","","N/A","N/A","N/A",null,false,false,false,"N/A","N/A","N/A",null,null,104.1,1137,46.44,34.12,17,2.44,0.44,1.09,0.9965,120,0.0022,null,7.76,"AC",{"$nulls":3},"N/A","N/A",null,null,false,0,null,null,"2016-03-09"]
["Grandlite International Corp","Grandlite International Corp","LED-6091A065UNV840T3",8177,70,116.81,80,4000,8177.45,69.81,117.14,83.1,4044,{"$nulls":5},"Yes - Made to Order Product","Luminaire","Area/Roadway","","Outdoor","Arm/Pole - Post top","Other","N/A","N/A","N/A",null,false,false,false,"N/A","N/A","N/A",{"$nulls":11},120,{"$nulls":3},"AC",{"$nulls":3},"N/A","N/A",null,null,false,0,null,null,"2017-10-30"]
["Grandlite International Corp","Grandlite International Corp","LED-727A100HV3750T3",10508,102,103.02,72,4872,10508.7,101.56,103,72,4045,{"$nulls":5},"Yes - Made to Order Product","Luminaire","Area/Roadway","","Outdoor","Wall","Other","N/A","N/A","N/A",null,false,false,false,"N/A","N/A","N/A",{"$nulls":11},347,{"$nulls":3},"AC",{"$nulls":3},"N/A","N/A",null,null,false,0,null,null,"2017-10-30"]
["ELECTRO-MATIC VISUAL PRODUCTS","Electro-Matic","LE3T7M090FR2R01X",10712.674235845787,92.11510787282367,116.3,75.87866847826089,4047.1903553299494,10712.674235845787,92.11510787282367,116.29660414267725,75.87866847826089,4047.1903553299494,{"$nulls":5},"Yes - Made to Order Product","Luminaire","Area/Roadway","","Outdoor","Arm/Pole","Other","N/A","N/A","N/A",null,false,false,false,"N/A","N/A","N/A",{"$nulls":10},0.997,120,null,null,5.74362028301887,"AC",{"$nulls":3},"N/A","N/A",null,null,false,0,null,null,"2017-07-27"]
["Shanghai CKRA Lighting Technology Co., Ltd.","CKRA","CKL-SB18A-80-4000K",10560,84,125.71,70,4000,11231,83.36,134.73,77,4048,{"$nulls":5},"Yes - Standard Stocked Product or In-Stores","Luminaire","Area/Roadway","","Outdoor","Arm/Pole","Other","N/A","N/A","N/A",null,false,false,false,"N/A","N/A","N/A",{"$nulls":10},0.992,120,-2.3E-3,-8,8.9,"AC",{"$nulls":3},"N/A","N/A",null,null,false,0,null,null,"2017-05-19"]
["ABOVE ALL LIGHTING INC.","ABOVE ALL","MT100506-VM",12540,110,114,70,5000,11632,110,99.4,73.3,4051,{"$nulls":5},"Yes - Standard Stocked Product or In-Stores","Luminaire","Area/Roadway","","Outdoor","Arm/Pole","Other","N/A","N/A","N/A",null,false,false,false,"N/A","N/A","N/A",{"$nulls":11},347,{"$nulls":3},"AC",{"$nulls":3},"N/A","N/A",null,null,false,0,null,null,"2017-09-12"]
["ABOVE ALL LIGHTING INC.","ABOVE ALL","MT300406-VN",35400,300,118,70,4000,11632,110,99.4,73.3,4051,{"$nulls":5},"Yes - Standard Stocked Product or In-Stores","Luminaire","Area/Roadway","","Outdoor","Arm/Pole","Other","N/A","N/A","N/A",null,false,false,false,"N/A","N/A","N/A",{"$nulls":11},347,{"$nulls":3},"AC",{"$nulls":3},"N/A","N/A",null,null,false,0,null,null,"2017-09-12"]
["ABOVE ALL LIGHTING INC.","ABOVE ALL","MT150506-VW",15600,150,104,70,5000,11632,110,99.4,73.3,4051,{"$nulls":5},"Yes - Standard Stocked Product or In-Stores","Luminaire","Area/Roadway","","Outdoor","Arm/Pole","Other","N/A","N/A","N/A",null,false,false,false,"N/A","N/A","N/A",{"$nulls":11},347,{"$nulls":3},"AC",{"$nulls":3},"N/A","N/A",null,null,false,0,null,null,"2017-09-12"]
["ABOVE ALL LIGHTING INC.","ABOVE ALL","MT100401-VW",11440,110,104,70,4000,11632,110,99.4,73.3,4051,{"$nulls":5},"Yes - Standard Stocked Product or In-Stores","Luminaire","Area/Roadway","","Outdoor","Arm/Pole","Other","N/A","N/A","N/A",null,false,false,false,"N/A","N/A","N/A",{"$nulls":11},120,{"$nulls":3},"AC",{"$nulls":3},"N/A","N/A",null,null,false,0,null,null,"2017-09-12"]
["Sentry Electric LLC","Sentry Electric Tulip Series","SIC-XX-LEDV29B-0.7A-830-SCR-KHT5SQ",3881,37.7,102.94,80,3000,4263,37.7,113.1,84,4052,{"$nulls":5},"Yes - Made to Order Product","Luminaire","Area/Roadway","","Outdoor","Post top","Decorative","N/A","N/A","N/A",null,false,false,false,"N/A","N/A","N/A",{"$nulls":11},120,{"$nulls":3},"AC",{"$nulls":3},"N/A","N/A",null,null,false,0,null,null,"2017-08-02"]
["Sentry Electric LLC","Sentry Electric Tulip Series","SCP-XX-LEDV29B-0.7A-835-KHT2",4220,37.7,111.94,80,3500,4263,37.7,113.1,84,4052,{"$nulls":5},"Yes - Made to Order Product","Luminaire","Area/Roadway","","Outdoor","Post top","Decorative","N/A","N/A","N/A",null,false,false,false,"N/A","N/A","N/A",{"$nulls":11},120,{"$nulls":3},"AC",{"$nulls":3},"N/A","N/A",null,null,false,0,null,null,"2017-08-02"]
["Sentry Electric LLC","Sentry Electric Tulip Series","SCP-XX-LEDV29B-0.7A-840-KHT5",4122,37.7,109.34,84,4052,4263,37.7,113.1,84,4052,{"$nulls":5},"Yes - Made to Order Product","Luminaire","Area/Roadway","","Outdoor","Post top","Decorative","N/A","N/A","N/A",null,false,false,false,"N/A","N/A","N/A",{"$nulls":11},120,{"$nulls":3},"AC",{"$nulls":3},"N/A","N/A",null,null,false,0,null,null,"2017-08-02"]
["Sentry Electric LLC","Sentry Electric Tulip Series","SLK-XX-LEDV29B-0.7A-840-SCR-KHT5",4089,37.7,108.46,84,4052,4263,37.7,113.1,84,4052,{"$nulls":5},"Yes - Made to Order Product","Luminaire","Area/Roadway","","Outdoor","Post top","Decorative","N/A","N/A","N/A",null,false,false,false,"N/A","N/A","N/A",{"$nulls":11},120,{"$nulls":3},"AC",{"$nulls":3},"N/A","N/A",null,null,false,0,null,null,"2017-08-02"]
["Spring Lighting Group Inc","SLG","WM171204KWP1",1684.54,17.47,96.42,83.3,4054,1684.54,17.47,96.42,83.3,4054,{"$nulls":5},"Yes - Standard Stocked Product or In-Stores","Luminaire","Area/Roadway","","Outdoor","Wall","","N/A","N/A","N/A",null,false,false,false,"N/A","N/A","N/A",{"$nulls":11},120,{"$nulls":3},"AC",{"$nulls":3},"N/A","N/A",null,null,false,0,null,null,"2015-09-11"]
["LSI Industries Inc","Crossover LED Lighting","XGBWM3 WW LED 48 350 NW",4555,54.9,83,67,4055,4555,54.9,83,67,4055,{"$nulls":5},"Yes - Made to Order Product","Luminaire","Area/Roadway","","Outdoor","Wall","","N/A","N/A","N/A",null,false,false,false,"N/A","N/A","N/A",{"$nulls":11},120,{"$nulls":3},"AC",{"$nulls":3},"N/A","N/A",null,null,false,0,null,null,"2014-09-16"]
["SNC OPTO ELECTRONIC CO.,LTD","SNC LED","SNC-WP03-15WF1 4000K",1842.2,14.9,123.64,84.6,4058,1842.2,14.9,123.64,84.6,4058,{"$nulls":5},"Yes - Standard Stocked Product or In-Stores","Luminaire","Area/Roadway","","Outdoor","Wall","Other","N/A","N/A","N/A",null,false,false,false,"N/A","N/A","N/A",{"$nulls":11},120,{"$nulls":3},"AC",{"$nulls":3},"N/A","N/A",null,null,false,0,null,null,"2018-02-08"]
["Joint Lighting Inc.","Joint Lighting","JNT02-WPS120A-40K",14168,113.2,125.16,81.7,4000,14168,113.2,125.16,81.7,4060,{"$nulls":5},"Yes - Standard Stocked Product or In-Stores","Luminaire","Area/Roadway","","Outdoor","Wall","Other","N/A","N/A","N/A",null,false,false,false,"N/A","N/A","N/A",{"$nulls":11},120,{"$nulls":3},"AC",{"$nulls":3},"N/A","N/A",null,null,false,0,null,null,"2017-01-05"]
["Hangzhou Hengte Electric Co., Ltd.","HENGTE","HT-NC-WPG-045L1-740DS-C1C2",4500,45,100,73.2,4065,5241.6,42.72,122.7,73.2,4065,{"$nulls":5},"Yes - Standard Stocked Product or In-Stores","Luminaire","Area/Roadway","","Outdoor","Wall","Other","N/A","N/A","N/A",null,false,false,false,"N/A","N/A","N/A",{"$nulls":11},120,{"$nulls":3},"AC",{"$nulls":3},"N/A","N/A",null,null,false,0,null,null,"2017-11-13"]
["NINGBO MORELUX LIGHTING MFG LTD","PHILIPS STONCO/PHILIPS KEENE","AL200-NW-G1-AR-3-6-BZ",24910,198.2,125.68,80,4068,24910,198.2,125.68,83,4068,{"$nulls":5},"Yes - Standard Stocked Product or In-Stores","Luminaire","Area/Roadway","","Outdoor","Arm/Pole","Other","N/A","N/A","N/A",null,false,false,false,"N/A","N/A","N/A",{"$nulls":11},347,{"$nulls":3},"AC",{"$nulls":3},"N/A","N/A",null,null,false,0,null,null,"2017-06-26"]
["Joint Lighting Inc.","Joint Lighting","JNT02-WPS90A-40K",11081,89.09,124.38,81.7,4000,11081,89.09,124.38,81.7,4068,{"$nulls":5},"Yes - Standard Stocked Product or In-Stores","Luminaire","Area/Roadway","","Outdoor","Wall","Other","N/A","N/A","N/A",null,false,false,false,"N/A","N/A","N/A",{"$nulls":11},120,{"$nulls":3},"AC",{"$nulls":3},"N/A","N/A",null,null,false,0,null,null,"2017-01-05"]
["Universal Lighting Technologies","Everline","WPL13-14L840-U-BZ with WCS13-BZ cutoff shield",1712,19.897,86.04,82,4000,1712,19.897,86.04,84.6,4072,{"$nulls":5},"Yes - Made to Order Product","Luminaire","Area/Roadway","","Outdoor","Wall","Other","N/A","N/A","N/A",null,false,false,true,"N/A","N/A","N/A",{"$nulls":11},120,{"$nulls":3},"AC",{"$nulls":3},"N/A","N/A",null,null,false,0,null,null,"2015-02-10"]
["EYE Lighting International of North America, Inc.","Aphos LED Luminaires by EYE Lighting","RW-L1040-2A7-UX-XX",8904,104.1,85.53,84,4074,8904,104.1,85.5,84,4074,{"$nulls":5},"Yes - Made to Order Product","Luminaire","Area/Roadway","","Outdoor","Arm/Pole","","N/A","N/A","N/A",null,false,false,true,"N/A","N/A","N/A",{"$nulls":4},60,39.5,{"$nulls":4},0.994,120,0.0004,24.6,7.6,"AC",{"$nulls":3},"N/A","N/A",null,null,true,25000,93.17,25,"2013-10-29"]
["DONGGUAN THAILIGHT SEMICONDUCTOR LIGHTING CO.,LTD.","THAILIGHT","TLWMG1204WMZZ",14293,116.7,122.48,72.5,4078,14293,116.7,122.48,72.5,4078,{"$nulls":5},"Yes - Standard Stocked Product or In-Stores","Luminaire","Area/Roadway","","Outdoor","Wall","Other","N/A","N/A","N/A",null,false,false,false,"N/A","N/A","N/A",{"$nulls":11},120,{"$nulls":3},"AC",{"$nulls":3},"N/A","N/A",null,null,false,0,null,null,"2017-04-25"]
["Xtralight Manufacturing","XtraLight","CSRS010364SNDIM40K10XXGY",4083,35.9,113.73,70.8,3971,5581,54.79,101.86,71.01,4079,{"$nulls":5},"Yes - Made to Order Product","Luminaire","Area/Roadway","","Outdoor","Arm/Pole","Other","N/A","N/A","N/A",null,false,false,false,"N/A","N/A","N/A",{"$nulls":11},120,{"$nulls":3},"AC",{"$nulls":3},"N/A","N/A",null,null,false,0,null,null,"2016-11-17"]
["MESTER LED LIMITED","MESTER","MAL02300W27V40KDT3",39000,301.3,129.44,70,4000,39495,301.3,131.08,73.6,4082,{"$nulls":5},"Yes - Standard Stocked Product or In-Stores","Luminaire","Area/Roadway","","Outdoor","Arm/Pole - Surface - Wall - Post top","Decorative","N/A","N/A","N/A",null,false,false,false,"N/A","N/A","N/A",{"$nulls":11},120,{"$nulls":3},"AC",{"$nulls":3},"N/A","N/A",null,null,false,0,null,null,"2018-01-26"]
["Infinilux, Inc.","Infinilux","CLSGXX20-02 4000K",2380.96,22.96,104,74,4082,2380.96,22.96,104,74,4082,{"$nulls":5},"Yes - Standard Stocked Product or In-Stores","Luminaire","Parking Garage","","Outdoor","Surface","Other","N/A","N/A","N/A",null,false,false,false,"N/A","N/A","N/A",{"$nulls":4},62.9,37.1,0,0,null,null,0.99,120,0.00186,-9.39,10,"AC",{"$nulls":3},"N/A","N/A",null,null,false,0,null,null,"2015-01-12"]
["Deco Lighting","DECO LIGHTING INC.","D444-LED-30-40-UNV-T4-XX-XX",3389,27.91,121.43,73,4053,2506,19.98,125.4,73,4087,{"$nulls":5},"Yes - Standard Stocked Product or In-Stores","Luminaire","Area/Roadway","","Outdoor","Wall - Post top","Other","N/A","N/A","N/A",null,false,false,false,"N/A","N/A","N/A",{"$nulls":10},0.996,120,1E-3,-21.5,null,"AC",{"$nulls":3},"N/A","N/A",null,null,false,0,null,null,"2017-05-08"]
["MESTER LED LIMITED","MESTER","MCP0445W27V40KDD",5100,45.9,111.11,70,4000,5119,45.9,111.5,73.8,4089,{"$nulls":5},"Yes - Standard Stocked Product or In-Stores","Luminaire","Parking Garage","","Indoor - Outdoor","Surface","","N/A","N/A","N/A",null,false,false,false,"N/A","N/A","N/A",{"$nulls":11},120,{"$nulls":3},"AC",{"$nulls":3},"N/A","N/A",null,null,false,0,null,null,"2017-11-03"]
["MESTER LED LIMITED","MESTER","ST70W27V40KAD",6800,70.06,97.07,74,4093,6800,70.06,97.07,74,4093,{"$nulls":5},"Yes - Standard Stocked Product or In-Stores","Luminaire","Area/Roadway","","Outdoor","Arm/Pole","","N/A","N/A","N/A",null,false,false,false,"N/A","N/A","N/A",{"$nulls":11},120,{"$nulls":3},"AC",{"$nulls":3},"N/A","N/A",null,null,false,0,null,null,"2015-10-21"]
["EYE Lighting International of North America, Inc.","APHOS LED Luminaires by EYE Lighting","RW-L740-5M7-UX-XX [Upgrade : 1/11/2016]",8084,74.92,107.9,73,4095,8084,74.92,107.9,73,4095,{"$nulls":5},"Yes - Made to Order Product","Luminaire","Area/Roadway","","Outdoor","Arm/Pole","Other","N/A","N/A","N/A",null,false,false,true,"N/A","N/A","N/A",{"$nulls":10},0.995,120,0.0011,-20.1,5.61,"AC",{"$nulls":3},"N/A","N/A",null,null,true,25000,98.77,25,"2016-01-29"]
["Lumecon LLC","Lumecon","LFS-SAL-80-T2 [Upgrade : 2/28/2017]",10463.2,80,130.79,72.39,4034,13970,109.44,127.64,72,4097,{"$nulls":5},"Yes - Standard Stocked Product or In-Stores","Luminaire","Area/Roadway","","Outdoor","Arm/Pole - Wall","Other","N/A","N/A","N/A",null,false,false,false,"N/A","N/A","N/A",{"$nulls":10},0.9901,120,{"$nulls":3},"AC",{"$nulls":3},"N/A","N/A",5,99,true,50000,91.06,25,"2017-03-22"]
["MESTER LED LIMITED","MESTER","WP50W34V40KD",4466,49.43,90.34,83,4098,4466,49.43,90.34,83,4098,{"$nulls":5},"Yes - Standard Stocked Product or In-Stores","Luminaire","Area/Roadway","","Outdoor","Wall","","N/A","N/A","N/A",null,false,false,false,"N/A","N/A","N/A",{"$nulls":11},347,{"$nulls":3},"AC",{"$nulls":3},"N/A","N/A",null,null,false,0,null,null,"2016-01-19"]
["LSI Industries Inc","Crossover LED Lighting","XGBM 5 LED HO NW",20549,288,71,83,4100,20549,288,71,83,4100,{"$nulls":5},"Yes - Made to Order Product","Luminaire","Area/Roadway","","Outdoor","Arm/Pole","","N/A","N/A","N/A",null,false,false,false,"N/A","N/A","N/A",{"$nulls":11},120,{"$nulls":3},"AC",{"$nulls":3},"N/A","N/A",null,null,false,0,null,null,"2014-04-23"]
["Hangzhou Hengte Electric Co., Ltd.","HENGTE","HT-FC-WPG-060L1-740DS-C1C2",6000,60,100,72.9,4102,6323.5,56.12,112.68,72.9,4102,{"$nulls":5},"Yes - Standard Stocked Product or In-Stores","Luminaire","Area/Roadway","","Outdoor","Wall","Other","N/A","N/A","N/A",null,false,false,false,"N/A","N/A","N/A",{"$nulls":11},120,{"$nulls":3},"AC",{"$nulls":3},"N/A","N/A",null,null,false,0,null,null,"2017-11-13"]
["Huizhou Arrlux Optoelectronic Co.,Ltd.","ARRLUX","SLA240(4000K)",28673,249.64,114.86,75,4104,28673,249.64,114.86,75,4104,{"$nulls":5},"Yes - Made to Order Product","Luminaire","Area/Roadway","","Outdoor","Arm/Pole","","N/A","N/A","N/A",null,false,false,false,"N/A","N/A","N/A",{"$nulls":11},120,{"$nulls":3},"AC",{"$nulls":3},"N/A","N/A",null,null,false,0,null,null,"2014-07-07"]
["Neptun Light, Inc.","Neptun Light, Inc.","LED-778080-L3-UNV-841-T2",9063,81.5,111.2,83.8,4106,9063,81.5,111.2,83.8,4106,{"$nulls":5},"Yes - Made to Order Product","Luminaire","Area/Roadway","","Outdoor","Arm/Pole","Other","N/A","N/A","N/A",null,false,false,false,"N/A","Click to download","N/A",{"$nulls":3},1099.32,62.75,37.26,0,0,null,null,0.992,120,1E-3,16.5,8.91,"AC",2,0,2,"N/A","N/A",null,null,false,0,null,null,"2016-11-14"]
["NaturaLED","Naturaled","LED-FXSCM70/40K",5700,71.44,79.79,80,4000,5703,71.44,79,85,4108,{"$nulls":5},"Yes - Standard Stocked Product or In-Stores","Luminaire","Parking Garage","","Indoor - Outdoor","Surface","","N/A","N/A","N/A",null,false,false,true,"N/A","N/A","N/A",{"$nulls":3},989.1,68.05,30.44,0.99,0.54,{"$nulls":3},120,{"$nulls":3},"AC",{"$nulls":3},"N/A","N/A",null,null,false,0,null,null,"2016-10-18"]
["GE Lighting Solutions, Outdoor SSL Fixtures","GE Lighting","EASB5K5N7409CBLCKD2F",30700,412,74.51,70,4000,31287,406.6,77,73.8,4112,{"$nulls":5},"Yes - Made to Order Product","Luminaire","Area/Roadway","","Outdoor","Arm/Pole","","N/A","N/A","N/A",null,false,false,false,"N/A","N/A","N/A",{"$nulls":11},347,{"$nulls":3},"AC",{"$nulls":3},"N/A","N/A",null,null,false,0,null,null,"2014-10-24"]
["MESTER LED LIMITED","MESTER","MAL03150W27V40KDT3",18000,153.9,116.96,70,4000,18684,153.9,121,76.2,4119,{"$nulls":5},"Yes - Standard Stocked Product or In-Stores","Luminaire","Area/Roadway","","Outdoor","Arm/Pole","Other","N/A","N/A","N/A",null,false,false,false,"N/A","N/A","N/A",{"$nulls":11},120,{"$nulls":3},"AC",{"$nulls":3},"N/A","N/A",null,null,false,0,null,null,"2017-10-24"]
["RAB Lighting Inc","RAB","ALED2T150N",11847,154.3,76.8,82,4122,11847,154.3,76.8,82,4122,{"$nulls":5},"Yes - Made to Order Product","Luminaire","Area/Roadway","","Outdoor","Arm/Pole","","N/A","N/A","N/A",null,false,false,false,"N/A","N/A","N/A",{"$nulls":10},0.997,120,0.004,6,5.9,"AC",{"$nulls":3},"N/A","N/A",null,null,false,0,null,null,"2014-01-03"]
["Cree, Inc","Cree XSP Special","BXSP9082NY&",7000,63,111.11,72,4000,7021,62.9,111.6,73,4125,{"$nulls":5},"Yes - Made to Order Product","Luminaire","Area/Roadway","","Outdoor","Arm/Pole","","N/A","N/A","N/A",null,false,false,false,"N/A","N/A","N/A",{"$nulls":4},80.1,19.9,0,0,null,null,0.997,120,0.005,-18,5.1,"AC",{"$nulls":3},"N/A","N/A",null,null,false,0,null,null,"2014-03-11"]
["Changzhou Aosilang Lighting  Electric  Appliance CO.,LTD"," ASL","ASB-A-100W-27-40K-Z-T3-U-P",12612,103.4,121.97,84.5,4129,12612,103.4,122.01,84.5,4129,{"$nulls":5},"Yes - Standard Stocked Product or In-Stores","Luminaire","Area/Roadway","","Outdoor","Arm/Pole","Other","N/A","N/A","N/A",null,false,false,false,"N/A","N/A","N/A",{"$nulls":11},120,{"$nulls":3},"DC",{"$nulls":3},"N/A","N/A",null,null,false,0,null,null,"2017-11-07"]
["ShenZhen Shengyuantai Electronic CO.,LTD.","SYT","SYT-WAP-120W(4000K)",8354.15,121.07,69,86,4132,8354.15,121.07,69,86,4132,{"$nulls":5},"Yes - Standard Stocked Product or In-Stores","Luminaire","Area/Roadway","","Outdoor","Wall","","N/A","N/A","N/A",null,false,false,false,"N/A","N/A","N/A",{"$nulls":10},0.991,120,2.8E-3,28,7.3,"AC",{"$nulls":3},"N/A","N/A",null,null,false,0,null,null,"2015-07-24"]
["GreenStar Products,Inc.","GreenStar","CN6431XXX [Upgrade : 5/31/2016]",7328,78.99,92.8,73.7,4138,7328,78.99,92.8,73.7,4138,{"$nulls":5},"Yes - Made to Order Product","Luminaire","Area/Roadway","","Outdoor","Arm/Pole","Other","N/A","N/A","N/A",null,false,false,false,"N/A","N/A","N/A",{"$nulls":3},1661.6,57.77,42.24,0,0,null,null,0.91,277,0.00078,-22,15.1,"AC",{"$nulls":3},"N/A","N/A",0,90,false,0,null,null,"2016-07-18"]
["LSI Industries Inc","Crossover LED Lighting","XCHWM3 WW LED 48 450 NW UE",5452,71.6,76.1,68,4141,5452,71.6,76.1,68,4141,{"$nulls":5},"Yes - Made to Order Product","Luminaire","Area/Roadway","","Outdoor","Wall","","N/A","N/A","N/A",null,false,false,false,"N/A","N/A","N/A",{"$nulls":11},120,{"$nulls":3},"AC",{"$nulls":3},"N/A","N/A",null,null,false,0,null,null,"2014-09-16"]
["Eran Industries Ltd.","Eran","WLL140-052W-40K-8-XX-XX",4496.5,52.73,85.28,84,4146,4496.5,52.73,85.28,84,4146,{"$nulls":5},"Yes - Standard Stocked Product or In-Stores","Luminaire","Area/Roadway","","Outdoor","Wall","","N/A","N/A","N/A",null,false,false,false,"N/A","N/A","N/A",{"$nulls":10},0.984,120.01,{"$nulls":3},"AC",{"$nulls":3},"N/A","N/A",null,null,false,0,null,null,"2015-06-18"]
["Xtralight Manufacturing","XtraLight","VNTLEDL033003MxHVU410yXzzHO",32724,321.13,101.9,71.85,4150,32624,321.01,101.6,71.84,4154,{"$nulls":5},"Yes - Made to Order Product","Luminaire","Area/Roadway","","Outdoor","Arm/Pole","Other","N/A","N/A","N/A",null,false,false,false,"N/A","N/A","N/A",{"$nulls":11},480,{"$nulls":3},"AC",{"$nulls":3},"N/A","N/A",null,null,false,0,null,null,"2016-10-05"]
["Visionaire Lighting, LLC","Visionaire Lighting, LLC","VLX-1-T3-64LC-3-4K",6622,71.86,92.15,74,4155,6622,71.86,92,74,4155,{"$nulls":5},"Yes - Made to Order Product","Luminaire","Area/Roadway","","Outdoor","Arm/Pole","","N/A","N/A","N/A",null,false,false,true,"N/A","N/A","N/A",{"$nulls":4},72.7,27.2,0,0,null,null,0.91,277,-1.89E-3,-6.75,12,"AC",{"$nulls":3},"N/A","N/A",null,null,false,0,null,null,"2014-01-14"]
["GREEN INOVA LIGHTING TECHNOLOGY (SHENZHEN) LTD","GREEN INOVA","4WP100L40B1PDME",12137.2,96.97,125.16,73.3,4159,12137.2,96.97,125.16,73.3,4159,{"$nulls":5},"Yes - Standard Stocked Product or In-Stores","Luminaire","Area/Roadway","","Outdoor","Wall","Other","N/A","N/A","N/A",null,false,false,false,"N/A","N/A","N/A",{"$nulls":11},120,-0.0013,0,null,"AC",{"$nulls":3},"N/A","N/A",null,null,false,0,null,null,"2016-08-01"]
["Acuity Brands Lighting","Lithonia Lighting","WSTM LED 1A 40K 120 DDBTXD",732,8.97,81.59,82,4166,732,8.97,81.59,82,4166,{"$nulls":5},"Not yet commercially available","Luminaire","Area/Roadway","","Outdoor","Wall","","N/A","N/A","N/A",null,false,false,false,"N/A","N/A","N/A",{"$nulls":11},120,{"$nulls":3},"AC",{"$nulls":3},"N/A","N/A",null,null,false,0,null,null,"2013-09-16"]
["Arrlux Inc","ARRLUX","FLB80-T-4000K",9773.097,81.65,119.7,72.7,4178,9773.097,81.65,119.695,72.7,4178,{"$nulls":5},"Yes - Standard Stocked Product or In-Stores","Luminaire","Area/Roadway","","Outdoor","Surface","Other","N/A","N/A","N/A",null,false,false,false,"N/A","N/A","N/A",{"$nulls":3},2461.131,68.68,31.33,0,0,null,null,0.995,120,0.0006,-14,null,"AC",{"$nulls":3},"N/A","N/A",null,null,true,36000,53,25,"2016-05-24"]
["Lumecon LLC","Lumecon","LBOF-3",7276,117.6,61.87,83.5,4187,7276,117.6,61.87,83.5,4187,{"$nulls":5},"Yes - Standard Stocked Product or In-Stores","Luminaire","Area/Roadway","","Outdoor","Arm/Pole","Decorative","N/A","N/A","N/A",null,false,false,false,"N/A","N/A","N/A",{"$nulls":10},0.946,277,2E-3,18.9,16.23,"AC",{"$nulls":3},"N/A","N/A",5,99,true,50000,91.27,25,"2015-05-22"]
["Beijing Shenan Investment Group","Shenan","SA2013A1GLD150",15515,150.2,103.3,63,4189,15515,150.2,103.3,63,4189,{"$nulls":5},"Yes - Made to Order Product","Luminaire","Area/Roadway","","Outdoor","Arm/Pole","","N/A","N/A","N/A",null,false,false,false,"N/A","N/A","N/A",{"$nulls":11},120,{"$nulls":3},"AC",{"$nulls":3},"N/A","N/A",null,null,false,0,null,null,"2014-11-11"]
["ELECTRO-MATIC VISUAL PRODUCTS","Electro-Matic Visual Inc.","LE3T7M030ER2R01x",3189,36,88.58,78.1,4260,3189,35.28,90.4,78.1,4198,{"$nulls":5},"Yes - Made to Order Product","Luminaire","Area/Roadway","","Outdoor","Arm/Pole - Post top","","N/A","N/A","N/A",null,false,false,false,"N/A","N/A","N/A",{"$nulls":11},120,{"$nulls":3},"AC",{"$nulls":3},"N/A","N/A",null,null,false,0,null,null,"2015-10-30"]
["AAL / Kim Lighting","Kim Lighting","ET3P70-80L4K",16185,188,86,76,4200,16185,188,86,76,4200,{"$nulls":5},"Yes - Made to Order Product","Luminaire","Area/Roadway","","Outdoor","Arm/Pole","","N/A","N/A","N/A",null,false,false,false,"N/A","N/A","N/A",null,null,65,21072,{"$nulls":6},0.99,120,{"$nulls":3},"AC",{"$nulls":3},"N/A","N/A",null,null,false,0,null,null,"2013-12-04"]
["TAIZHOU JIAOGUANG ELECTRONICS&ELECTRICAL APPLIANCES CO.,LTD.","Light The Future","WP202H-65W-40K-T4-10-XX",5202,60.83,85.51,74,4213,5202,60.83,85.51,74,4213,{"$nulls":5},"Yes - Standard Stocked Product or In-Stores","Luminaire","Area/Roadway","","Outdoor","Wall","","N/A","N/A","N/A",null,false,false,false,"N/A","N/A","N/A",{"$nulls":10},0.984,347,-0.0036,0,6,"AC",{"$nulls":3},"N/A","N/A",null,null,false,0,null,null,"2015-05-22"]
["Excellence Opto. Inc.","e-lite star","ESU-DA012M03242M-700",7600,72.5,104.83,70,4200,7651.6,72.32,106,74,4223,{"$nulls":5},"Yes - Made to Order Product","Luminaire","Area/Roadway","","Outdoor","Arm/Pole","","N/A","N/A","N/A",null,false,false,false,"N/A","N/A","N/A",{"$nulls":4},58.3,41.7,0,0,null,null,0.99,120,0.0011,-8.51,7,"AC",{"$nulls":3},"N/A","N/A",null,null,true,25000,95,25,"2014-04-07"]
["Damar Worldwide 4 LLC","DAMAR","38701A",6000,75,80,70,4000,5898.2,72.22,81.67,73.4,4250,{"$nulls":5},"Yes - Standard Stocked Product or In-Stores","Luminaire","Area/Roadway","","Outdoor","Arm/Pole - Other","","N/A","N/A","N/A",null,false,false,false,"N/A","Click to download","N/A",{"$nulls":11},120,{"$nulls":3},"AC",{"$nulls":3},"N/A","N/A",null,null,false,0,null,null,"2015-12-28"]
["GREEN INOVA LIGHTING TECHNOLOGY (SHENZHEN) LTD","GI LED LIGHTING","GI-SB12-PW",9191.1,134.7,68.23,75,4263,9191.1,134.7,68.23,75,4263,{"$nulls":5},"Yes - Standard Stocked Product or In-Stores","Luminaire","Area/Roadway","","Outdoor","Post top","Other","N/A","N/A","N/A",null,false,false,false,"N/A","N/A","N/A",{"$nulls":11},120,{"$nulls":3},"AC",{"$nulls":3},"N/A","N/A",null,null,false,0,null,null,"2014-05-20"]
["Leotek Electronics USA Corp.","Leotek Electronics USA","GC2-120F-MV-NW-3-YY-700",26491,282,94,73,4300,26491,282,94,73,4300,{"$nulls":5},"Yes - Standard Stocked Product or In-Stores","Luminaire","Area/Roadway","","Outdoor","Arm/Pole","","N/A","N/A","N/A",null,false,false,false,"N/A","N/A","N/A",{"$nulls":10},0.9,120,{"$nulls":3},"AC",{"$nulls":3},"N/A","N/A",null,null,false,0,null,null,"2013-12-06"]
["Atlas Lighting Products, Inc.","Atlas Lighting Products, Inc.","SLP22230LEDT3[L or R]4KU",22790,230.4,98.9,74,4352,22790,230.4,98.9,74,4352,{"$nulls":5},"Yes - Standard Stocked Product or In-Stores","Luminaire","Area/Roadway","","Outdoor","Arm/Pole - Surface - Wall","Other","N/A","N/A","N/A",null,false,false,false,"N/A","N/A","N/A",{"$nulls":11},120,{"$nulls":3},"AC",{"$nulls":3},"N/A","N/A",null,null,false,0,null,null,"2016-03-08"]
["Shenzhen Bbier Lighting Co.,ltd","BBIER Lighting","HJD-031",4240,50.6,83.79,86,4414,4240,50.6,83.79,86,4414,{"$nulls":5},"Yes - Standard Stocked Product or In-Stores","Luminaire","Parking Garage","","Outdoor","Suspended","","N/A","N/A","N/A",null,false,false,false,"N/A","N/A","N/A",{"$nulls":11},120,{"$nulls":3},"AC",{"$nulls":3},"N/A","N/A",null,null,false,0,null,null,"2014-01-30"]
["Atlas Lighting Products, Inc.","Atlas Lighting Products, Inc.","SLP22300LEDTF4KU",34630,299.6,115.59,73.7,4437,34630,299.6,115.5,73.7,4437,{"$nulls":5},"Yes - Standard Stocked Product or In-Stores","Luminaire","Area/Roadway","","Outdoor","Arm/Pole - Wall","Other","N/A","N/A","N/A",null,false,false,false,"N/A","N/A","N/A",{"$nulls":3},8192.4961,64.15,35.72,0.05,0.1,null,null,0.998,120,0.00208,-16.9,5.03,"AC",3,2,4,"N/A","N/A",null,null,false,0,null,null,"2016-10-21"]
["Atlas Lighting Products, Inc.","Atlas Lighting Products, Inc.","SLP16145LEDT3[L or R]4KU",15000,148.9,100.7,71,4473,15000,148.9,100.7,71,4473,{"$nulls":5},"Yes - Standard Stocked Product or In-Stores","Luminaire","Area/Roadway","","Outdoor","Arm/Pole - Surface - Wall","Other","N/A","N/A","N/A",null,false,false,false,"N/A","N/A","N/A",{"$nulls":11},120,{"$nulls":3},"AC",{"$nulls":3},"N/A","N/A",null,null,false,0,null,null,"2016-03-08"]
["Atlas Lighting Products, Inc.","Atlas Lighting Products, Inc.","PLM43LED",5334,40.21,132.65,82.5,4499,5334,40.21,132.65,82.5,4499,{"$nulls":5},"Yes - Standard Stocked Product or In-Stores","Luminaire","Area/Roadway","","Outdoor","Arm/Pole","Other","N/A","N/A","N/A",null,false,false,false,"N/A","N/A","N/A",{"$nulls":10},0.998,120,0.0011,13,4.99,"AC",{"$nulls":3},"N/A","N/A",null,null,false,0,null,null,"2017-12-07"]
["Selux Corporation","Selux Corporation","TRI-R5-X-LG900-45-XX-120",4555,46.7,97.54,73,4500,5213,55,94.7,73.5,4504,{"$nulls":5},"Yes - Made to Order Product","Luminaire","Area/Roadway","","Outdoor","Arm/Pole - Wall - Post top","Decorative","N/A","N/A","N/A",null,false,false,false,"N/A","N/A","N/A",71,97,null,null,67.7,31.1,1.1,0.2,null,null,0.993,120,0.0002,-12.7,7.7,"AC",2,2,2,"N/A","N/A",null,null,false,0,null,null,"2016-10-20"]
["Atlas Lighting Products, Inc.","Atlas Lighting Products, Inc.","PFLXW86LED",11250,85.57,131.5,82.4,4510,11250,85.57,131.5,82.4,4510,{"$nulls":5},"Yes - Standard Stocked Product or In-Stores","Luminaire","Area/Roadway","","Outdoor","Surface - Wall - Other","Other","N/A","N/A","N/A",null,false,false,false,"N/A","N/A","N/A",{"$nulls":11},120,{"$nulls":3},"AC",{"$nulls":3},"N/A","N/A",null,null,false,0,null,null,"2016-03-10"]
["Atlas Lighting Products, Inc.","Atlas Lighting Products, Inc.","SLP16110LEDT44KU",10090,109.7,91.98,72,4534,10090,109.7,91.98,72,4534,{"$nulls":5},"Yes - Standard Stocked Product or In-Stores","Luminaire","Area/Roadway","","Outdoor","Arm/Pole - Wall","Other","N/A","N/A","N/A",null,false,false,false,"N/A","N/A","N/A",{"$nulls":11},120,{"$nulls":3},"AC",{"$nulls":3},"N/A","N/A",null,null,false,0,null,null,"2016-03-29"]
["Atlas Lighting Products, Inc.","Atlas Lighting Products","WL20LED [Upgrade : 2/5/2016]",1772,19.81,89.45,84.3,4592,1772,19.81,89.45,84.3,4592,{"$nulls":5},"Yes - Standard Stocked Product or In-Stores","Luminaire","Area/Roadway","","Outdoor","Wall","Other","N/A","N/A","N/A",null,false,false,false,"N/A","N/A","N/A",{"$nulls":11},120,{"$nulls":3},"AC",{"$nulls":3},"N/A","N/A",null,null,false,0,null,null,"2016-02-29"]
["Atlas Lighting Products, Inc.","LSI INDUSTRIES","TMWP20W45K-BZ",1788,19.45,91.92,84.9,4617,1788,19.45,91.92,84.9,4617,{"$nulls":5},"Yes - Standard Stocked Product or In-Stores","Luminaire","Area/Roadway","","Outdoor","Wall","Other","N/A","N/A","N/A",null,false,false,true,"N/A","N/A","N/A",{"$nulls":11},120,{"$nulls":3},"AC",{"$nulls":3},"N/A","N/A",null,null,false,0,null,null,"2017-04-12"]
["Atlas Lighting Products, Inc.","Atlas Lighting Products, Inc.","SLP16175LEDTF4KU",19540,168.3,116.1,72.9,4631,19540,168.3,116.1,72.9,4631,{"$nulls":5},"Yes - Standard Stocked Product or In-Stores","Luminaire","Area/Roadway","","Outdoor","Arm/Pole - Wall","Other","N/A","N/A","N/A",null,false,false,false,"N/A","N/A","N/A",{"$nulls":3},4349.2,66.83,33.18,0.01,0,null,null,0.997,120,0.00482,-22.4,5.68,"AC",3,1,3,"N/A","N/A",null,null,false,0,null,null,"2016-10-21"]
["King Luminaire Inc","King Luminaire","K118R-R1AR-III-75(SSL)1042",5923,77.17,76.8,72,4657,5923,77.17,76.8,72,4657,{"$nulls":5},"Yes - Made to Order Product","Luminaire","Area/Roadway","","Outdoor","Arm/Pole - Post top","","N/A","N/A","N/A",null,false,false,false,"N/A","N/A","N/A",{"$nulls":11},120,{"$nulls":3},"AC",{"$nulls":3},"N/A","N/A",null,null,false,0,null,null,"2015-01-08"]
["Atlas Lighting Products, Inc.","Atlas Lighting Products","WLMFC64LED",6869,63.99,107.35,81.3,4677,6869,63.99,107.35,81.3,4677,{"$nulls":5},"Yes - Standard Stocked Product or In-Stores","Luminaire","Area/Roadway","","Outdoor","Wall","Other","N/A","N/A","N/A",null,false,false,false,"N/A","N/A","N/A",{"$nulls":11},120,{"$nulls":3},"AC",{"$nulls":3},"N/A","N/A",null,null,false,0,null,null,"2016-01-06"]
["Atlas Lighting Products, Inc.","Atlas Lighting Products, Inc.","SLP22360LEDSC4KU [Upgrade : 11/14/2017]",43020,341.97,125.8,70,4721,43020,341.97,125.8,70,4721,{"$nulls":5},"Yes - Standard Stocked Product or In-Stores","Luminaire","Area/Roadway","","Outdoor","Arm/Pole - Wall","Other","N/A","N/A","N/A",null,false,false,false,"N/A","N/A","N/A",{"$nulls":3},5251.19,{"$nulls":6},0.998,120,0.00639,-35.2,4.33,"AC",{"$nulls":3},"N/A","N/A",null,null,false,0,null,null,"2017-11-17"]
["Foshan Naturaled Electric Co.,Ltd"," NaturaLED","LED-FXSAL180/50K/WH/3S",22743,180,126.35,76.1,5000,22743,182.5,124.62,76.1,4748,{"$nulls":5},"Yes - Standard Stocked Product or In-Stores","Luminaire","Area/Roadway","","Outdoor","Arm/Pole","Other","N/A","N/A","N/A",null,false,false,false,"N/A","N/A","N/A",{"$nulls":11},120,{"$nulls":3},"AC",{"$nulls":3},"N/A","N/A",null,null,false,0,null,null,"2017-07-21"]
["Foshan Naturaled Electric Co.,Ltd","NaturaLED","LED-FXSAL360/50K/BK/3S/480",44405,360,123.35,72,5000,44405,359.5,123.52,72,4755,{"$nulls":5},"Yes - Standard Stocked Product or In-Stores","Luminaire","Area/Roadway","","Outdoor","Arm/Pole","Other","N/A","N/A","N/A",null,false,false,false,"N/A","N/A","N/A",{"$nulls":11},277,{"$nulls":3},"AC",{"$nulls":3},"N/A","N/A",null,null,false,0,null,null,"2017-07-24"]
["Xiamen Xing Henglong Lighting Technology Co., Ltd.","Holly Lite","ALSBS1-X-075-25XX-NON",7922,75.28,105.23,73,4770,7922,75.28,105.23,73,4770,{"$nulls":5},"Yes - Standard Stocked Product or In-Stores","Luminaire","Area/Roadway","","Outdoor","Arm/Pole","Other","N/A","N/A","N/A",null,false,false,false,"N/A","N/A","N/A",{"$nulls":11},120,{"$nulls":3},"AC",{"$nulls":3},"N/A","N/A",null,null,false,0,null,null,"2016-06-16"]
["CEA ELECTRIC CO.,LTD","CEA","SFL1-50(5000K)",4147.3,52.14,79.54,74.3,4791,4147.3,52.14,79.54,74.3,4791,{"$nulls":5},"Yes - Standard Stocked Product or In-Stores","Luminaire","Area/Roadway","","Outdoor","Surface - Wall","","N/A","N/A","N/A",null,false,false,false,"N/A","N/A","N/A",{"$nulls":11},120.1,{"$nulls":3},"AC",{"$nulls":3},"N/A","N/A",null,null,false,0,null,null,"2015-07-17"]
["DONGGUAN KINGSUN OPTOELECTRONIC CO., LTD.","KINGSUN","RL2R1140A350V48",34459.73,320.41,107.55,74.5,5000,34459.73,320.41,107.55,74.5,4802,{"$nulls":5},"Yes - Made to Order Product","Luminaire","Area/Roadway","","Outdoor","Arm/Pole","Other","N/A","N/A","N/A",null,false,false,false,"N/A","N/A","N/A",{"$nulls":10},0.9952,347,1.9E-3,-15,10.7,"AC",{"$nulls":3},"N/A","N/A",null,null,true,50000,97.11,25,"2017-07-24"]
["Shenzhen yaorong technology co.,ltd","YAORONG","YR-HB-W040-YX(5000K)",3950,39.54,99.9,72.8,4809,3950,39.54,99.9,72.8,4809,{"$nulls":5},"Yes - Standard Stocked Product or In-Stores","Luminaire","Parking Garage","","Indoor - Outdoor","Surface","","N/A","N/A","N/A",null,false,false,false,"N/A","N/A","N/A",{"$nulls":11},120,0.0047,0,null,"AC",{"$nulls":3},"N/A","N/A",null,null,false,0,null,null,"2016-05-19"]
["Arrlux Inc","ARRLUX","FLE600-T4M-50K-XX-XX-XX",80605,638,126.34,72.8,5000,80605,638,126.34,72.8,4816,{"$nulls":5},"Yes - Standard Stocked Product or In-Stores","Luminaire","Area/Roadway","","Outdoor","Arm/Pole","Other","N/A","N/A","N/A",null,false,false,false,"N/A","N/A","N/A",{"$nulls":11},120,{"$nulls":3},"AC",{"$nulls":3},"N/A","N/A",null,null,false,0,null,null,"2017-10-31"]
["NINGBO MORELUX LIGHTING MFG LTD","MORELUX","GLL450-040W-50K-T5A-8-CLM",3928.9,40.41,97.23,70,4823,3928.9,40.41,97.23,84.7,4823,{"$nulls":5},"Yes - Standard Stocked Product or In-Stores","Luminaire","Parking Garage","","Outdoor","Surface","","N/A","N/A","N/A",null,false,false,false,"N/A","N/A","N/A",{"$nulls":11},120,{"$nulls":3},"AC",{"$nulls":3},"N/A","N/A",null,null,false,0,null,null,"2016-01-11"]
["USLED","VersaQube 3","VQ3-X-UNVL-S-2M-50",3946,31.4,125.67,70,5000,3946,31.3,126.1,73,4830,{"$nulls":5},"Yes - Made to Order Product","Luminaire","Parking Garage","","Outdoor","Surface - Wall","","N/A","N/A","N/A",null,false,false,false,"N/A","N/A","N/A",{"$nulls":11},120,{"$nulls":3},"AC",{"$nulls":3},"N/A","N/A",null,null,false,0,null,null,"2017-04-26"]
["Xiamen Xing Henglong Lighting Technology Co., Ltd.","Holly Lite","MA03-X-040-25XX-NON update",5191,42.6,121.85,73,4836,5191,42.6,121.85,73,4836,{"$nulls":5},"Yes - Standard Stocked Product or In-Stores","Luminaire","Area/Roadway","","Outdoor","Arm/Pole - Other","Other","N/A","N/A","N/A",null,false,false,false,"N/A","N/A","N/A",{"$nulls":11},120,{"$nulls":3},"AC",{"$nulls":3},"N/A","N/A",null,null,false,0,null,null,"2017-03-23"]
["SolarMaxLED, Inc","SolarMaxLED","LST-M2090-5",8969.17,89.5,100.21,66,4843,8969.17,89.5,100.21,66,4843,{"$nulls":5},"Not yet commercially available","Luminaire","Area/Roadway","","Outdoor","Arm/Pole","","N/A","N/A","N/A",null,false,false,false,"N/A","N/A","N/A",{"$nulls":10},0.9,277,3.13E-3,-35,null,"AC",{"$nulls":3},"N/A","N/A",null,null,false,0,null,null,"2014-05-23"]
["Caster Lighting Inc.","Caster","WP23-5K",6757,66.36,101.82,72,4853,6757,66.36,101.82,72,4853,{"$nulls":5},"Yes - Standard Stocked Product or In-Stores","Luminaire","Area/Roadway","","Outdoor","Surface - Wall","Other","N/A","N/A","N/A",null,false,false,false,"N/A","N/A","N/A",{"$nulls":11},120,{"$nulls":3},"AC",{"$nulls":3},"N/A","N/A",null,null,false,0,null,null,"2017-03-23"]
["Neptun Light, Inc.","NEPTUN LIGHT, INC.","LED-35150-UNV-850",16400,152,107.89,80,5000,18067.73,147.49,122.5,82,4864,{"$nulls":5},"Yes - Made to Order Product","Luminaire","Area/Roadway","","Outdoor","Post top","","N/A","N/A","N/A",null,false,false,false,"N/A","N/A","N/A",{"$nulls":11},120,{"$nulls":3},"AC",{"$nulls":3},"N/A","N/A",null,null,false,0,null,null,"2015-01-29"]
["AAL / Kim Lighting","Kim Lighting","NSL-E35",5344,65.9,81.1,67,4869,5344,65.9,81.1,67,4869,{"$nulls":5},"Yes - Made to Order Product","Luminaire","Area/Roadway","","Outdoor","Arm/Pole - Surface - Post top","Other","N/A","N/A","N/A",null,false,false,true,"N/A","Click to download","N/A",{"$nulls":10},0.997,120,3.8E-3,-28.8,null,"AC",{"$nulls":3},"N/A","N/A",null,null,true,25000,97.66,25,"2014-12-16"]
["TESLIGHTS LLC","Teslights","SLPP150M150C50",22400,142.3,157.41,72,5000,22400,142.3,157.41,72,4877,{"$nulls":5},"Yes - Standard Stocked Product or In-Stores","Luminaire","Area/Roadway","","Outdoor","Arm/Pole","Other","N/A","N/A","N/A",null,false,false,false,"N/A","N/A","N/A",{"$nulls":11},120,{"$nulls":3},"AC",{"$nulls":3},"N/A","N/A",null,null,false,0,null,null,"2017-01-12"]
["Arrlux Inc","ARRLUX","FLE750-T4M-50K-XX-XX-XX",101002,796,126.89,73.4,5000,101002,796,126.87,73.4,4884,{"$nulls":5},"Yes - Standard Stocked Product or In-Stores","Luminaire","Area/Roadway","","Outdoor","Arm/Pole","Other","N/A","N/A","N/A",null,false,false,false,"N/A","N/A","N/A",{"$nulls":11},119.9,{"$nulls":3},"AC",{"$nulls":3},"N/A","N/A",null,null,false,0,null,null,"2017-10-31"]
["Shenzhen yaorong technology co.,ltd","YAORONG","YR-PL295-W050-X-P(5000K)",6200,50.29,123.28,73.2,4888,6200,50.29,123.29,73.2,4888,{"$nulls":5},"Yes - Standard Stocked Product or In-Stores","Luminaire","Area/Roadway","","Outdoor","Arm/Pole","Other","N/A","N/A","N/A",null,false,false,false,"N/A","N/A","N/A",{"$nulls":11},120,{"$nulls":3},"AC",{"$nulls":3},"N/A","N/A",null,null,false,0,null,null,"2016-11-16"]
["CARSON TECHNOLOGYCO., LTD.","CARSON","CT-D02150SBN",13359,141.1,94.68,74,4891,13359,141.1,94.68,74,4891,{"$nulls":5},"Yes - Standard Stocked Product or In-Stores","Luminaire","Area/Roadway","","Outdoor","Arm/Pole","Other","N/A","N/A","N/A",null,false,false,false,"N/A","N/A","N/A",{"$nulls":11},120,{"$nulls":3},"AC",{"$nulls":3},"N/A","N/A",null,null,false,0,null,null,"2016-06-22"]
["LSI Industries Inc","Crossover LED","XDLMA 3 LED SS CW UE",13679,140.5,97,65,4896,13679,140.5,97,65,4896,{"$nulls":5},"Yes - Made to Order Product","Luminaire","Area/Roadway","","Outdoor","Arm/Pole","","N/A","N/A","N/A",null,false,false,false,"N/A","N/A","N/A",{"$nulls":11},120,{"$nulls":3},"AC",{"$nulls":3},"N/A","N/A",null,null,false,0,null,null,"2015-12-15"]
["Shenzhen yaorong technology co.,ltd","YAORONG","YR-WL112-3535-W150-Y1-NP(5000K)",17397,143.6,121.15,72.3,4900,17397,143.6,121.15,72.3,4900,{"$nulls":5},"Yes - Standard Stocked Product or In-Stores","Luminaire","Area/Roadway","","Outdoor","Wall","Other","N/A","N/A","N/A",null,false,false,false,"N/A","N/A","N/A",{"$nulls":11},120,{"$nulls":3},"AC",{"$nulls":3},"N/A","N/A",null,null,false,0,null,null,"2017-05-10"]
["Shenzhen yaorong technology co.,ltd","YAORONG","YR-PL670D-W250-X-Y1-NP(5000K)",25735,245.7,104.74,73.4,4908,25735,245.7,104.74,73.4,4908,{"$nulls":5},"Yes - Standard Stocked Product or In-Stores","Luminaire","Area/Roadway","","Outdoor","Arm/Pole","Other","N/A","N/A","N/A",null,false,false,false,"N/A","N/A","N/A",{"$nulls":11},120,{"$nulls":3},"AC",{"$nulls":3},"N/A","N/A",null,null,false,0,null,null,"2017-09-11"]
["RAB Lighting Inc","RAB","ALED2T105Y [upgrade 11/01/2016]",12528,107,117.08,71,3120,13213,123,107,70,4913,{"$nulls":5},"Yes - Made to Order Product","Luminaire","Area/Roadway","","Outdoor","Arm/Pole","Other","N/A","N/A","N/A",null,false,false,false,"N/A","N/A","N/A",{"$nulls":11},120,{"$nulls":3},"AC",{"$nulls":3},"N/A","N/A",null,null,false,0,null,null,"2016-10-18"]
["Arrlux Inc","ARRLUX","SLC240-T4M-50K-XX-XX-XX",31211,244.2,127.81,72.2,5000,31211,244.2,127.81,72.2,4920,{"$nulls":5},"Yes - Standard Stocked Product or In-Stores","Luminaire","Area/Roadway","","Outdoor","Arm/Pole","Other","N/A","N/A","N/A",null,false,false,false,"N/A","N/A","N/A",{"$nulls":11},347,{"$nulls":3},"AC",{"$nulls":3},"N/A","N/A",null,null,false,0,null,null,"2017-11-07"]
["Eaton (formerly Cooper Lighting)","LUMARK","XTOR1B-N",1396,12.2,114.43,70,4000,1418.7,12.2,116.3,72.7,4926,{"$nulls":5},"Not yet commercially available","Luminaire","Area/Roadway","","Outdoor","Arm/Pole - Surface - Wall","Other","N/A","N/A","N/A",null,false,false,false,"N/A","N/A","N/A",{"$nulls":11},120,{"$nulls":3},"AC",{"$nulls":3},"N/A","N/A",null,null,false,0,null,null,"2016-08-10"]
["Deco Lighting","DECO Lighting","VINCI-LED-30-50-UNV",2687.8,28.68,93.71,76,4926,2687.8,28.68,93.71,76,4926,{"$nulls":5},"Yes - Standard Stocked Product or In-Stores","Luminaire","Area/Roadway","","Outdoor","Arm/Pole - Wall","","N/A","N/A","N/A",null,false,false,false,"N/A","N/A","N/A",null,null,94.7,1289,87.13,12.72,0.04,0.11,1.18,0.83,0.9768,120.2,0.0009,0,15.85,"AC",{"$nulls":3},"N/A","N/A",null,null,false,0,null,null,"2015-03-13"]
["Noribachi Corporation","Noribachi","140-SBM-[optional upgrades]-[mounting]",24790,231.6,107,73.8,4932,24790,231.6,107,73.8,4932,{"$nulls":5},"Yes - Made to Order Product","Luminaire","Area/Roadway","","Outdoor","Arm/Pole","","N/A","N/A","N/A",null,false,false,false,"N/A","N/A","N/A",{"$nulls":10},0.996,120,0.0017,-17.5,0.0527,"AC",{"$nulls":3},"N/A","N/A",null,null,false,0,null,null,"2015-05-28"]
["Arrlux Inc","ARRLUX","SKA30-5000K",4185,31.72,131.94,72,4935,4185,31.72,131.95,72,4935,{"$nulls":5},"Yes - Standard Stocked Product or In-Stores","Luminaire","Area/Roadway","","Outdoor","Arm/Pole","Other","N/A","N/A","N/A",null,false,false,false,"N/A","N/A","N/A",{"$nulls":11},120,{"$nulls":3},"AC",{"$nulls":3},"N/A","N/A",null,null,false,0,null,null,"2016-07-25"]
["ABOVE ALL LIGHTING INC.","ABOVE ALL","ABBWP55501",4941.1,49.14,100.6,76.5,4938,4941.1,49.14,100.6,76.5,4938,{"$nulls":5},"Yes - Standard Stocked Product or In-Stores","Luminaire","Area/Roadway","","Outdoor","Wall","Other","N/A","N/A","N/A",null,false,false,false,"N/A","N/A","N/A",{"$nulls":11},120,{"$nulls":3},"AC",{"$nulls":3},"N/A","N/A",null,null,false,0,null,null,"2015-10-30"]
["Acuity Brands Lighting","Lithonia Lighting","DSXW2 LED 2 10B350/50K SR2",2387,26.4,90.42,67,4943,2387,26.4,90.42,67,4943,{"$nulls":5},"Not yet commercially available","Luminaire","Area/Roadway","","Outdoor","Arm/Pole","","N/A","N/A","N/A",null,false,false,false,"N/A","N/A","N/A",{"$nulls":15},"",{"$nulls":3},"N/A","N/A",null,null,false,{"$nulls":3},"2012-09-13"]
["Xiamen Xing Henglong Lighting Technology Co., Ltd.","Holly Lite","ALSBO2-X-150-25XX-NON",16595,146.79,113.05,72,4947,16595,146.79,113.05,72,4947,{"$nulls":5},"Yes - Standard Stocked Product or In-Stores","Luminaire","Area/Roadway","","Outdoor","Arm/Pole","Other","N/A","N/A","N/A",null,false,false,false,"N/A","N/A","N/A",{"$nulls":11},120,{"$nulls":3},"AC",{"$nulls":3},"N/A","N/A",null,null,false,0,null,null,"2016-06-08"]
["Xtralight Manufacturing","XtraLight","LWPLED102050 [Upgrade : 8/6/2014]",3915,49.12,79.7,64,4948,3915,49.12,79.7,64,4948,{"$nulls":5},"Yes - Made to Order Product","Luminaire","Area/Roadway","","Outdoor - HazardousLocation","Arm/Pole - Surface - Wall - Other","","N/A","N/A","N/A",null,false,false,false,"N/A","N/A","N/A",{"$nulls":10},0.9972,120,0.0079,-42.3,null,"AC",{"$nulls":3},"N/A","N/A",null,null,true,10000,101.93,25,"2014-08-28"]
["Foshan Naturaled Electric Co.,Ltd","NaturaLED","LED-FXSB110/3S/50K/WH-EA6",8918.9,108.9,81.9,75,4952,8918.9,108.9,81.9,75,4952,{"$nulls":5},"Yes - Standard Stocked Product or In-Stores","Luminaire","Area/Roadway","","Outdoor","Arm/Pole","Other","N/A","N/A","N/A",null,false,false,false,"N/A","N/A","N/A",{"$nulls":11},120,{"$nulls":3},"AC",{"$nulls":3},"N/A","N/A",null,null,false,0,null,null,"2015-07-08"]
["NINGBO MORELUX LIGHTING MFG LTD","MORELUX","WPL160-26W-50K-V8-D-PC-GY-G1",3546,27.62,128.39,70,4956,3546,27.62,128.39,70.3,4956,{"$nulls":5},"Yes - Standard Stocked Product or In-Stores","Luminaire","Area/Roadway","","Outdoor","Wall","Other","N/A","N/A","N/A",null,false,false,false,"N/A","N/A","N/A",{"$nulls":11},120,{"$nulls":3},"AC",{"$nulls":3},"N/A","N/A",null,null,false,0,null,null,"2017-08-02"]
["Shenzhen yaorong technology co.,ltd","YAORONG","WL196-W015-P(5000K)",1738,14.31,121.45,74.7,4959,1738,14.31,121.46,74.7,4959,{"$nulls":5},"Yes - Standard Stocked Product or In-Stores","Luminaire","Area/Roadway","","Outdoor","Wall","Other","N/A","N/A","N/A",null,false,false,false,"N/A","N/A","N/A",{"$nulls":11},120,{"$nulls":3},"AC",{"$nulls":3},"N/A","N/A",null,null,false,0,null,null,"2016-08-23"]
["DONGGUAN THAILIGHT SEMICONDUCTOR LIGHTING CO.,LTD.","THAILIGHT","TLFLF100H5SFZZ",12507,99.87,125.23,83,4962,12507,99.87,125.23,83,4962,{"$nulls":5},"Yes - Standard Stocked Product or In-Stores","Luminaire","Area/Roadway","","Outdoor","Arm/Pole","Other","N/A","N/A","N/A",null,false,false,false,"N/A","N/A","N/A",{"$nulls":11},120,{"$nulls":3},"AC",{"$nulls":3},"N/A","N/A",null,null,false,0,null,null,"2017-05-19"]
["Grandlite International Corp","Grandlite International Corp","SML-106-L10-25W-5K",2518,23,109.48,70,5000,2518.5,22.48,112.06,73.8,4965,{"$nulls":5},"Yes - Made to Order Product","Luminaire","Area/Roadway","","Outdoor","Wall","Other","N/A","N/A","N/A",null,false,false,false,"N/A","N/A","N/A",{"$nulls":3},412.818,49.57,32.92,12.15,5.38,{"$nulls":3},120,{"$nulls":3},"AC",{"$nulls":3},"N/A","N/A",null,null,false,0,null,null,"2016-08-30"]
["Apollo Metro Solutions Inc.","Apollo Metro","SL4-NW-35-700-S-B",3273,35,93.51,72,4968,3273,34.84,94,72,4968,{"$nulls":5},"Yes - Made to Order Product","Luminaire","Area/Roadway","","Outdoor","Arm/Pole","Other","N/A","N/A","N/A",null,false,false,false,"N/A","N/A","N/A",{"$nulls":11},120,{"$nulls":3},"AC",{"$nulls":3},"N/A","N/A",null,null,false,0,null,null,"2016-07-19"]
["Shenzhen Betop Electronics Co,Ltd","Bitco","BT-VT60W-S-84L-850",7245,62.13,116.61,87.5,4972,7245,62.13,116.61,87.5,4972,{"$nulls":5},"Yes - Standard Stocked Product or In-Stores","Luminaire","Parking Garage","","Indoor - Outdoor","Surface","","N/A","N/A","N/A",null,false,false,false,"N/A","N/A","N/A",{"$nulls":11},120,{"$nulls":3},"AC",{"$nulls":3},"N/A","N/A",null,null,false,0,null,null,"2017-11-02"]
["ABOVE ALL LIGHTING INC.","ABOVE ALL","ABBWP40501",3662.5,36.55,100.2,76.1,4974,3662.5,36.55,100.2,76.1,4974,{"$nulls":5},"Yes - Standard Stocked Product or In-Stores","Luminaire","Area/Roadway","","Outdoor","Wall","Other","N/A","N/A","N/A",null,false,false,false,"N/A","N/A","N/A",null,null,97.3,1075,57.71,31.04,10.38,0.87,0.39,1.15,0.9904,120,0.0011,-14,8.94,"AC",{"$nulls":3},"N/A","N/A",null,null,false,0,null,null,"2015-10-30"]
["Shenzhen yaorong technology co.,ltd","YAORONG","YR-ST295H-W030-N-C(5000K)",4003,31.21,128.26,73,4981,4003,31.21,128.26,73,4981,{"$nulls":5},"Yes - Standard Stocked Product or In-Stores","Luminaire","Area/Roadway","","Outdoor","Arm/Pole","Other","N/A","N/A","N/A",null,false,false,false,"N/A","N/A","N/A",{"$nulls":11},277,{"$nulls":3},"AC",{"$nulls":3},"N/A","N/A",null,null,false,0,null,null,"2016-04-05"]
["SHENZHEN BBIER LIGHTING CO., LTD","BBIER","BB-SDD-150WD1-HV-E39(5000K)",17387,144.6,120.24,82.9,5000,17387,144.6,120.24,82.9,4986,{"$nulls":5},"Yes - Standard Stocked Product or In-Stores","Luminaire","Area/Roadway","","Outdoor","Arm/Pole","Other","N/A","N/A","N/A",null,false,false,false,"N/A","N/A","N/A",{"$nulls":11},277,{"$nulls":3},"AC",{"$nulls":3},"N/A","N/A",null,null,false,0,null,null,"2017-01-18"]
["Relume Technologies","Relume Technologies","R-PH2-D3-NW-*-*-*",11497,168.6,68.19,74,4989,11497,168.6,68.2,74,4989,{"$nulls":5},"Yes - Made to Order Product","Luminaire","Area/Roadway","","Outdoor","Arm/Pole","Other","N/A","N/A","N/A",null,false,false,false,"N/A","N/A","N/A",{"$nulls":4},43.4,56.6,0,0,null,null,0.992,120,0.0013,-9.8,9.91,"AC",{"$nulls":3},"N/A","N/A",null,null,false,0,null,null,"2014-03-12"]
["Noribachi","Noribachi","AREA-ALT-252",35520,482.9,73.6,73,4993,35520,482.9,73.6,73,4993,{"$nulls":5},"Yes - Made to Order Product","Luminaire","Area/Roadway","","Outdoor","Post top","","N/A","N/A","N/A",null,false,false,false,"N/A","N/A","N/A",{"$nulls":11},120,{"$nulls":3},"AC",{"$nulls":3},"N/A","N/A",null,null,false,0,null,null,"2014-07-17"]
["Philips Lighting N.A. - Outdoor Group ","Philips Gardco","P26-80L-800-CW-G2-AFR",24975.44833143773,191.5568094383175,130.3814174221772,70,5000,24975.44833143773,191.5568094383175,130.3814174221772,70,5000,{"$nulls":5},"Not yet commercially available","Luminaire","Area/Roadway","","Outdoor","Arm/Pole","Other","N/A","N/A","N/A",null,false,false,true,"N/A","N/A","N/A",{"$nulls":15},"DC",{"$nulls":3},"N/A","N/A",null,null,false,60000,86.73,25,"2018-01-09"]
["Philips Lighting N.A. - Outdoor Group ","Philips Gardco","P26-80L-700-CW-G2-5W",23044.005842887742,168.5109002308284,136.75083220920288,70,5000,23044.005842887742,168.5109002308284,136.75083220920288,70,5000,{"$nulls":5},"Not yet commercially available","Luminaire","Area/Roadway","","Outdoor","Arm/Pole","Other","N/A","N/A","N/A",null,false,false,true,"N/A","N/A","N/A",{"$nulls":15},"DC",{"$nulls":3},"N/A","N/A",null,null,false,60000,86.73,25,"2018-01-09"]
["Philips Lighting N.A. - Outdoor Group ","Philips Gardco","P26-48L-500-CW-G2-2",10069.124527434873,74.3575275711721,135.41499907722326,70,5000,10069.124527434873,74.3575275711721,135.41499907722326,70,5000,{"$nulls":5},"Not yet commercially available","Luminaire","Area/Roadway","","Outdoor","Arm/Pole","Other","N/A","N/A","N/A",null,false,false,true,"N/A","N/A","N/A",{"$nulls":15},"DC",{"$nulls":3},"N/A","N/A",null,null,false,60000,86.73,25,"2018-01-09"]
["Philips Lighting N.A. - Outdoor Group ","Philips Gardco","PWS-140L-650-CW-G2-3-UNV (120-240 VAC / 347-480 VAC)",3668.9894359720092,30.399999999999995,120.69044197276348,70,5000,3668.9894359720092,30.399999999999995,120.69044197276348,70,5000,{"$nulls":5},"Not yet commercially available","Luminaire","Area/Roadway","","Outdoor","Wall","Other","N/A","N/A","N/A",null,false,false,true,"N/A","N/A","N/A",{"$nulls":15},"AC",{"$nulls":3},"N/A","N/A",null,null,false,0,null,null,"2018-01-05"]
["Philips Lighting N.A. - Outdoor Group ","Philips Gardco","PWS-140L-1150-CW-G2-4-UNV",6731.2724197470825,52.20000000000001,128.95157892235787,70,5000,6731.2724197470825,52.20000000000001,128.95157892235787,70,5000,{"$nulls":5},"Not yet commercially available","Luminaire","Area/Roadway","","Outdoor","Wall","Other","N/A","N/A","N/A",null,false,false,true,"N/A","N/A","N/A",{"$nulls":15},"AC",{"$nulls":3},"N/A","N/A",null,null,false,0,null,null,"2018-01-05"]
["GREEN INOVA LIGHTING TECHNOLOGY (SHENZHEN) LTD","GREEN INOVA","4WP14L50BK1P",1538.4,11.56,133.08,74,5001,1538.4,11.56,133.08,74,5001,{"$nulls":5},"Yes - Standard Stocked Product or In-Stores","Luminaire","Area/Roadway","","Outdoor","Wall","Other","N/A","N/A","N/A",null,false,false,false,"N/A","N/A","N/A",{"$nulls":11},120,{"$nulls":3},"AC",{"$nulls":3},"N/A","N/A",null,null,false,0,null,null,"2016-09-30"]
["Excellence Opto. Inc.","e-lite star","ESU-DA012M04850L-700",10549,108.3,97.41,71.1,5007,10549,108.3,97.41,71.1,5007,{"$nulls":5},"Yes - Standard Stocked Product or In-Stores","Luminaire","Area/Roadway","","Outdoor","Arm/Pole","Other","N/A","N/A","N/A",null,false,false,false,"N/A","Click to download","N/A",{"$nulls":11},120,{"$nulls":3},"AC",{"$nulls":3},"N/A","N/A",null,null,true,25000,94,25,"2014-09-19"]
["Hubbell Lighting","Spaulding Lighting","CL1-A-30LU-5K-3",6892,69.7,98.9,68,5008,6892,69.7,98.9,68,5008,{"$nulls":5},"Yes - Made to Order Product","Luminaire","Area/Roadway","","Outdoor","Arm/Pole","","N/A","N/A","N/A",null,false,false,false,"N/A","N/A","N/A",{"$nulls":10},0.988,120,0.004,-30,null,"AC",{"$nulls":3},"N/A","N/A",null,null,false,{"$nulls":3},"2012-11-02"]
["CARSON TECHNOLOGYCO., LTD.","Carson","CT-D02150SBN(update:2017-04-11)",17160,152.36,112.63,72,5000,17160,152.36,112.63,72,5014,{"$nulls":5},"Yes - Standard Stocked Product or In-Stores","Luminaire","Area/Roadway","","Outdoor","Other","Other","N/A","N/A","N/A",null,false,false,false,"N/A","N/A","N/A",{"$nulls":11},120,{"$nulls":3},"AC",{"$nulls":3},"N/A","N/A",null,null,false,0,null,null,"2017-04-26"]
["Phoenix Products","ECOMOD","EM300-MF",27580,266.1,103.6,73,5014,27580,266.1,103.6,73,5014,{"$nulls":5},"Yes - Made to Order Product","Luminaire","Area/Roadway","","Outdoor","Surface","","N/A","N/A","N/A",null,false,false,false,"N/A","N/A","N/A",{"$nulls":11},240,{"$nulls":3},"AC",{"$nulls":3},"N/A","N/A",null,null,false,0,null,null,"2014-01-27"]
["NINGBO MORELUX LIGHTING MFG LTD","MORELUX","VPL-14W-50K-V8-N-FD-SB-WM",1439,13.26,108.52,72.5,5021,1439,13.26,108.52,72.5,5021,{"$nulls":5},"Yes - Standard Stocked Product or In-Stores","Luminaire","Area/Roadway","","Outdoor","Wall","Other","N/A","N/A","N/A",null,false,false,false,"N/A","N/A","N/A",{"$nulls":11},120,{"$nulls":3},"AC",{"$nulls":3},"N/A","N/A",null,null,false,0,null,null,"2018-03-13"]
["Xtralight Manufacturing","XtraLight","VNTLEDM021443MNUIN510XXBZHO",18761,159.14,117.89,73.37,5084,19544,159.34,122.66,73.08,5025,{"$nulls":5},"Yes - Made to Order Product","Luminaire","Area/Roadway","","Outdoor","Arm/Pole","Other","N/A","N/A","N/A",null,false,false,false,"N/A","N/A","N/A",{"$nulls":11},119.99,{"$nulls":3},"AC",{"$nulls":3},"N/A","N/A",null,null,false,0,null,null,"2017-05-01"]
["Eaton (formerly Cooper Lighting)","LUMARK","XTOR6BRL-W-347V",6133,63.8,96.13,70,4000,6922.9,57.85,119.7,73.9,5028,{"$nulls":5},"Not yet commercially available","Luminaire","Area/Roadway","","Outdoor","Arm/Pole - Wall","Other","N/A","N/A","N/A",null,false,false,false,"N/A","N/A","N/A",{"$nulls":11},347,2E-3,null,null,"AC",{"$nulls":3},"N/A","N/A",null,null,false,0,null,null,"2016-08-01"]
["Xtralight Manufacturing","XtraLight","VNTW-11000L-50K-48D-2S-BZ",11145,113.3,98.37,71.93,5030,11145,113.3,98.4,71.93,5030,{"$nulls":5},"Yes - Made to Order Product","Luminaire","Area/Roadway","","Outdoor","Arm/Pole","Other","N/A","N/A","N/A",null,false,false,true,"N/A","N/A","N/A",{"$nulls":11},346.96,{"$nulls":3},"AC",{"$nulls":3},"N/A","N/A",null,null,false,0,null,null,"2017-08-28"]
["QSSI","DURAGUARD","MWPCOQC1X37U5KC",3829,42.427,90.26,71.83,5033,3829,42.427,90.26,71.83,5033,{"$nulls":5},"Yes - Made to Order Product","Luminaire","Area/Roadway","","Outdoor","Wall","Other","N/A","N/A","N/A",null,false,false,false,"N/A","N/A","N/A",{"$nulls":4},88.3,11.7,{"$nulls":4},0.9688,120,0.0036,-39,9.77,"AC",{"$nulls":3},"N/A","N/A",null,null,true,25000,97.33,25,"2015-04-22"]
["BESTWON TECHNOLOGY CO., LTD","Bestwon","BWPLB120UCXT3SA",15987,125.8,127.08,76.8,5037,15987,125.8,127.08,76.8,5037,{"$nulls":5},"Yes - Standard Stocked Product or In-Stores","Luminaire","Area/Roadway","","Outdoor","Arm/Pole","Other","N/A","N/A","N/A",null,false,false,false,"N/A","N/A","N/A",{"$nulls":11},120,{"$nulls":3},"AC",{"$nulls":3},"N/A","N/A",null,null,false,0,null,null,"2017-11-16"]
["GE Lighting Solutions, Outdoor SSL Fixtures","GE LIGHTING","EASB",5900,67,88.06,70,5000,6107.8,65.6,93.2,72,5039,{"$nulls":5},"Yes - Made to Order Product","Luminaire","Area/Roadway","","Outdoor","Arm/Pole","","N/A","N/A","N/A",null,false,false,false,"N/A","N/A","N/A",{"$nulls":11},120,{"$nulls":3},"AC",{"$nulls":3},"N/A","N/A",null,null,false,0,null,null,"2014-07-16"]
["Spring Lighting Group Inc","SLG","SAL360TUNVXWZZZ",42972,353.5,121.56,72,5042,42972,353.5,121.56,72,5042,{"$nulls":5},"Yes - Standard Stocked Product or In-Stores","Luminaire","Area/Roadway","","Outdoor","Arm/Pole","","N/A","N/A","N/A",null,false,false,false,"N/A","N/A","N/A",{"$nulls":11},120,{"$nulls":3},"AC",{"$nulls":3},"N/A","N/A",null,null,false,0,null,null,"2016-02-02"]
["QSSI","QSSI","VN55QF1X48U5K*",5591,55.63,100.5,81.79,5047,5591,55.63,100.5,81.79,5047,{"$nulls":5},"Yes - Made to Order Product","Luminaire","Parking Garage","","Outdoor","Surface - Wall","","N/A","N/A","N/A",null,false,false,false,"N/A","N/A","N/A",{"$nulls":4},60.3,39.6,{"$nulls":4},0.996,120,1E-3,4.5,4.5,"AC",{"$nulls":3},"N/A","N/A",null,null,true,25000,87.79,25,"2016-12-14"]
["RAB Lighting Inc","RAB","WPLED4T105",10384,105.7,98.2,65,5050,10384,105.7,98.2,65,5050,{"$nulls":5},"Yes - Made to Order Product","Luminaire","Area/Roadway","","Outdoor","Wall","","N/A","N/A","N/A",null,false,false,false,"N/A","N/A","N/A",{"$nulls":10},0.99,120,0.013,-57,7.6,"AC",{"$nulls":3},"N/A","N/A",null,null,false,0,null,null,"2014-01-23"]
["RAB Lighting Inc","RAB","ALED2T105",10098,106,95.3,65,5050,10098,106,95.3,65,5050,{"$nulls":5},"Yes - Standard Stocked Product or In-Stores","Luminaire","Area/Roadway","","Outdoor","Arm/Pole","","N/A","N/A","N/A",null,false,false,false,"N/A","N/A","N/A",{"$nulls":10},0.994,120,0.013,-57,7.6,"AC",{"$nulls":3},"N/A","N/A",null,null,false,0,null,null,"2014-01-23"]
["NINGBO MORELUX LIGHTING MFG LTD","MORELUX","DCL-150-90-035W-50K-8-D-3PC",3895,36.01,108.16,85,5057,3895,36.01,108.16,85,5057,{"$nulls":5},"Yes - Standard Stocked Product or In-Stores","Luminaire","Area/Roadway","","Outdoor","Wall","Other","N/A","N/A","N/A",null,false,false,false,"N/A","N/A","N/A",{"$nulls":11},120,{"$nulls":3},"AC",{"$nulls":3},"N/A","N/A",null,null,false,0,null,null,"2016-07-14"]
["Xtralight Manufacturing","XtraLight","VNTLEDM021443MxHVU510yXzzHO",17573,172.4,101.93,70,5000,12969,105,123.51,71.05,5058,{"$nulls":5},"Yes - Made to Order Product","Luminaire","Area/Roadway","","Outdoor","Arm/Pole","Other","N/A","N/A","N/A",null,false,false,false,"N/A","N/A","N/A",{"$nulls":11},120,{"$nulls":3},"AC",{"$nulls":3},"N/A","N/A",null,null,false,0,null,null,"2016-10-13"]
["Xtralight Manufacturing","XtraLight","VNTLEDS010254S[*]DIM5[**][*][*][**]HO\nAll Options",3465.209850924963,27.75,124.87242706035903,71.9590094010319,5059.789666473877,3465.209850924963,27.75,124.87242706035903,71.9590094010319,5059.789666473877,{"$nulls":5},"Yes - Made to Order Product","Luminaire","Area/Roadway","Other","Outdoor","Arm/Pole","Decorative","N/A","N/A","N/A",null,false,false,true,"N/A","N/A","N/A",{"$nulls":10},0.999,120,null,null,3.34,"AC",{"$nulls":3},"N/A","N/A",null,null,false,0,null,null,"2018-06-01"]
["INTERNATIONAL DEVELOPMENT COMPANY","Honeywell","ME014051-52",4000,42,95.24,75,5000,4625.67,40.8,113.37,75.9,5062,{"$nulls":5},"Yes - Made to Order Product","Luminaire","Area/Roadway","","Outdoor","Wall","Other","N/A","N/A","N/A",null,false,false,false,"N/A","N/A","N/A",{"$nulls":11},120,{"$nulls":3},"AC",{"$nulls":3},"N/A","N/A",null,null,false,0,null,null,"2018-02-12"]
["SHENZHEN BESON TECHNOLOGY CO.,LTD","BESON","BS-SH-300W (5000K)",29002,293.4,98.85,71.9,5064,29002,293.4,98.85,71.9,5064,{"$nulls":5},"Yes - Made to Order Product","Luminaire","Area/Roadway","","Outdoor","Arm/Pole","","N/A","N/A","N/A",null,false,false,false,"N/A","N/A","N/A",{"$nulls":11},120,{"$nulls":3},"AC",{"$nulls":3},"N/A","N/A",null,null,false,0,null,null,"2015-09-01"]
["S LITE CO.,LTD","S LITE","FL205-HV-0402-70-50K-T5v-L-RP [Upgrade : 9/28/2016]",4791,35,136.89,74.5,5084,4791,35,137.35,74.5,5067,{"$nulls":5},"Yes - Standard Stocked Product or In-Stores","Luminaire","Area/Roadway","","Outdoor","Arm/Pole","Other","N/A","N/A","N/A",null,false,false,false,"N/A","N/A","N/A",{"$nulls":11},347,{"$nulls":3},"AC",{"$nulls":3},"N/A","N/A",null,null,false,0,null,null,"2016-10-10"]
["Foshan Naturaled Electric Co.,Ltd","NaturaLED","LED-FXSAL180/50K/BK/3S/480",22717,180,126.21,72.3,5000,22717,184.3,123.26,72.3,5070,{"$nulls":5},"Yes - Standard Stocked Product or In-Stores","Luminaire","Area/Roadway","","Outdoor","Arm/Pole","Other","N/A","N/A","N/A",null,false,false,false,"N/A","N/A","N/A",{"$nulls":11},277,{"$nulls":3},"AC",{"$nulls":3},"N/A","N/A",null,null,false,0,null,null,"2017-07-21"]
["ABOVE ALL LIGHTING INC.","ABOVE ALL","ABAR135LED50VW-XX-YY",14120,130.2,108.4,77,5073,14120,130.2,108.4,77,5073,{"$nulls":5},"Yes - Made to Order Product","Luminaire","Area/Roadway","","Outdoor","Arm/Pole","Other","N/A","N/A","N/A",null,false,false,false,"N/A","N/A","N/A",null,null,152.7,900,42.42,57.58,0,0,3.36,3.29,0.9953,120,1E-4,13,5.32,"AC",{"$nulls":3},"N/A","N/A",null,null,false,0,null,null,"2014-09-26"]
["RAB Lighting Inc","RAB","WPLEDFC104  [Upgrade : 6/3/2014]",10026,113.3,88,69,5079,10026,113.3,88,69,5079,{"$nulls":5},"Yes - Made to Order Product","Luminaire","Area/Roadway","","Outdoor","Arm/Pole - Wall","","N/A","N/A","N/A",null,false,false,true,"N/A","N/A","N/A",{"$nulls":4},82.9,17.1,0,0,null,null,0.997,120,0.013,-46,4.5,"AC",{"$nulls":3},"N/A","N/A",null,null,false,0,null,null,"2014-06-23"]
["zhejiang jingri lighting technology co.,ltd","JINGRI LIGHT","JRA7-160",16464,154,106.91,76,5000,16464,153.5,107.26,77,5082,{"$nulls":5},"Yes - Standard Stocked Product or In-Stores","Luminaire","Area/Roadway","","Outdoor","Arm/Pole","","N/A","N/A","N/A",null,false,false,false,"N/A","N/A","N/A",{"$nulls":11},120,{"$nulls":3},"AC",{"$nulls":3},"N/A","N/A",null,null,false,0,null,null,"2015-08-13"]
["S LITE CO.,LTD","S LITE","WM456AED-UNV-0401-70-50K-00-00-00-DB -00-S-00-00-NC-IVT",4605.8,42.9,107.36,76.1,5084,4605.8,42.9,107.36,76.1,5084,{"$nulls":5},"Yes - Standard Stocked Product or In-Stores","Luminaire","Area/Roadway","","Outdoor","Wall","Other","N/A","N/A","N/A",null,false,false,false,"N/A","N/A","N/A",{"$nulls":11},120,{"$nulls":3},"AC",{"$nulls":3},"N/A","N/A",null,null,false,0,null,null,"2016-09-01"]
["Shenzhen Bang-Bell Electronics Co.,Ltd","BBE","LSA8-HS5K2SC4-XXXX(700mA)",30271,255.42,118.52,72,5088,30271,255.42,118.52,72,5088,{"$nulls":5},"Yes - Standard Stocked Product or In-Stores","Luminaire","Area/Roadway","","Outdoor","Arm/Pole","","N/A","N/A","N/A",null,false,false,false,"N/A","N/A","N/A",{"$nulls":10},0.993,347,0.0011,-18,8.4,"AC",{"$nulls":3},"N/A","N/A",null,null,false,0,null,null,"2015-07-06"]
["NINGBO MORELUX LIGHTING MFG LTD","MORELUX","ARL480-150W-50K-T5-6-PC-L",18337,152.4,120.32,70.8,5091,18337,152.4,120.32,70.8,5091,{"$nulls":5},"Yes - Standard Stocked Product or In-Stores","Luminaire","Area/Roadway","","Outdoor","Arm/Pole","","N/A","N/A","N/A",null,false,false,false,"N/A","N/A","N/A",{"$nulls":11},347,{"$nulls":3},"AC",{"$nulls":3},"N/A","N/A",null,null,false,0,null,null,"2016-01-20"]
["Industrial Lighting Products","Industrial Lighting Products","AL-70WLED-UNIV-40-T3",8306,70.3,118.15,70,4000,8193,71.34,114.8,71.8,5094,{"$nulls":5},"Yes - Made to Order Product","Luminaire","Area/Roadway","","Outdoor - Other","Arm/Pole - Wall - Other - Post top","Other","N/A","N/A","N/A",null,false,false,false,"N/A","N/A","N/A",{"$nulls":10},0.986,120,{"$nulls":3},"AC",{"$nulls":3},"N/A","N/A",null,null,false,0,null,null,"2016-11-08"]
["Arrlux Inc","ARRLUX","SLB160-5000K",19982.338,163.44,122.26,71.5,5000,19982.338,163.44,122.261,71.5,5096,{"$nulls":5},"Yes - Standard Stocked Product or In-Stores","Luminaire","Area/Roadway","","Outdoor - HazardousLocation","Arm/Pole - Surface - Other","Other","N/A","N/A","N/A",null,false,false,false,"N/A","N/A","N/A",{"$nulls":3},4816.742,69.06,30.95,0,0,null,null,0.997,120,0.00052,-18,null,"AC",{"$nulls":3},"N/A","N/A",null,null,false,0,null,null,"2016-06-30"]
["DONGGUAN THAILIGHT SEMICONDUCTOR LIGHTING CO.,LTD.","THAILIGHT","TL-WMG601-01(5000K)",5211,59.05,88.24,83,5098,5211,59.05,88.24,83,5098,{"$nulls":5},"Yes - Standard Stocked Product or In-Stores","Luminaire","Area/Roadway","","Outdoor","Wall","Other","N/A","N/A","N/A",null,false,false,false,"N/A","N/A","N/A",{"$nulls":10},0.5211,120,0.0024,7,11.34,"AC",{"$nulls":3},"N/A","N/A",null,null,false,0,null,null,"2015-01-09"]
["SolarMaxLED, Inc","SolarMaxLED","LST-V100-5",8316.16,97.31,85.46,67,5100,8316.16,97.31,85.46,67,5100,{"$nulls":5},"Not yet commercially available","Luminaire","Area/Roadway","","Outdoor","Arm/Pole","","N/A","N/A","N/A",null,false,false,false,"N/A","N/A","N/A",{"$nulls":10},0.901,277,0.00034,-28,null,"AC",{"$nulls":3},"N/A","N/A",null,null,false,0,null,null,"2014-05-23"]
["Xiamen Xing Henglong Lighting Technology Co., Ltd.","Holly Lite","WPLF-X-090-25XX-NON",10163.68,89.97,112.97,83,5102,10163.68,89.97,112.97,83,5102,{"$nulls":5},"Yes - Standard Stocked Product or In-Stores","Luminaire","Area/Roadway","","Outdoor","Surface - Other","Other","N/A","N/A","N/A",null,false,false,false,"N/A","N/A","N/A",{"$nulls":11},120,{"$nulls":3},"AC",{"$nulls":3},"N/A","N/A",null,null,false,0,null,null,"2016-06-10"]
["QSSI","THE LIGHTING FACTORY","WPC15QF1X37U5KC",3832,41.572,92.17,74.5,5105.7,3832,41.572,92.17,74.5,5105.7,{"$nulls":5},"Yes - Made to Order Product","Luminaire","Area/Roadway","","Outdoor","Wall","Other","N/A","N/A","N/A",null,false,false,false,"N/A","N/A","N/A",{"$nulls":4},86.6,13.4,{"$nulls":4},0.9939,120,3.8E-3,-11.1,5.48,"AC",{"$nulls":3},"N/A","N/A",null,null,true,25000,97.24,25,"2015-03-10"]
["S LITE CO.,LTD","S LITE","FL214AL-UNV-3204-70-50K-T3-M-00-DB-00-PM-00-SF-CR-MW",34076,312.5,109.04,73.7,5108,34076,312.5,109.04,73.7,5108,{"$nulls":5},"Yes - Standard Stocked Product or In-Stores","Luminaire","Area/Roadway","","Outdoor","Arm/Pole","Other","N/A","N/A","N/A",null,false,false,false,"N/A","N/A","N/A",{"$nulls":11},120,{"$nulls":3},"AC",{"$nulls":3},"N/A","N/A",null,null,false,0,null,null,"2016-09-06"]
["AAL / Kim Lighting","Kim Lighting","Archetype",7849,129,60.84,68,5111,7849,129,60.8,68,5111,{"$nulls":5},"Yes - Made to Order Product","Luminaire","Area/Roadway","","Outdoor","Arm/Pole - Surface - Post top","","N/A","N/A","N/A",null,false,false,false,"N/A","N/A","N/A",null,null,67.5,4960,50.7,49.3,0,0,null,null,1,120,0.0032,-36.2,5.57,"AC",{"$nulls":3},"N/A","N/A",null,null,false,{"$nulls":3},"2012-08-16"]
["Jiangsu Yaships Lighting Group Co., Ltd.","YASHIPS","YXL137B-Z/180W",16646,183.1,90.9,70,5114,16646,183.1,90.9,70,5114,{"$nulls":5},"Not yet commercially available","Luminaire","Area/Roadway","","Outdoor","Arm/Pole","","N/A","N/A","N/A",null,false,false,false,"N/A","N/A","N/A",null,null,97.3,10085,82,18,0,0,null,null,0.9958,120,0.0011,-22,5.04,"AC",{"$nulls":3},"N/A","N/A",null,null,false,0,null,null,"2015-06-30"]
["Xtralight Manufacturing","XtraLight","VNTLEDL033005MNUIN510XXBZHO",35319,325.51,108.5,73.79,5116,35319,325.51,108.5,73.79,5116,{"$nulls":5},"Yes - Made to Order Product","Luminaire","Area/Roadway","","Outdoor","Arm/Pole","Other","N/A","N/A","N/A",null,false,false,false,"N/A","N/A","N/A",{"$nulls":3},2777,47.68,52.32,0.01,0,{"$nulls":3},120.03,{"$nulls":3},"AC",{"$nulls":3},"N/A","N/A",null,null,false,0,null,null,"2017-04-27"]
["Shenzhen yaorong technology co.,ltd","YAORONG","YR-PL670-3535-W300-X-Y3-NP-NM (5000K)",35265,292,120.77,73,5119,35265,292,120.77,73,5119,{"$nulls":5},"Yes - Standard Stocked Product or In-Stores","Luminaire","Area/Roadway","","Outdoor","Arm/Pole","Other","N/A","N/A","N/A",null,false,false,false,"N/A","N/A","N/A",{"$nulls":11},120,{"$nulls":3},"AC",{"$nulls":3},"N/A","N/A",null,null,false,0,null,null,"2017-05-08"]
["MaxLite","Maxlite","MLLWP40LED50DS  [Upgrade : 2/12/2015]",3353,34.85,96.2,85.6,5122,3353,34.85,96.2,85.6,5122,{"$nulls":5},"Yes - Standard Stocked Product or In-Stores","Luminaire","Area/Roadway","","Outdoor","Wall","Other","N/A","N/A","N/A",null,false,false,true,"N/A","N/A","N/A",null,null,111,1213,83.14,16.85,0,0.01,1.29,1.3,0.99,120,2.3E-3,27,7.66,"AC",{"$nulls":3},"N/A","N/A",null,null,true,50000,83.39,25,"2015-03-09"]
["EATON Crpuse-Hinds","CHAMP","FMVA25LCY /UNV1 76",23600,193.2,122.15,72,5127,23600,193.2,120.7,72,5127,{"$nulls":5},"Yes - Standard Stocked Product or In-Stores","Luminaire","Area/Roadway","","Outdoor - HazardousLocation","Arm/Pole - Wall","Other","N/A","N/A","N/A",null,false,false,false,"N/A","N/A","N/A",{"$nulls":3},8684.4,89.84,10.17,0,0,{"$nulls":3},277,{"$nulls":3},"AC",{"$nulls":3},"N/A","N/A",null,null,true,10000,99,25,"2017-03-13"]
["Shenzhen Syhdee Manufactory Co.,Ltd.","SYHDEE","SYH-WP96X(5000K)",6600,90,73.33,84,5000,6670,80.11,83.26,84.6,5132,{"$nulls":5},"Yes - Made to Order Product","Luminaire","Area/Roadway","","Outdoor","Wall","Other","N/A","N/A","N/A",null,false,false,false,"N/A","N/A","N/A",{"$nulls":11},120,{"$nulls":3},"AC",{"$nulls":3},"N/A","N/A",null,null,false,0,null,null,"2016-08-11"]
["Shenzhen yaorong technology co.,ltd","YAORONG","YR-PL670H-W220-YX(5000K)",26698,232.5,114.83,73.4,5132,26698,232.5,114.83,73.4,5132,{"$nulls":5},"Yes - Standard Stocked Product or In-Stores","Luminaire","Area/Roadway","","Outdoor","Arm/Pole","Other","N/A","N/A","N/A",null,false,false,false,"N/A","N/A","N/A",{"$nulls":11},120,0.0004,0,null,"AC",{"$nulls":3},"N/A","N/A",null,null,false,0,null,null,"2016-05-20"]
["SimplyLEDs, LLC","Anello","CLG-75-C-AB",4899,70.85,69.15,72,5135,4899,70.85,69.15,72,5135,{"$nulls":5},"Yes - Standard Stocked Product or In-Stores","Luminaire","Area/Roadway","","Outdoor","","","N/A","N/A","N/A",null,false,false,false,"N/A","N/A","N/A",{"$nulls":4},48.2,38,11.4,2.4,null,null,0.993,120,0.003,8.1,5.68,"AC",{"$nulls":3},"N/A","N/A",null,null,true,25000,89.85,25,"2012-09-20"]
["Ledsion Lighting Technology Co.,Ltd","LEDSION","LS-WP40W",3008,40.54,74.2,71,5000,3008.246,40.54,74.2,71.9,5142,{"$nulls":5},"Not yet commercially available","Luminaire","Area/Roadway","","Outdoor","Surface","","N/A","N/A","N/A",null,false,false,false,"N/A","N/A","N/A",{"$nulls":11},120,{"$nulls":3},"AC",{"$nulls":3},"N/A","N/A",null,null,false,0,null,null,"2015-06-16"]
["Xiamen Xing Henglong Lighting Technology Co., Ltd.","Holly Lite","ALSBO2-X-150-45XX-NON",16457,147.1,111.88,74,5146,16457,147.1,111.86,74,5146,{"$nulls":5},"Yes - Standard Stocked Product or In-Stores","Luminaire","Area/Roadway","","Outdoor","Arm/Pole","Other","N/A","N/A","N/A",null,false,false,false,"N/A","N/A","N/A",{"$nulls":11},480,{"$nulls":3},"AC",{"$nulls":3},"N/A","N/A",null,null,false,0,null,null,"2016-07-25"]
["Eaton (formerly Cooper Lighting)","Lumark","XTOR5ARL [at 120V]",4554,49.6,91.8,68,5147,4554,49.6,91.8,68,5147,{"$nulls":5},"Yes - Standard Stocked Product or In-Stores","Luminaire","Area/Roadway","","Outdoor","Wall","","N/A","N/A","N/A",null,false,false,false,"N/A","N/A","N/A",{"$nulls":10},0.9939,120,0.01208,-45.6,null,"AC",{"$nulls":3},"N/A","N/A",null,null,false,{"$nulls":3},"2013-01-29"]
["RAB Lighting Inc","RAB","ALED2T50",5329,51.9,102.7,67,5154,5329,51.9,102.7,67,5154,{"$nulls":5},"Yes - Made to Order Product","Luminaire","Area/Roadway","","Outdoor","Arm/Pole","","N/A","N/A","N/A",null,false,false,false,"N/A","N/A","N/A",{"$nulls":10},0.994,120,0.01,-47,7,"AC",{"$nulls":3},"N/A","N/A",null,null,false,0,null,null,"2014-02-07"]
["Dongguan Sense Lighting Technology Co.,ltd","SENSETECHLIGHT","SE-WL-90W-A-50",12327,94.95,129.83,85.2,5159,12327,94.95,129.83,85.2,5159,{"$nulls":5},"Yes - Standard Stocked Product or In-Stores","Luminaire","Area/Roadway","","Outdoor","Wall","Other","N/A","N/A","N/A",null,false,false,false,"N/A","N/A","N/A",{"$nulls":11},120,-0.0003,20,null,"AC",{"$nulls":3},"N/A","N/A",null,null,false,0,null,null,"2016-06-10"]
["RAB Lighting Inc","RAB Lighting","WP2LED24 - WP2LED24/D10 [Update 04/17/17]",2998,24.5,122.37,83,5161,2998,24.5,122.4,83,5161,{"$nulls":5},"Yes - Standard Stocked Product or In-Stores","Luminaire","Area/Roadway","","Outdoor","Surface - Wall","Other","N/A","N/A","N/A",null,false,false,false,"N/A","N/A","N/A",{"$nulls":3},556,45.24,32.8,18.27,3.72,null,null,0.986,120,0,16,8.6,"AC",1,3,3,"N/A","N/A",null,null,false,0,null,null,"2017-05-01"]
["Hyperikon Inc","HYPERIKON","HYPERWALLMOUNT17-50",1752.83,17.21,101.85,82,5164,1752.83,17.21,101.85,82,5164,{"$nulls":5},"Yes - Standard Stocked Product or In-Stores","Luminaire","Area/Roadway","","Outdoor","Wall","","N/A","N/A","N/A",null,false,false,false,"N/A","N/A","N/A",{"$nulls":11},120,{"$nulls":3},"AC",{"$nulls":3},"N/A","N/A",null,null,false,0,null,null,"2015-09-09"]
["NINGBO MORELUX LIGHTING MFG LTD","MORELUX","HMWPL-050W-50K-8-3PC",5208,49.77,104.64,84.4,5169,5208,49.77,104.64,84.4,5169,{"$nulls":5},"Yes - Standard Stocked Product or In-Stores","Luminaire","Area/Roadway","","Outdoor","Wall","","N/A","N/A","N/A",null,false,false,false,"N/A","N/A","N/A",{"$nulls":11},120,{"$nulls":3},"AC",{"$nulls":3},"N/A","N/A",null,null,false,0,null,null,"2016-01-26"]
["MESTER LED LIMITED","MESTER","WP145W34V50KYCY",11595.48,142.6,81.32,83,5174,11595.48,142.6,81.32,83,5174,{"$nulls":5},"Yes - Standard Stocked Product or In-Stores","Luminaire","Area/Roadway","","Outdoor - Other","Surface - Wall - Other","","N/A","N/A","N/A",null,false,false,false,"N/A","N/A","N/A",{"$nulls":11},347,{"$nulls":3},"AC",{"$nulls":3},"N/A","N/A",null,null,false,0,null,null,"2015-09-28"]
["Visionaire Lighting, LLC","Visionaire Lighting, LLC","APX-1-T5-128LC-5-55K",22367,215.49,103.8,68,5178,22367,215.49,103.8,68,5178,{"$nulls":5},"Not yet commercially available","Luminaire","Area/Roadway","","Outdoor","Arm/Pole","","N/A","N/A","N/A",null,false,false,false,"N/A","N/A","N/A",{"$nulls":4},82.4,15.8,0,0,null,null,0.9973,120,0.00205,-24.92,5.9,"AC",{"$nulls":3},"N/A","N/A",null,null,false,{"$nulls":3},"2013-08-08"]
["MESTER LED LIMITED","MESTER","WP140W48V50KD",14250,140,101.79,70,5000,14262,130,109.7,75.6,5182,{"$nulls":5},"Yes - Standard Stocked Product or In-Stores","Luminaire","Area/Roadway","","Outdoor","Surface - Wall","Decorative","N/A","N/A","N/A",null,false,false,false,"N/A","N/A","N/A",{"$nulls":11},347,{"$nulls":3},"AC",{"$nulls":3},"N/A","N/A",null,null,false,0,null,null,"2017-11-03"]
["GREEN INOVA LIGHTING TECHNOLOGY (SHENZHEN) LTD","GREEN INOVA","4BL45L50(B,W)1P",5281.3,44.35,119.08,77.2,5184,5281.3,44.35,119.08,77.2,5184,{"$nulls":5},"Yes - Standard Stocked Product or In-Stores","Luminaire","Area/Roadway","","Outdoor","Wall","Other","N/A","N/A","N/A",null,false,false,false,"N/A","N/A","N/A",{"$nulls":11},120,-0.003,0,null,"AC",{"$nulls":3},"N/A","N/A",null,null,false,0,null,null,"2016-06-02"]
["Jiangsu Yaships Lighting Group Co., Ltd.","YASHIPS","YXL137B-D/180W",15585,180.8,86.2,71,5190,15585,180.8,86.2,71,5190,{"$nulls":5},"Not yet commercially available","Luminaire","Area/Roadway","","Outdoor","Arm/Pole","","N/A","N/A","N/A",null,false,false,false,"N/A","N/A","N/A",null,null,114.9,6385,76,24,0,0,null,null,0.9957,120,0.0007,-18,5.33,"AC",{"$nulls":3},"N/A","N/A",null,null,false,0,null,null,"2015-06-30"]
["QSSI","DURAGUARD","KH25QC1X112U5KC",9350,121.46,76.98,81,5000,9350,121.46,76.98,81,5193,{"$nulls":5},"Yes - Made to Order Product","Luminaire","Area/Roadway","","Outdoor","Arm/Pole","Other","N/A","N/A","N/A",null,false,false,false,"N/A","N/A","N/A",{"$nulls":4},77,23,{"$nulls":4},0.9959,120,0.0013,1.3,6.85,"AC",{"$nulls":3},"N/A","N/A",null,null,true,25000,97.05,25,"2016-10-18"]
["RAB Lighting Inc","RAB","ALED2T78 [UPGRADE 12/31/2013]",7716,79.3,97.3,67,5197,7716,79.3,97.3,67,5197,{"$nulls":5},"Yes - Standard Stocked Product or In-Stores","Luminaire","Area/Roadway","","Outdoor","Arm/Pole","","N/A","N/A","N/A",null,false,false,false,"N/A","N/A","N/A",{"$nulls":10},0.996,120,0.01,-46,5,"AC",{"$nulls":3},"N/A","N/A",null,null,false,0,null,null,"2013-12-16"]
["ATG Electronics","ATG Electronics","SL30",29989,297.5,100.79,72,5200,29989,297.5,100.79,72,5200,{"$nulls":5},"Yes - Standard Stocked Product or In-Stores","Luminaire","Area/Roadway","","Outdoor","Arm/Pole","Other","N/A","N/A","N/A",null,false,false,false,"N/A","N/A","N/A",{"$nulls":11},199.9,{"$nulls":3},"AC",{"$nulls":3},"N/A","N/A",null,null,false,0,null,null,"2014-05-30"]
["S LITE CO.,LTD","S LITE","FL205AL852-RP(5000K)",8991,74.24,121.11,73,5206,8991,74.24,121.11,73,5206,{"$nulls":5},"Yes - Standard Stocked Product or In-Stores","Luminaire","Area/Roadway","","Outdoor","Arm/Pole","","N/A","N/A","N/A",null,false,false,false,"N/A","N/A","N/A",{"$nulls":11},120,{"$nulls":3},"AC",{"$nulls":3},"N/A","N/A",null,null,false,0,null,null,"2016-02-24"]
["JIANGSU YONGJIONG ELECTRICITY LIGHTING CO., LTD","YJL","YJZD17-III-120W (5500K)",9900,120,82.5,70,5500,11127,118.99,93.5,75,5211,{"$nulls":5},"Yes - Made to Order Product","Luminaire","Area/Roadway","","Outdoor","Arm/Pole","","N/A","N/A","N/A",null,false,false,false,"N/A","N/A","N/A",null,null,125.7,2334,70.31,29.61,0.03,0.05,0.95,1.41,0.9924,120,0.0024,8,8.27,"AC",{"$nulls":3},"N/A","N/A",null,null,false,0,null,null,"2016-01-05"]
["LSI Industries Inc","Crossover LED Lighting","XGBWM3 WT LED 48 350 CW",4931,55.3,90,69,5223,4931,55.3,90,69,5223,{"$nulls":5},"Yes - Made to Order Product","Luminaire","Area/Roadway","","Outdoor","Wall","","N/A","N/A","N/A",null,false,false,false,"N/A","N/A","N/A",{"$nulls":11},120,{"$nulls":3},"AC",{"$nulls":3},"N/A","N/A",null,null,false,0,null,null,"2014-09-16"]
["WISDOM OPTOELECTRONICS TECHNOLOGY CO.,LIMITED","WISDOM","WSD-ST10W27-50K-S",12200,100,122,80,5000,12209,99.99,122.1,84.5,5230,{"$nulls":5},"Yes - Standard Stocked Product or In-Stores","Luminaire","Area/Roadway","","Outdoor","Arm/Pole","Other","N/A","N/A","N/A",null,false,false,false,"N/A","N/A","N/A",{"$nulls":11},120,{"$nulls":3},"AC",{"$nulls":3},"N/A","N/A",null,null,false,0,null,null,"2017-12-13"]
["Shenzhen Lite Science Electronics Co., Ltd.","Lite Science","LS150WPL-MHXX-502SL",21741,149.2,145.72,74.6,5238,21741,149.2,145.72,74.6,5238,{"$nulls":5},"Yes - Standard Stocked Product or In-Stores","Luminaire","Area/Roadway","","Outdoor","Arm/Pole","Other","N/A","N/A","N/A",null,false,false,false,"N/A","N/A","N/A",{"$nulls":11},120,{"$nulls":3},"AC",{"$nulls":3},"N/A","N/A",null,null,false,0,null,null,"2017-08-30"]
["Changzhou New Silu Lighting Co., Ltd.","NSL","NSL-LD-100W-27-50K-B-T3-A",13523,92.45,146.27,77.4,5240,13523,92.45,146.27,77.4,5240,{"$nulls":5},"Yes - Standard Stocked Product or In-Stores","Luminaire","Area/Roadway","","Outdoor","Arm/Pole","Other","N/A","N/A","N/A",null,false,false,false,"N/A","N/A","N/A",{"$nulls":11},120,{"$nulls":3},"AC",{"$nulls":3},"N/A","N/A",null,null,false,0,null,null,"2018-01-24"]
["JIANGSU YONGJIONG ELECTRICITY LIGHTING CO., LTD","YJL","YJZD17-III-S-150W (5500K)",12000,155.74,77.05,70,5500,13484,155.74,86.6,75.8,5247,{"$nulls":5},"Yes - Made to Order Product","Luminaire","Area/Roadway","","Outdoor","Arm/Pole - Other","","N/A","N/A","N/A",null,false,false,false,"N/A","N/A","N/A",null,null,125.5,2836,70.59,29.33,0.03,0.05,0.96,1.41,0.9941,120,0.0026,9,7.09,"AC",{"$nulls":3},"N/A","N/A",null,null,false,0,null,null,"2016-04-01"]
["NINGBO MORELUX LIGHTING MFG LTD","MORELUX","ARL480-250W-50K-T5-9-L",28297,231,122.5,73.8,5252,28297,231,122.5,73.8,5252,{"$nulls":5},"Yes - Standard Stocked Product or In-Stores","Luminaire","Area/Roadway","","Outdoor","Arm/Pole","","N/A","N/A","N/A",null,false,false,false,"N/A","N/A","N/A",{"$nulls":11},347,{"$nulls":3},"AC",{"$nulls":3},"N/A","N/A",null,null,false,0,null,null,"2016-01-12"]
["MaxLite","MaxLite","WPCL2BU50B",6122.9,52.54,116.5,82.5,5257,6122.9,52.54,116.5,82.5,5257,{"$nulls":5},"Yes - Made to Order Product","Luminaire","Area/Roadway","","Outdoor","Wall","Other","N/A","N/A","N/A",null,false,false,false,"N/A","N/A","N/A",{"$nulls":11},120,{"$nulls":3},"AC",{"$nulls":3},"N/A","N/A",null,null,true,36000,91.37,25,"2015-08-14"]
["Shenzhen yaorong technology co.,ltd","YAORONG","YR-PL670-W200H-X (5000K)",21850,186.4,117.22,87,5265,21850,186.4,117.22,87,5265,{"$nulls":5},"Yes - Standard Stocked Product or In-Stores","Luminaire","Area/Roadway","","Outdoor","Arm/Pole","Other","N/A","N/A","N/A",null,false,false,false,"N/A","N/A","N/A",{"$nulls":11},277,{"$nulls":3},"AC",{"$nulls":3},"N/A","N/A",null,null,false,0,null,null,"2016-08-29"]
["Dongguan City Lemark Lighting Technologies Ltd","ELONG","SL 20W(5000K)",1892,19.83,95.41,84.5,5267,1892,19.83,95.41,84.5,5267,{"$nulls":5},"Yes - Standard Stocked Product or In-Stores","Luminaire","Area/Roadway","","Outdoor","Arm/Pole","","N/A","N/A","N/A",null,false,false,false,"N/A","N/A","N/A",{"$nulls":11},120,{"$nulls":3},"AC",{"$nulls":3},"N/A","N/A",null,null,false,0,null,null,"2015-08-11"]
["MaxLite","Maxlite","MLAR70LED50",5215.4,61.6,84.7,68,5272,5215.4,61.6,84.7,68,5272,{"$nulls":5},"Yes - Standard Stocked Product or In-Stores","Luminaire","Area/Roadway","","Outdoor","Arm/Pole","Other","N/A","N/A","N/A",null,false,false,false,"N/A","Click to download","N/A",{"$nulls":11},120,{"$nulls":3},"AC",{"$nulls":3},"N/A","N/A",null,null,false,0,null,null,"2014-03-05"]
["Delviro Energy","Delviro Energy","AriusSB-70-50-U-CL-X-X-X-X",8024,72.15,111.2,81.8,5277,8024,72.15,111.2,81.8,5277,{"$nulls":5},"Yes - Made to Order Product","Luminaire","Area/Roadway","","Outdoor","Arm/Pole","","N/A","N/A","N/A",null,false,false,false,"N/A","N/A","N/A",{"$nulls":11},120,{"$nulls":3},"AC",{"$nulls":3},"N/A","N/A",null,null,false,0,null,null,"2015-03-16"]
["MHT Lighting","MHT LIGHTING","MHTL-SB-520E-5K-U",45800,520,88.08,72,5000,45821,516.9,88.64,73,5283,{"$nulls":5},"Yes - Standard Stocked Product or In-Stores","Luminaire","Area/Roadway","","Outdoor - Other","Arm/Pole - Surface - Wall - Other - Post top","","N/A","N/A","N/A",null,false,false,false,"N/A","N/A","N/A",{"$nulls":10},0.997,120,0.003,-11.3,6.09,"AC",{"$nulls":3},"N/A","N/A",null,null,false,0,null,null,"2015-05-26"]
["MESTER LED LIMITED","MESTER","CP70W27V50KB",5928,68.73,86.26,77,5286,5928,68.73,86.26,77,5286,{"$nulls":5},"Yes - Standard Stocked Product or In-Stores","Luminaire","Parking Garage","","Outdoor","Surface","","N/A","N/A","N/A",null,false,false,false,"N/A","N/A","N/A",{"$nulls":11},120,{"$nulls":3},"AC",{"$nulls":3},"N/A","N/A",null,null,false,0,null,null,"2015-05-28"]
["Tamlite Lighting","Tamlite Lighting","ARPSLED755KT4-UNX-XX(ARPS755KT4-UNX-XX)",9180.4,72.52,126.59,75.3,5292,9180.4,72.52,126.59,75.3,5292,{"$nulls":5},"Yes - Standard Stocked Product or In-Stores","Luminaire","Area/Roadway","","Outdoor","Arm/Pole","Other","N/A","N/A","N/A",null,false,false,true,"N/A","N/A","N/A",{"$nulls":3},1992.92,68.91,31.1,0,0,{"$nulls":3},277,{"$nulls":3},"AC",{"$nulls":3},"N/A","N/A",null,null,false,0,null,null,"2016-11-09"]
["Ledsion Lighting Technology Co.,Ltd","LEDSION","LS-ST200W",19644,204.8,95.92,69,5298,19644,204.8,95.92,69,5298,{"$nulls":5},"Yes - Made to Order Product","Luminaire","Area/Roadway","","Outdoor","Arm/Pole","Other","N/A","N/A","N/A",null,false,false,false,"N/A","N/A","N/A",{"$nulls":11},120,{"$nulls":3},"AC",{"$nulls":3},"N/A","N/A",null,null,false,0,null,null,"2014-08-26"]
["Lumerica Corporation","Lumerica","LM 613-250",7153,70.12,102.01,72,5302,7153,70.12,102.01,72,5302,{"$nulls":5},"Yes - Made to Order Product","Luminaire","Area/Roadway","","Outdoor","Arm/Pole","","N/A","N/A","N/A",null,false,false,false,"N/A","N/A","N/A",{"$nulls":11},120,{"$nulls":3},"AC",{"$nulls":3},"N/A","N/A",null,null,false,0,null,null,"2015-09-08"]
["RAB Lighting Inc","RAB Lighting","WP1LED30 - WP1LED30/D10 [Update 04/17/17]",3332,31.1,107.14,86,5314,3332,31.1,107.1,86,5314,{"$nulls":5},"Yes - Standard Stocked Product or In-Stores","Luminaire","Area/Roadway","","Outdoor","Surface - Wall","Other","N/A","N/A","N/A",null,false,false,false,"N/A","N/A","N/A",{"$nulls":3},932,49.13,32.22,15.46,3.22,null,null,0.991,120,0,27,8,"AC",1,3,3,"N/A","N/A",null,null,false,0,null,null,"2017-05-01"]
["Sensity Systems","Sensity Systems","CL-2M-218-50-SD-LSB-UAC",8000,84,95.24,70,5000,8491,83.49,102,74,5322,{"$nulls":5},"Yes - Made to Order Product","Luminaire","Area/Roadway","","Outdoor","Arm/Pole","","N/A","N/A","N/A",null,false,false,false,"N/A","N/A","N/A",{"$nulls":4},52.9,24.1,0,0,0,0,0.98,120,0.00093,-11.2,14,"AC",{"$nulls":3},"N/A","N/A",null,null,false,0,null,null,"2015-08-17"]
["SHANGHAI JENJUNE LIMITED","HB Energy","SWSL-60W",6150,60,102.5,75,5300,6199,57.32,108.15,78,5349,{"$nulls":5},"Yes - Standard Stocked Product or In-Stores","Luminaire","Area/Roadway","","Outdoor","Arm/Pole","","N/A","N/A","N/A",null,false,false,false,"N/A","N/A","N/A",{"$nulls":11},120,{"$nulls":3},"AC",{"$nulls":3},"N/A","N/A",null,null,false,0,null,null,"2014-11-24"]
["A.L.P. Lighting Components","SteelCraft","2SE2R-21B2",2956,28.99,101.97,83,5365,2956,28.99,102,83,5365,{"$nulls":5},"Yes - Made to Order Product","Luminaire","Parking Garage","","Indoor - Outdoor","Surface - Suspended","","N/A","N/A","N/A",null,false,false,false,"N/A","N/A","N/A",{"$nulls":10},0.921,277.05,1E-3,5.7,18.232,"AC",{"$nulls":3},"N/A","N/A",null,null,false,0,null,null,"2016-10-04"]
["ForceField Energy Inc","ForceField Energy","SL-100W-55K-140D-NA-QN-2",11615,101,115,65,5500,12290,100.49,122.3,70.1,5365,{"$nulls":5},"Yes - Standard Stocked Product or In-Stores","Luminaire","Area/Roadway","","Outdoor","Arm/Pole","","N/A","N/A","N/A",null,false,false,false,"N/A","N/A","N/A",{"$nulls":11},120,{"$nulls":3},"AC",{"$nulls":3},"N/A","N/A",null,null,false,0,null,null,"2014-11-13"]
["Ledsion Lighting Technology Co.,Ltd","LEDSION","LS-WP40WS",3750.18,39.85,94.11,81,5402,3750.18,39.85,94.11,81,5402,{"$nulls":5},"Yes - Made to Order Product","Luminaire","Area/Roadway","","Outdoor","Wall","","N/A","N/A","N/A",null,false,false,false,"N/A","N/A","N/A",{"$nulls":11},120,{"$nulls":3},"AC",{"$nulls":3},"N/A","N/A",null,null,false,0,null,null,"2015-07-24"]
["LED2 Lighting Group, Inc.","LED2","LED2-ARD-240WD-57",32897,236.9,138.86,72.9,5417,32897,236.9,138.86,72.9,5417,{"$nulls":5},"Yes - Standard Stocked Product or In-Stores","Luminaire","Area/Roadway","","Outdoor","Arm/Pole","Other","N/A","N/A","N/A",null,false,false,false,"N/A","N/A","N/A",{"$nulls":11},120,{"$nulls":3},"AC",{"$nulls":3},"N/A","N/A",null,null,false,0,null,null,"2016-11-09"]
["SNC OPTO ELECTRONIC CO.,LTD","SNC LED","SB-320W(5700K)",32770,326.3,100.43,69,5435,32770,326.3,100.43,69,5435,{"$nulls":5},"Yes - Standard Stocked Product or In-Stores","Luminaire","Area/Roadway","","Outdoor","Arm/Pole - Surface","Other","N/A","N/A","N/A",null,false,false,false,"N/A","N/A","N/A",{"$nulls":11},120,{"$nulls":3},"AC",{"$nulls":3},"N/A","N/A",null,null,false,0,null,null,"2014-10-02"]
["Cree, Inc","Cree XSP2 Series","BXSPBx5PA-Uxxxx",9853,98.72,98.81,73,5443,9853,98.72,98.81,73,5443,{"$nulls":5},"Yes - Made to Order Product","Luminaire","Area/Roadway","","Outdoor","Arm/Pole","Other","N/A","N/A","N/A",null,false,false,false,"N/A","Click to download","N/A",{"$nulls":4},34.1,65.9,0,0,null,null,0.998,120,0.00184,-18,3.88,"AC",{"$nulls":3},"N/A","N/A",null,null,false,0,null,null,"2014-06-04"]
["WISDOM OPTOELECTRONICS TECHNOLOGY CO.,LIMITED","WISDOM","WSD-SB30W48-57K-D-T5-A-P",36546,298.5,122.43,85,5455,36546,298.5,122.43,85,5455,{"$nulls":5},"Yes - Standard Stocked Product or In-Stores","Luminaire","Area/Roadway","","Outdoor - Other - Sports","Arm/Pole - Other - Post top","Other","N/A","N/A","N/A",null,false,false,false,"N/A","N/A","N/A",{"$nulls":11},480,{"$nulls":3},"AC",{"$nulls":3},"N/A","N/A",null,null,false,0,null,null,"2016-08-01"]
["Visionaire Lighting, LLC","Visionaire Lighting, LLC","BOW-1-T5-32LC-5-55K",4735,53.79,88.02,71,5462,4735,53.79,88.02,71,5462,{"$nulls":5},"Not yet commercially available","Luminaire","Area/Roadway","","Outdoor","Arm/Pole","","N/A","N/A","N/A",null,false,false,false,"N/A","N/A","N/A",{"$nulls":4},52,48,0,0,null,null,0.99,120,-1.23E-3,-14.53,8,"AC",{"$nulls":3},"N/A","N/A",null,null,false,{"$nulls":3},"2013-02-20"]
["LSI Industries Inc","Crossover LED Lighting","XRMU 3 LED 128 SS CW UE",13460,136.3,99,72,5477,13460,136.3,99,72,5477,{"$nulls":5},"Yes - Standard Stocked Product or In-Stores","Luminaire","Area/Roadway","","Outdoor","Arm/Pole","","N/A","N/A","N/A",null,false,false,false,"N/A","N/A","N/A",{"$nulls":11},120,{"$nulls":3},"AC",{"$nulls":3},"N/A","N/A",null,null,false,{"$nulls":3},"2013-03-11"]
["ASMART LIGHT CO., LTD","ASMART","AST-RWP02-40WCT1NA1-57K",5099,39.29,129.78,72.2,5700,5099,39.29,129.78,72.2,5486,{"$nulls":5},"Yes - Standard Stocked Product or In-Stores","Luminaire","Area/Roadway","","Outdoor","Wall","Other","N/A","N/A","N/A",null,false,false,false,"N/A","N/A","N/A",{"$nulls":11},120,{"$nulls":3},"AC",{"$nulls":3},"N/A","N/A",null,null,false,0,null,null,"2018-01-26"]
["SHENZHEN ZENITH TECHNOLOGY CO.,LTD.","ZENITH","ZS-ARE200-XX11(5700K)",26671,202.5,131.71,74.8,5511,26671,202.5,131.71,74.8,5511,{"$nulls":5},"Yes - Standard Stocked Product or In-Stores","Luminaire","Area/Roadway","","Outdoor","Arm/Pole","Other","N/A","N/A","N/A",null,false,false,false,"N/A","N/A","N/A",{"$nulls":11},120,{"$nulls":3},"AC",{"$nulls":3},"N/A","N/A",null,null,false,0,null,null,"2017-06-20"]
["LiLEDs (Shanghai) Company","LILEDS","BLAZER 100",7000,100,70,66,5500,7537,95.2,79.17,67,5526,{"$nulls":5},"Yes - Standard Stocked Product or In-Stores","Luminaire","Area/Roadway","","Outdoor","Wall","","N/A","N/A","N/A",null,false,false,false,"N/A","N/A","N/A",{"$nulls":11},120,{"$nulls":3},"AC",{"$nulls":3},"N/A","N/A",null,null,false,0,null,null,"2014-03-14"]
["CEA ELECTRIC CO.,LTD","CEA/EAEC","LWP2-50(5700K) [Upgrade : 8/9/2016]",4516,49.61,91.02,72.1,5528,4516,49.61,91.02,72.1,5528,{"$nulls":5},"Yes - Standard Stocked Product or In-Stores","Luminaire","Area/Roadway","","Outdoor","Wall","Other","N/A","N/A","N/A",null,false,false,false,"N/A","N/A","N/A",{"$nulls":11},120,{"$nulls":3},"AC",{"$nulls":3},"N/A","N/A",null,null,false,0,null,null,"2016-08-24"]
["SNC OPTO ELECTRONIC CO.,LTD"," SNC LED","SNC-S-G05-100WAT3A1-57K",13525,100.9,134.04,74.9,5700,13525,100.9,134.04,74.9,5550,{"$nulls":5},"Yes - Standard Stocked Product or In-Stores","Luminaire","Area/Roadway","","Outdoor","Arm/Pole","Other","N/A","N/A","N/A",null,false,false,false,"N/A","N/A","N/A",{"$nulls":11},120,{"$nulls":3},"AC",{"$nulls":3},"N/A","N/A",null,null,false,0,null,null,"2017-08-15"]
["Noribachi Corporation","Noribachi","ZIP - 084 - [OPTIONAL UPGRADES] - [MOUNTING]",15001,144.3,103.96,72,5564,15001,144.3,104,72,5564,{"$nulls":5},"Yes - Standard Stocked Product or In-Stores","Luminaire","Area/Roadway","","Outdoor","Arm/Pole","Other","N/A","N/A","N/A",null,false,false,false,"N/A","N/A","N/A",{"$nulls":10},0.994,120,1E-3,-21.2,7.3,"AC",{"$nulls":3},"N/A","N/A",null,null,false,0,null,null,"2017-06-20"]
["LSI Industries Inc","LSI Crossover LED","XSB FTAX LED VHO CW UE",35714,417.7,85.5,69,5571,35714,417.7,85,69,5571,{"$nulls":5},"Yes - Standard Stocked Product or In-Stores","Luminaire","Area/Roadway","","Outdoor","Arm/Pole","","N/A","N/A","N/A",null,false,false,false,"N/A","N/A","N/A",{"$nulls":11},120,{"$nulls":3},"AC",{"$nulls":3},"N/A","N/A",null,null,false,0,null,null,"2013-12-12"]
["WISTA LIGHTING TECHNOLOGY CO.,LTD","N/A","WST-WPL-7-30W(5700K)",3215,31.15,103.21,72.1,5579,3215,31.15,103.21,72.1,5579,{"$nulls":5},"Yes - Standard Stocked Product or In-Stores","Luminaire","Area/Roadway","","Outdoor","Arm/Pole","Other","N/A","N/A","N/A",null,false,false,false,"N/A","N/A","N/A",{"$nulls":11},120,{"$nulls":3},"AC",{"$nulls":3},"N/A","N/A",null,null,false,0,null,null,"2016-08-29"]
["SNC OPTO ELECTRONIC CO.,LTD","SNC LED","SNC-WP03-15WC1 5700K",1859.1,15.31,121.43,83.2,5595,1859.1,15.31,121.41,83.2,5595,{"$nulls":5},"Yes - Standard Stocked Product or In-Stores","Luminaire","Area/Roadway","","Outdoor","Wall","Decorative","N/A","N/A","N/A",null,false,false,false,"N/A","N/A","N/A",{"$nulls":11},120,{"$nulls":3},"AC",{"$nulls":3},"N/A","N/A",null,null,false,0,null,null,"2017-04-10"]
["Shenzhen Lanhe Lighting Co.,ltd","HLE","SS-G70-20W 5700K",1788,18.83,94.93,85,5602,1788,18.83,94.93,85,5602,{"$nulls":5},"Yes - Standard Stocked Product or In-Stores","Luminaire","Area/Roadway","","Outdoor","Wall","Other","N/A","N/A","N/A",null,false,false,false,"N/A","N/A","N/A",{"$nulls":11},120,{"$nulls":3},"AC",{"$nulls":3},"N/A","N/A",null,null,false,0,null,null,"2016-07-13"]
["DONGGUAN THAILIGHT SEMICONDUCTOR LIGHTING CO.,LTD.","THAILIGHT","TLSTB3006SAZZ",38394,308.6,124.41,83.3,5700,38394,308.6,124.41,83.3,5615,{"$nulls":5},"Yes - Standard Stocked Product or In-Stores","Luminaire","Area/Roadway","","Outdoor","Arm/Pole","Other","N/A","N/A","N/A",null,false,false,false,"N/A","N/A","N/A",{"$nulls":11},120,{"$nulls":3},"AC",{"$nulls":3},"N/A","N/A",null,null,false,0,null,null,"2016-12-29"]
["SNC OPTO ELECTRONIC CO.,LTD","SNC LED","SNC-WP03-09WC1 5700K",1023,9.26,110.48,84,5700,1023,9.26,110.48,84,5631,{"$nulls":5},"Yes - Standard Stocked Product or In-Stores","Luminaire","Area/Roadway","","Outdoor","Arm/Pole","Other","N/A","N/A","N/A",null,false,false,false,"N/A","N/A","N/A",{"$nulls":11},120,{"$nulls":3},"AC",{"$nulls":3},"N/A","N/A",null,null,false,0,null,null,"2017-05-04"]
["HOCAN GROUP CO.,LTD","SEPICN LED LIGHTING"," HC-WP-T5-28W(5700K)",2583,27.43,94.16,84.1,5636,2583,27.43,94.16,84.1,5636,{"$nulls":5},"Yes - Standard Stocked Product or In-Stores","Luminaire","Area/Roadway","","Outdoor","Wall","","N/A","N/A","N/A",null,false,false,false,"N/A","N/A","N/A",{"$nulls":11},120,{"$nulls":3},"AC",{"$nulls":3},"N/A","N/A",null,null,false,0,null,null,"2016-01-11"]
["Cree, Inc","Cree XSPR Series","BXSPRBxx3MEA57K-ULxxxx",4755,54.15,87.81,74,5657,4755,54.15,87.81,74,5657,{"$nulls":5},"Yes - Made to Order Product","Luminaire","Area/Roadway","","Outdoor","Arm/Pole","Other","N/A","N/A","N/A",null,false,false,false,"N/A","Click to download","N/A",{"$nulls":4},76.8,23.2,0,0,null,null,0.997,120,3.666E-3,-18,5.24,"AC",{"$nulls":3},"N/A","N/A",null,null,false,0,null,null,"2014-11-10"]
["DONGGUAN THAILIGHT SEMICONDUCTOR LIGHTING CO.,LTD.","THAILIGHT","TLFLL100P6YYZZ-TYPE4T",13318,97.9,136.04,75.8,5663,13318,97.9,136.04,75.8,5663,{"$nulls":5},"Yes - Standard Stocked Product or In-Stores","Luminaire","Area/Roadway","","Outdoor","Arm/Pole - Post top","Other","N/A","N/A","N/A",null,false,false,false,"N/A","N/A","N/A",{"$nulls":11},120,{"$nulls":3},"AC",{"$nulls":3},"N/A","N/A",null,null,false,0,null,null,"2017-12-06"]
["VANPLEX OPTOELECTRONICS CO LTD"," VANPLEX","VPL-CPA-45WAN-57K",5053,45.28,111.59,75.7,5700,5053,45.28,111.59,75.7,5678,{"$nulls":5},"Yes - Standard Stocked Product or In-Stores","Luminaire","Parking Garage","","Outdoor","Wall","","N/A","N/A","N/A",null,false,false,false,"N/A","N/A","N/A",{"$nulls":11},120,{"$nulls":3},"AC",{"$nulls":3},"N/A","N/A",null,null,false,0,null,null,"2017-02-07"]
["AOK LED LIGHT COMPANY LIMITED","AOK","AOK-110WIT-(D)(5700K)",14642,113.6,128.89,76.7,5690,14642,113.6,128.89,76.7,5690,{"$nulls":5},"Yes - Standard Stocked Product or In-Stores","Luminaire","Area/Roadway","","Outdoor","Arm/Pole","Other","N/A","N/A","N/A",null,false,false,false,"N/A","N/A","N/A",{"$nulls":11},120,{"$nulls":3},"AC",{"$nulls":3},"N/A","N/A",null,null,false,0,null,null,"2017-08-14"]
["V-TAC USA CORP"," V-TAC","VT-WPC-80W-857",9810,82.01,119.62,75,5696,9810,82.01,119.62,75,5696,{"$nulls":5},"Yes - Standard Stocked Product or In-Stores","Luminaire","Area/Roadway","","Outdoor","Wall","Other","N/A","N/A","N/A",null,false,false,false,"N/A","N/A","N/A",{"$nulls":11},120,{"$nulls":3},"AC",{"$nulls":3},"N/A","N/A",null,null,false,0,null,null,"2017-07-18"]
["CEA ELECTRIC CO.,LTD","CEA/EAEC","STL1-100D(5700K)",10477,103.1,101.62,87.2,5703,10477,103.1,101.62,87.2,5703,{"$nulls":5},"Yes - Standard Stocked Product or In-Stores","Luminaire","Area/Roadway","","Outdoor","Wall","Other","N/A","N/A","N/A",null,false,false,false,"N/A","N/A","N/A",{"$nulls":11},120,{"$nulls":3},"AC",{"$nulls":3},"N/A","N/A",null,null,false,0,null,null,"2016-10-21"]
["SNC OPTO ELECTRONIC CO.,LTD","SNC LED","SNC-SWP01-135AA1-a b57",16354,135.08,121.07,84.7,5700,16354,135.08,121.07,84.7,5720,{"$nulls":5},"Yes - Standard Stocked Product or In-Stores","Luminaire","Area/Roadway","","Outdoor","Wall","Other","N/A","N/A","N/A",null,false,false,false,"N/A","N/A","N/A",{"$nulls":11},120,{"$nulls":3},"AC",{"$nulls":3},"N/A","N/A",null,null,false,0,null,null,"2018-01-16"]
["AOK LED LIGHT COMPANY LIMITED","AOK","AOK-225WIT-HV(D)(5700K)",28408,222.6,127.62,79.4,5720,28408,222.6,127.62,79.4,5720,{"$nulls":5},"Yes - Standard Stocked Product or In-Stores","Luminaire","Area/Roadway","","Outdoor","Arm/Pole","Other","N/A","N/A","N/A",null,false,false,false,"N/A","N/A","N/A",{"$nulls":11},277,{"$nulls":3},"AC",{"$nulls":3},"N/A","N/A",null,null,false,0,null,null,"2017-08-14"]
["DONGGUAN THAILIGHT SEMICONDUCTOR LIGHTING CO.,LTD.","THAILIGHT","TLSTB2206SAZZ",28986,226.7,127.86,83.2,5700,28986,226.7,127.86,83.2,5732,{"$nulls":5},"Yes - Standard Stocked Product or In-Stores","Luminaire","Area/Roadway","","Outdoor","Arm/Pole","Other","N/A","N/A","N/A",null,false,false,false,"N/A","N/A","N/A",{"$nulls":11},120,{"$nulls":3},"AC",{"$nulls":3},"N/A","N/A",null,null,false,0,null,null,"2016-12-29"]
["DONGGUAN THAILIGHT SEMICONDUCTOR LIGHTING CO.,LTD.","THAILIGHT","TLFLK100P6YYZZ-TYPE4T",12893,97.44,132.32,76.7,5751,12893,97.44,132.32,76.7,5751,{"$nulls":5},"Yes - Standard Stocked Product or In-Stores","Luminaire","Area/Roadway","","Outdoor","Arm/Pole - Post top","Other","N/A","N/A","N/A",null,false,false,false,"N/A","N/A","N/A",{"$nulls":11},120,{"$nulls":3},"AC",{"$nulls":3},"N/A","N/A",null,null,false,0,null,null,"2017-12-06"]
["SUNRAIN SYSTEM  LTD","ESbright","S120 [Upgrade 06/2015]",13082,122.57,106.73,69.9,5762,13082,122.57,106.73,69.9,5762,{"$nulls":5},"Yes - Standard Stocked Product or In-Stores","Luminaire","Area/Roadway","","Outdoor","Arm/Pole","","N/A","N/A","N/A",null,false,false,false,"N/A","N/A","N/A",null,null,85,{"$nulls":7},0.997,120,0.00245,-23,10.11,"AC",{"$nulls":3},"N/A","N/A",null,null,false,0,null,null,"2015-06-17"]
["Shenzhen Xinshengyang Opto-electronics Technology Co.,Ltd.","XSY","XSY-SB-DL300W-57K-1580-HI",39660,291.4,136.1,74.7,5769,39660,291.4,136.1,74.7,5769,{"$nulls":5},"Yes - Standard Stocked Product or In-Stores","Luminaire","Area/Roadway","","Outdoor","Arm/Pole","Other","N/A","N/A","N/A",null,false,false,false,"N/A","N/A","N/A",{"$nulls":11},120,{"$nulls":3},"AC",{"$nulls":3},"N/A","N/A",null,null,false,0,null,null,"2016-10-19"]
["TraStar, Inc.","Duralight","JXM-ST-A2",5047,63.04,80.06,70,5782,5047,63.04,80.06,70,5782,{"$nulls":5},"Yes - Standard Stocked Product or In-Stores","Luminaire","Area/Roadway","","Outdoor","Arm/Pole","","Click to view in browser","N/A","N/A",null,false,false,false,"N/A","N/A","N/A",{"$nulls":4},92.6,7.4,0,0,null,null,0.99,120,0.003,5.2,null,"AC",{"$nulls":3},"N/A","N/A",null,null,true,25000,93.51,25,"2013-03-11"]
["GE Lighting Solutions, Outdoor SSL Fixtures","GE Lighting Solutions","ERS20HXCX157****",18831,267.5,70.4,77,5803,18831,267.5,70.4,77,5803,{"$nulls":5},"Yes - Standard Stocked Product or In-Stores","Luminaire","Area/Roadway","","Outdoor","Arm/Pole","","N/A","N/A","N/A",null,false,false,false,"N/A","N/A","N/A",{"$nulls":10},1,120,null,null,4.3,"AC",{"$nulls":3},"N/A","N/A",null,null,true,25000,92.53,25,"2013-06-18"]
["CEA ELECTRIC CO.,LTD","CEA EAEC","LWP6-50(5700K)",4689,48.72,96.24,75.2,5812,4689,48.72,96.24,75.2,5812,{"$nulls":5},"Yes - Standard Stocked Product or In-Stores","Luminaire","Area/Roadway","","Outdoor","Wall","Other","N/A","N/A","N/A",null,false,false,false,"N/A","N/A","N/A",{"$nulls":11},120,{"$nulls":3},"AC",{"$nulls":3},"N/A","N/A",null,null,false,0,null,null,"2016-07-14"]
["Cree, Inc","Cree EDGE Series","PKG-EDG-5M-xx-06-E-UL-xx-700-xxxx",12906,134,96.31,70,5834,12906,134,96.3,70,5834,{"$nulls":5},"Yes - Made to Order Product","Luminaire","Parking Garage","","Outdoor","Surface","Other","N/A","N/A","N/A",null,false,false,false,"N/A","N/A","N/A",{"$nulls":10},0.997,120,2E-3,-21,6.1,"AC",{"$nulls":3},"N/A","N/A",null,null,false,0,null,null,"2013-12-09"]
["TAIZHOU JIAOGUANG ELECTRONICS&ELECTRICAL APPLIANCES CO.,LTD.","LIGHT THE FUTURE","WP202C-65W-57K-T2-SR-BR",6681,62.25,107.33,72,5850,6681,62.25,107.33,72,5850,{"$nulls":5},"Yes - Standard Stocked Product or In-Stores","Luminaire","Area/Roadway","","Outdoor","Wall","Other","N/A","N/A","N/A",null,false,false,false,"N/A","N/A","N/A",{"$nulls":11},120,{"$nulls":3},"AC",{"$nulls":3},"N/A","N/A",null,null,false,0,null,null,"2017-02-15"]
["SHINE OPTO (SUZHOU) CO.,LTD","SHINE","SH0101",7000,60,116.67,70,5700,7098.87,57.05,124.43,80.58,5877,{"$nulls":5},"Yes - Standard Stocked Product or In-Stores","Luminaire","Area/Roadway","","Outdoor","Arm/Pole","Other","N/A","N/A","N/A",null,false,false,false,"N/A","N/A","N/A",{"$nulls":11},120,{"$nulls":3},"AC",{"$nulls":3},"N/A","N/A",null,null,false,0,null,null,"2017-01-25"]
["QSSI","DURAGUARD","KH40LF10X12U57K",12600,128.14,98.33,81,5879,12600,128.14,98.33,81,5879,{"$nulls":5},"Yes - Made to Order Product","Luminaire","Area/Roadway","","Outdoor","Arm/Pole","Other","N/A","N/A","N/A",null,false,false,true,"N/A","N/A","N/A",{"$nulls":4},96.5,3.5,{"$nulls":4},0.946,277,0.00394,21.5,16.1,"AC",{"$nulls":3},"N/A","N/A",null,null,true,25000,92.4,25,"2014-01-21"]
["QSSI","DURAGUARD","AC1LF10X12U57K",13410,136.04,98.57,79,5906,13410,136.04,98.57,79,5906,{"$nulls":5},"Yes - Standard Stocked Product or In-Stores","Luminaire","Area/Roadway","","Outdoor","Arm/Pole","","N/A","N/A","N/A",null,false,false,true,"N/A","N/A","N/A",{"$nulls":4},95.4,4.6,{"$nulls":4},0.999,119.98,0.00385,1.6,4.29,"AC",{"$nulls":3},"N/A","N/A",null,null,true,25000,92.4,25,"2013-10-09"]
["Hardware Concepts. Inc.","LEDOUTDOORUSA","LED-WP-96XXX  [Upgrade : 3/9/2015]",8123,90.74,89.52,82,5700,8123,90.74,89.52,82,5926,{"$nulls":5},"Yes - Made to Order Product","Luminaire","Area/Roadway","","Outdoor","Wall","Other","N/A","N/A","N/A",null,false,false,false,"N/A","N/A","N/A",{"$nulls":11},120,{"$nulls":3},"AC",{"$nulls":3},"N/A","N/A",null,null,false,0,null,null,"2015-03-30"]
["DONGGUAN THAILIGHT SEMICONDUCTOR LIGHTING CO.,LTD.","THAILIGHT","TLWMK50P6WMZZ",6235,51.03,122.18,72.7,5947,6235,51.03,122.18,72.7,5947,{"$nulls":5},"Yes - Standard Stocked Product or In-Stores","Luminaire","Area/Roadway","","Outdoor","Wall","Other","N/A","N/A","N/A",null,false,false,false,"N/A","N/A","N/A",{"$nulls":11},120,{"$nulls":3},"AC",{"$nulls":3},"N/A","N/A",null,null,false,0,null,null,"2018-03-13"]
["Cree, Inc","Cree VG Series","VGAxx5WA57K-ULxxxx",3870,50,77.4,71,5700,3952,48.58,81.35,71,5968,{"$nulls":5},"Yes - Made to Order Product","Luminaire","Parking Garage","","Indoor - Outdoor","Surface - Suspended","Other","N/A","N/A","N/A",null,false,false,true,"N/A","Click to download","N/A",{"$nulls":10},0.997,120,0.007174,-32,5.53,"AC",{"$nulls":3},"N/A","N/A",null,null,false,0,null,null,"2014-11-17"]
["SNC OPTO ELECTRONIC CO.,LTD","SNC LED","SNC-ST-240WL02(5700K)",26791,243.7,109.93,76.1,5989,26791,243.7,109.93,76.1,5989,{"$nulls":5},"Yes - Standard Stocked Product or In-Stores","Luminaire","Area/Roadway","","Outdoor","Arm/Pole","","N/A","N/A","N/A",null,false,false,false,"N/A","N/A","N/A",{"$nulls":11},120,{"$nulls":3},"AC",{"$nulls":3},"N/A","N/A",null,null,false,0,null,null,"2015-09-30"]
["ATG Electronics","ATG Electronics","WPFC90 Upgrade 10/2015",8376,89.27,93.83,85,6006,8376,89.27,93.82,85,6006,{"$nulls":5},"Yes - Standard Stocked Product or In-Stores","Luminaire","Area/Roadway","","Outdoor","Wall","","N/A","N/A","N/A",null,false,false,false,"N/A","N/A","N/A",{"$nulls":4},82.5,17.5,0,0,null,null,0.987,120,0.000169,27,null,"AC",{"$nulls":3},"N/A","N/A",null,null,false,0,null,null,"2015-11-13"]
["Cree, Inc","Cree LEDway Streetlights","STR-LWY-5M-**-04-D-UL-700-60K",7323,91.2,80.3,70,6209,7323,91.2,80.3,70,6209,{"$nulls":5},"Yes - Made to Order Product","Luminaire","Area/Roadway","","Outdoor","Arm/Pole","","N/A","N/A","N/A",null,false,false,false,"N/A","N/A","N/A",{"$nulls":4},47.6,52.2,{"$nulls":4},0.971,240,0.007,null,8.7,"AC",{"$nulls":3},"N/A","N/A",null,null,false,{"$nulls":3},"2012-10-26"]
["QSSI","DURAGUARD","23ALLC10X12U65K",10060,129.82,77.49,73,6825,10060,129.82,77.49,73,6825,{"$nulls":5},"Yes - Standard Stocked Product or In-Stores","Luminaire","Area/Roadway","","Outdoor","Arm/Pole","","N/A","N/A","N/A",null,false,false,false,"N/A","N/A","N/A",{"$nulls":4},82.3,17.7,{"$nulls":4},0.993,120.03,0.00459,-25.4,10.84,"AC",{"$nulls":3},"N/A","N/A",null,null,true,25000,92.83,25,"2013-10-09"]
["Visionaire Lighting, LLC","Visionaire","APX-1-T5-128LC-3-4K-UNV-PT",16431,139.9,117.45,72.9,3999,{"$nulls":10},"Yes - Made to Order Product","Luminaire","Area/Roadway","","Outdoor","Arm/Pole - Wall - Post top","Other","N/A","N/A","N/A",null,false,false,false,"N/A","N/A","N/A",{"$nulls":10},0.995,120,{"$nulls":3},"AC",{"$nulls":3},"N/A","N/A",null,null,false,0,null,null,"2017-12-11"]
["ABOVE ALL LIGHTING INC.","ABOVE ALL","ABWP40LED50DS",4560,38,120,70,5000,{"$nulls":10},"Yes - Standard Stocked Product or In-Stores","Luminaire","Area/Roadway","","Outdoor","Arm/Pole","Other","N/A","N/A","N/A",null,false,false,false,"N/A","N/A","N/A",{"$nulls":10},0.9,120,{"$nulls":3},"AC",{"$nulls":3},"N/A","N/A",null,null,false,0,null,null,"2017-08-29"]
["GreenStar Products,Inc.","Greenstar","DS1551XXXX",5795,55.4,104.6,81.5,5051,{"$nulls":10},"Yes - Made to Order Product","Luminaire","Area/Roadway","","Outdoor","Arm/Pole","Other","N/A","N/A","N/A",null,false,false,false,"N/A","N/A","N/A",{"$nulls":10},0.97,277,{"$nulls":3},"AC",{"$nulls":3},"N/A","N/A",null,null,false,0,null,null,"2017-07-18"]
["ABOVE ALL LIGHTING INC.","ABOVE ALL","WL52301",5980,52,115,65,3000,{"$nulls":10},"Yes - Standard Stocked Product or In-Stores","Luminaire","Area/Roadway","","Outdoor","Wall","Other","N/A","N/A","N/A",null,false,false,false,"N/A","N/A","N/A",{"$nulls":10},0.9,120,{"$nulls":3},"AC",{"$nulls":3},"N/A","N/A",null,null,false,0,null,null,"2017-06-22"]
["Excellence Opto. Inc.","e-lite star","ESU-FA015M08A30N-105",2971.2,29.61,100.34,73,3024,{"$nulls":10},"Yes - Standard Stocked Product or In-Stores","Luminaire","Area/Roadway","","Outdoor","Arm/Pole","Other","N/A","N/A","N/A",null,false,false,false,"N/A","N/A","N/A",{"$nulls":10},1,120,{"$nulls":3},"AC",{"$nulls":3},"N/A","N/A",null,null,false,0,null,null,"2017-05-05"]
["GREEN INOVA LIGHTING TECHNOLOGY (SHENZHEN) LTD","GREEN INOVA","4CP58L40B1",6108.1,52.93,115.4,73,4000,{"$nulls":10},"Yes - Standard Stocked Product or In-Stores","Luminaire","Parking Garage","","Outdoor","Other","","N/A","N/A","N/A",null,false,false,false,"N/A","N/A","N/A",{"$nulls":10},0.9,120,{"$nulls":3},"AC",{"$nulls":3},"N/A","N/A",null,null,false,0,null,null,"2017-04-06"]
["Stanpro lighting Systems","STANPRO","ABM-LS44-W/50K-XX/YYYY/XXX",20101,152.32,131.97,75,5164,{"$nulls":10},"Yes - Made to Order Product","Luminaire","Area/Roadway","","Outdoor - Other","Arm/Pole - Wall","Other","N/A","N/A","N/A",null,false,false,true,"N/A","N/A","N/A",{"$nulls":10},0.93,120,null,null,8.2,"AC",{"$nulls":3},"N/A","N/A",null,null,false,0,null,null,"2017-04-05"]
["Stanpro lighting Systems","STANPRO","PEM-LS42-H/40K-XX/YYYY/XXX",28962,222.42,130.21,72,4028,{"$nulls":10},"Yes - Made to Order Product","Luminaire","Area/Roadway","","Outdoor - Other","Arm/Pole - Wall","Other","N/A","N/A","N/A",null,false,false,true,"N/A","N/A","N/A",{"$nulls":10},0.99,347,null,null,6.15,"AC",{"$nulls":3},"N/A","N/A",null,null,false,0,null,null,"2017-04-05"]
["Stanpro lighting Systems","STANPRO","ABM-LS15-H/40K-XX/YYYY/XXX",5473,47.53,115.15,73,3993,{"$nulls":10},"Yes - Made to Order Product","Luminaire","Area/Roadway","","Outdoor","Arm/Pole - Wall","Decorative","N/A","N/A","N/A",null,false,false,true,"N/A","N/A","N/A",{"$nulls":10},0.98,347,null,null,0.98,"AC",{"$nulls":3},"N/A","N/A",null,null,false,0,null,null,"2017-04-03"]
["AAL / Kim Lighting","KIM","AFL10/LED/KIT/WF/54L/4K/35",7642,60,127.37,72,4000,{"$nulls":10},"Yes - Made to Order Product","Luminaire","Area/Roadway","","Outdoor","Arm/Pole - Surface - Wall - Other - Post top","Other","N/A","N/A","N/A",null,false,false,false,"N/A","N/A","N/A",{"$nulls":10},1,120,{"$nulls":3},"AC",{"$nulls":3},"N/A","N/A",null,null,false,0,null,null,"2017-02-27"]
["Kenall Lighting","Kenall Lighting","LTSIU-A1-x-yy-5C-8-47L30K8-DCC-DV-304-1KF",6348,52.27,121.45,81,3000,{"$nulls":10},"Yes - Made to Order Product","Luminaire","Area/Roadway","","Outdoor","Surface","Other","N/A","N/A","N/A",null,false,false,false,"N/A","N/A","N/A",{"$nulls":10},0.99,120,0.00354,7,null,"AC",{"$nulls":3},"N/A","N/A",null,null,false,0,null,null,"2017-02-21"]
["Excellence Opto. Inc.","e-lite star","ESU-FA012M04440L-525",9979.69,73.28,136.19,70,4000,{"$nulls":10},"Yes - Standard Stocked Product or In-Stores","Luminaire","Area/Roadway","","Outdoor","Arm/Pole","Other","N/A","N/A","N/A",null,false,false,false,"N/A","N/A","N/A",{"$nulls":10},1,120,{"$nulls":3},"AC",{"$nulls":3},"N/A","N/A",null,null,false,0,null,null,"2016-11-02"]
["Excellence Opto. Inc.","e-lite star","ESU-FA012M04830L-105",17538.08,166.88,105.09,70,3000,{"$nulls":10},"Yes - Standard Stocked Product or In-Stores","Luminaire","Area/Roadway","","Outdoor","Arm/Pole","Other","N/A","N/A","N/A",null,false,false,false,"N/A","N/A","N/A",{"$nulls":10},1,120,{"$nulls":3},"AC",{"$nulls":3},"N/A","N/A",null,null,false,0,null,null,"2016-11-02"]
["Excellence Opto. Inc.","e-lite star","ESU-FA013P02440M-105",9397.63,83.44,112.63,70,4000,{"$nulls":10},"Yes - Standard Stocked Product or In-Stores","Luminaire","Area/Roadway","","Outdoor","Arm/Pole","Other","N/A","N/A","N/A",null,false,false,false,"N/A","N/A","N/A",{"$nulls":10},1,120,{"$nulls":3},"AC",{"$nulls":3},"N/A","N/A",null,null,false,0,null,null,"2016-11-02"]
["Excellence Opto. Inc.","e-lite star","ESU-FA013M03230M-525",6621.87,53.29,124.26,70,3000,{"$nulls":10},"Yes - Standard Stocked Product or In-Stores","Luminaire","Area/Roadway","","Outdoor","Arm/Pole","Other","N/A","N/A","N/A",null,false,false,false,"N/A","N/A","N/A",{"$nulls":10},1,120,{"$nulls":3},"AC",{"$nulls":3},"N/A","N/A",null,null,false,0,null,null,"2016-11-02"]
["Excellence Opto. Inc.","e-lite star","ESU-FA015M01240S-105",4885.7,41.72,117.11,70,4000,{"$nulls":10},"Yes - Standard Stocked Product or In-Stores","Luminaire","Area/Roadway","","Outdoor","Arm/Pole","Other","N/A","N/A","N/A",null,false,false,false,"N/A","N/A","N/A",{"$nulls":10},1,120,{"$nulls":3},"AC",{"$nulls":3},"N/A","N/A",null,null,false,0,null,null,"2016-11-02"]
["Excellence Opto. Inc.","e-lite star","ESU-FA013P03640L-700",10115.77,81.2,124.58,70,4000,{"$nulls":10},"Yes - Standard Stocked Product or In-Stores","Luminaire","Area/Roadway","","Outdoor","Arm/Pole","Other","N/A","N/A","N/A",null,false,false,false,"N/A","N/A","N/A",{"$nulls":10},1,120,{"$nulls":3},"AC",{"$nulls":3},"N/A","N/A",null,null,false,0,null,null,"2016-11-02"]
["Energy Bank Inc","Energy Bank Model T","MTB260-UNFD-MRxx",25900,260,99.62,83.2,5148,{"$nulls":10},"Yes - Made to Order Product","Luminaire","Area/Roadway","","Outdoor","Arm/Pole","Other","N/A","N/A","N/A",null,false,false,true,"N/A","N/A","N/A",{"$nulls":10},0.95,120,{"$nulls":3},"AC",{"$nulls":3},"N/A","N/A",null,null,false,0,null,null,"2016-09-09"]
["GreenStar Products,Inc.","GREENSTAR","CN3421XXX",3496,40.1,87.18,72.5,4025,{"$nulls":10},"Yes - Made to Order Product","Luminaire","Area/Roadway","","Outdoor","Arm/Pole","Other","N/A","N/A","N/A",null,false,false,false,"N/A","N/A","N/A",{"$nulls":10},0.99,277,{"$nulls":3},"AC",{"$nulls":3},"N/A","N/A",null,null,false,0,null,null,"2016-07-18"]
["GreenStar Products,Inc.","GREENSTAR","CN2431XXX",2400,27.3,87.91,71.7,4057,{"$nulls":10},"Yes - Made to Order Product","Luminaire","Area/Roadway","","Outdoor","Arm/Pole","Other","N/A","N/A","N/A",null,false,false,false,"N/A","N/A","N/A",{"$nulls":10},0.95,277,{"$nulls":3},"AC",{"$nulls":3},"N/A","N/A",null,null,false,0,null,null,"2016-07-18"]
["Stanpro lighting Systems","Stanpro","PEM-LS45-W/50K-XX/XX",28964,258.5,112.05,75,5164,{"$nulls":10},"Yes - Made to Order Product","Luminaire","Area/Roadway","","Outdoor","Arm/Pole - Wall","","N/A","N/A","N/A",null,false,false,true,"N/A","N/A","N/A",{"$nulls":10},0.971,120,null,null,9.21,"AC",{"$nulls":3},"N/A","N/A",null,null,false,0,null,null,"2016-04-22"]
["Stanpro lighting Systems","Stanpro","PEM-LS14-H/50K-XX/XX",15783,144.59,109.16,75,5164,{"$nulls":10},"Yes - Made to Order Product","Luminaire","Area/Roadway","","Outdoor","Arm/Pole - Wall","","N/A","N/A","N/A",null,false,false,true,"N/A","N/A","N/A",{"$nulls":10},0.969,347,null,null,15.07,"AC",{"$nulls":3},"N/A","N/A",null,null,false,0,null,null,"2016-04-22"]
["Stanpro lighting Systems","Stanpro","PES-LS12-H/40K-XX/XX",5764,62.01,92.95,74,3948,{"$nulls":10},"Yes - Made to Order Product","Luminaire","Area/Roadway","","Outdoor","Arm/Pole - Wall","","N/A","N/A","N/A",null,false,false,true,"N/A","N/A","N/A",{"$nulls":10},0.988,347,null,null,12.15,"AC",{"$nulls":3},"N/A","N/A",null,null,false,0,null,null,"2016-03-21"]
["Stanpro lighting Systems","Stanpro","PES-LS32-W/50K-XX/XX",14488,137.9,105.06,75,5164,{"$nulls":10},"Yes - Made to Order Product","Luminaire","Area/Roadway","","Outdoor","Arm/Pole - Wall","","N/A","N/A","N/A",null,false,false,true,"N/A","N/A","N/A",{"$nulls":10},0.99,120,null,null,11.36,"AC",{"$nulls":3},"N/A","N/A",null,null,false,0,null,null,"2016-03-11"]
["Sentry Electric LLC","Sentry Electric Tulip Series","SPL-XX-50LEDV29-1.4A-830-BRT2",5169,58.12,88.94,80,3000,{"$nulls":10},"Yes - Made to Order Product","Luminaire","Area/Roadway","","Outdoor","Post top","","N/A","N/A","N/A",null,false,false,false,"N/A","N/A","N/A",{"$nulls":11},120,{"$nulls":3},"AC",{"$nulls":3},"N/A","N/A",null,null,false,0,null,null,"2016-02-08"]
["Sentry Electric LLC","Sentry Electric Tulip Series","SST-XX-50LEDV29-1.4A-830-BRT2",4585,58.12,78.89,80,3000,{"$nulls":10},"Yes - Made to Order Product","Luminaire","Area/Roadway","","Outdoor","Post top","","N/A","N/A","N/A",null,false,false,false,"N/A","N/A","N/A",{"$nulls":11},120,{"$nulls":3},"AC",{"$nulls":3},"N/A","N/A",null,null,false,0,null,null,"2016-02-08"]
["Sentry Electric LLC","Sentry Electric Tulip Series","SCP-XX-50LEDV29-1.4A-830-BRT2",4585,58.12,78.89,80,3000,{"$nulls":10},"Yes - Made to Order Product","Luminaire","Area/Roadway","","Outdoor","Post top","","N/A","N/A","N/A",null,false,false,false,"N/A","N/A","N/A",{"$nulls":11},120,{"$nulls":3},"AC",{"$nulls":3},"N/A","N/A",null,null,false,0,null,null,"2016-02-08"]
["Sentry Electric LLC","Sentry Electric Tulip Series","SST-XX-38LEDV29-1.05A-830-BRT2",3578,43.1,83.02,80,3000,{"$nulls":10},"Yes - Made to Order Product","Luminaire","Area/Roadway","","Outdoor","Post top","","N/A","N/A","N/A",null,false,false,false,"N/A","N/A","N/A",{"$nulls":11},120,{"$nulls":3},"AC",{"$nulls":3},"N/A","N/A",null,null,false,0,null,null,"2015-12-16"]
["Sentry Electric LLC","Sentry Electric Tulip Series","SCT-XX-38LEDV29-1.05A-830-SPR5",4052,43.13,93.95,80,3000,{"$nulls":10},"Yes - Made to Order Product","Luminaire","Area/Roadway","","Outdoor","Post top","","N/A","N/A","N/A",null,false,false,false,"N/A","N/A","N/A",{"$nulls":11},120,{"$nulls":3},"AC",{"$nulls":3},"N/A","N/A",null,null,false,0,null,null,"2015-12-16"]
["Sentry Electric LLC","Sentry Electric Tulip Series","SCP-XX-38LEDV29-1.05A-840-BRT2",3723,43.1,86.38,83,4063,{"$nulls":10},"Yes - Made to Order Product","Luminaire","Area/Roadway","","Outdoor","Post top","","N/A","N/A","N/A",null,false,false,false,"N/A","N/A","N/A",{"$nulls":11},120,{"$nulls":3},"AC",{"$nulls":3},"N/A","N/A",null,null,false,0,null,null,"2015-12-16"]
["MaxLite","Maxlite","WPL40AU50W",3480.4,37.99,91.61,84,5257,{"$nulls":10},"Yes - Standard Stocked Product or In-Stores","Luminaire","Area/Roadway","","Outdoor","Wall","","N/A","N/A","N/A",null,false,false,false,"N/A","N/A","N/A",{"$nulls":10},0.9907,120,{"$nulls":3},"AC",{"$nulls":3},"N/A","N/A",null,null,false,0,null,null,"2015-12-01"]
["MaxLite","Maxlite","WPL40AU50BPC27",3480.4,37.99,91.61,84,5257,{"$nulls":10},"Yes - Standard Stocked Product or In-Stores","Luminaire","Area/Roadway","","Outdoor","Wall","","N/A","N/A","N/A",null,false,false,false,"N/A","N/A","N/A",{"$nulls":10},0.9907,120,{"$nulls":3},"AC",{"$nulls":3},"N/A","N/A",null,null,false,0,null,null,"2015-12-01"]
["H.E. Williams","VOLTAIRE","VWPV-L60-730-T3-CLR-SDGL-OPT-DIM-UNV",5813.34,69.85,83.23,70.34,3125,{"$nulls":10},"Yes - Made to Order Product","Luminaire","Area/Roadway","","Outdoor","Wall","","N/A","N/A","N/A",null,false,false,false,"N/A","N/A","N/A",{"$nulls":10},0.99,120,{"$nulls":3},"AC",{"$nulls":3},"N/A","N/A",null,null,false,0,null,null,"2015-10-21"]
["Beacon Products","Beacon Products","ORB-18LED-60-5K-T5QM-UNV",6346,61.21,103.68,73,5013,{"$nulls":10},"Yes - Made to Order Product","Luminaire","Parking Garage","","Outdoor","Surface","","N/A","N/A","N/A",null,false,false,false,"N/A","N/A","N/A",{"$nulls":15},"",{"$nulls":3},"N/A","N/A",null,null,false,0,null,null,"2015-10-02"]
["H.E. Williams","VOLTAIRE","VWPH-L60-730-TFT-CLR-SDGL-OPT-DIM-UNV",5065.18,68.8,73.62,70.61,3151,{"$nulls":10},"Yes - Made to Order Product","Luminaire","Area/Roadway","","Outdoor","Wall","","N/A","N/A","N/A",null,false,false,false,"N/A","N/A","N/A",{"$nulls":10},0.99,120,-1.4E-3,-30.79,5.24,"AC",{"$nulls":3},"N/A","N/A",null,null,false,0,null,null,"2015-09-29"]
["FSC Lighting","MIRUS LIGHTING","KEL-60845UYS",3278.2,45.67,71.78,84,3000,{"$nulls":10},"Yes - Made to Order Product","Luminaire","Area/Roadway","","Outdoor","Arm/Pole - Surface - Wall","","N/A","N/A","N/A",null,false,false,false,"N/A","N/A","N/A",{"$nulls":10},0.99,120,null,null,3.01,"AC",{"$nulls":3},"N/A","N/A",null,null,false,0,null,null,"2015-09-28"]
["FSC Lighting","MIRUS LIGHTING","KEL-60717UNB",5378.55,70,76.84,85,4000,{"$nulls":10},"Yes - Made to Order Product","Luminaire","Area/Roadway","","Outdoor","Arm/Pole - Surface - Wall","","N/A","N/A","N/A",null,false,false,false,"N/A","N/A","N/A",{"$nulls":10},0.99,120,null,null,11.4,"AC",{"$nulls":3},"N/A","N/A",null,null,false,0,null,null,"2015-09-24"]
["H.E. Williams","VOLTAIRE","VWMH-L20-740-T3-CLR-SDGL-OPT-DIM-UNV",2229.4,25,89.18,75.09,3942,{"$nulls":10},"Yes - Made to Order Product","Luminaire","Area/Roadway","","Outdoor","Wall","","N/A","N/A","N/A",null,false,false,false,"N/A","N/A","N/A",{"$nulls":10},0.99,120,1E-4,-16.19,6.51,"AC",{"$nulls":3},"N/A","N/A",null,null,false,0,null,null,"2015-09-02"]
["Lumecon LLC","Lumecon","LWP-LA-120-DB-1-NW-SB-X-X-X-X-X",12614,123,102.55,80.5,4182,{"$nulls":10},"Yes - Standard Stocked Product or In-Stores","Luminaire","Area/Roadway","","Outdoor","Other","","N/A","N/A","N/A",null,false,false,true,"N/A","N/A","N/A",{"$nulls":10},0.995,120,0.003,1.4,5.63,"AC",{"$nulls":3},"N/A","N/A",5,99,false,50000,89.32,25,"2015-07-30"]
["GreenStar Products,Inc.","GreenStar","VG16651XXX",14135,140,100.96,70,5700,{"$nulls":10},"Yes - Standard Stocked Product or In-Stores","Luminaire","Area/Roadway","","Outdoor","Arm/Pole","","N/A","N/A","N/A",null,false,false,false,"N/A","N/A","N/A",{"$nulls":10},0.95,277,{"$nulls":3},"AC",{"$nulls":3},"N/A","N/A",null,null,false,0,null,null,"2015-05-15"]
["Kenall Lighting","Kenall Lighting","TD17HO-xx-5S-TP-yy-47L-50K7-DCC-DV-TLzz",7256,53.95,134.49,75,4907,{"$nulls":10},"Yes - Made to Order Product","Luminaire","Parking Garage","","Indoor - Outdoor","Surface - Suspended - Other","","N/A","N/A","N/A",null,false,false,false,"N/A","N/A","N/A",{"$nulls":4},67.7,29.9,2.3,0.1,2.62,2.76,0.99,120,-0.00144,-6,null,"AC",{"$nulls":3},"N/A","N/A",null,null,false,0,null,null,"2015-05-12"]
["Hubbell Lighting","Hubbell Outdoor Lighting","RM-30LU-3K-5M-0-X",5519,67.5,81.76,80,3000,{"$nulls":10},"Yes - Made to Order Product","Luminaire","Area/Roadway","","Outdoor","Arm/Pole","","N/A","N/A","N/A",null,false,false,false,"N/A","N/A","N/A",{"$nulls":15},"AC",{"$nulls":3},"N/A","N/A",null,null,false,0,null,null,"2015-04-30"]
["Hubbell Lighting","Spaulding Lighting","QSP-30L4K-035-3-X",3234,33.9,95.4,70,4000,{"$nulls":10},"Yes - Made to Order Product","Luminaire","Area/Roadway","","Outdoor","Surface","","N/A","N/A","N/A",null,false,false,false,"N/A","N/A","N/A",{"$nulls":11},120,{"$nulls":3},"AC",{"$nulls":3},"N/A","N/A",null,null,false,0,null,null,"2015-04-24"]
["Philips Lumec","Philips Lumec","RFM-72W32LED4K-T-R2MA-120-DMG",7340,69.8,105.16,73,3951,{"$nulls":10},"Yes - Made to Order Product","Luminaire","Area/Roadway","","Outdoor","Arm/Pole","","N/A","N/A","N/A",null,false,false,false,"N/A","N/A","N/A",{"$nulls":11},120,{"$nulls":3},"AC",{"$nulls":3},"N/A","N/A",null,null,false,0,null,null,"2015-04-14"]
["Grandlite International Corp","Grandlite","LED-772L-L2/T3",3675,33.65,109.21,75.4,5040,{"$nulls":10},"Yes - Made to Order Product","Luminaire","Area/Roadway","","Outdoor","Arm/Pole - Surface - Wall","","N/A","N/A","N/A",null,false,false,false,"N/A","N/A","N/A",null,null,90,1762,74.9,25.1,0,0,null,null,0.961,120,0.00377,null,16.85,"AC",{"$nulls":3},"N/A","N/A",null,null,false,0,null,null,"2015-01-22"]
["AAL / Kim Lighting","Kim Lighting","NSL5E35-60L5K120-CA",4523,65.9,68.63,67,4869,{"$nulls":10},"Yes - Made to Order Product","Luminaire","Area/Roadway","","Outdoor","Arm/Pole - Surface - Post top","","N/A","N/A","N/A",null,false,false,false,"N/A","N/A","N/A",{"$nulls":11},120,{"$nulls":3},"AC",{"$nulls":3},"N/A","N/A",null,null,false,25000,97.66,25,"2014-12-16"]
["AAL / Kim Lighting","Kim Lighting","ALT2P35/180L5K-FGL",18090,212.2,85.25,66,5012,{"$nulls":10},"Yes - Made to Order Product","Luminaire","Area/Roadway","","Outdoor","Arm/Pole - Surface - Post top","","N/A","N/A","N/A",null,false,false,false,"N/A","N/A","N/A",{"$nulls":11},120,{"$nulls":3},"AC",{"$nulls":3},"N/A","N/A",null,null,false,25000,97.55,25,"2014-11-24"]
["AAL / Kim Lighting","Kim Lighting","ALT2P35-120L4K-FGL",10961,143,76.65,73,3866,{"$nulls":10},"Yes - Made to Order Product","Luminaire","Area/Roadway","","Outdoor","Arm/Pole - Surface - Post top","","N/A","N/A","N/A",null,false,false,false,"N/A","N/A","N/A",{"$nulls":11},120,{"$nulls":3},"AC",{"$nulls":3},"N/A","N/A",null,null,false,25000,97.6,25,"2014-11-24"]
["AAL / Kim Lighting","Kim Lighting","CC25A5P35-96L5K",11691,110.2,106.09,67,4917,{"$nulls":10},"Yes - Made to Order Product","Luminaire","Area/Roadway","","Outdoor","Arm/Pole - Surface - Post top","Other","N/A","N/A","N/A",null,false,false,false,"N/A","N/A","N/A",{"$nulls":11},120,{"$nulls":3},"AC",{"$nulls":3},"N/A","N/A",null,null,false,25000,97.97,25,"2014-11-18"]
["US Pole Company Inc","U.S. Architectural Lighting","RZR-PLED-III-80LED-700mA-NW",17688,172.9,102.3,70,4000,{"$nulls":10},"Yes - Made to Order Product","Luminaire","Area/Roadway","","Outdoor","Arm/Pole - Wall","","N/A","N/A","N/A",null,false,false,false,"N/A","N/A","N/A",{"$nulls":6},0,0,null,null,0.935,120,{"$nulls":3},"AC",{"$nulls":3},"N/A","N/A",null,null,false,0,null,null,"2014-11-04"]
["Excellence Opto. Inc.","e-lite star","ESU-DA013M01242S-700",2989.7,29.56,101.14,73,4340,{"$nulls":10},"Yes - Standard Stocked Product or In-Stores","Luminaire","Area/Roadway","","Outdoor","Arm/Pole","Other","N/A","N/A","N/A",null,false,false,false,"N/A","N/A","N/A",{"$nulls":10},1,120,{"$nulls":3},"AC",{"$nulls":3},"N/A","N/A",null,null,false,0,null,null,"2014-09-19"]
["AAL / Kim Lighting","Kim Lighting","BE174E35/60L5K",5690,63.9,89.05,68,5012,{"$nulls":10},"Yes - Made to Order Product","Luminaire","Area/Roadway","","Outdoor","Arm/Pole - Surface - Wall - Post top","Other","N/A","N/A","N/A",null,false,false,false,"N/A","N/A","N/A",{"$nulls":10},0.99,120,{"$nulls":3},"AC",{"$nulls":3},"N/A","N/A",null,null,false,0,null,null,"2014-07-17"]
["AAL / Kim Lighting","Kim Lighting","AE212E35/120L5K",12478,124.8,99.98,68,4982,{"$nulls":10},"Yes - Made to Order Product","Luminaire","Area/Roadway","","Outdoor","Arm/Pole - Surface - Wall - Post top","","N/A","N/A","N/A",null,false,false,false,"N/A","N/A","N/A",{"$nulls":10},0.99,120,{"$nulls":3},"AC",{"$nulls":3},"N/A","N/A",null,null,false,0,null,null,"2014-06-18"]
["Leotek Electronics USA Corp.","Leotek Electronics","AR13-4M-MV-NW-4-DB-700",3809.4,37.06,102.79,73,3845,{"$nulls":10},"Yes - Standard Stocked Product or In-Stores","Luminaire","Area/Roadway","","Outdoor","Arm/Pole","","N/A","N/A","N/A",null,false,false,false,"N/A","N/A","N/A",{"$nulls":10},0.99,120,0.00222,-18.19,10,"AC",{"$nulls":3},"N/A","N/A",null,null,false,0,null,null,"2014-06-13"]
["Leotek Electronics USA Corp.","Leotek Electronics","EC7-24M-HV-NW-3-GY-530",16828,156,107.87,70,4000,{"$nulls":10},"Yes - Standard Stocked Product or In-Stores","Luminaire","Area/Roadway","","Outdoor","Arm/Pole","","N/A","N/A","N/A",null,false,false,false,"N/A","N/A","N/A",{"$nulls":10},0.9,347,{"$nulls":3},"AC",{"$nulls":3},"N/A","N/A",null,null,false,0,null,null,"2014-06-11"]
["Leotek Electronics USA Corp.","Leotek Electronics","AR13-20M-MV-NW-5-DB-530",14321.4,130.06,110.11,75,3966,{"$nulls":10},"Yes - Standard Stocked Product or In-Stores","Luminaire","Area/Roadway","","Outdoor","Arm/Pole","","N/A","N/A","N/A",null,false,false,false,"N/A","N/A","N/A",{"$nulls":10},1,120,-1.2E-4,14.55,7,"AC",{"$nulls":3},"N/A","N/A",null,null,false,0,null,null,"2014-05-08"]
["Leotek Electronics USA Corp.","Leotek Electronics","AR13-10M-MV-NW-5-GY-350",5000,42,119.05,70,4000,{"$nulls":10},"Yes - Standard Stocked Product or In-Stores","Luminaire","Area/Roadway","","Outdoor","Arm/Pole","Other","N/A","N/A","N/A",null,false,false,false,"N/A","N/A","N/A",{"$nulls":11},120,{"$nulls":3},"AC",{"$nulls":3},"N/A","N/A",null,null,false,0,null,null,"2014-04-14"]
["Relume Technologies","Relume Technologies","R-PH3-D3-CW-*-*-*",8907,116.2,76.7,68,5761,{"$nulls":10},"Yes - Made to Order Product","Luminaire","Area/Roadway","","Outdoor","Arm/Pole","","N/A","N/A","N/A",null,false,false,false,"N/A","N/A","N/A",{"$nulls":4},44.3,55.8,0,0,null,null,0.998,120,1E-4,-24.3,7.87,"AC",{"$nulls":3},"N/A","N/A",null,null,false,0,null,null,"2014-03-26"]
["Intense Lighting","Intense Lighting","IVT102L40-30",205.83,3.78,54.45,73,4000,{"$nulls":10},"Yes - Made to Order Product","Luminaire","Area/Roadway","","Outdoor","Wall","","N/A","N/A","N/A",null,false,false,false,"N/A","N/A","N/A",{"$nulls":11},120,{"$nulls":3},"AC",{"$nulls":3},"N/A","N/A",null,null,false,0,null,null,"2014-03-26"]
["Intense Lighting","Intense Lighting","IVT107L40-30",205.83,3.78,54.45,73,4000,{"$nulls":10},"Yes - Made to Order Product","Luminaire","Area/Roadway","","Outdoor","Wall","","N/A","N/A","N/A",null,false,false,false,"N/A","N/A","N/A",{"$nulls":11},120,{"$nulls":3},"AC",{"$nulls":3},"N/A","N/A",null,null,false,0,null,null,"2014-03-26"]
["MaxLite","Maxlite","MLAR70LED50-5W",5466.7,61.6,88.75,70,5263,{"$nulls":10},"Yes - Standard Stocked Product or In-Stores","Luminaire","Area/Roadway","","Outdoor","Arm/Pole","Other","N/A","N/A","N/A",null,false,false,false,"N/A","N/A","N/A",{"$nulls":11},120,{"$nulls":3},"AC",{"$nulls":3},"N/A","N/A",null,null,false,0,null,null,"2014-03-05"]
["Acuity Brands Lighting","Lithonia Lighting","DSXW1 LED 20C 1000 40K T3M MVOLT DDBXD",5891,71,83,74,4047,{"$nulls":10},"Yes - Made to Order Product","Luminaire","Area/Roadway","","Outdoor","Wall","","N/A","N/A","N/A",null,false,false,false,"N/A","N/A","N/A",{"$nulls":15},"",{"$nulls":3},"N/A","N/A",null,null,false,{"$nulls":3},"2013-06-20"]
["Lights of America ","Lights of America","9420LEDN2-WHE",3200,42,76,70,5000,{"$nulls":10},"Yes - Standard Stocked Product or In-Stores","Luminaire","Area/Roadway","","Outdoor","Wall","","N/A","N/A","N/A",null,false,false,false,"N/A","N/A","N/A",{"$nulls":11},120,{"$nulls":3},"AC",{"$nulls":3},"N/A","N/A",null,null,false,{"$nulls":3},"2013-04-15"]
["Acuity Brands Lighting","Lithonia Lighting","TWH LED 30C 1000 T3M 120",6597,104,63,69,5082,{"$nulls":10},"Yes - Standard Stocked Product or In-Stores","Luminaire","Area/Roadway","","Outdoor","Wall","","N/A","N/A","N/A",null,false,false,false,"N/A","N/A","N/A",{"$nulls":15},"",{"$nulls":3},"N/A","N/A",null,null,false,{"$nulls":3},"2013-02-27"]
["RAB Lighting Inc","RAB","VXBRLED26DG",1955,30,66,68,4900,{"$nulls":10},"Yes - Standard Stocked Product or In-Stores","Luminaire","Area/Roadway","","Outdoor","","","N/A","N/A","N/A",null,false,false,false,"N/A","N/A","N/A",{"$nulls":10},0.979,120,0.014,-46,null,"AC",{"$nulls":3},"N/A","N/A",null,null,false,{"$nulls":3},"2012-05-03"]
["Eaton (formerly Cooper Lighting)","LUMARK","XTOR3A",2649,29.7,89.2,66,5027,{"$nulls":10},"Yes - Standard Stocked Product or In-Stores","Luminaire","Area/Roadway","","Outdoor","Wall","","N/A","N/A","N/A",null,false,false,false,"N/A","N/A","N/A",{"$nulls":4},87.5,12.5,0,0,null,null,0.97,120,{"$nulls":3},"AC",{"$nulls":3},"N/A","N/A",null,null,false,{"$nulls":3},"2012-03-29"]
["Eaton (formerly Cooper Lighting)","LUMARK","XTOR2A-N",1323,21.6,61.3,69,3638,{"$nulls":10},"Yes - Standard Stocked Product or In-Stores","Luminaire","Area/Roadway","","Outdoor","Wall","","N/A","N/A","N/A",null,false,false,false,"N/A","N/A","N/A",{"$nulls":4},88.4,11.6,0,0,null,null,0.99,120,{"$nulls":3},"AC",{"$nulls":3},"N/A","N/A",null,null,false,{"$nulls":3},"2012-03-29"]
["Eaton (formerly Cooper Lighting)","LUMARK","XTOR2A",1432,21.4,66.9,67,5014,{"$nulls":10},"Yes - Standard Stocked Product or In-Stores","Luminaire","Area/Roadway","","Outdoor","Wall","","N/A","N/A","N/A",null,false,false,false,"N/A","N/A","N/A",{"$nulls":4},88.9,11.1,0,0,null,null,0.99,120,{"$nulls":3},"AC",{"$nulls":3},"N/A","N/A",null,null,false,{"$nulls":3},"2012-03-29"]
["RAB Lighting Inc","RAB","WPLEDFC52 Upgraded 03/2012",3890,61,64,67,5000,{"$nulls":10},"Yes - Standard Stocked Product or In-Stores","Luminaire","Area/Roadway","","Outdoor","Wall","","N/A","N/A","N/A",null,false,false,false,"N/A","N/A","N/A",{"$nulls":10},0.975,120,0.007,-39,null,"AC",{"$nulls":3},"N/A","N/A",null,null,false,{"$nulls":3},"2012-03-29"]
["Philips Lumec","Philips Lumec","OVIL-135W80LED4K-R-LE3",11729,126.31,92.9,76,4042,{"$nulls":10},"Yes - Made to Order Product","Luminaire","Area/Roadway","","Outdoor","Arm/Pole","","N/A","N/A","N/A",null,false,false,false,"N/A","N/A","N/A",{"$nulls":4},64.8,34.8,{"$nulls":4},0.997,120,0.0002,-12.3,4.51,"AC",{"$nulls":3},"N/A","N/A",null,null,false,{"$nulls":3},"2012-03-08"]
["Philips Lumec","Philips Lumec","OVIL-135W80LED4K-R-LE2",11753,126.28,93.1,76,4039,{"$nulls":10},"Yes - Made to Order Product","Luminaire","Area/Roadway","","Outdoor","Arm/Pole","","N/A","N/A","N/A",null,false,false,false,"N/A","N/A","N/A",{"$nulls":4},67,32.6,{"$nulls":4},0.997,120,1E-4,-12.6,3.79,"AC",{"$nulls":3},"N/A","N/A",null,null,false,{"$nulls":3},"2012-03-08"]
["Philips Lumec","Philips Lumec","OVIL-90W80LED4K-R-LE3",8358,84.95,98.4,76,3982,{"$nulls":10},"Yes - Made to Order Product","Luminaire","Area/Roadway","","Outdoor","Arm/Pole","","N/A","N/A","N/A",null,false,false,false,"N/A","N/A","N/A",{"$nulls":4},64.4,35.2,{"$nulls":4},0.994,120,0.0004,-12.5,6.64,"AC",{"$nulls":3},"N/A","N/A",null,null,false,{"$nulls":3},"2012-03-08"]
["Philips Lumec","Philips Lumec","OVIL-90W80LED4K-R-LE2",8313,84.82,98,76,3992,{"$nulls":10},"Yes - Made to Order Product","Luminaire","Area/Roadway","","Outdoor","Arm/Pole","","N/A","N/A","N/A",null,false,false,false,"N/A","N/A","N/A",{"$nulls":4},66.8,32.8,{"$nulls":4},0.994,120,0.0003,-12.3,6.17,"AC",{"$nulls":3},"N/A","N/A",null,null,false,{"$nulls":3},"2012-03-08"]
["Hubbell Lighting","Hubbell Outdoor Lighting","LNC-7LU-5K-3",1147,16.4,69.9,73,5052,{"$nulls":10},"Yes - Made to Order Product","Luminaire","Area/Roadway","","Outdoor","Wall","","N/A","N/A","N/A",null,false,false,false,"N/A","N/A","N/A",{"$nulls":4},58.4,41.6,0,0,null,null,0.99,120,0,-11,null,"AC",{"$nulls":3},"N/A","N/A",null,null,false,{"$nulls":3},"2012-03-07"]
["Hubbell Lighting","Hubbell Outdoor Lighting","LNC-9LU-5K-3",1460,20.6,70.9,73,5050,{"$nulls":10},"Yes - Made to Order Product","Luminaire","Area/Roadway","","Outdoor","Wall","","N/A","N/A","N/A",null,false,false,false,"N/A","N/A","N/A",{"$nulls":4},60.7,39.3,0,0,null,null,0.993,120,1E-3,-13,null,"AC",{"$nulls":3},"N/A","N/A",null,null,false,{"$nulls":3},"2012-03-07"]
["Cyclone Lighting","Cyclone Lighting","CY11T4-VS3AR-3L-67W-4K-120@277",4620,72,63.6,65,4065,{"$nulls":10},"Yes - Standard Stocked Product or In-Stores","Luminaire","Area/Roadway","","Outdoor","","","N/A","N/A","N/A",null,false,false,false,"N/A","N/A","N/A",{"$nulls":10},0.993,120,5.3E-3,-31.2,9.6,"DC",{"$nulls":3},"N/A","N/A",null,null,false,{"$nulls":3},"2012-02-28"]
["Cyclone Lighting","Cyclone Lighting","CY11T4-LAC-5L-67W-4K-120@277",5087,71,71.4,65,3986,{"$nulls":10},"Yes - Standard Stocked Product or In-Stores","Luminaire","Area/Roadway","","Outdoor","","","N/A","N/A","N/A",null,false,false,false,"N/A","N/A","N/A",{"$nulls":10},0.993,120,0.0055,-31.2,9.4,"AC",{"$nulls":3},"N/A","N/A",null,null,false,{"$nulls":3},"2012-02-27"]
["Cyclone Lighting","Cyclone lighting","CG41T4-AGAF-5L-67W-4K-120@277",5521,70,77.5,65,4028,{"$nulls":10},"Yes - Standard Stocked Product or In-Stores","Luminaire","Area/Roadway","","Outdoor","","","N/A","N/A","N/A",null,false,false,false,"N/A","N/A","N/A",{"$nulls":10},0.993,120,0.0048,-30.8,9.42,"AC",{"$nulls":3},"N/A","N/A",null,null,false,{"$nulls":3},"2012-02-24"]
["Philips Wide-Lite","Quality Lighting","QLA-128G1-700-NW-2L-120-SAM",21799,279.11,78.1,66,4217,{"$nulls":10},"Yes - Standard Stocked Product or In-Stores","Luminaire","Area/Roadway","","Outdoor","Arm/Pole","","N/A","N/A","N/A",null,false,false,false,"N/A","N/A","N/A",{"$nulls":4},67.5,32.5,0,0,null,null,0.998,120,{"$nulls":3},"AC",{"$nulls":3},"N/A","N/A",null,null,false,{"$nulls":3},"2011-12-28"]
["Hubbell Lighting","Hubbell Outdoor Lighting","LNC-5LU-5K",820,12.7,64.6,77,5353,{"$nulls":10},"Yes - Made to Order Product","Luminaire","Area/Roadway","","Outdoor","Wall","","N/A","N/A","N/A",null,false,false,false,"N/A","N/A","N/A",{"$nulls":4},59.2,40.9,0,0,null,null,0.962,120,-2E-3,0,null,"AC",{"$nulls":3},"N/A","N/A",null,null,false,{"$nulls":3},"2011-12-28"]
["Hubbell Lighting","Hubbell Outdoor Lighting","RMCT-48LU-020-X-X-X-X-M53",6088,68.15,89.3,67,5016,{"$nulls":10},"Yes - Made to Order Product","Luminaire","Area/Roadway","","Outdoor","Arm/Pole","","N/A","N/A","N/A",null,false,false,false,"N/A","N/A","N/A",{"$nulls":4},66.2,33.7,0.1,0,null,null,0.99,120,0.003,-30.8,10.55,"AC",{"$nulls":3},"N/A","N/A",null,null,false,{"$nulls":3},"2011-12-15"]
["Hubbell Lighting","Hubbell Outdoor Lighting","LMC-30LU-4K-4",4108,71.3,57.6,78,4110,{"$nulls":10},"Yes - Made to Order Product","Luminaire","Area/Roadway","","Outdoor","Wall","","N/A","N/A","N/A",null,false,false,false,"N/A","N/A","N/A",{"$nulls":4},41.5,58.4,0,0,null,null,0.987,120,2E-3,null,null,"AC",{"$nulls":3},"N/A","N/A",null,null,false,{"$nulls":3},"2011-12-15"]
["Hubbell Lighting","Hubbell Outdoor Lighting","LMC-30LU-5K-4",4642,71.6,64.8,76,5274,{"$nulls":10},"Yes - Made to Order Product","Luminaire","Area/Roadway","","Outdoor","Wall","","N/A","N/A","N/A",null,false,false,false,"N/A","N/A","N/A",{"$nulls":4},40.9,59.1,0,0,{"$nulls":3},120,1E-3,-8,null,"AC",{"$nulls":3},"N/A","N/A",null,null,false,{"$nulls":3},"2011-12-15"]
["Selux Corporation","Selux Corproation","DSC4L-S1-LG3700-R3-50-120 [updated 11/30/11]",4718,65,73,81,5200,{"$nulls":10},"Yes - Made to Order Product","Luminaire","Area/Roadway","","Outdoor","Arm/Pole","","N/A","N/A","N/A",null,false,false,false,"N/A","N/A","N/A",{"$nulls":4},75.4,24.6,{"$nulls":4},0.992,120,{"$nulls":3},"AC",{"$nulls":3},"N/A","N/A",null,null,false,{"$nulls":3},"2011-11-30"]
["Ringdale, Inc.","ActiveLED","TWL-5528",1766,24.77,71.3,66.2,5086,{"$nulls":10},"Yes - Made to Order Product","Luminaire","Area/Roadway","","Outdoor","Arm/Pole","Other - Decorative","N/A","N/A","N/A",null,false,false,false,"N/A","N/A","N/A",{"$nulls":10},0.919,null,0.0067,null,null,"",{"$nulls":3},"N/A","N/A",null,null,false,0,null,null,"2011-11-30"]
["Ringdale, Inc.","ActiveLED","FLASV-5898",7549,107.9,70,69,4937,{"$nulls":10},"Yes - Made to Order Product","Luminaire","Area/Roadway","","Outdoor","Arm/Pole","","N/A","N/A","N/A",null,false,false,false,"N/A","N/A","N/A",{"$nulls":15},"",{"$nulls":3},"N/A","N/A",null,null,false,{"$nulls":3},"2011-11-30"]
["Ringdale, Inc.","ActiveLED","SCY12-5520",1508,19.38,77.8,68,4947,{"$nulls":10},"Yes - Made to Order Product","Luminaire","Area/Roadway","","Outdoor","Wall","","N/A","N/A","N/A",null,false,false,false,"N/A","N/A","N/A",{"$nulls":15},"",{"$nulls":3},"N/A","N/A",null,null,false,{"$nulls":3},"2011-11-30"]
["Ringdale, Inc.","ActiveLED","WPH-3651",2925,42.86,68.2,67,4936,{"$nulls":10},"Yes - Made to Order Product","Luminaire","Area/Roadway","","Outdoor","Wall","","N/A","N/A","N/A",null,false,false,false,"N/A","N/A","N/A",{"$nulls":15},"",{"$nulls":3},"N/A","N/A",null,null,false,{"$nulls":3},"2011-11-30"]
["Ringdale, Inc.","ActiveLED","SLAFV-5576",5229,75.6,69.2,69,4943,{"$nulls":10},"Yes - Made to Order Product","Luminaire","Area/Roadway","","Outdoor","Arm/Pole","","N/A","N/A","N/A",null,false,false,false,"N/A","N/A","N/A",{"$nulls":15},"",{"$nulls":3},"N/A","N/A",null,null,false,{"$nulls":3},"2011-11-30"]
["Hubbell Lighting","Spaulding Lighting","CL1-AD-90L-1-5K-3",15056,208.8,72.1,76,5433,{"$nulls":10},"Yes - Made to Order Product","Luminaire","Area/Roadway","","Outdoor","Arm/Pole","","N/A","N/A","N/A",null,false,false,true,"N/A","N/A","N/A",{"$nulls":4},55.7,44.2,0.1,0,{"$nulls":3},120,0.003,null,null,"AC",{"$nulls":3},"N/A","N/A",null,null,false,{"$nulls":3},"2011-11-21"]
["RAB Lighting Inc","RAB","ALED20N",1111,22,51,74,4000,{"$nulls":10},"Yes - Made to Order Product","Luminaire","Area/Roadway","","Outdoor","Arm/Pole","","N/A","N/A","N/A",null,false,false,false,"N/A","N/A","N/A",{"$nulls":6},0,0,null,null,0.991,120,1E-3,-5,7.4,"AC",{"$nulls":3},"N/A","N/A",null,null,false,{"$nulls":3},"2011-11-21"]
["RAB Lighting Inc","RAB","WPLED20N",1111,22,51,74,4000,{"$nulls":10},"Yes - Made to Order Product","Luminaire","Area/Roadway","","Outdoor","Wall","","N/A","N/A","N/A",null,false,false,false,"N/A","N/A","N/A",{"$nulls":6},0,0,null,null,0.991,120,1E-3,-5,null,"AC",{"$nulls":3},"N/A","N/A",null,null,false,{"$nulls":3},"2011-11-21"]
["RAB Lighting Inc","RAB","WPLED4T78N",4287,91,47,88,4100,{"$nulls":10},"Yes - Made to Order Product","Luminaire","Area/Roadway","","Outdoor","Wall","","N/A","N/A","N/A",null,false,false,false,"N/A","N/A","N/A",{"$nulls":10},0.975,120,1E-3,54,null,"AC",{"$nulls":3},"N/A","N/A",null,null,false,{"$nulls":3},"2011-11-08"]
["RAB Lighting Inc","RAB","WPLED4T78",5456,91,60,68,5100,{"$nulls":10},"Yes - Standard Stocked Product or In-Stores","Luminaire","Area/Roadway","","Outdoor","Wall","","N/A","N/A","N/A",null,false,false,false,"N/A","N/A","N/A",{"$nulls":10},0.975,120,0.008,-41,null,"AC",{"$nulls":3},"N/A","N/A",null,null,false,{"$nulls":3},"2011-11-08"]
["RAB Lighting Inc","RAB","WPLED3T78N",3695,91,41,88,4100,{"$nulls":10},"Yes - Made to Order Product","Luminaire","Area/Roadway","","Outdoor","Wall","","N/A","N/A","N/A",null,false,false,false,"N/A","N/A","N/A",{"$nulls":10},0.974,120,2E-3,52,null,"AC",{"$nulls":3},"N/A","N/A",null,null,false,{"$nulls":3},"2011-11-08"]
["RAB Lighting Inc","RAB","WPLED3T78",4959,91,55,68,5100,{"$nulls":10},"Yes - Standard Stocked Product or In-Stores","Luminaire","Area/Roadway","","Outdoor","Wall","","N/A","N/A","N/A",null,false,false,false,"N/A","N/A","N/A",{"$nulls":10},0.973,120,0.008,-40,null,"AC",{"$nulls":3},"N/A","N/A",null,null,false,{"$nulls":3},"2011-11-08"]
["RAB Lighting Inc","RAB","WPLED2T78N",4284,91,47,87,4000,{"$nulls":10},"Yes - Made to Order Product","Luminaire","Area/Roadway","","Outdoor","Wall","","N/A","N/A","N/A",null,false,false,false,"N/A","N/A","N/A",{"$nulls":10},0.974,120,2E-3,50,null,"AC",{"$nulls":3},"N/A","N/A",null,null,false,{"$nulls":3},"2011-11-08"]
["RAB Lighting Inc","RAB","WPLED2T78",5263,90,58,68,5100,{"$nulls":10},"Yes - Standard Stocked Product or In-Stores","Luminaire","Area/Roadway","","Outdoor","Wall","","N/A","N/A","N/A",null,false,false,false,"N/A","N/A","N/A",{"$nulls":10},0.973,120,0.009,-43,null,"AC",{"$nulls":3},"N/A","N/A",null,null,false,{"$nulls":3},"2011-11-08"]
["Energy Focus, Inc.","eLED","LEDWP-656VFL-RFK",2073,29.44,70.4,64,5734,{"$nulls":10},"Yes - Standard Stocked Product or In-Stores","Luminaire","Area/Roadway","","Outdoor","Wall","","N/A","N/A","N/A",null,false,false,false,"N/A","N/A","N/A",{"$nulls":4},83,17,0,0,null,null,0.98,120,0.0068,-72.2,null,"AC",{"$nulls":3},"N/A","N/A",null,null,false,{"$nulls":3},"2011-10-13"]
["RAB Lighting Inc","RAB","ALED3T78N",3695,91,41,88,4100,{"$nulls":10},"Yes - Made to Order Product","Luminaire","Area/Roadway","","Outdoor","Arm/Pole","","N/A","N/A","N/A",null,false,false,false,"N/A","N/A","N/A",{"$nulls":4},65,35,0,0,null,null,0.974,120,2E-3,52,13.2,"AC",{"$nulls":3},"N/A","N/A",null,null,false,{"$nulls":3},"2011-10-12"]
["RAB Lighting Inc","RAB","ALED2T78N",4284,91,47,87,4100,{"$nulls":10},"Yes - Made to Order Product","Luminaire","Area/Roadway","","Outdoor","Arm/Pole","","N/A","N/A","N/A",null,false,false,false,"N/A","N/A","N/A",{"$nulls":4},71.6,28.4,0,0,null,null,0.974,120,2E-3,50,13.7,"AC",{"$nulls":3},"N/A","N/A",null,null,false,{"$nulls":3},"2011-10-12"]
["RAB Lighting Inc","RAB","ALED3T78",4959,91,55,68,5100,{"$nulls":10},"Yes - Standard Stocked Product or In-Stores","Luminaire","Area/Roadway","","Outdoor","Arm/Pole","","N/A","N/A","N/A",null,false,false,false,"N/A","N/A","N/A",{"$nulls":4},65.1,34.9,0,0,null,null,0.973,120,0.008,-40,13.1,"AC",{"$nulls":3},"N/A","N/A",null,null,false,{"$nulls":3},"2011-10-12"]
["RAB Lighting Inc","RAB","ALED2T78",5263,90,58,68,5100,{"$nulls":10},"Yes - Standard Stocked Product or In-Stores","Luminaire","Area/Roadway","","Outdoor","Arm/Pole","","N/A","N/A","N/A",null,false,false,false,"N/A","N/A","N/A",{"$nulls":4},72.1,27.9,0,0,null,null,0.973,120,0.009,-43,15,"AC",{"$nulls":3},"N/A","N/A",null,null,false,{"$nulls":3},"2011-10-12"]
["ALLED","ALLED","WP1-02-1920-1",1319,21.09,62.5,68,5082,{"$nulls":10},"Yes - Standard Stocked Product or In-Stores","Luminaire","Area/Roadway","","Outdoor","Wall","","N/A","N/A","N/A",null,false,false,false,"N/A","N/A","N/A",{"$nulls":10},0.971,120,{"$nulls":3},"AC",{"$nulls":3},"N/A","N/A",null,null,false,{"$nulls":3},"2011-10-12"]
["Eaton (formerly Cooper Lighting)","LUMARK","XTOR2A-N",947,19.78,47.9,86,3413,{"$nulls":10},"Yes - Standard Stocked Product or In-Stores","Luminaire","Area/Roadway","","Outdoor","Wall","","N/A","N/A","N/A",null,false,false,false,"N/A","N/A","N/A",{"$nulls":15},"DC",{"$nulls":3},"N/A","N/A",null,null,false,{"$nulls":3},"2011-07-27"]
["Eaton (formerly Cooper Lighting)","LUMARK","XTOR1A",719,13.72,52.4,68,5172,{"$nulls":10},"Yes - Standard Stocked Product or In-Stores","Luminaire","Area/Roadway","","Outdoor","Wall","","N/A","N/A","N/A",null,false,false,false,"N/A","N/A","N/A",{"$nulls":15},"DC",{"$nulls":3},"N/A","N/A",null,null,false,{"$nulls":3},"2011-07-27"]
["Eaton (formerly Cooper Lighting)","LUMARK","XTOR2A",1361,19.52,69.7,67,4887,{"$nulls":10},"Yes - Standard Stocked Product or In-Stores","Luminaire","Area/Roadway","","Outdoor","Wall","","N/A","N/A","N/A",null,false,false,false,"N/A","N/A","N/A",{"$nulls":15},"DC",{"$nulls":3},"N/A","N/A",null,null,false,{"$nulls":3},"2011-07-27"]
["Eaton (formerly Cooper Lighting)","LUMARK","XTOR3A",2243,27.58,81.3,69,5009,{"$nulls":10},"Yes - Standard Stocked Product or In-Stores","Luminaire","Area/Roadway","","Outdoor","Wall","","N/A","N/A","N/A",null,false,false,false,"N/A","N/A","N/A",{"$nulls":15},"DC",{"$nulls":3},"N/A","N/A",null,null,false,{"$nulls":3},"2011-07-27"]
["Eaton (formerly Cooper Lighting)","LUMARK","XTOR3A-N",1600,27.27,57.8,84,3451,{"$nulls":10},"Yes - Standard Stocked Product or In-Stores","Luminaire","Area/Roadway","","Outdoor","Wall","","N/A","N/A","N/A",null,false,false,false,"N/A","N/A","N/A",{"$nulls":15},"DC",{"$nulls":3},"N/A","N/A",null,null,false,{"$nulls":3},"2011-07-27"]
["Acuity Brands Lighting","Lithonia Lighting","MRP LED 1 49B350/40K SR4",5003,58,86,63,4050,{"$nulls":10},"Yes - Made to Order Product","Luminaire","Area/Roadway","","Outdoor","Arm/Pole","","N/A","N/A","N/A",null,false,false,false,"N/A","N/A","N/A",{"$nulls":15},"DC",{"$nulls":3},"N/A","N/A",null,null,false,{"$nulls":3},"2011-07-25"]
["Acuity Brands Lighting","Lithonia Lighting","MRP LED 1 49B350/40K SR3",4999,58,86,63,4048,{"$nulls":10},"Yes - Made to Order Product","Luminaire","Area/Roadway","","Outdoor","Arm/Pole","","N/A","N/A","N/A",null,false,false,false,"N/A","N/A","N/A",{"$nulls":15},"DC",{"$nulls":3},"N/A","N/A",null,null,false,{"$nulls":3},"2011-07-25"]
["ALLED","ALLED","SL4-02-4000-1-3",3294,54.52,60.4,70,5414,{"$nulls":10},"Yes - Standard Stocked Product or In-Stores","Luminaire","Area/Roadway","","Outdoor","Arm/Pole","","N/A","N/A","N/A",null,false,false,false,"N/A","N/A","N/A",{"$nulls":4},65.5,34.5,0,0,null,null,0.972,120,{"$nulls":3},"AC",{"$nulls":3},"N/A","N/A",null,null,false,{"$nulls":3},"2011-07-06"]
["RAB Lighting Inc","RAB","WPLED13N",673,15.1,44.6,86,4000,{"$nulls":10},"Yes - Made to Order Product","Luminaire","Area/Roadway","","Outdoor","Wall","","N/A","N/A","N/A",null,false,false,false,"N/A","N/A","N/A",{"$nulls":10},0.975,120,{"$nulls":3},"AC",{"$nulls":3},"N/A","N/A",null,null,false,{"$nulls":3},"2011-06-17"]
["Acuity Brands Lighting","Lithonia Lighting","KAD LED 1 63B530/40K SR5",8912,108,83,64,4043,{"$nulls":10},"Yes - Made to Order Product","Luminaire","Area/Roadway","","Outdoor","Arm/Pole","","N/A","N/A","N/A",null,false,false,false,"N/A","N/A","N/A",{"$nulls":15},"DC",{"$nulls":3},"N/A","N/A",null,null,false,{"$nulls":3},"2011-06-17"]
["Acuity Brands Lighting","Lithonia Lighting","KAD LED 1 63B530/40K SR4",8658,110,79,63,4031,{"$nulls":10},"Yes - Made to Order Product","Luminaire","Area/Roadway","","Outdoor","Arm/Pole","","N/A","N/A","N/A",null,false,false,false,"N/A","N/A","N/A",{"$nulls":15},"DC",{"$nulls":3},"N/A","N/A",null,null,false,{"$nulls":3},"2011-06-17"]
["Acuity Brands Lighting","Lithonia Lighting","KAD LED 1 63B530/40K SR3",8988,110,82,63,4056,{"$nulls":10},"Yes - Made to Order Product","Luminaire","Area/Roadway","","Outdoor","Arm/Pole","","N/A","N/A","N/A",null,false,false,false,"N/A","N/A","N/A",{"$nulls":15},"DC",{"$nulls":3},"N/A","N/A",null,null,false,{"$nulls":3},"2011-06-17"]
["Acuity Brands Lighting","Lithonia Lighting","KAD LED 1 63B350/40K SR5",6720,74,91,63,4014,{"$nulls":10},"Yes - Made to Order Product","Luminaire","Area/Roadway","","Outdoor","Arm/Pole","","N/A","N/A","N/A",null,false,false,false,"N/A","N/A","N/A",{"$nulls":15},"DC",{"$nulls":3},"N/A","N/A",null,null,false,{"$nulls":3},"2011-06-17"]
["Acuity Brands Lighting","Lithonia Lighting","KAD LED 1 63B350/40K SR4",6495,75,87,63,4008,{"$nulls":10},"Yes - Made to Order Product","Luminaire","Area/Roadway","","Outdoor","Arm/Pole","","N/A","N/A","N/A",null,false,false,false,"N/A","N/A","N/A",{"$nulls":15},"DC",{"$nulls":3},"N/A","N/A",null,null,false,{"$nulls":3},"2011-06-17"]
["Acuity Brands Lighting","Lithonia Lighting","KAD LED 1 63B350/40K SR3",6661,74,90,63,4031,{"$nulls":10},"Yes - Made to Order Product","Luminaire","Area/Roadway","","Outdoor","Arm/Pole","","N/A","N/A","N/A",null,false,false,false,"N/A","N/A","N/A",{"$nulls":15},"DC",{"$nulls":3},"N/A","N/A",null,null,false,{"$nulls":3},"2011-06-17"]
["Acuity Brands Lighting","Lithonia Lighting","KAD LED 1 49B530/40K SR5",6539,85,77,66,4025,{"$nulls":10},"Yes - Made to Order Product","Luminaire","Area/Roadway","","Outdoor","Arm/Pole","","N/A","N/A","N/A",null,false,false,false,"N/A","N/A","N/A",{"$nulls":15},"DC",{"$nulls":3},"N/A","N/A",null,null,false,{"$nulls":3},"2011-06-17"]
["Acuity Brands Lighting","Lithonia Lighting","KAD LED 1 49B530/40K SR4",6335,86,74,66,3998,{"$nulls":10},"Yes - Made to Order Product","Luminaire","Area/Roadway","","Outdoor","Arm/Pole","","N/A","N/A","N/A",null,false,false,false,"N/A","N/A","N/A",{"$nulls":15},"DC",{"$nulls":3},"N/A","N/A",null,null,false,{"$nulls":3},"2011-06-17"]
["Acuity Brands Lighting","Lithonia Lighting","MR1 LED 1 49B350/40K SR3",4637,59,79,66,3987,{"$nulls":10},"Yes - Made to Order Product","Luminaire","Area/Roadway","","Outdoor","Arm/Pole","","N/A","N/A","N/A",null,false,false,false,"N/A","N/A","N/A",{"$nulls":15},"DC",{"$nulls":3},"N/A","N/A",null,null,false,{"$nulls":3},"2011-06-16"]
["Acuity Brands Lighting","Lithonia Lighting","MR1 LED 1 49B350/40K SR4",4575,59,78,65,3981,{"$nulls":10},"Yes - Made to Order Product","Luminaire","Area/Roadway","","Outdoor","Arm/Pole","","N/A","N/A","N/A",null,false,false,false,"N/A","N/A","N/A",{"$nulls":15},"DC",{"$nulls":3},"N/A","N/A",null,null,false,{"$nulls":3},"2011-06-16"]
["Acuity Brands Lighting","Lithonia Lighting","MR1 LED 1 49B350/40K SR5",4813,59,82,66,3982,{"$nulls":10},"Yes - Made to Order Product","Luminaire","Area/Roadway","","Outdoor","Arm/Pole","","N/A","N/A","N/A",null,false,false,false,"N/A","N/A","N/A",{"$nulls":15},"DC",{"$nulls":3},"N/A","N/A",null,null,false,{"$nulls":3},"2011-06-16"]
["Acuity Brands Lighting","Lithonia Lighting","MR1 LED 1 49B530/40K SR3",6034,85,71,66,4044,{"$nulls":10},"Yes - Made to Order Product","Luminaire","Area/Roadway","","Outdoor","Arm/Pole","","N/A","N/A","N/A",null,false,false,false,"N/A","N/A","N/A",{"$nulls":15},"DC",{"$nulls":3},"N/A","N/A",null,null,false,{"$nulls":3},"2011-06-16"]
["Acuity Brands Lighting","Lithonia Lighting","MR1 LED 1 49B530/40K SR4",6038,85,71,66,4038,{"$nulls":10},"Yes - Made to Order Product","Luminaire","Area/Roadway","","Outdoor","Arm/Pole","","N/A","N/A","N/A",null,false,false,false,"N/A","N/A","N/A",{"$nulls":15},"DC",{"$nulls":3},"N/A","N/A",null,null,false,{"$nulls":3},"2011-06-16"]
["Acuity Brands Lighting","Lithonia Lighting","MR1 LED 1 49B530/40K SR5",6333,85,75,66,4039,{"$nulls":10},"Yes - Made to Order Product","Luminaire","Area/Roadway","","Outdoor","Arm/Pole","","N/A","N/A","N/A",null,false,false,false,"N/A","N/A","N/A",{"$nulls":15},"DC",{"$nulls":3},"N/A","N/A",null,null,false,{"$nulls":3},"2011-06-16"]
["Acuity Brands Lighting","Lithonia Lighting","MR1 LED 1 63B350/40K SR3",6292,74,85,63,4059,{"$nulls":10},"Yes - Made to Order Product","Luminaire","Area/Roadway","","Outdoor","Arm/Pole","","N/A","N/A","N/A",null,false,false,false,"N/A","N/A","N/A",{"$nulls":15},"DC",{"$nulls":3},"N/A","N/A",null,null,false,{"$nulls":3},"2011-06-16"]
["Acuity Brands Lighting","Lithonia Lighting","MR1 LED 1 63B350/40K SR4",6144,74,83,63,4020,{"$nulls":10},"Yes - Made to Order Product","Luminaire","Area/Roadway","","Outdoor","Arm/Pole","","N/A","N/A","N/A",null,false,false,false,"N/A","N/A","N/A",{"$nulls":15},"DC",{"$nulls":3},"N/A","N/A",null,null,false,{"$nulls":3},"2011-06-16"]
["Acuity Brands Lighting","Lithonia Lighting","MR1 LED 1 63B350/40K SR5",6501,74,88,63,4044,{"$nulls":10},"Yes - Made to Order Product","Luminaire","Area/Roadway","","Outdoor","Arm/Pole","","N/A","N/A","N/A",null,false,false,false,"N/A","N/A","N/A",{"$nulls":15},"DC",{"$nulls":3},"N/A","N/A",null,null,false,{"$nulls":3},"2011-06-16"]
["Acuity Brands Lighting","Lithonia Lighting","MR1 LED 1 63B530/40K SR3",8308,108,77,63,4084,{"$nulls":10},"Yes - Made to Order Product","Luminaire","Area/Roadway","","Outdoor","Arm/Pole","","N/A","N/A","N/A",null,false,false,false,"N/A","N/A","N/A",{"$nulls":15},"DC",{"$nulls":3},"N/A","N/A",null,null,false,{"$nulls":3},"2011-06-16"]
["Acuity Brands Lighting","Lithonia Lighting","MR1 LED 1 63B530/40K SR4",8031,108,74,63,4041,{"$nulls":10},"Yes - Made to Order Product","Luminaire","Area/Roadway","","Outdoor","Arm/Pole","","N/A","N/A","N/A",null,false,false,false,"N/A","N/A","N/A",{"$nulls":15},"DC",{"$nulls":3},"N/A","N/A",null,null,false,{"$nulls":3},"2011-06-16"]
["Acuity Brands Lighting","Lithonia Lighting","MR1 LED 1 63B530/40K SR5",8575,108,79,63,4066,{"$nulls":10},"Yes - Made to Order Product","Luminaire","Area/Roadway","","Outdoor","Arm/Pole","","N/A","N/A","N/A",null,false,false,false,"N/A","N/A","N/A",{"$nulls":15},"DC",{"$nulls":3},"N/A","N/A",null,null,false,{"$nulls":3},"2011-06-16"]
["Acuity Brands Lighting","Lithonia Lighting","KAD LED 1 49B530/40K SR3",6432,85,76,66,4035,{"$nulls":10},"Yes - Made to Order Product","Luminaire","Area/Roadway","","Outdoor","Arm/Pole","","N/A","N/A","N/A",null,false,false,false,"N/A","N/A","N/A",{"$nulls":15},"DC",{"$nulls":3},"N/A","N/A",null,null,false,{"$nulls":3},"2011-06-16"]
["Acuity Brands Lighting","Lithonia Lighting","KAD LED 1 49B350/40K SR5",5013,59,85,66,3957,{"$nulls":10},"Yes - Made to Order Product","Luminaire","Area/Roadway","","Outdoor","Arm/Pole","","N/A","N/A","N/A",null,false,false,false,"N/A","N/A","N/A",{"$nulls":15},"DC",{"$nulls":3},"N/A","N/A",null,null,false,{"$nulls":3},"2011-06-16"]
["Acuity Brands Lighting","Lithonia Lighting","KAD LED 1 49B350/40K SR4",4762,59,80,66,3942,{"$nulls":10},"Yes - Made to Order Product","Luminaire","Area/Roadway","","Outdoor","Arm/Pole","","N/A","N/A","N/A",null,false,false,false,"N/A","N/A","N/A",{"$nulls":15},"DC",{"$nulls":3},"N/A","N/A",null,null,false,{"$nulls":3},"2011-06-16"]
["Acuity Brands Lighting","Lithonia Lighting","KAD LED 1 49B350/40K SR3",4846,58,84,66,3971,{"$nulls":10},"Yes - Made to Order Product","Luminaire","Area/Roadway","","Outdoor","Arm/Pole","","N/A","N/A","N/A",null,false,false,false,"N/A","N/A","N/A",{"$nulls":15},"DC",{"$nulls":3},"N/A","N/A",null,null,false,{"$nulls":3},"2011-06-16"]
["Acuity Brands Lighting","Lithonia Lighting","ASW1 LED 1 63B530/40K SR4",8262,110,75,63,4057,{"$nulls":10},"Yes - Made to Order Product","Luminaire","Area/Roadway","","Outdoor","Wall","","N/A","N/A","N/A",null,false,false,false,"N/A","N/A","N/A",{"$nulls":15},"DC",{"$nulls":3},"N/A","N/A",null,null,false,{"$nulls":3},"2011-06-16"]
["Acuity Brands Lighting","Lithonia Lighting","ASW1 LED 1 63B530/40K SR3",8206,109,75,63,4077,{"$nulls":10},"Yes - Made to Order Product","Luminaire","Area/Roadway","","Outdoor","Wall","","N/A","N/A","N/A",null,false,false,false,"N/A","N/A","N/A",{"$nulls":15},"DC",{"$nulls":3},"N/A","N/A",null,null,false,{"$nulls":3},"2011-06-16"]
["Acuity Brands Lighting","Lithonia Lighting","ASW1 LED 1 63B350/40K SR4",6239,74,84,63,4025,{"$nulls":10},"Yes - Made to Order Product","Luminaire","Area/Roadway","","Outdoor","Wall","","N/A","N/A","N/A",null,false,false,false,"N/A","N/A","N/A",{"$nulls":15},"DC",{"$nulls":3},"N/A","N/A",null,null,false,{"$nulls":3},"2011-06-16"]
["Acuity Brands Lighting","Lithonia Lighting","ASW1 LED 1 63B350/40K SR3",6265,74,84,63,4043,{"$nulls":10},"Yes - Made to Order Product","Luminaire","Area/Roadway","","Outdoor","Wall","","N/A","N/A","N/A",null,false,false,false,"N/A","N/A","N/A",{"$nulls":15},"DC",{"$nulls":3},"N/A","N/A",null,null,false,{"$nulls":3},"2011-06-16"]
["Acuity Brands Lighting","Lithonia Lighting","OLAW23 53K 120 PE BZ",2304,35,65.83,67,5037,{"$nulls":10},"Yes - Standard Stocked Product or In-Stores","Luminaire","Area/Roadway","","Outdoor","Arm/Pole - Wall","Other","N/A","N/A","N/A",null,false,false,false,"N/A","N/A","N/A",{"$nulls":15},"DC",{"$nulls":3},"N/A","N/A",null,null,false,0,null,null,"2011-06-05"]
["Acuity Brands Lighting","Lithonia Lighting","AS1 LED 1 63B350/40K SR5",6501,75,87,63,4029,{"$nulls":10},"Yes - Made to Order Product","Luminaire","Area/Roadway","","Outdoor","Arm/Pole","","N/A","N/A","N/A",null,false,false,false,"N/A","N/A","N/A",{"$nulls":15},"DC",{"$nulls":3},"N/A","N/A",null,null,false,{"$nulls":3},"2011-06-05"]
["Acuity Brands Lighting","Lithonia Lighting","AS1 LED 1 63B350/40K SR4",6227,74,84,63,4042,{"$nulls":10},"Yes - Made to Order Product","Luminaire","Area/Roadway","","Outdoor","Arm/Pole","","N/A","N/A","N/A",null,false,false,false,"N/A","N/A","N/A",{"$nulls":15},"DC",{"$nulls":3},"N/A","N/A",null,null,false,{"$nulls":3},"2011-06-05"]
["Acuity Brands Lighting","Lithonia Lighting","AS1 LED 1 63B350/40K SR3",6346,75,85,63,4050,{"$nulls":10},"Yes - Made to Order Product","Luminaire","Area/Roadway","","Outdoor","Arm/Pole","","N/A","N/A","N/A",null,false,false,false,"N/A","N/A","N/A",{"$nulls":15},"DC",{"$nulls":3},"N/A","N/A",null,null,false,{"$nulls":3},"2011-06-05"]
["Acuity Brands Lighting","Lithonia Lighting","AS1 LED 1 49B530/40K SR5",6375,85,75,66,4027,{"$nulls":10},"Yes - Made to Order Product","Luminaire","Area/Roadway","","Outdoor","Arm/Pole","","N/A","N/A","N/A",null,false,false,false,"N/A","N/A","N/A",{"$nulls":15},"DC",{"$nulls":3},"N/A","N/A",null,null,false,{"$nulls":3},"2011-06-05"]
["Acuity Brands Lighting","Lithonia Lighting","AS1 LED 1 49B530/40K SR4",6053,85,71,66,4007,{"$nulls":10},"Yes - Made to Order Product","Luminaire","Area/Roadway","","Outdoor","Arm/Pole","","N/A","N/A","N/A",null,false,false,false,"N/A","N/A","N/A",{"$nulls":15},"DC",{"$nulls":3},"N/A","N/A",null,null,false,{"$nulls":3},"2011-06-05"]
["Acuity Brands Lighting","Lithonia Lighting","AS1 LED 1 49B530/40K SR3",6105,85,71,66,4032,{"$nulls":10},"Yes - Made to Order Product","Luminaire","Area/Roadway","","Outdoor","Arm/Pole","","N/A","N/A","N/A",null,false,false,false,"N/A","N/A","N/A",{"$nulls":15},"DC",{"$nulls":3},"N/A","N/A",null,null,false,{"$nulls":3},"2011-06-05"]
["Acuity Brands Lighting","Lithonia Lighting","AS1 LED 1 49B350/40K SR5",4832,59,82,66,3978,{"$nulls":10},"Yes - Made to Order Product","Luminaire","Area/Roadway","","Outdoor","Arm/Pole","","N/A","N/A","N/A",null,false,false,false,"N/A","N/A","N/A",{"$nulls":15},"DC",{"$nulls":3},"N/A","N/A",null,null,false,{"$nulls":3},"2011-06-05"]
["Acuity Brands Lighting","Lithonia Lighting","AS1 LED 1 49B350/40K SR4",4626,59,78,66,3979,{"$nulls":10},"Yes - Made to Order Product","Luminaire","Area/Roadway","","Outdoor","Arm/Pole","","N/A","N/A","N/A",null,false,false,false,"N/A","N/A","N/A",{"$nulls":15},"DC",{"$nulls":3},"N/A","N/A",null,null,false,{"$nulls":3},"2011-06-05"]
["Acuity Brands Lighting","Lithonia Lighting","AS1 LED 1 49B350/40K SR3",4681,59,79.34,66,3982,{"$nulls":10},"Yes - Made to Order Product","Luminaire","Area/Roadway","","Outdoor","Arm/Pole","","N/A","N/A","N/A",null,false,false,false,"N/A","N/A","N/A",{"$nulls":15},"DC",{"$nulls":3},"N/A","N/A",null,null,false,{"$nulls":3},"2011-06-05"]
["RAB Lighting Inc","RAB","GN*LED13NR",604,15,40,87,4000,{"$nulls":10},"Yes - Made to Order Product","Luminaire","Area/Roadway","","Outdoor","","","N/A","N/A","N/A",null,false,false,false,"N/A","N/A","N/A",{"$nulls":10},0.974,120,{"$nulls":3},"AC",{"$nulls":3},"N/A","N/A",null,null,false,{"$nulls":3},"2011-05-24"]
["RAB Lighting Inc","RAB","GN*LED13NS",643,15,43,87,4000,{"$nulls":10},"Yes - Made to Order Product","Luminaire","Area/Roadway","","Outdoor","","","N/A","N/A","N/A",null,false,false,false,"N/A","N/A","N/A",{"$nulls":10},0.968,120,{"$nulls":3},"AC",{"$nulls":3},"N/A","N/A",null,null,false,{"$nulls":3},"2011-05-24"]
["RAB Lighting Inc","RAB","GN*LED13YR",535,16,35,86,3000,{"$nulls":10},"Yes - Made to Order Product","Luminaire","Area/Roadway","","Outdoor","","","N/A","N/A","N/A",null,false,false,false,"N/A","N/A","N/A",{"$nulls":10},0.971,120,{"$nulls":3},"AC",{"$nulls":3},"N/A","N/A",null,null,false,{"$nulls":3},"2011-05-24"]
["RAB Lighting Inc","RAB","GN*LED13YS",571,16,37,86,3000,{"$nulls":10},"Yes - Made to Order Product","Luminaire","Area/Roadway","","Outdoor","","","N/A","N/A","N/A",null,false,false,false,"N/A","N/A","N/A",{"$nulls":10},0.971,120,{"$nulls":3},"AC",{"$nulls":3},"N/A","N/A",null,null,false,{"$nulls":3},"2011-05-24"]
["RAB Lighting Inc","RAB","GN*LED13Y",556,16,36,86,3000,{"$nulls":10},"Yes - Made to Order Product","Luminaire","Area/Roadway","","Outdoor","","","N/A","N/A","N/A",null,false,false,false,"N/A","N/A","N/A",{"$nulls":10},0.971,120,{"$nulls":3},"AC",{"$nulls":3},"N/A","N/A",null,null,false,{"$nulls":3},"2011-05-24"]
["RAB Lighting Inc","RAB","GN*LED13NAD",563,15,37,86,4000,{"$nulls":10},"Yes - Made to Order Product","Luminaire","Area/Roadway","","Outdoor","","","N/A","N/A","N/A",null,false,false,false,"N/A","N/A","N/A",{"$nulls":10},0.968,120,{"$nulls":3},"AC",{"$nulls":3},"N/A","N/A",null,null,false,{"$nulls":3},"2011-05-24"]
["RAB Lighting Inc","RAB","GN*LED13NST",615,15,41,87,4000,{"$nulls":10},"Yes - Made to Order Product","Luminaire","Area/Roadway","","Outdoor","","","N/A","N/A","N/A",null,false,false,false,"N/A","N/A","N/A",{"$nulls":10},0.968,120,{"$nulls":3},"AC",{"$nulls":3},"N/A","N/A",null,null,false,{"$nulls":3},"2011-05-24"]
["RAB Lighting Inc","RAB","GNLED13/GN*LED13NAC",571,15,38,86,4000,{"$nulls":10},"Yes - Made to Order Product","Luminaire","Area/Roadway","","Outdoor","","","N/A","N/A","N/A",null,false,false,false,"N/A","N/A","N/A",{"$nulls":10},0.968,120,{"$nulls":3},"AC",{"$nulls":3},"N/A","N/A",null,null,false,{"$nulls":3},"2011-05-24"]
["RAB Lighting Inc","RAB","WPLEDR5Y",133,5.3,25,88,3031,{"$nulls":10},"Yes - Standard Stocked Product or In-Stores","Luminaire","Area/Roadway","","Outdoor","Wall","","N/A","N/A","N/A",null,false,false,false,"N/A","N/A","N/A",{"$nulls":10},0.46,120,{"$nulls":3},"AC",{"$nulls":3},"N/A","N/A",null,null,false,{"$nulls":3},"2011-05-23"]
["RAB Lighting Inc","RAB","WPLEDR5",213,5.2,41,68,4859,{"$nulls":10},"Yes - Standard Stocked Product or In-Stores","Luminaire","Area/Roadway","","Outdoor","Wall","","N/A","N/A","N/A",null,false,false,false,"N/A","N/A","N/A",{"$nulls":10},0.45,120,{"$nulls":3},"AC",{"$nulls":3},"N/A","N/A",null,null,false,{"$nulls":3},"2011-05-23"]
["RAB Lighting Inc","RAB","WPLED5Y",128,5.3,24,88,3088,{"$nulls":10},"Yes - Standard Stocked Product or In-Stores","Luminaire","Area/Roadway","","Outdoor","Wall","","N/A","N/A","N/A",null,false,false,false,"N/A","N/A","N/A",{"$nulls":10},0.46,120,{"$nulls":3},"AC",{"$nulls":3},"N/A","N/A",null,null,false,{"$nulls":3},"2011-05-23"]
["RAB Lighting Inc","RAB","WPLED5",196,5.3,37,68,5054,{"$nulls":10},"Yes - Standard Stocked Product or In-Stores","Luminaire","Area/Roadway","","Outdoor","Wall","","N/A","N/A","N/A",null,false,false,false,"N/A","N/A","N/A",{"$nulls":10},0.46,120,{"$nulls":3},"AC",{"$nulls":3},"N/A","N/A",null,null,false,{"$nulls":3},"2011-05-23"]
["RAB Lighting Inc","RAB","WPLEDR5N",159,5,31,85,4000,{"$nulls":10},"Yes - Made to Order Product","Luminaire","Area/Roadway","","Outdoor","Wall","","N/A","N/A","N/A",null,false,false,false,"N/A","N/A","N/A",{"$nulls":10},0.434,120,{"$nulls":3},"AC",{"$nulls":3},"N/A","N/A",null,null,false,{"$nulls":3},"2011-05-19"]
["RAB Lighting Inc","RAB","WPLED5N",155,5,30,85,4000,{"$nulls":10},"Yes - Made to Order Product","Luminaire","Area/Roadway","","Outdoor","Wall","","N/A","N/A","N/A",null,false,false,false,"N/A","N/A","N/A",{"$nulls":10},0.437,120,{"$nulls":3},"AC",{"$nulls":3},"N/A","N/A",null,null,false,{"$nulls":3},"2011-05-19"]
["Ringdale, Inc.","Ringdale, Inc.","SBL-0077-LED Shoe Box Parking Lot Light",5895,75.5,78,73,5625,{"$nulls":10},"Yes - Made to Order Product","Luminaire","Area/Roadway","","Outdoor","Arm/Pole","","N/A","N/A","N/A",null,false,false,false,"N/A","N/A","N/A",{"$nulls":15},"",{"$nulls":3},"N/A","N/A",null,null,false,{"$nulls":3},"2011-05-13"]
["Ringdale, Inc.","ActiveLED","SLWV-5551-N",3796,52.5,72.3,71,5223,{"$nulls":10},"Yes - Made to Order Product","Luminaire","Area/Roadway","","Outdoor","Arm/Pole","","N/A","N/A","N/A",null,false,false,false,"N/A","N/A","N/A",{"$nulls":15},"AC",{"$nulls":3},"N/A","N/A",null,null,false,{"$nulls":3},"2011-05-03"]
["Ringdale, Inc.","ActiveLED","SLD-5551-N",7332,103.8,70.6,74,5955,{"$nulls":10},"Yes - Made to Order Product","Luminaire","Area/Roadway","","Outdoor","Arm/Pole","","N/A","N/A","N/A",null,false,false,false,"N/A","N/A","N/A",{"$nulls":15},"AC",{"$nulls":3},"N/A","N/A",null,null,false,{"$nulls":3},"2011-05-03"]
["Acuity Brands Lighting","Lithonia Lighting","OLW14 WH",1436,26.45,54.29,77,5470,{"$nulls":10},"Yes - Standard Stocked Product or In-Stores","Luminaire","Area/Roadway","","Outdoor","Wall","Other","N/A","N/A","N/A",null,false,false,true,"N/A","N/A","N/A",{"$nulls":4},93.6,6.4,0,0,null,null,0.984,120,{"$nulls":3},"AC",{"$nulls":3},"N/A","N/A",null,null,false,0,null,null,"2011-04-26"]
["RAB Lighting Inc","RAB","VXBRLED13YDG",507,15,33,86,3000,{"$nulls":10},"Yes - Made to Order Product","Luminaire","Area/Roadway","","Outdoor","","","N/A","N/A","N/A",null,false,false,false,"N/A","N/A","N/A",{"$nulls":10},0.938,120,{"$nulls":3},"AC",{"$nulls":3},"N/A","N/A",null,null,false,{"$nulls":3},"2011-02-26"]
["RAB Lighting Inc","RAB","VXLED13YDG",507,15,33,86,3000,{"$nulls":10},"Yes - Made to Order Product","Luminaire","Area/Roadway","","Outdoor","","","N/A","N/A","N/A",null,false,false,false,"N/A","N/A","N/A",{"$nulls":10},0.938,120,{"$nulls":3},"AC",{"$nulls":3},"N/A","N/A",null,null,false,{"$nulls":3},"2011-02-26"]
["RAB Lighting Inc","RAB","VXBRLED13DG",729,15,48,65,5000,{"$nulls":10},"Yes - Standard Stocked Product or In-Stores","Luminaire","Area/Roadway","","Outdoor","","","N/A","N/A","N/A",null,false,false,false,"N/A","N/A","N/A",{"$nulls":10},0.932,120,{"$nulls":3},"AC",{"$nulls":3},"N/A","N/A",null,null,false,{"$nulls":3},"2011-02-17"]
["RAB Lighting Inc","RAB","VXLED13DG",729,15,48,65,5000,{"$nulls":10},"Yes - Standard Stocked Product or In-Stores","Luminaire","Area/Roadway","","Outdoor","","","N/A","N/A","N/A",null,false,false,false,"N/A","N/A","N/A",{"$nulls":10},0.932,120,{"$nulls":3},"AC",{"$nulls":3},"N/A","N/A",null,null,false,{"$nulls":3},"2011-02-17"]
["Relume Technologies","Relume Technologies","UAH1-CW",5978,73,82,72,5738,{"$nulls":10},"Yes - Made to Order Product","Luminaire","Area/Roadway","","Outdoor","","","N/A","N/A","N/A",null,false,false,false,"N/A","N/A","N/A",{"$nulls":4},61.1,37.2,{"$nulls":4},0.994,{"$nulls":4},"AC",{"$nulls":3},"N/A","N/A",null,null,false,{"$nulls":3},"2011-01-13"]
["Relume Technologies","Relume Technologies","UAH1-WW",4703,73.95,64,80,3367,{"$nulls":10},"Yes - Made to Order Product","Luminaire","Area/Roadway","","Outdoor","","","N/A","N/A","N/A",null,false,false,false,"N/A","N/A","N/A",{"$nulls":4},57.7,40.3,{"$nulls":4},0.994,{"$nulls":4},"AC",{"$nulls":3},"N/A","N/A",null,null,false,{"$nulls":3},"2011-01-13"]
["Relume Technologies","Relume Technologies","UAT2-CW (0.350A Tap)",3410,44,78,77,6214,{"$nulls":10},"Yes - Made to Order Product","Luminaire","Area/Roadway","","Outdoor","","","N/A","N/A","N/A",null,false,false,false,"N/A","N/A","N/A",{"$nulls":4},47.5,45.1,{"$nulls":4},0.987,{"$nulls":4},"AC",{"$nulls":3},"N/A","N/A",null,null,false,{"$nulls":3},"2011-01-13"]
["Relume Technologies","Relume Technologies","Universal Acorn",4675,58,81,72,6700,{"$nulls":10},"Yes - Made to Order Product","Luminaire","Area/Roadway","","Outdoor","","","N/A","N/A","N/A",null,false,false,false,"N/A","N/A","N/A",{"$nulls":4},47,37.4,{"$nulls":4},0.993,120,{"$nulls":3},"AC",{"$nulls":3},"N/A","N/A",null,null,false,{"$nulls":3},"2011-01-13"]
["Relume Technologies","Relume Technologies","UAT2-CW",4570,65,70,75,6323,{"$nulls":10},"Yes - Made to Order Product","Luminaire","Area/Roadway","","Outdoor","","","N/A","N/A","N/A",null,false,false,false,"N/A","N/A","N/A",{"$nulls":4},47.2,45.2,{"$nulls":4},0.993,{"$nulls":4},"AC",{"$nulls":3},"N/A","N/A",null,null,false,{"$nulls":3},"2011-01-10"]
["AAL / Kim Lighting","Kim Lighting","PGL7",4854,64.9,74.79,68.2,5029,{"$nulls":10},"Yes - Made to Order Product","Luminaire","Parking Garage","","Outdoor","Surface - Suspended","","N/A","N/A","N/A",null,false,false,true,"N/A","N/A","N/A",null,null,65,1738,47.1,52.8,0,0,null,null,0.992,120,1.8E-3,-33,4.05,"AC",{"$nulls":3},"N/A","N/A",null,null,false,0,null,null,"2010-11-29"]
["RAB Lighting Inc","RAB","WPLED20Y - [Upgrade 09/2010]",985,21.7,45,70,2942,{"$nulls":10},"Yes - Made to Order Product","Luminaire","Area/Roadway","","Outdoor","Wall","","N/A","N/A","N/A",null,false,false,false,"N/A","N/A","N/A",{"$nulls":10},0.972,120,{"$nulls":3},"AC",{"$nulls":3},"N/A","N/A",null,null,false,{"$nulls":3},"2010-09-15"]
["RAB Lighting Inc","RAB","WPLED20 - [Upgrade 09/2010]",1401,21.5,65,69,5276,{"$nulls":10},"Yes - Standard Stocked Product or In-Stores","Luminaire","Area/Roadway","","Outdoor","Wall","","N/A","N/A","N/A",null,false,false,false,"N/A","N/A","N/A",{"$nulls":10},0.974,120,{"$nulls":3},"AC",{"$nulls":3},"N/A","N/A",null,null,false,{"$nulls":3},"2010-09-15"]
["RAB Lighting Inc","RAB","WPLED13Y",662,15,44,87,3090,{"$nulls":10},"Yes - Made to Order Product","Luminaire","Area/Roadway","","Outdoor","Wall","","N/A","N/A","N/A",null,false,false,false,"N/A","N/A","N/A",{"$nulls":15},"AC",{"$nulls":3},"N/A","N/A",null,null,false,{"$nulls":3},"2010-04-29"]
["RAB Lighting Inc","RAB","WPLED13",1064,15,71,66,4828,{"$nulls":10},"Yes - Standard Stocked Product or In-Stores","Luminaire","Area/Roadway","","Outdoor","Wall","","N/A","N/A","N/A",null,false,false,false,"N/A","N/A","N/A",{"$nulls":15},"AC",{"$nulls":3},"N/A","N/A",null,null,false,{"$nulls":3},"2010-04-29"]
["RAB Lighting Inc","RAB","WPLED20Y",704,22,32,74,2754,{"$nulls":10},"Yes - Made to Order Product","Luminaire","Area/Roadway","","Outdoor","Wall","","N/A","N/A","N/A",null,false,false,false,"N/A","N/A","N/A",{"$nulls":10},0.945,120,{"$nulls":3},"AC",{"$nulls":3},"N/A","N/A",null,null,false,{"$nulls":3},"2009-12-23"]
["RAB Lighting Inc","RAB","WPLED20",1030,22.4,46,70,5584,{"$nulls":10},"Yes - Standard Stocked Product or In-Stores","Luminaire","Area/Roadway","","Outdoor","Wall","","N/A","N/A","N/A",null,false,false,false,"N/A","N/A","N/A",{"$nulls":10},0.977,120,{"$nulls":3},"AC",{"$nulls":3},"N/A","N/A",null,null,false,{"$nulls":3},"2009-12-23"]
["Lighting Science Group Corporation","Lighting Science Group","LSR2 NW R2 75 2BGRSH",5890,73.91,79.69,69,5253,{"$nulls":10},"Yes - Made to Order Product","Luminaire","Area/Roadway","","Outdoor","Arm/Pole","","N/A","N/A","N/A",null,false,false,false,"N/A","N/A","N/A",{"$nulls":15},"AC",{"$nulls":3},"N/A","N/A",null,null,false,{"$nulls":3},"2009-11-11"]
["Lighting Science Group Corporation","Lighting Science Group","LSR1 NW R2 50 2B GR SH",4354,50,87,68,5162,{"$nulls":10},"Yes - Made to Order Product","Luminaire","Area/Roadway","","Outdoor","Arm/Pole","","N/A","N/A","N/A",null,false,false,false,"N/A","N/A","N/A",{"$nulls":15},"AC",{"$nulls":3},"N/A","N/A",null,null,false,{"$nulls":3},"2009-11-11"]
["Lighting Science Group Corporation","Lighting Science Group","ShoeBox (SHB CW CLR)",6765,85,79.7,75,6222,{"$nulls":10},"Yes - Made to Order Product","Luminaire","Area/Roadway","","Outdoor","Arm/Pole","","N/A","N/A","N/A",null,false,false,false,"N/A","N/A","N/A",{"$nulls":15},"AC",{"$nulls":3},"N/A","N/A",null,null,false,{"$nulls":3},"2009-11-03"]
["RAB Lighting Inc","RAB","WPLED10",547,13.2,41,92,5250,{"$nulls":10},"Yes - Standard Stocked Product or In-Stores","Luminaire","Area/Roadway","","Outdoor","Wall","","N/A","N/A","N/A",null,false,false,false,"N/A","N/A","N/A",{"$nulls":15},"AC",{"$nulls":3},"N/A","N/A",null,null,false,{"$nulls":3},"2009-09-30"]
["RAB Lighting Inc","RAB","WPLED10SY",542,13.3,41,45,2905,{"$nulls":10},"Yes - Made to Order Product","Luminaire","Area/Roadway","","Outdoor","Wall","","N/A","N/A","N/A",null,false,false,false,"N/A","N/A","N/A",{"$nulls":15},"AC",{"$nulls":3},"N/A","N/A",null,null,false,{"$nulls":3},"2009-09-30"]

{"sheet":"Search Results Summary","index":4,"n_rows":25,"n_cols":14,"rows_kept":25,"merged":[[0,0,0,4],[1,0,1,9],[2,0,2,7],[3,2,3,3]]}
["LED LightingFacts Search Parameters"]
["A summary of the criteria used and metrics data of the results on the Search Results tab."]
["MACROS MUST BE ENABLED FOR VARIOUS FUNCTIONS AND THE 'Refine Results' TAB TO WORK.\nIf you are experiencing trouble or are unsure with your macro settings, click here to bring up a help page in your browser."]
[null,{"$f":"\"Total Product Count:  \"&COUNTA('Search Results'!C6:C100001)","v":"Total Product Count:  15174"},"Downloaded On:"]
[]
[null,"Selected Parameters",null,null,"Results Summary"]
[null,"Metrics","Min","Max","Min","Max","Average","Count",null,"Selected Category Designations","",null,"Include Products That...",""]
[null,"Light Output",null,null,{"$f":"MIN('Search Results'!D6:D100001)","v":56},{"$f":"MAX('Search Results'!D6:D100001)","v":139772},{"$f":"AVERAGE('Search Results'!D6:D100001)","v":{"v":12278.973263339281,"d":"12278.97"}},{"$f":"COUNT('Search Results'!D6:D100001)","v":15174},null,"Product Types","Luminaire"]
[null,"Watts",null,null,{"$f":"MIN('Search Results'!E6:E100001)","v":3},{"$f":"MAX('Search Results'!E6:E100001)","v":1298.4},{"$f":"AVERAGE('Search Results'!E6:E100001)","v":{"v":114.00491327521497,"d":"114.00"}},{"$f":"COUNT('Search Results'!E6:E100001)","v":15174},null,"Product Categories","Area/Roadway"]
[null,"Efficacy",null,null,{"$f":"MIN('Search Results'!F6:F100001)","v":4.15},{"$f":"MAX('Search Results'!F6:F100001)","v":167.97},{"$f":"AVERAGE('Search Results'!F6:F100001)","v":{"v":105.05825327025232,"d":"105.06"}},{"$f":"COUNT('Search Results'!F6:F100001)","v":15174},null,"Product Categories","Parking Garage"]
[null,"CRI",null,null,{"$f":"MIN('Search Results'!G6:G100001)","v":-23},{"$f":"MAX('Search Results'!G6:G100001)","v":96},{"$f":"AVERAGE('Search Results'!G6:G100001)","v":{"v":75.29396808160386,"d":"75.29"}},{"$f":"COUNT('Search Results'!G6:G100001)","v":15172},null,"Use Locations","Outdoor"]
[null,"CCT",null,null,{"$f":"MIN('Search Results'!H6:H100001)","v":1471},{"$f":"MAX('Search Results'!H6:H100001)","v":7181},{"$f":"AVERAGE('Search Results'!H6:H100001)","v":{"v":4306.0117885218615,"d":"4306.01"}},{"$f":"COUNT('Search Results'!H6:H100001)","v":15174}]
[null,"Power Factor",null,null,{"$f":"MIN('Search Results'!AT6:AT100001)","v":0.434},{"$f":"MAX('Search Results'!AT6:AT100001)","v":1},{"$f":"AVERAGE('Search Results'!AT6:AT100001)","v":{"v":0.981210147533588,"d":"0.98"}},{"$f":"COUNT('Search Results'!AT6:AT100001)","v":5485}]
[null,"Input Voltage",null,null,{"$f":"MIN('Search Results'!AU6:AU100001)","v":20},{"$f":"MAX('Search Results'!AU6:AU100001)","v":480.5},{"$f":"AVERAGE('Search Results'!AU6:AU100001)","v":{"v":146.09102542783933,"d":"146.09"}},{"$f":"COUNT('Search Results'!AU6:AU100001)","v":14433}]
[null,"Duv",null,null,{"$f":"MIN('Search Results'!AV6:AV100001)","v":-0.0102},{"$f":"MAX('Search Results'!AV6:AV100001)","v":0.017},{"$f":"AVERAGE('Search Results'!AV6:AV100001)","v":{"v":0.00191917328977272,"d":"0.00"}},{"$f":"COUNT('Search Results'!AV6:AV100001)","v":3520}]
[null,"R9",null,null,{"$f":"MIN('Search Results'!AW6:AW100001)","v":-386},{"$f":"MAX('Search Results'!AW6:AW100001)","v":83.9},{"$f":"AVERAGE('Search Results'!AW6:AW100001)","v":{"v":-8.130446593001862,"d":"-8.13"}},{"$f":"COUNT('Search Results'!AW6:AW100001)","v":3258}]
[null,"Total Harmonic Distortion",null,null,{"$f":"MIN('Search Results'!AX6:AX100001)","v":0.0017},{"$f":"MAX('Search Results'!AX6:AX100001)","v":100.2},{"$f":"AVERAGE('Search Results'!AX6:AX100001)","v":{"v":8.094263609495226,"d":"8.09"}},{"$f":"COUNT('Search Results'!AX6:AX100001)","v":3846}]
[null,"Beam Angle",null,null,{"$f":"MIN('Search Results'!AL6:AL100001)","v":7.5},{"$f":"MAX('Search Results'!AL6:AL100001)","v":360},{"$f":"AVERAGE('Search Results'!AL6:AL100001)","v":{"v":104.340748502994,"d":"104.34"}},{"$f":"COUNT('Search Results'!AL6:AL100001)","v":334}]
[null,"Center Beam Candlepower",null,null,{"$f":"MIN('Search Results'!AM6:AM100001)","v":0},{"$f":"MAX('Search Results'!AM6:AM100001)","v":1056515},{"$f":"AVERAGE('Search Results'!AM6:AM100001)","v":{"v":6605.278019779341,"d":"6605.28"}},{"$f":"COUNT('Search Results'!AM6:AM100001)","v":1269}]
[null,"Zonal Lumen Density (0-60°)",null,null,{"$f":"MIN('Search Results'!AN6:AN100001)","v":0},{"$f":"MAX('Search Results'!AN6:AN100001)","v":100},{"$f":"AVERAGE('Search Results'!AN6:AN100001)","v":{"v":68.10931067041359,"d":"68.11"}},{"$f":"COUNT('Search Results'!AN6:AN100001)","v":2491}]
[null,"Zonal Lumen Density (60-90°)",null,null,{"$f":"MIN('Search Results'!AO6:AO100001)","v":0},{"$f":"MAX('Search Results'!AO6:AO100001)","v":99.8},{"$f":"AVERAGE('Search Results'!AO6:AO100001)","v":{"v":28.77521068302658,"d":"28.78"}},{"$f":"COUNT('Search Results'!AO6:AO100001)","v":2445}]
[null,"Zonal Lumen Density (90-120°)",null,null,{"$f":"MIN('Search Results'!AP6:AP100001)","v":0},{"$f":"MAX('Search Results'!AP6:AP100001)","v":28.9},{"$f":"AVERAGE('Search Results'!AP6:AP100001)","v":{"v":1.4457853817504673,"d":"1.45"}},{"$f":"COUNT('Search Results'!AP6:AP100001)","v":2148}]
[null,"Zonal Lumen Density (120-180°)",null,null,{"$f":"MIN('Search Results'!AQ6:AQ100006)","v":0},{"$f":"MAX('Search Results'!AQ6:AQ100006)","v":13.6},{"$f":"AVERAGE('Search Results'!AQ6:AQ100001)","v":{"v":0.3290869980879536,"d":"0.33"}},{"$f":"COUNT('Search Results'!AQ6:AQ100001)","v":2092}]
[null,"Spacing Criteria (0-180)",null,null,{"$f":"MIN('Search Results'!AR6:AR100001)","v":0},{"$f":"MAX('Search Results'!AR6:AR100001)","v":8.73},{"$f":"AVERAGE('Search Results'!AR6:AR100001)","v":{"v":1.4106281407035173,"d":"1.41"}},{"$f":"COUNT('Search Results'!AR6:AR100001)","v":398}]
[null,"Spacing Criteria (180-270)",null,null,{"$f":"MIN('Search Results'!AS6:AS100001)","v":0},{"$f":"MAX('Search Results'!AS6:AS100001)","v":8.93},{"$f":"AVERAGE('Search Results'!AS6:AS100001)","v":{"v":1.6574111675126884,"d":"1.66"}},{"$f":"COUNT('Search Results'!AS6:AS100001)","v":394}]

{"sheet":"Refine Results","index":5,"n_rows":17,"n_cols":67,"rows_kept":17,"merged":[[0,0,0,1],[0,6,0,7],[1,0,1,4],[1,6,1,8],[2,0,2,4],[2,6,2,8],[3,6,3,10],[3,11,3,15],[3,16,3,20],[3,29,3,31],[3,42,3,45],[3,46,3,47],[3,58,3,60],[3,61,3,64],[6,1,6,2],[7,1,7,2],[8,1,8,2],[9,1,9,2]]}
["Refining Your Results"]
["Search for subsets of your results from the Search Results tab by specifying criteria and clicking \"Filter Results\"."]
["MACROS MUST BE ENABLED FOR VARIOUS FUNCTIONS AND THE 'Refine Results' TAB TO WORK.\nIf you are experiencing trouble or are unsure with your macro settings, click here to bring up a help page in your browser. "]
[{"$nulls":3},{"$f":"\"Matching Products: \"&COUNTA(F6:F100000)","v":"Matching Products: 0"},null,null,"Listed Metrics",{"$nulls":4},"Tested Metrics",{"$nulls":4},"Verification-Tested Metrics",{"$nulls":12},"NGL Competition","NGL Competition","NGL Competition",{"$nulls":10},"Zonal Lumen Distribution","Zonal Lumen Distribution","Zonal Lumen Distribution","Zonal Lumen Distribution","Spacing Criteria","Spacing Criteria",{"$nulls":10},"Dimming Information","Dimming Information","Dimming Information","Lumen Maintenance Claims","Lumen Maintenance Claims","Lumen Maintenance Claims","Lumen Maintenance Claims"]
[{"$nulls":3},"Manufacturer","Brand","Model Number","Light Output","Watts","Efficacy","CRI","CCT","Light OutputT","WattsT","EfficacyT","CRIT","CCTT","Light OutputVT","WattsVT","EfficacyVT","CRIVT","CCTVT","Availability","Product Type","Product Category","Size","Use Locations","Mounting Bases","Subcategories","Product Information URL","Entry ID","Competition","Winner","EnergyStar Qualified","Gateway Demonstration Program","DesignLights Consortium Qualified","LM-79","Specification Sheet","TM-30","Rf","Rg","Beam Angle"," Center Beam Candlepower","0-60","60-90","90-120","120-180","0-180","90-270","Power Factor","Input Voltage","Duv","R9","THD","Power Type","Backlight","Uplight","Glare","Warranty Information Url","Dimming Information Url","Minimum","Maximum","Is Lumen Maintenance Claimed?","Hours","Percent","Temperature","Date Approved","Date Archived"]
[]
["Criteria","Search By"]
["Manufacturer"]
["Brand"]
["Model Number"]
[]
["Metrics","Min","Max"]
["Light Output"]
["Watts"]
["Efficacy"]
["CRI "]
["CCT"]

{"sheet":"Refine Results Summary","index":6,"n_rows":27,"n_cols":10,"rows_kept":27,"merged":[[0,0,0,2],[1,0,1,9],[2,0,2,7]]}
["Refine Results Summary"]
["A summary of the criteria used and metrics data of the results on the Refine Results tab."]
["MACROS MUST BE ENABLED FOR VARIOUS FUNCTIONS AND THE 'Refine Results' TAB TO WORK.\nIf you are experiencing trouble or are unsure with your macro settings, click here to bring up a help page in your browser."]
[null,{"$f":"\"Matching Products: \"&COUNTA('Refine Results'!F6:F100001)","v":"Matching Products: 0"}]
[]
[null,"Selected Parameters",null,null,"Results Summary"]
[null,"Metrics","Min","Max","Min","Max","Average","Count",null,"Search Manufacturer By"]
[null,"Light Output",{"$f":"IF('Refine Results'!B13=\"\",\"\", 'Refine Results'!B13)","v":""},{"$f":"IF('Refine Results'!C13=\"\",\"\", 'Refine Results'!C13)","v":""},{"$f":"MIN('Refine Results'!G$6:G$100001)","v":0},{"$f":"MAX('Refine Results'!G$6:G$100001)","v":0},{"$f":"IF(COUNT('Refine Results'!G$6:G$100001)=0,\"\",AVERAGE('Refine Results'!G$6:G$100001))","v":""},{"$f":"COUNT('Refine Results'!G$6:G$100001)","v":0},null,{"$f":"IF('Refine Results'!B8=\"\",\"Any\",'Refine Results'!B8&\"*\")","v":"Any"}]
[null,"Watts",{"$f":"IF('Refine Results'!B14=\"\",\"\", 'Refine Results'!B14)","v":""},{"$f":"IF('Refine Results'!C14=\"\",\"\", 'Refine Results'!C14)","v":""},{"$f":"MIN('Refine Results'!H$6:H$100001)","v":0},{"$f":"MAX('Refine Results'!H$6:H$100001)","v":0},{"$f":"IF(COUNT('Refine Results'!H$6:H$100001)=0,\"\",AVERAGE('Refine Results'!H$6:H$100001))","v":""},{"$f":"COUNT('Refine Results'!H$6:H$100001)","v":0}]
[null,"Efficacy",{"$f":"IF('Refine Results'!B15=\"\",\"\", 'Refine Results'!B15)","v":""},{"$f":"IF('Refine Results'!C15=\"\",\"\", 'Refine Results'!C15)","v":""},{"$f":"MIN('Refine Results'!I$6:I$100001)","v":0},{"$f":"MAX('Refine Results'!I$6:I$100001)","v":0},{"$f":"IF(COUNT('Refine Results'!I$6:I$100001)=0,\"\",AVERAGE('Refine Results'!I$6:I$100001))","v":""},{"$f":"COUNT('Refine Results'!I$6:I$100001)","v":0},null,"Search Brand By"]
[null,"CRI",{"$f":"IF('Refine Results'!B16=\"\",\"\", 'Refine Results'!B16)","v":""},{"$f":"IF('Refine Results'!C16=\"\",\"\", 'Refine Results'!C16)","v":""},{"$f":"MIN('Refine Results'!J$6:J$100001)","v":0},{"$f":"MAX('Refine Results'!J$6:J$100001)","v":0},{"$f":"IF(COUNT('Refine Results'!J$6:J$100001)=0,\"\",AVERAGE('Refine Results'!J$6:J$100001))","v":""},{"$f":"COUNT('Refine Results'!J$6:J$100001)","v":0},null,{"$f":"IF('Refine Results'!B9=\"\",\"Any\",'Refine Results'!B9&\"*\")","v":"Any"}]
[null,"CCT",{"$f":"IF('Refine Results'!B17=\"\",\"\", 'Refine Results'!B17)","v":""},{"$f":"IF('Refine Results'!C17=\"\",\"\", 'Refine Results'!C17)","v":""},{"$f":"MIN('Refine Results'!K$6:K$100001)","v":0},{"$f":"MAX('Refine Results'!K$6:K$100001)","v":0},{"$f":"IF(COUNT('Refine Results'!K$6:K$100001)=0,\"\",AVERAGE('Refine Results'!K$6:K$100001))","v":""},{"$f":"COUNT('Refine Results'!K$6:K$100001)","v":0}]
[null,"Power Factor",null,null,{"$f":"MIN('Search Results'!AT6:AT100001)","v":0.434},{"$f":"MAX('Search Results'!AT6:AT100001)","v":1},{"$f":"AVERAGE('Search Results'!AT6:AT100001)","v":0.981210147533588},{"$f":"COUNT('Search Results'!AT6:AT100001)","v":5485}]
[null,"Input Voltage",null,null,{"$f":"MIN('Search Results'!AU6:AU100001)","v":20},{"$f":"MAX('Search Results'!AU6:AU100001)","v":480.5},{"$f":"AVERAGE('Search Results'!AU6:AU100001)","v":146.09102542783933},{"$f":"COUNT('Search Results'!AU6:AU100001)","v":14433}]
[null,"Duv",null,null,{"$f":"MIN('Search Results'!AV6:AV100001)","v":-0.0102},{"$f":"MAX('Search Results'!AV6:AV100001)","v":0.017},{"$f":"AVERAGE('Search Results'!AV6:AV100001)","v":0.00191917328977272},{"$f":"COUNT('Search Results'!AV6:AV100001)","v":3520}]
[null,"R9",null,null,{"$f":"MIN('Search Results'!AW6:AW100001)","v":-386},{"$f":"MAX('Search Results'!AW6:AW100001)","v":83.9},{"$f":"AVERAGE('Search Results'!AW6:AW100001)","v":-8.130446593001862},{"$f":"COUNT('Search Results'!AW6:AW100001)","v":3258}]
[null,"Total Harmonic Distortion",null,null,{"$f":"MIN('Search Results'!AX6:AX100001)","v":0.0017},{"$f":"MAX('Search Results'!AX6:AX100001)","v":100.2},{"$f":"AVERAGE('Search Results'!AX6:AX100001)","v":8.094263609495226},{"$f":"COUNT('Search Results'!AX6:AX100001)","v":3846}]
[null,"Beam Angle",null,null,{"$f":"MIN('Search Results'!AL6:AL100001)","v":7.5},{"$f":"MAX('Search Results'!AL6:AL100001)","v":360},{"$f":"AVERAGE('Search Results'!AL6:AL100001)","v":104.340748502994},{"$f":"COUNT('Search Results'!AL6:AL100001)","v":334}]
[null,"Center Beam Candlepower",null,null,{"$f":"MIN('Search Results'!AM6:AM100001)","v":0},{"$f":"MAX('Search Results'!AM6:AM100001)","v":1056515},{"$f":"AVERAGE('Search Results'!AM6:AM100001)","v":6605.278019779341},{"$f":"COUNT('Search Results'!AM6:AM100001)","v":1269}]
[null,"Zonal Lumen Density (0-60°)",null,null,{"$f":"MIN('Search Results'!AN6:AN100001)","v":0},{"$f":"MAX('Search Results'!AN6:AN100001)","v":100},{"$f":"AVERAGE('Search Results'!AN6:AN100001)","v":68.10931067041359},{"$f":"COUNT('Search Results'!AN6:AN100001)","v":2491}]
[null,"Zonal Lumen Density (60-90°)",null,null,{"$f":"MIN('Search Results'!AO6:AO100001)","v":0},{"$f":"MAX('Search Results'!AO6:AO100001)","v":99.8},{"$f":"AVERAGE('Search Results'!AO6:AO100001)","v":28.77521068302658},{"$f":"COUNT('Search Results'!AO6:AO100001)","v":2445}]
[null,"Zonal Lumen Density (90-120°)",null,null,{"$f":"MIN('Search Results'!AP6:AP100001)","v":0},{"$f":"MAX('Search Results'!AP6:AP100001)","v":28.9},{"$f":"AVERAGE('Search Results'!AP6:AP100001)","v":1.4457853817504673},{"$f":"COUNT('Search Results'!AP6:AP100001)","v":2148}]
[null,"Zonal Lumen Density (120-180°)",null,null,{"$f":"MIN('Search Results'!AQ6:AQ100006)","v":0},{"$f":"MAX('Search Results'!AQ6:AQ100006)","v":13.6},{"$f":"AVERAGE('Search Results'!AQ6:AQ100001)","v":0.3290869980879536},{"$f":"COUNT('Search Results'!AQ6:AQ100001)","v":2092}]
[null,"Spacing Criteria (0-180)",null,null,{"$f":"MIN('Search Results'!AR6:AR100001)","v":0},{"$f":"MAX('Search Results'!AR6:AR100001)","v":8.73},{"$f":"AVERAGE('Search Results'!AR6:AR100001)","v":1.4106281407035173},{"$f":"COUNT('Search Results'!AR6:AR100001)","v":398}]
[null,"Spacing Criteria (180-270)",null,null,{"$f":"MIN('Search Results'!AS6:AS100001)","v":0},{"$f":"MAX('Search Results'!AS6:AS100001)","v":8.93},{"$f":"AVERAGE('Search Results'!AS6:AS100001)","v":1.6574111675126884},{"$f":"COUNT('Search Results'!AS6:AS100001)","v":394}]
[{"$nulls":9},"Search Model Number By"]
[{"$nulls":9},{"$f":"IF('Refine Results'!B10=\"\",\"Any\",'Refine Results'!B10&\"*\")","v":"Any"}]

{"sheet":"Refine Util","index":7,"n_rows":4,"n_cols":33,"rows_kept":4,"hidden":true}
[{"$nulls":3},"Min","Max","Min","Max","Min","Max","Min","Max","Min","Max","Min","Max","Min","Max","Min","Max","Min","Max","Min","Max","Min","Max","Min","Max","Min","Max","Min","Max","Min","Max"]
[{"$nulls":3},{"$f":"MIN('Search Results'!D6:D100001)","v":56},{"$f":"MAX('Search Results'!D6:D100001)","v":139772},{"$f":"MIN('Search Results'!E6:E100001)","v":3},{"$f":"MAX('Search Results'!E6:E100001)","v":1298.4},{"$f":"MIN('Search Results'!F6:F100001)","v":4.15},{"$f":"MAX('Search Results'!F6:F100001)","v":167.97},{"$f":"MIN('Search Results'!G6:G100001)","v":-23},{"$f":"MAX('Search Results'!G6:G100001)","v":96},{"$f":"MIN('Search Results'!H6:H100001)","v":1471},{"$f":"MAX('Search Results'!H6:H100001)","v":7181},{"$f":"MIN('Search Results'!I6:I100001)","v":167.71},{"$f":"MAX('Search Results'!I6:I100001)","v":121676},{"$f":"MIN('Search Results'!J6:J100001)","v":3.12},{"$f":"MAX('Search Results'!J6:J100001)","v":1298.4},{"$f":"MIN('Search Results'!K6:K100001)","v":12.7},{"$f":"MAX('Search Results'!K6:K100001)","v":167.97},{"$f":"MIN('Search Results'!L6:L100001)","v":-23},{"$f":"MAX('Search Results'!L6:L100001)","v":96},{"$f":"MIN('Search Results'!M6:M100001)","v":1471},{"$f":"MAX('Search Results'!M6:M100001)","v":7181},{"$f":"MIN('Search Results'!N6:N100001)","v":2174},{"$f":"MAX('Search Results'!N6:N100001)","v":14226.7},{"$f":"MIN('Search Results'!O6:O100001)","v":22.5},{"$f":"MAX('Search Results'!O6:O100001)","v":165.9},{"$f":"MIN('Search Results'!P6:P100001)","v":72.5},{"$f":"MAX('Search Results'!P6:P100001)","v":119.78},{"$f":"MIN('Search Results'!Q6:Q100001)","v":66},{"$f":"MAX('Search Results'!Q6:Q100001)","v":81},{"$f":"MIN('Search Results'!R6:R100001)","v":3864},{"$f":"MAX('Search Results'!R6:R100001)","v":5041}]
["Manufacturer","Brand","Model Number","Light Output","Light Output","Watts","Watts","Efficacy","Efficacy","CRI","CRI","CCT","CCT","Light OutputT","Light OutputT","WattsT","WattsT","EfficacyT","EfficacyT","CRIT","CRIT","CCTT","CCTT","Light OutputVT","Light OutputVT","WattsVT","WattsVT","EfficacyVT","EfficacyVT","CRIVT","CRIVT","CCTVT","CCTVT"]
[{"$f":"IF('Refine Results'!B8=\"\",\"*\",'Refine Results'!B8)","v":"*"},{"$f":"IF('Refine Results'!B9=\"\",\"*\",'Refine Results'!B9)","v":"*"},{"$f":"IF('Refine Results'!B10=\"\",\"*\",'Refine Results'!B10)","v":"*"},{"$f":"IF('Refine Results'!B13=\"\",\">=\"&'Refine Util'!D2,\">=\"&'Refine Results'!B13)","v":">=56"},{"$f":"IF('Refine Results'!C13=\"\",\"<=\"&'Refine Util'!E2,\"<=\"&'Refine Results'!C13)","v":"<=139772"},{"$f":"IF('Refine Results'!B14=\"\",\">=\"&'Refine Util'!F2,\">=\"&'Refine Results'!B14)","v":">=3"},{"$f":"IF('Refine Results'!C14=\"\",\"<=\"&'Refine Util'!G2,\"<=\"&'Refine Results'!C14)","v":"<=1298,4"},{"$f":"IF('Refine Results'!B15=\"\",\">=\"&'Refine Util'!H2,\">=\"&'Refine Results'!B15)","v":">=4,15"},{"$f":"IF('Refine Results'!C15=\"\",\"<=\"&'Refine Util'!I2,\"<=\"&'Refine Results'!C15)","v":"<=167,97"},{"$f":"IF('Refine Results'!B16=\"\",\">=\"&'Refine Util'!J2,\">=\"&'Refine Results'!B16)","v":">=-23"},{"$f":"IF('Refine Results'!C16=\"\",\"<=\"&'Refine Util'!K2,\"<=\"&'Refine Results'!C16)","v":"<=96"},{"$f":"IF('Refine Results'!B17=\"\",\">=\"&'Refine Util'!L2,\">=\"&'Refine Results'!B17)","v":">=1471"},{"$f":"IF('Refine Results'!C17=\"\",\"<=\"&'Refine Util'!M2,\"<=\"&'Refine Results'!C17)","v":"<=7181"},{"$f":"IF('Refine Results'!#REF!=\"\",\">=\"&'Refine Util'!N2,\">=\"&'Refine Results'!#REF!)","v":{"$error":"#REF!"}},{"$f":"IF('Refine Results'!#REF!=\"\",\"<=\"&'Refine Util'!O2,\"<=\"&'Refine Results'!#REF!)","v":{"$error":"#REF!"}},{"$f":"IF('Refine Results'!#REF!=\"\",\">=\"&'Refine Util'!P2,\">=\"&'Refine Results'!#REF!)","v":{"$error":"#REF!"}},{"$f":"IF('Refine Results'!#REF!=\"\",\"<=\"&'Refine Util'!Q2,\"<=\"&'Refine Results'!#REF!)","v":{"$error":"#REF!"}},{"$f":"IF('Refine Results'!M6=\"\",\">=\"&'Refine Util'!R2,\">=\"&'Refine Results'!M6)","v":">=12,7"},{"$f":"IF('Refine Results'!N6=\"\",\"<=\"&'Refine Util'!S2,\"<=\"&'Refine Results'!N6)","v":"<=167,97"},{"$f":"IF('Refine Results'!M7=\"\",\">=\"&'Refine Util'!T2,\">=\"&'Refine Results'!M7)","v":">=-23"},{"$f":"IF('Refine Results'!N7=\"\",\"<=\"&'Refine Util'!U2,\"<=\"&'Refine Results'!N7)","v":"<=96"},{"$f":"IF('Refine Results'!M8=\"\",\">=\"&'Refine Util'!V2,\">=\"&'Refine Results'!M8)","v":">=1471"},{"$f":"IF('Refine Results'!N8=\"\",\"<=\"&'Refine Util'!W2,\"<=\"&'Refine Results'!N8)","v":"<=7181"},{"$f":"IF('Refine Results'!#REF!=\"\",\">=\"&'Refine Util'!X2,\">=\"&'Refine Results'!#REF!)","v":{"$error":"#REF!"}},{"$f":"IF('Refine Results'!#REF!=\"\",\"<=\"&'Refine Util'!Y2,\"<=\"&'Refine Results'!#REF!)","v":{"$error":"#REF!"}},{"$f":"IF('Refine Results'!#REF!=\"\",\">=\"&'Refine Util'!Z2,\">=\"&'Refine Results'!#REF!)","v":{"$error":"#REF!"}},{"$f":"IF('Refine Results'!#REF!=\"\",\"<=\"&'Refine Util'!AA2,\"<=\"&'Refine Results'!#REF!)","v":{"$error":"#REF!"}},{"$f":"IF('Refine Results'!R6=\"\",\">=\"&'Refine Util'!AB2,\">=\"&'Refine Results'!R6)","v":">=72,5"},{"$f":"IF('Refine Results'!S6=\"\",\"<=\"&'Refine Util'!AC2,\"<=\"&'Refine Results'!S6)","v":"<=119,78"},{"$f":"IF('Refine Results'!R7=\"\",\">=\"&'Refine Util'!AD2,\">=\"&'Refine Results'!R7)","v":">=66"},{"$f":"IF('Refine Results'!S7=\"\",\"<=\"&'Refine Util'!AE2,\"<=\"&'Refine Results'!S7)","v":"<=81"},{"$f":"IF('Refine Results'!R8=\"\",\">=\"&'Refine Util'!AF2,\">=\"&'Refine Results'!R8)","v":">=3864"},{"$f":"IF('Refine Results'!S8=\"\",\"<=\"&'Refine Util'!AG2,\"<=\"&'Refine Results'!S8)","v":"<=5041"}]